{"text_format":"2","workbook":"xlsx","n_sheets":33,"sheets":["REGIÃO","CAPA RN","Planilha Resumo RN","Orçamento Sintético - RN - P","Orçamento Analítico - RN - P","Crono. - RN - P","Orçamento Sintético - RN - T","Orçamento Analítico - RN - T","Crono. - RN - T","CAPA PB","Planilha Resumo PB","Orçamento Sintético - PB - P","Orçamento Analítico - PB - P","Crono. - PB - P","Orçamento Sintético - PB - T","Orçamento Analítico - PB - T","Crono. - PB - T","CAPA CE","Planilha Resumo CE","Orçamento Sintético - CE - P","Orçamento Analítico - CE - P","Crono. - CE - P","Orçamento Sintético - CE - T","Orçamento Analítico - CE - T","Crono. - CE - T","CAPA PE","Planilha Resumo PE","Orçamento Sintético - PE - P","Orçamento Analítico - PE - P","Crono. - PE - P","Orçamento Sintético - PE - T","Orçamento Analítico - PE - T","Crono. - PE - T"],"not_rendered":{"charts":0,"images":2,"macros":0,"external_links":0,"defined_names":0,"comments":0,"pivot_tables":0},"unopened":[],"bounds":{"document_bytes":16777216,"sheet_cells":100000,"run_cost":"one","rows_first":2000,"rows_last":500,"rows_between":2000,"halvings":0,"cell_chars":16384,"cell_head_chars":4096},"cells_cut":0,"cells_raw":0,"read":"whole","date_system":"1900"}

{"sheet":"REGIÃO","index":0,"n_rows":9,"n_cols":10,"rows_kept":9,"cut":false,"hidden":false,"merged":[[1,1,1,9]]}
[]
[null,"RESUMO DA REGIÃO"]
[null,"Todos","BDI SERVICO","BDI INSUMO","QUANTIDADE POÇOS PARCIALMENTE REVESTIDO","PREÇO UNIT","PREÇO TOTAL","QUANTIDADE POÇOS TOTALMENTE REVESTIDO","PREÇO UNIT","PREÇO TOTAL"]
[null,"RIO GRANDE DO NORTE",0.2634,0.1528,118.0,147789.8,1.743919636E7,44.0,212818.32,9364006.18]
[null,"PARAÍBA",0.2634,0.1528,144.0,146220.28,2.105572046E7,18.0,210905.73,3796303.05]
[null,"CEARÁ",0.2634,0.1528,126.0,150360.25,1.894539211E7,36.0,215110.93,7743993.43]
[null,"PERNAMBUCO",0.2634,0.1528,91.0,148591.33,1.352181115E7,8.0,210252.88,1682023.0]
[]
[null,"DATABASE DO ORÇAMENTO: SETEMBRO/2024 - NÃO DESONERADO",{"$nulls":5},"TOTAL REGIAO",9.354844574E7]

{"sheet":"CAPA RN","index":1,"n_rows":13,"n_cols":8,"rows_kept":13,"cut":false,"hidden":false,"merged":[[9,2,9,12],[12,3,12,11]]}
["`"]
{"$rows_empty":8}
[null,null,"EXECUÇÃO DE SERVIÇOS DE PERFURAÇÃO E INSTALAÇÃO DE POÇOS TUBULARES"]
[{"$nulls":7},"-"]
[]
[null,null,null,"RIO GRANDE DO NORTE"]

{"sheet":"Planilha Resumo RN","index":2,"n_rows":15,"n_cols":7,"rows_kept":15,"cut":false,"hidden":false,"merged":[[12,1,12,2],[14,1,14,2],[1,1,1,6],[2,1,2,6],[3,1,3,6],[4,1,4,6],[8,1,8,2],[8,4,8,5],[12,4,12,6],[14,4,14,6]]}
[]
[null,"OBJETO: EXECUÇÃO DE SERVIÇOS DE PERFURAÇÃO E INSTALAÇÃO DE POÇOS TUBULARES EM MUNICÍPIOS LOCALIZADOS NO ESTADO DO RIO GRANDE DO NORTE, NA ÁREA DE ATUAÇÃO DA CODEVASF"]
[null,"PLANILHA ORÇAMENTÁRIA ESTIMATIVA GERAL"]
[null,"DATABASE DO ORÇAMENTO: SETEMBRO/2024 - NÃO DESONERADO"]
[null,"PLANILHA RESUMIDA - GRUPO 1 - RIO GRANDE DO NORTE"]
[null,"ITEM","DISCRIMINAÇÃO","UND","Quantidade de Poços","PREÇO \nUNITÁRIO","TOTAL"]
[null,1.0,"Perfuração e instalação de poço tubular parcialmente revestido, instalado com sistema fotovoltaico, bomba submersa, reservatório e bebedouro para animais.","un",118.0,147789.8,1.743919636E7]
[null,2.0,"Perfuração e instalação de poço tubular totalmente revestido, instalado com sistema fotovoltaico, bomba submersa, reservatório e bebedouro para animais.","un",44.0,212818.32,9364006.18]
[null,"TOTAL GERAL ESTIMADO GRUPO",null,"un",162.0,null,2.680320254E7]
[]
[]
[]
[null,"Base de Preços Consultados",null,null,"SINAPI - 08/2024 - Rio Grande do Norte\nSBC - 10/2024 - Rio Grande do Norte\nSICRO3 - 04/2024 - Rio Grande do Norte\nORSE - 06/2024 - Sergipe\nSEINFRA - 028 - Ceará\nCPOS/CDHU - 09/2024 - São Paulo\nFDE - 07/2024 - São Paulo\nEMBASA - 05/2024 - Bahia"]
[]
[null,"Encargos Sociais",null,null,"Não Desonerado: \nHorista: 116,21%\nMensalista: 71,48%"]

{"sheet":"Orçamento Sintético - RN - P","index":3,"n_rows":59,"n_cols":12,"rows_kept":59,"cut":false,"hidden":false,"merged":[[0,0,0,5],[1,0,1,4]]}
["OBJETO: EXECUÇÃO DE SERVIÇOS DE PERFURAÇÃO E INSTALAÇÃO DE POÇOS TUBULARES EM MUNICÍPIOS LOCALIZADOS NO ESTADO DO RIO GRANDE DO NORTE, NA ÁREA DE ATUAÇÃO DA CODEVASF",{"$nulls":6},"Quantidade de Poços","BDI SERVIÇO","BDI INSUMO","Total","Preço Unitário Por Poço"]
["PLANILHA SINTÉTICA - POÇO PARCIALMENTE REVESTIDO - RIO GRANDE DO NORTE",{"$nulls":6},118.0,0.2634,0.1528,1.743919636E7,147789.8]
["Item","Código","Banco","Tipo","Descrição.","un.","Mem. calc.","Quant.","Valor Unit","Valor Unit com BDI","Total","Peso (%)"]
["1",null,null,null,"Serviços preliminares.",{"$nulls":5},391437.77,0.02244586057290085]
["1.1","COMPOSIÇÃO - 1","Próprio","Serviço","Administração local da obra - poço parcialmente revestido.","un.",1.0,118.0,302.41,382.06,45083.08,0.0025851581156231675]
["1.2","COMPOSIÇÃO - 2","Próprio","Serviço","Serviço de locação geológica de campo com relatório hidro geológico e perfil construtivo e geológico esperado. relatório de viabilidade de implantação das estruturas e vistorias preliminares.","un.",1.0,118.0,592.7,748.82,88360.76,0.00506679081856499]
["1.3",103689.0,"Sinapi","Insumo","Fornecimento e instalação de placa de obra com chapa galvanizada e estrutura de madeira.","m²",0.72,84.96,465.92,537.11,45632.87,0.002616684224318236]
["1.4","COMPOSIÇÃO - 3","Próprio","Insumo","Taxas e emolumentos fiscais , administrativos para obtenção outorga e outros.","un.",1.0,118.0,1561.13,1799.67,212361.06,0.012177227414394455]
["2",null,null,null,"Mobilizaçâo e desmobilizaçâo equipes perfuraçâo e instalação.",{"$nulls":5},293112.0,0.016807655235324157]
["2.1","COMPOSIÇÃO - 4","Próprio","Serviço","Transporte de comboio perfuração.","km",150.0,17700.0,4.66,5.89,104253.0,0.005978085104834498]
["2.2","COMPOSIÇÃO - 5","Próprio","Serviço","Transporte de comboio instalação.","km",150.0,17700.0,5.89,7.44,131688.0,0.007551265395580419]
["2.3","COMPOSIÇÃO - 6","Próprio","Serviço","Transporte de equipe teste de vazão.","km",150.0,17700.0,2.56,3.23,57171.0,0.003278304734909241]
["3",null,null,null,"Perfuração e completação de poço tubular.",{"$nulls":5},3534604.26,0.20268160223869397]
["3.1",5051.0,"Orse","Insumo","Perfuraçao em rocha metassedimentar - metassedimento alterado / compacto dn 6\" (poço 120m).","m",90.0,10620.0,156.31,180.19,1913617.8,0.1097308477120674]
["3.2",5057.0,"Orse","Insumo","Perfuração rocha sedimentar sedimento / camadas inconsolidadas dn 12.1/2\" - poço até 150m.","m",30.0,3540.0,247.66,285.5,1010670.0,0.05795393200102714]
["3.3","COMPOSIÇÃO - 7","Próprio","Serviço","Serviço de lançamento cimentação anelar, incluso materiais.","m³",1.74,205.32,541.72,684.41,140523.06,0.008057886217871566]
["3.4",9854.0,"Sinapi","Insumo","Tubo pvc de revestimento geomecanico nervurado standard, dn = 154 mm, comprimento = 2 m.","m",30.0,3540.0,115.12,132.71,469793.4,0.02693893630772789]
["4",null,null,null,"Pós perfuração.",{"$nulls":5},1389321.38,0.07966659422372603]
["4.1",6305.0,"Orse","Serviço","Desenvolvimento com compressor 250psi / 750cfm.","h",2.0,236.0,411.16,519.46,122592.56,0.0070297138394053845]
["4.2","COMPOSIÇÃO - 8","Próprio","Serviço","Inspeção ótica em poço tubular câmera com rotação de 360º, visada lateral, com fonte própria de luz, entregue vídeo em cores e marcação de profundidades.","m",120.0,14160.0,9.42,11.9,168504.0,0.009662371850258816]
["4.3","COMPOSIÇÃO - 9","Próprio","Serviço","Serviço de coleta e análise físico-química e bacteriológica.","un.",1.0,118.0,621.19,784.81,92607.58,0.005310312361205617]
["4.4","24.80.22","Embasa","Serviço","Ensaio de bombeamento poço tubular incluso materiais e grupo gerador.","h",24.0,2832.0,255.47,322.76,914056.32,0.05241390148553841]
["4.5","COMPOSIÇÃO - 10","Próprio","Serviço","Serviço de instalação de laje sanitária com dimensões (1,5x1,5x0,3) metros , incluso material.","un.",1.0,118.0,614.17,775.94,91560.92,0.005250294687317805]
["5",null,null,null,"Reservação.",{"$nulls":5},3267800.2,0.18738249931604076]
["5.1","COMPOSIÇÃO - 11","Próprio","Serviço","Fornecimento e instalação de reservatório e base elevada 10 m³.","un.",0.8,94.4,25951.24,32786.8,3095073.92,0.17747801309807604]
["5.2","COMPOSIÇÃO - 12","Próprio","Serviço","Fornecimento e execução de reservatório apoiado de 5 m³.","un.",0.2,23.6,5793.03,7318.91,172726.28,0.00990448621796469]
["6",null,null,null,"Bebedouro.",{"$nulls":5},243008.02,0.013934588210577381]
["6.1","COMPOSIÇÃO - 13","Próprio","Serviço","Serviço de execução do bebedouro em concreto armado, incluso materiais.","un.",1.0,118.0,1630.04,2059.39,243008.02,0.013934588210577381]
["7",null,null,null,"Chafariz.",{"$nulls":5},147433.92,0.00845416938696595]
["7.1","COMPOSIÇÃO - 14","Próprio","Serviço","Fornecimento de material e instalação do chafariz.","un.",1.0,118.0,988.95,1249.44,147433.92,0.00845416938696595]
["8",null,null,null,"Cavalete.",{"$nulls":5},225614.82,0.01293722573807868]
["8.1","COMPOSIÇÃO - 15","Próprio","Serviço","Fornecimento de conexões e instalação do cavalete com hidrômetro e clorador de pastilhas.","un.",1.0,118.0,1513.37,1911.99,225614.82,0.01293722573807868]
["9",null,null,null,"Instalações hidráulicas.",{"$nulls":5},2095806.73,0.12017794207576663]
["9.1","COMPOSIÇÃO - 16","Próprio","Serviço","Fornecimento e instalação da rede adutora poço-reservatório-bebedouro em pn80 e dn50mm.","m",400.0,47200.0,24.47,30.92,1459424.0,0.08368642510084107]
["9.2","COMPOSIÇÃO - 17","Próprio","Serviço","Montagem hidráulica do equipamento de bombeamento.","un.",1.0,118.0,136.38,172.3,20331.4,0.001165845006862461]
["9.3",38200.0,"Sinapi","Insumo","Corda de poliamida 12 mm tipo bombeiro, para trabalho em altura.","100m",0.93,109.74,600.97,692.8,76027.87,0.004359597107030911]
["9.4",9860.0,"Sinapi","Insumo","Tubo pvc, roscavel, 2\", para agua fria predial.","m",90.0,10620.0,35.95,41.44,440092.8,0.02523584177361714]
["9.5",3912.0,"Sinapi","Insumo","Luva de ferro galvanizado, com rosca bsp, de 2\".","un.",16.0,1888.0,39.21,45.2,85337.6,0.0048934365000750536]
["9.6",5128.0,"Orse","Insumo","Tampa de poço galvanizada em 6\" un.","un.",1.0,118.0,107.28,123.67,14593.06,8.367965873399914E-4]
["10",null,null,null,"Estrutura de fixação para módulos fotovoltáicos.",{"$nulls":5},382596.92,0.021938907739897713]
["10.1","COMPOSIÇÃO - 18","Próprio","Serviço","Serviço de fixação de estruturas para os módulos fotovoltaicos e suportes de concreto, incluso materiais.","m²",10.12,1194.16,253.59,320.39,382596.92,0.021938907739897713]
["11",null,null,null,"Instalações elétricas e bóia elétrica.",{"$nulls":5},2130659.92,0.12217649689908074]
["11.1","COMPOSIÇÃO - 19","Próprio","Serviço","Montagem e instalação elétrica do kit de bombeamento e sistema fotovoltaico inclusive sistema de aterramento.","un.",1.0,118.0,1089.23,1376.13,162383.34,0.009311400402168532]
["11.2",34622.0,"Sinapi","Insumo","Fornecimento de cabo flexivel pvc 750 v, 3 condutores de 6,0 mm2.","m",105.0,12390.0,23.41,26.99,334406.1,0.01917554531165334]
["11.3","COMPOSIÇÃO - 20","Próprio","Serviço","Fornecimento e instalação de automático de bóia superior e inferior.","un.",1.0,118.0,54.85,69.3,8177.4,4.689092221449131E-4]
["11.4",39257.0,"Sinapi","Insumo","Cabo multipolar de cobre, flexivel, classe 4 ou 5, isolacao em hepr, cobertura em pvc-st2, antichama bwf-b, 0,6/1 kv, 3 condutores de 1,5 mm2.","m",200.0,23600.0,6.36,7.33,172988.0,0.009919493790251697]
["11.5","Cotação-001","Próprio","Serviço","Fornecimento de kit de bombeamento fotovoltaico, incluindo uma bomba cc de 1500w com controladora de carga externa, caixa de proteção metálica, módulos fotovoltaicos compatíveis com a geração de 2200wp além de componentes elétricos necessários para interligação dos painéis, como cabos, conectores mc4 e presilhas de fixação.","un.",1.0,118.0,9744.39,12311.06,1452705.08,0.08330114817286226]
["12",null,null,null,"Urbanização.",{"$nulls":5},454555.47,0.026065161525596812]
["12.1","COMPOSIÇÃO - 21","Próprio","Serviço","Cerca com mourões de concreto de 15x15cm, espaçados de 3m e cravados a 0,5m, escoras de 10x10cm nos cantos, e 9 fios de arame de aço ovalado 15x17.","m",28.0,3304.0,77.53,97.95,323626.8,0.018557437700644136]
["12.2","COMPOSIÇÃO - 22","Próprio","Serviço","Serviço de instalação de portão de ferro com suporte e batedor conforme projeto, incluso material.","m²",1.5,177.0,585.49,739.71,130928.67,0.007507723824952677]
["13",null,null,null,"Outros serviços e insumos excepcionais.",{"$nulls":5},2883244.95,0.16533129683735037]
["13.1","COMPOSIÇÃO - 23","Próprio","Serviço","Fornecimento e instalação do pré filtro para revestimento interno.","m³",1.212,143.02,1657.22,2093.73,299445.26,0.01717081761214827]
["13.2","COMPOSIÇÃO - 24","Próprio","Serviço","Execução de tamponamento conforme especificação.","m³",0.24,28.32,644.23,813.92,23050.21,0.0013217472596885192]
["13.3","COMPOSIÇÃO - 25","Próprio","Serviço","Fornecimento e instalação do filtro para revestimento interno ø 4 1/2\".","m",0.6,70.8,111.56,140.94,9978.55,5.721909309357648E-4]
["13.4","COMPOSIÇÃO - 26","Próprio","Serviço","Fornecimento e instalação do revestimento interno ø 4 1/2\".","m",34.8,4106.4,102.79,129.86,533257.1,0.03057807762421456]
["13.5","M3929","Sicro3","Insumo","Tubo em aço-carbono - e = 3,00 mm e d = 150 mm (6\").","m",9.0,1062.0,171.23,197.39,209628.18,0.012020518358335636]
["13.6",41699.0,"Sinapi","Insumo","Tubo de revestimento, em aco, corpo schedule 40, ponteira schedule 80, rosqueavel e segmentado para perfuracao, diametro 8.","m",6.0,708.0,2189.01,2523.49,1786630.92,0.10244915437146898]
["13.7","M039706073","Embasa","Insumo","Filtro nold em aço galvanizado dn 6\".","m",0.04,4.72,763.9,880.62,4156.53,2.3834412516472175E-4]
["13.8","COMPOSIÇÃO - 27","Próprio","Serviço","Limpeza manual , remoção de cerca, capina e instalação dos equipamentos (área do poço, painéis solares, bebedouro e reservatório).","m²",70.0,8260.0,1.64,2.07,17098.2,9.804465553939093E-4]

{"sheet":"Orçamento Analítico - RN - P","index":4,"n_rows":324,"n_cols":9,"rows_kept":324,"cut":false,"hidden":false,"merged":[[0,0,2,8],[3,3,3,5]]}
["OBJETO: EXECUÇÃO DE SERVIÇOS DE PERFURAÇÃO E INSTALAÇÃO DE POÇOS TUBULARES EM MUNICÍPIOS LOCALIZADOS NO ESTADO DO RIO GRANDE DO NORTE, NA ÁREA DE ATUAÇÃO DA CODEVASF"]
[]
[]
[null,null,null,"PLANILHA ANALÍTICA - POÇO PARCIALMENTE REVESTIDO - RIO GRANDE DO NORTE"]
["1",null,null,"Serviços preliminares."]
["1.1","Código","Banco","Descrição.","Tipo","und","Quant.","Valor Unit","Total"]
["Composição","COMPOSIÇÃO - 1","Próprio","Administração local da obra - poço parcialmente revestido.","Cant - canteiro de obras","un.",1.0,302.41,302.41]
["Composição Auxiliar","012710","Sbc","Despesas gerais de manutencao canteiro de obras.","Instalacoes provisorias","mes",0.03,1805.82,54.17]
["Composição Auxiliar","100321","Sinapi","Técnico em segurança do trabalho com encargos complementares.","Sedi - serviços diversos","mes",0.03,8274.78,248.24]
[]
["1.2","Código","Banco","Descrição.","Tipo","und","Quant.","Valor Unit","Total"]
["Composição","COMPOSIÇÃO - 2","Próprio","Serviço de locação geológica de campo com relatório hidro geológico e perfil construtivo e geológico esperado. relatório de viabilidade de implantação das estruturas e vistorias preliminares.","Sert - serviços técnicos","un.",1.0,592.7,592.7]
["Composição Auxiliar","30.01.45","Embasa","Geologo senior.","3001","hora",5.0,97.41,487.05]
["Insumo","5896","Orse","Veículo tipo sedan ou pick-up capacidade 0,6 ton h.","Equipamento","h",5.0,8.33,41.65]
["Insumo","00004222","Sinapi","Gasolina comum.","Material","l",10.0,6.4,64.0]
[]
["1.3","Código","Banco","Descrição.","Tipo","und","Quant.","Valor Unit","Total"]
["Composição","103689","Sinapi","Fornecimento e instalação de placa de obra com chapa galvanizada e estrutura de madeira.","Pavi - pavimentação","m²",1.0,465.92,465.92]
["Composição Auxiliar","102234","Sinapi","Pintura imunizante para madeira, 2 demãos.","Pint - pinturas","m²",0.5,22.36,11.18]
["Composição Auxiliar","88262","Sinapi","Carpinteiro de formas com encargos complementares.","Sedi - serviços diversos","h",0.37,25.38,9.46]
["Composição Auxiliar","88316","Sinapi","Servente com encargos complementares.","Sedi - serviços diversos","h",1.12,20.54,22.98]
["Insumo","00004509","Sinapi","Sarrafo *2,5 x 10* cm em pinus, mista ou equivalente da regiao - bruta.","Material","m",3.21,6.73,21.59]
["Insumo","00004813","Sinapi","Placa de obra (para construcao civil) em chapa galvanizada *n. 22*, adesivada, de *2,4 x 1,2* m (sem postes para fixacao).","Material","m²",1.0,400.0,400.0]
["Insumo","00005065","Sinapi","Prego de aco polido com cabeca 10 x 10 (7/8 x 17).","Material","kg",0.01,38.7,0.44]
["Insumo","00005069","Sinapi","Prego de aco polido com cabeca 17 x 27 (2 1/2 x 11).","Material","kg",0.01,20.74,0.27]
[]
["1.4","Código","Banco","Descrição.","Tipo","und","Quant.","Valor Unit","Total"]
["Composição","COMPOSIÇÃO - 3","Próprio","Taxas e emolumentos fiscais , administrativos para obtenção outorga e outros.","Insumo","un.",1.0,1561.13,1561.13]
["Cotação","COTAÇÃO - 005","Próprio","Decreto nº 14.338/1999 e Nota Técnica Codevasf","Serviço","un.",1.0,1561.53,1561.53]
[]
["2",null,null,"Mobilizaçâo e desmobilizaçâo equipes perfuraçâo e instalação."]
["2.1","Código","Banco","Descrição.","Tipo","und","Quant.","Valor Unit","Total"]
["Composição","COMPOSIÇÃO - 4","Próprio","Transporte de comboio perfuração.","Tran - transportes, cargas e descargas","km",1.0,4.66,4.66]
["Composição Auxiliar","5824","Sinapi","Caminhão toco, pbt 16.000 kg, carga útil máx. 10.685 kg, dist. entre eixos 4,8 m, potência 189 cv, inclusive carroceria fixa aberta de madeira p/ transporte geral de carga seca, dimen. aprox. 2,5 x 7,00 x 0,50 m - chp diurno.","Chor - custos horários de máquinas e equipamentos","chp",0.02,218.32,3.64]
["Composição Auxiliar","5826","Sinapi","Caminhão toco, pbt 16.000 kg, carga útil máx. 10.685 kg, dist. entre eixos 4,8 m, potência 189 cv, inclusive carroceria fixa aberta de madeira p/ transporte geral de carga seca, dimen. aprox. 2,5 x 7,00 x 0,50 m - chi diurno.","Chor - custos horários de máquinas e equipamentos","chi",0.02,61.3,1.02]
[]
["2.2","Código","Banco","Descrição.","Tipo","und","Quant.","Valor Unit","Total"]
["Composição","COMPOSIÇÃO - 5","Próprio","Transporte de comboio instalação.","Tran - transportes, cargas e descargas","km",1.0,5.89,5.89]
["Composição Auxiliar","5928","Sinapi","Guindauto hidráulico, capacidade máxima de carga 6200 kg, momento máximo de carga 11,7 tm, alcance máximo horizontal 9,70 m, inclusive caminhão toco pbt 16.000 kg, potência de 189 cv - chp diurno.","Chor - custos horários de máquinas e equipamentos","chp",0.02,280.16,4.67]
["Composição Auxiliar","5930","Sinapi","Guindauto hidráulico, capacidade máxima de carga 6200 kg, momento máximo de carga 11,7 tm, alcance máximo horizontal 9,70 m, inclusive caminhão toco pbt 16.000 kg, potência de 189 cv - chi diurno.","Chor - custos horários de máquinas e equipamentos","chi",0.02,72.96,1.22]
[]
["2.3","Código","Banco","Descrição.","Tipo","und","Quant.","Valor Unit","Total"]
["Composição","COMPOSIÇÃO - 6","Próprio","Transporte de equipe teste de vazão.","Tran - transportes, cargas e descargas","km",1.0,2.56,2.56]
["Composição Auxiliar","73467","Sinapi","Caminhão toco, pbt 14.300 kg, carga útil máx. 9.710 kg, dist. entre eixos 3,56 m, potência 185 cv, inclusive carroceria fixa aberta de madeira p/ transporte geral de carga seca, dimen. aprox. 2,50 x 6,50 x 0,50 m - chp diurno.","Chor - custos horários de máquinas e equipamentos","chp",0.01,251.05,2.08]
["Composição Auxiliar","91395","Sinapi","Caminhão toco, pbt 14.300 kg, carga útil máx. 9.710 kg, dist. entre eixos 3,56 m, potência 185 cv, inclusive carroceria fixa aberta de madeira p/ transporte geral de carga seca, dimen. aprox. 2,50 x 6,50 x 0,50 m - chi diurno.","Chor - custos horários de máquinas e equipamentos","chi",0.01,58.43,0.48]
[]
["3",null,null,"Perfuração e completação de poço tubular."]
["3.1","Código","Banco","Descrição.","Tipo","und","Quant.","Valor Unit","Total"]
["Insumo","5051","Orse","Perfuraçao em rocha metassedimentar - metassedimento alterado / compacto dn 6\" (poço 120m).","Serviços","m",1.0,156.31,156.31]
[]
["3.2","Código","Banco","Descrição.","Tipo","und","Quant.","Valor Unit","Total"]
["Insumo","5057","Orse","Perfuração rocha sedimentar sedimento / camadas inconsolidadas dn 12.1/2\" - poço até 150m.","Serviços","m",1.0,247.66,247.66]
[]
["3.3","Código","Banco","Descrição.","Tipo","und","Quant.","Valor Unit","Total"]
["Composição","COMPOSIÇÃO - 7","Próprio","Serviço de lançamento cimentação anelar, incluso materiais.","Sedi - serviços diversos","m³",1.0,541.72,541.72]
["Composição Auxiliar","1903","Orse","Argamassa cimento e areia traço t-1 (1:3) - 1 saco cimento 50kg / 3 padiolas areia dim. 0.35 x 0.45 x 0.23 m - confecção mecânica e transporte.","Argamassas","m³",1.0,541.72,541.72]
[]
["3.4","Código","Banco","Descrição.","Tipo","und","Quant.","Valor Unit","Total"]
["Insumo","00009854","Sinapi","Tubo pvc de revestimento geomecanico nervurado standard, dn = 154 mm, comprimento = 2 m.","Material","m",1.0,115.12,115.12]
[]
["4",null,null,"Pós perfuração."]
["4.1","Código","Banco","Descrição.","Tipo","und","Quant.","Valor Unit","Total"]
["Composição","6305","Orse","Desenvolvimento com compressor 250psi / 750cfm.","Conversão infoworca","h",1.0,411.16,411.16]
["Insumo","5030","Orse","Desenvolvimento com compressor 250psi - 750cfm h.","Serviços","h",1.0,411.16,411.16]
[]
["4.2","Código","Banco","Descrição.","Tipo","und","Quant.","Valor Unit","Total"]
["Composição","COMPOSIÇÃO - 8","Próprio","Inspeção ótica em poço tubular câmera com rotação de 360º, visada lateral, com fonte própria de luz, entregue vídeo em cores e marcação de profundidades.","Sees - serviços especiais","m",1.0,9.42,9.42]
["Insumo","H020050004","Embasa","Aparelho de perfilagem optica.","Material","m",1.0,4.4,4.4]
["Insumo","B590000022","Embasa","Tecnico medio.","Mão de obra","h",0.08,60.15,5.02]
[]
["4.3","Código","Banco","Descrição.","Tipo","und","Quant.","Valor Unit","Total"]
["Composição","COMPOSIÇÃO - 9","Próprio","Serviço de coleta e análise físico-química e bacteriológica.","Sedi - serviços diversos","un.",1.0,621.19,621.19]
["Composição Auxiliar","6312","Orse","Análise físico-química da água.","Conversão infoworca","un.",1.0,565.21,565.21]
["Composição Auxiliar","6313","Orse","Análise bacteriológica da água.","Conversão infoworca","un.",1.0,55.98,55.98]
[]
["4.4","Código","Banco","Descrição.","Tipo","und","Quant.","Valor Unit","Total"]
["Composição","24.80.22","Embasa","Ensaio de bombeamento poço tubular incluso materiais e grupo gerador.","2480","h",1.0,255.47,255.47]
["Composição Auxiliar","24.00.15","Embasa","Equipe (3 profissionais campo) - bombeio.","2400","h",1.0,190.55,190.55]
["Insumo","H020050001","Embasa","Unidade de ensaio e bombeamento - ueb1 ate 150m3 no sedimento.","Material","h",1.0,64.92,64.92]
[]
["4.5","Código","Banco","Descrição.","Tipo","und","Quant.","Valor Unit","Total"]
["Composição","COMPOSIÇÃO - 10","Próprio","Serviço de instalação de laje sanitária com dimensões (1,5x1,5x0,3) metros , incluso material.","Sedi - serviços diversos","un.",1.0,614.17,614.17]
["Composição Auxiliar","92522","Sinapi","Montagem e desmontagem de fôrma de laje maciça, pé-direito simples, em chapa de madeira compensada resinada, 8 utilizações.","Fues - fundações e estruturas","m²",1.8,39.61,71.3]
["Composição Auxiliar","93358","Sinapi","Escavação manual de vala com profundidade menor ou igual a 1,30 m.","Movt - movimento de terra","m³",0.23,81.26,18.28]
["Composição Auxiliar","94975","Sinapi","Concreto fck = 15mpa, traço 1:3,4:3,5 (em massa seca de cimento/ areia média/ brita 1) - preparo manual.","Fues - fundações e estruturas","m³",0.68,497.96,336.12]
["Composição Auxiliar","103670","Sinapi","Lançamento com uso de baldes, adensamento e acabamento de concreto em estruturas.","Fues - fundações e estruturas","m³",0.68,279.22,188.47]
[]
["5",null,null,"Reservação."]
["5.1","Código","Banco","Descrição.","Tipo","und","Quant.","Valor Unit","Total"]
["Composição","COMPOSIÇÃO - 11","Próprio","Fornecimento e instalação de reservatório e base elevada 10 m³.","Astu - assentamento de tubos e pecas","un.",1.0,25951.24,25951.24]
["Composição Auxiliar","92759","Sinapi","Armação de pilar ou viga de estrutura convencional de concreto armado utilizando aço ca-60 de 5,0 mm - montagem.","Fues - fundações e estruturas","kg",29.1,15.16,441.16]
["Composição Auxiliar","92761","Sinapi","Armação de pilar ou viga de estrutura convencional de concreto armado utilizando aço ca-50 de 8,0 mm - montagem.","Fues - fundações e estruturas","kg",48.0,13.71,658.08]
["Composição Auxiliar","93358","Sinapi","Escavação manual de vala com profundidade menor ou igual a 1,30 m.","Movt - movimento de terra","m³",5.2,81.26,422.55]
["Composição Auxiliar","92763","Sinapi","Armação de pilar ou viga de estrutura convencional de concreto armado utilizando aço ca-50 de 12,5 mm - montagem.","Fues - fundações e estruturas","kg",118.4,10.35,1225.44]
["Composição Auxiliar","94970","Sinapi","Concreto fck = 20mpa, traço 1:2,7:3 (em massa seca de cimento/ areia média/ brita 1) - preparo mecânico com betoneira 600 l.","Fues - fundações e estruturas","m³",4.89,474.55,2320.55]
["Composição Auxiliar","103670","Sinapi","Lançamento com uso de baldes, adensamento e acabamento de concreto em estruturas.","Fues - fundações e estruturas","m³",6.85,279.22,1912.66]
["Composição Auxiliar","84651","Sinapi","Pintura com tinta impermeavel mineral em po, duas demaos.","Pint - pinturas","m²",28.66,13.06,374.3]
["Composição Auxiliar","90776","Sinapi","Encarregado geral com encargos complementares.","Sedi - serviços diversos","h",1.0,41.64,41.64]
["Composição Auxiliar","102482","Sinapi","Concreto fck = 25mpa, traço 1:2,2:2,5 (em massa seca de cimento/ areia média/ seixo rolado) - preparo mecânico com betoneira 600 l.","Fues - fundações e estruturas","m³",1.96,740.4,1451.18]
["Composição Auxiliar","92263","Sinapi","Fabricação de fôrma para pilares e estruturas similares, em chapa de madeira compensada resinada, e = 17 mm.","Fues - fundações e estruturas","m²",18.1,198.57,3594.12]
["Composição Auxiliar","89272","Sinapi","Guindaste hidráulico autopropelido, com lança telescópica 28,80 m, capacidade máxima 30 t, potência 97 kw, tração 4 x 4 - chp diurno.","Chor - custos horários de máquinas e equipamentos","chp",13.0,232.42,3021.46]
["Composição Auxiliar","5824","Sinapi","Caminhão toco, pbt 16.000 kg, carga útil máx. 10.685 kg, dist. entre eixos 4,8 m, potência 189 cv, inclusive carroceria fixa aberta de madeira p/ transporte geral de carga seca, dimen. aprox. 2,5 x 7,00 x 0,50 m - chp diurno.","Chor - custos horários de máquinas e equipamentos","chp",24.0,218.32,5239.68]
["Composição Auxiliar","88267","Sinapi","Encanador ou bombeiro hidráulico com encargos complementares.","Sedi - serviços diversos","h",4.0,24.25,97.0]
["Composição Auxiliar","88248","Sinapi","Auxiliar de encanador ou bombeiro hidráulico com encargos complementares.","Sedi - serviços diversos","h",4.0,21.21,84.84]
["Insumo","00011677","Sinapi","Registro de esfera, pvc, com volante, vs, soldavel, dn 50 mm, com corpo dividido.","Material","un.",1.0,26.89,26.89]
["Insumo","00003146","Sinapi","Fita veda rosca em rolos de 18 mm x 10 m (l x c).","Material","un.",0.18,2.95,0.53]
["Insumo","00037106","Sinapi","Caixa d'agua / reservatorio em poliester reforcado com fibra de vidro, 10000 litros, com tampa.","Material","un.",1.0,4762.17,4762.17]
["Insumo","00009875","Sinapi","Tubo pvc, soldavel, de 50 mm, agua fria (nbr-5648).","Material","m",15.2,12.38,188.18]
["Insumo","00000113","Sinapi","Adaptador pvc soldavel curto com bolsa e rosca, 60 mm x 2\", para agua fria.","Material","un.",1.0,8.95,8.95]
["Insumo","00003871","Sinapi","Luva soldavel com rosca, pvc, 50 mm x 1 1/2\", para agua fria predial.","Material","un.",1.0,14.65,14.65]
["Insumo","00003540","Sinapi","Joelho pvc, soldavel, 90 graus, 50 mm, cor marrom, para agua fria predial.","Material","un.",5.0,4.0,20.0]
["Insumo","00000099","Sinapi","Adaptador pvc soldavel, com flange e anel de vedacao, 50 mm x 1 1/2\", para caixa d'agua.","Material","un.",2.0,21.03,42.06]
["Insumo","00000119","Sinapi","Adesivo plastico para pvc, bisnaga com 75 gr.","Material","un.",0.45,7.0,3.15]
[]
["5.2","Código","Banco","Descrição.","Tipo","und","Quant.","Valor Unit","Total"]
["Composição","COMPOSIÇÃO - 12","Próprio","Fornecimento e execução de reservatório apoiado de 5 m³.","Sedi - serviços diversos","un.",1.0,5793.03,5793.03]
["Composição Auxiliar","5928","Sinapi","Guindauto hidráulico, capacidade máxima de carga 6200 kg, momento máximo de carga 11,7 tm, alcance máximo horizontal 9,70 m, inclusive caminhão toco pbt 16.000 kg, potência de 189 cv - chp diurno.","Chor - custos horários de máquinas e equipamentos","chp",4.0,280.16,1120.64]
["Composição Auxiliar","88309","Sinapi","Pedreiro com encargos complementares.","Sedi - serviços diversos","h",3.0,25.73,77.19]
["Composição Auxiliar","88316","Sinapi","Servente com encargos complementares.","Sedi - serviços diversos","h",3.0,20.54,61.62]
["Composição Auxiliar","88262","Sinapi","Carpinteiro de formas com encargos complementares.","Sedi - serviços diversos","h",3.0,25.38,76.14]
["Composição Auxiliar","102617","Sinapi","Caixa d´água em poliéster reforçado com fibra de vidro, 5000 litros - fornecimento e instalação.","Inhi - instalações hidros sanitárias","un.",1.0,3346.1,3346.1]
["Composição Auxiliar","92783","Sinapi","Armação de laje de uma estrutura convencional de concreto armado em uma edificação térrea ou sobrado utilizando aço ca-60 de 4,2 mm - montagem.","Fues - fundações e estruturas","kg",3.2,19.18,61.38]
["Composição Auxiliar","92759","Sinapi","Armação de pilar ou viga de estrutura convencional de concreto armado utilizando aço ca-60 de 5,0 mm - montagem.","Fues - fundações e estruturas","kg",5.6,15.16,84.9]
["Composição Auxiliar","94964","Sinapi","Concreto fck = 20mpa, traço 1:2,7:3 (em massa seca de cimento/ areia média/ brita 1) - preparo mecânico com betoneira 400 l.","Fues - fundações e estruturas","m³",1.56,487.89,761.11]
["Composição Auxiliar","84651","Sinapi","Pintura com tinta impermeavel mineral em po, duas demaos.","Pint - pinturas","m²",2.7,13.06,35.26]
["Composição Auxiliar","92783","Sinapi","Armação de laje de uma estrutura convencional de concreto armado em uma edificação térrea ou sobrado utilizando aço ca-60 de 4,2 mm - montagem.","Fues - fundações e estruturas","kg",3.2,19.18,61.38]
["Insumo","00007155","Sinapi","Tela de aco soldada nervurada, ca-60, q-138, (2,20 kg/m2), diametro do fio = 4,2 mm, largura = 2,45 m, espacamento da malha = 10 x 10 cm.","Material","m²",6.16,17.42,107.31]
[]
["6",null,null,"Bebedouro."]
["6.1","Código","Banco","Descrição.","Tipo","und","Quant.","Valor Unit","Total"]
["Composição","COMPOSIÇÃO - 13","Próprio","Serviço de execução do bebedouro em concreto armado, incluso materiais.","Sedi - serviços diversos","un.",1.0,1630.04,1630.04]
["Composição Auxiliar","5928","Sinapi","Guindauto hidráulico, capacidade máxima de carga 6200 kg, momento máximo de carga 11,7 tm, alcance máximo horizontal 9,70 m, inclusive caminhão toco pbt 16.000 kg, potência de 189 cv - chp diurno.","Chor - custos horários de máquinas e equipamentos","chp",2.0,280.16,560.32]
["Composição Auxiliar","87445","Sinapi","Betoneira capacidade nominal 400 l, capacidade de mistura 310 l, motor a diesel potência 5,0 hp, sem carregador - chp diurno.","Chor - custos horários de máquinas e equipamentos","chp",0.5,5.33,2.67]
["Composição Auxiliar","88377","Sinapi","Operador de betoneira estacionária/misturador com encargos complementares.","Sedi - serviços diversos","h",0.5,24.65,12.33]
["Composição Auxiliar","88310","Sinapi","Pintor com encargos complementares.","Sedi - serviços diversos","h",0.3,28.84,8.65]
["Composição Auxiliar","100301","Sinapi","Ajudante de pintor com encargos complementares.","Sedi - serviços diversos","h",0.1,23.49,2.35]
["Composição Auxiliar","88245","Sinapi","Armador com encargos complementares.","Sedi - serviços diversos","h",3.0,27.41,82.23]
["Composição Auxiliar","88262","Sinapi","Carpinteiro de formas com encargos complementares.","Sedi - serviços diversos","h",2.0,25.38,50.76]
["Composição Auxiliar","88316","Sinapi","Servente com encargos complementares.","Sedi - serviços diversos","h",5.0,20.54,102.7]
["Composição Auxiliar","88309","Sinapi","Pedreiro com encargos complementares.","Sedi - serviços diversos","h",4.0,25.73,102.92]
["Insumo","00043055","Sinapi","Aco ca-50, 12,5 mm ou 16,0 mm, vergalhao.","Material","kg",12.0,7.91,94.92]
["Insumo","00043059","Sinapi","Aco ca-60, 4,2 mm, ou 5,0 mm, ou 6,0 mm, ou 7,0 mm, vergalhao.","Material","kg",13.0,8.64,112.32]
["Insumo","00000032","Sinapi","Aco ca-50, 6,3 mm, vergalhao.","Material","kg",6.0,9.63,57.78]
["Insumo","00000370","Sinapi","Areia media - posto jazida/fornecedor (retirado na jazida, sem transporte).","Material","m³",0.32,100.0,32.0]
["Insumo","00001379","Sinapi","Cimento portland composto cp ii-32.","Material","kg",127.0,0.68,86.36]
["Insumo","00004718","Sinapi","Pedra britada n. 2 (19 a 38 mm) posto pedreira/fornecedor, sem frete.","Material","m³",0.08,170.0,13.6]
["Insumo","00004721","Sinapi","Pedra britada n. 1 (9,5 a 19 mm) posto pedreira/fornecedor, sem frete.","Material","m³",0.23,169.11,38.9]
["Insumo","00003767","Sinapi","Lixa em folha para parede ou madeira, numero 120, cor vermelha.","Material","un.",0.12,0.6,0.07]
["Insumo","00007356","Sinapi","Tinta latex acrilica premium, cor branco fosco.","Material","l",0.18,28.85,5.19]
["Insumo","00043681","Sinapi","Chapa/painel de madeira compensada resinada (madeirite resinado rosa) para forma de concreto, de 2200 x 1100 mm, e = 8 a 12 mm.","Material","m²",7.3,36.16,263.97]
[]
["7",null,null,"Chafariz."]
["7.1","Código","Banco","Descrição.","Tipo","und","Quant.","Valor Unit","Total"]
["Composição","COMPOSIÇÃO - 14","Próprio","Fornecimento de material e instalação do chafariz.","Astu - assentamento de tubos e pecas","un.",1.0,988.95,988.95]
["Composição Auxiliar","88267","Sinapi","Encanador ou bombeiro hidráulico com encargos complementares.","Sedi - serviços diversos","h",2.0,24.25,48.5]
["Composição Auxiliar","88248","Sinapi","Auxiliar de encanador ou bombeiro hidráulico com encargos complementares.","Sedi - serviços diversos","h",2.0,21.21,42.42]
["Composição Auxiliar","93358","Sinapi","Escavação manual de vala com profundidade menor ou igual a 1,30 m.","Movt - movimento de terra","m³",0.09,81.26,7.72]
["Composição Auxiliar","92270","Sinapi","Fabricação de fôrma para vigas, com madeira serrada, e = 25 mm.","Fues - fundações e estruturas","m²",0.63,196.16,123.19]
["Composição Auxiliar","94975","Sinapi","Concreto fck = 15mpa, traço 1:3,4:3,5 (em massa seca de cimento/ areia média/ brita 1) - preparo manual.","Fues - fundações e estruturas","m³",0.16,497.96,78.18]
["Composição Auxiliar","2171","Orse","Piso cimentado liso traço 1:5, e = 3 cm, c/ junta plástica 3 x 27 mm.","Pisos : cimentados, em concreto simples, tipo tech-stone e de alta resistência","m²",0.79,52.58,41.28]
["Composição Auxiliar","87904","Sinapi","Chapisco aplicado em alvenaria (com presença de vãos) e estruturas de concreto de fachada, com colher de pedreiro. argamassa traço 1:3 com preparo manual.","Reve - revestimento e tratamento de superfícies","m²",0.31,7.87,2.47]
["Composição Auxiliar","87529","Sinapi","Massa única, em argamassa traço 1:2:8, preparo mecânico, aplicada manualmente em paredes internas de ambientes com área entre 5m² e 10m², e = 17,5mm, com taliscas.","Reve - revestimento e tratamento de superfícies","m²",0.31,30.58,9.6]
["Composição Auxiliar","84651","Sinapi","Pintura com tinta impermeavel mineral em po, duas demaos.","Pint - pinturas","m²",0.31,13.06,4.1]
["Insumo","00000765","Sinapi","Bucha de reducao de ferro galvanizado, com rosca bsp, de 1\" x 3/4\".","Material","un.",2.0,11.17,22.34]
["Insumo","00009887","Sinapi","Uniao de ferro galvanizado, com rosca bsp, com assento plano, de 2\".","Material","un.",2.0,113.7,227.4]
["Insumo","00021013","Sinapi","Tubo aco galvanizado com costura, classe leve, dn 50 mm ( 2\"), e = 3,00 mm, *4,40* kg/m (nbr 5580).","Material","m",1.8,52.88,95.18]
["Insumo","00006298","Sinapi","Te de ferro galvanizado, de 2\".","Material","un.",1.0,74.06,74.06]
["Insumo","00003471","Sinapi","Cotovelo 90 graus de ferro galvanizado, com rosca bsp, de 2\".","Material","un.",1.0,55.7,55.7]
["Insumo","00000113","Sinapi","Adaptador pvc soldavel curto com bolsa e rosca, 60 mm x 2\", para agua fria.","Material","un.",1.0,8.95,8.95]
["Insumo","00000818","Sinapi","Bucha de reducao de pvc, soldavel, curta, com 60 x 50 mm, para agua fria predial.","Material","un.",1.0,5.47,5.47]
["Insumo","00007604","Sinapi","Torneira metalica cromada para tanque / jardim, sem bico , cano longo, de parede, padrao popular / uso geral, 1/2 \" ou 3/4 \" (ref 1126).","Material","un.",2.0,35.21,70.42]
["Insumo","00000119","Sinapi","Adesivo plastico para pvc, bisnaga com 75 gr.","Material","un.",1.0,7.0,7.0]
["Insumo","00003146","Sinapi","Fita veda rosca em rolos de 18 mm x 10 m (l x c).","Material","un.",1.0,2.95,2.95]
["Insumo","00000771","Sinapi","Bucha de reducao de ferro galvanizado, com rosca bsp, de 2\" x 1\".","Material","un.",2.0,31.01,62.02]
[]
["8",null,null,"Cavalete."]
["8.1","Código","Banco","Descrição.","Tipo","und","Quant.","Valor Unit","Total"]
["Composição","COMPOSIÇÃO - 15","Próprio","Fornecimento de conexões e instalação do cavalete com hidrômetro e clorador de pastilhas.","Inhi - instalações hidros sanitárias","un.",1.0,1513.37,1513.37]
["Composição Auxiliar","88248","Sinapi","Auxiliar de encanador ou bombeiro hidráulico com encargos complementares.","Sedi - serviços diversos","h",3.0,21.21,63.63]
["Insumo","00000791","Sinapi","Bucha de reducao de ferro galvanizado, com rosca bsp, de 1 1/2\" x 1\".","Material","un.",1.0,23.11,23.11]
["Insumo","00009862","Sinapi","Tubo pvc, roscavel, 1 1/2\", agua fria predial.","Material","m",1.5,25.12,37.68]
["Insumo","00011831","Sinapi","Torneira plastica para tanque 1/2 \" ou 3/4 \" com bico para mangueira.","Material","un.",1.0,14.79,14.79]
["Insumo","002121","Sbc","Te de reducao ferro galvanizado 1.1/2\" x 1\".","Material","un.",1.0,57.49,57.49]
["Insumo","9569","Orse","Adaptador pvc bsxrm d= 35mm x 1 1/2\", linha irriga-lf, tigre ou similar un.","Material","un.",1.0,3.04,3.04]
["Insumo","00003939","Sinapi","Luva de ferro galvanizado, com rosca bsp, de 1 1/2\".","Material","un.",1.0,25.6,25.6]
["Insumo","00001798","Sinapi","Curva 90 graus de ferro galvanizado, com rosca bsp macho, de 2\".","Material","un.",1.0,142.72,142.72]
["Insumo","00009887","Sinapi","Uniao de ferro galvanizado, com rosca bsp, com assento plano, de 2\".","Material","un.",2.0,113.7,227.4]
["Insumo","00004181/sinapi","Orse","Niple de ferro galvanizado, com rosca bsp, de 2\".","Material","un.",2.0,39.24,78.48]
["Insumo","00006028","Sinapi","Registro gaveta bruto em latao forjado, bitola 2 \" (ref 1509).","Material","un.",1.0,124.82,124.82]
["Insumo","00012775","Sinapi","Hidrometro multijato / medidor de agua, dn 1\", vazao maxima de 7 m3/h, para agua potavel fria, relojoaria plana, classe b, horizontal (sem conexoes).","Material","un.",1.0,350.65,350.65]
["Insumo","00000771","Sinapi","Bucha de reducao de ferro galvanizado, com rosca bsp, de 2\" x 1\".","Material","un.",1.0,31.01,31.01]
["Insumo","00006305","Sinapi","Te de reducao de ferro galvanizado, com rosca bsp, de 2\" x 1\".","Material","un.",1.0,81.98,81.98]
["Insumo","12464","Orse","Clorador dosador de cloro de pastilhas automático.","Material","un.",1.0,250.97,250.97]
[]
["9",null,null,"Instalações hidráulicas."]
["9.1","Código","Banco","Descrição.","Tipo","und","Quant.","Valor Unit","Total"]
["Composição","COMPOSIÇÃO - 16","Próprio","Fornecimento e instalação da rede adutora poço-reservatório-bebedouro em pn80 e dn50mm.","Sedi - serviços diversos","m",1.0,24.47,24.47]
["Composição Auxiliar","88316","Sinapi","Servente com encargos complementares.","Sedi - serviços diversos","h",0.05,20.54,1.03]
["Composição Auxiliar","93358","Sinapi","Escavação manual de vala com profundidade menor ou igual a 1,30 m.","Movt - movimento de terra","m³",0.05,81.26,4.06]
["Insumo","00009875","Sinapi","Tubo pvc, soldavel, de 50 mm, agua fria (nbr-5648).","Material","m",1.0,12.38,12.38]
["Insumo","00000119","Sinapi","Adesivo plastico para pvc, bisnaga com 75 gr.","Material","un.",1.0,7.0,7.0]
[]
["9.2","Código","Banco","Descrição.","Tipo","und","Quant.","Valor Unit","Total"]
["Composição","COMPOSIÇÃO - 17","Próprio","Montagem hidráulica do equipamento de bombeamento.","Inhi - instalações hidros sanitárias","un.",1.0,136.38,136.38]
["Composição Auxiliar","88267","Sinapi","Encanador ou bombeiro hidráulico com encargos complementares.","Sedi - serviços diversos","h",3.0,24.25,72.75]
["Composição Auxiliar","88248","Sinapi","Auxiliar de encanador ou bombeiro hidráulico com encargos complementares.","Sedi - serviços diversos","h",3.0,21.21,63.63]
[]
["9.3","Código","Banco","Descrição.","Tipo","und","Quant.","Valor Unit","Total"]
["Insumo","00038200","Sinapi","Corda de poliamida 12 mm tipo bombeiro, para trabalho em altura.","Material","100m",1.0,600.97,600.97]
[]
["9.4","Código","Banco","Descrição.","Tipo","und","Quant.","Valor Unit","Total"]
["Insumo","00009860","Sinapi","Tubo pvc, roscavel, 2\", para agua fria predial.","Material","m",1.0,35.95,35.95]
[]
["9.5","Código","Banco","Descrição.","Tipo","und","Quant.","Valor Unit","Total"]
["Insumo","00003912","Sinapi","Luva de ferro galvanizado, com rosca bsp, de 2\".","Material","un.",1.0,39.21,39.21]
[]
["9.6","Código","Banco","Descrição.","Tipo","und","Quant.","Valor Unit","Total"]
["Insumo","5128","Orse","Tampa de poço galvanizada em 6\" un.","Serviços","un.",1.0,107.28,107.28]
[]
["10",null,null,"Estrutura de fixação para módulos fotovoltáicos."]
["10.1","Código","Banco","Descrição.","Tipo","und","Quant.","Valor Unit","Total"]
["Composição","COMPOSIÇÃO - 18","Próprio","Serviço de fixação de estruturas para os módulos fotovoltaicos e suportes de concreto, incluso materiais.","Sedi - serviços diversos","m²",1.0,253.59,253.59]
["Composição Auxiliar","94975","Sinapi","Concreto fck = 15mpa, traço 1:3,4:3,5 (em massa seca de cimento/ areia média/ brita 1) - preparo manual.","Fues - fundações e estruturas","m³",0.09,497.96,47.06]
["Composição Auxiliar","93358","Sinapi","Escavação manual de vala com profundidade menor ou igual a 1,30 m.","Movt - movimento de terra","m³",0.06,81.26,5.08]
["Composição Auxiliar","96534","Sinapi","Fabricação, montagem e desmontagem de fôrma para bloco de coroamento, em madeira serrada, e=25 mm, 4 utilizações.","Fues - fundações e estruturas","m²",0.03,87.92,2.81]
["Composição Auxiliar","88316","Sinapi","Servente com encargos complementares.","Sedi - serviços diversos","h",2.64,20.54,54.16]
["Composição Auxiliar","88278","Sinapi","Montador de estrutura metálica com encargos complementares.","Sedi - serviços diversos","h",2.64,25.25,66.58]
["Insumo","015690","Sbc","Estrutura metalica tesoura c/coluna 20/35m(24,72kg/m2).","Material","m²",1.0,77.9,77.9]
[]
["11",null,null,"Instalações elétricas e bóia elétrica."]
["11.1","Código","Banco","Descrição.","Tipo","und","Quant.","Valor Unit","Total"]
["Composição","COMPOSIÇÃO - 19","Próprio","Montagem e instalação elétrica do kit de bombeamento e sistema fotovoltaico inclusive sistema de aterramento.","Inel - instalação elétrica/eletrificação e iluminação externa","un.",1.0,1089.23,1089.23]
["Composição Auxiliar","88247","Sinapi","Auxiliar de eletricista com encargos complementares.","Sedi - serviços diversos","h",8.0,22.23,177.84]
["Insumo","00020111","Sinapi","Fita isolante adesiva antichama, uso ate 750 v, em rolo de 19 mm x 20 m.","Material","un.",1.0,9.5,9.5]
["Insumo","00002674","Sinapi","Fornecimento de eletroduto de pvc rigido roscavel de 3/4 \", sem luva.","Material","m",15.0,3.48,52.2]
["Insumo","00012034","Sinapi","Fornecimento de curva 180 graus, de pvc rigido roscavel, de 3/4\", para eletroduto.","Material","un.",1.0,3.47,3.47]
["Insumo","00039272","Sinapi","Fornecimento de curva 90 graus, curta, de pvc rigido roscavel, de 3/4\", para eletroduto.","Material","un.",2.0,1.9,3.8]
["Insumo","00003379","Sinapi","Haste de aterramento em aco com 3,00 m de comprimento e dn = 5/8\", revestida com baixa camada de cobre, sem conector.","Material","un.",0.66,92.84,61.27]
["Insumo","00001891","Sinapi","Fornecimento de luva em pvc rigido roscavel, de 3/4\", para eletroduto.","Material","un.",9.0,0.88,7.92]
["Insumo","00000425","Sinapi","Grampo metalico tipo olhal para haste de aterramento de 5/8'', condutor de *10* a 50 mm2.","Material","un.",2.0,8.81,17.62]
["Insumo","00034643","Sinapi","Fornecimento de caixa de inspecao para aterramento e para raios, em polipropileno, diametro = 300 mm x altura = 400 mm.","Material","un.",2.0,43.18,86.36]
["Insumo","00000867","Sinapi","Cabo de cobre nu 50 mm2 meio-duro.","Material","m",7.5,59.54,446.55]
["Insumo","54581","Siurb infra","Dps - dispositivo de proteção contra surtos – 45ka – 500 volts - corrente contínua - classe ii - p/ sistema fotovoltáico.","Material","un.",1.0,222.7,222.7]
[]
["11.2","Código","Banco","Descrição.","Tipo","und","Quant.","Valor Unit","Total"]
["Insumo","00034622","Sinapi","Fornecimento de cabo flexivel pvc 750 v, 3 condutores de 6,0 mm2.","Material","m",1.0,23.41,23.41]
[]
["11.3","Código","Banco","Descrição.","Tipo","und","Quant.","Valor Unit","Total"]
["Composição","COMPOSIÇÃO - 20","Próprio","Fornecimento e instalação de automático de bóia superior e inferior.","Astu - assentamento de tubos e pecas","un.",1.0,54.85,54.85]
["Composição Auxiliar","88264","Sinapi","Eletricista com encargos complementares.","Sedi - serviços diversos","h",0.2,29.0,5.8]
["Composição Auxiliar","88247","Sinapi","Auxiliar de eletricista com encargos complementares.","Sedi - serviços diversos","h",0.2,22.23,4.45]
["Insumo","00007588","Sinapi","Automatico de boia superior / inferior, *15* a / 250 v.","Material","un.",1.0,43.8,43.8]
["Insumo","00021127","Sinapi","Fita isolante adesiva antichama, uso ate 750 v, em rolo de 19 mm x 5 m.","Material","un.",0.1,3.59,0.36]
["Insumo","00003146","Sinapi","Fita veda rosca em rolos de 18 mm x 10 m (l x c).","Material","un.",0.15,2.95,0.44]
[]
["11.4","Código","Banco","Descrição.","Tipo","und","Quant.","Valor Unit","Total"]
["Insumo","00039257","Sinapi","Cabo multipolar de cobre, flexivel, classe 4 ou 5, isolacao em hepr, cobertura em pvc-st2, antichama bwf-b, 0,6/1 kv, 3 condutores de 1,5 mm2.","Material","m",1.0,6.36,6.36]
[]
["11.5","Código","Banco","Descrição.","Tipo","und","Quant.","Valor Unit","Total"]
["Insumo","Cotação-001","Próprio","Fornecimento de kit de bombeamento fotovoltaico, incluindo uma bomba cc de 1500w com controladora de carga externa, caixa de proteção metálica, módulos fotovoltaicos compatíveis com a geração de 2200wp além de componentes elétricos necessários para interligação dos painéis, como cabos, conectores mc4 e presilhas de fixação.","Serviços","un.",1.0,9744.39,9744.39]
[]
["12",null,null,"Urbanização."]
["12.1","Código","Banco","Descrição.","Tipo","und","Quant.","Valor Unit","Total"]
["Composição","COMPOSIÇÃO - 21","Próprio","Cerca com mourões de concreto de 15x15cm, espaçados de 3m e cravados a 0,5m, escoras de 10x10cm nos cantos, e 9 fios de arame de aço ovalado 15x17.","Sedi - serviços diversos","m",1.0,77.53,77.53]
["Composição Auxiliar","88309","Sinapi","Pedreiro com encargos complementares.","Sedi - serviços diversos","h",0.34,25.73,8.62]
["Composição Auxiliar","88316","Sinapi","Servente com encargos complementares.","Sedi - serviços diversos","h",0.67,20.54,13.78]
["Composição Auxiliar","94975","Sinapi","Concreto fck = 15mpa, traço 1:3,4:3,5 (em massa seca de cimento/ areia média/ brita 1) - preparo manual.","Fues - fundações e estruturas","m³",0.03,497.96,14.34]
["Insumo","00043130","Sinapi","Arame galvanizado 12 bwg, d = 2,76 mm (0,048 kg/m) ou 14 bwg, d = 2,11 mm (0,026 kg/m).","Material","kg",0.1,22.0,2.16]
["Insumo","00000346","Sinapi","Arame de aco ovalado 15 x 17 ( 45,7 kg, 700 kgf), rolo 1000 m.","Material","kg",0.41,26.06,10.55]
["Insumo","00004111","Sinapi","Escora pre-moldada em concreto, *10 x 10* cm, h = 2,30m.","Material","un.",0.16,51.56,8.25]
["Insumo","I1533","Seinfra","Mourão concreto base 15x15cm h=2.3 c/ 12 furos.","Material","un.",0.42,47.22,19.83]
[]
["12.2","Código","Banco","Descrição.","Tipo","und","Quant.","Valor Unit","Total"]
["Composição","COMPOSIÇÃO - 22","Próprio","Serviço de instalação de portão de ferro com suporte e batedor conforme projeto, incluso material.","Sedi - serviços diversos","m²",1.0,585.49,585.49]
["Composição Auxiliar","88309","Sinapi","Pedreiro com encargos complementares.","Sedi - serviços diversos","h",1.5,25.73,38.6]
["Composição Auxiliar","88316","Sinapi","Servente com encargos complementares.","Sedi - serviços diversos","h",1.5,20.54,30.81]
["Insumo","00000367","Sinapi","Areia grossa - posto jazida/fornecedor (retirado na jazida, sem transporte).","Material","m³",0.06,101.3,6.18]
["Insumo","00001379","Sinapi","Cimento portland composto cp ii-32.","Material","kg",4.83,0.68,3.28]
["Insumo","00004948","Sinapi","Portao de abrir / giro, em gradil de metalon redondo de 3/4\" vertical, com requadro, acabamento natural - completo.","Material","m²",1.0,506.62,506.62]
[]
["13",null,null,"Outros serviços e insumos excepcionais."]
["13.1","Código","Banco","Descrição.","Tipo","und","Quant.","Valor Unit","Total"]
["Composição","COMPOSIÇÃO - 23","Próprio","Fornecimento e instalação do pré filtro para revestimento interno.","Astu - assentamento de tubos e pecas","m³",1.0,1657.22,1657.22]
["Composição Auxiliar","90776","Sinapi","Encarregado geral com encargos complementares.","Sedi - serviços diversos","h",0.4,41.64,16.66]
["Composição Auxiliar","88297","Sinapi","Operador de máquinas e equipamentos com encargos complementares.","Sedi - serviços diversos","h",0.4,27.27,10.91]
["Composição Auxiliar","88316","Sinapi","Servente com encargos complementares.","Sedi - serviços diversos","h",0.5,20.54,10.27]
["Insumo","5073","Orse","Pré-filtro comum.","Serviços","m³",1.0,1619.38,1619.38]
[]
["13.2","Código","Banco","Descrição.","Tipo","und","Quant.","Valor Unit","Total"]
["Composição","COMPOSIÇÃO - 24","Próprio","Execução de tamponamento conforme especificação.","Sedi - serviços diversos","m³",1.0,644.23,644.23]
["Composição Auxiliar","87316","Sinapi","Argamassa traço 1:4 (em volume de cimento e areia grossa úmida) para chapisco convencional, preparo mecânico com betoneira 400 l.","Sedi - serviços diversos","m³",1.0,454.58,454.58]
["Composição Auxiliar","88316","Sinapi","Servente com encargos complementares.","Sedi - serviços diversos","h",1.0,20.54,20.54]
["Insumo","00004721","Sinapi","Pedra britada n. 1 (9,5 a 19 mm) posto pedreira/fornecedor, sem frete.","Material","m³",1.0,169.11,169.11]
[]
["13.3","Código","Banco","Descrição.","Tipo","und","Quant.","Valor Unit","Total"]
["Composição","COMPOSIÇÃO - 25","Próprio","Fornecimento e instalação do filtro para revestimento interno ø 4 1/2\".","Astu - assentamento de tubos e pecas","m",1.0,111.56,111.56]
["Composição Auxiliar","88316","Sinapi","Servente com encargos complementares.","Sedi - serviços diversos","h",0.65,20.54,13.35]
["Composição Auxiliar","90776","Sinapi","Encarregado geral com encargos complementares.","Sedi - serviços diversos","h",0.65,41.64,27.07]
["Insumo","Cotação-004","Próprio","Fornecimento tubo filtro geomecânico classe reforçado diâmetro ø 4 1/2\" com junta roscável.","Material","m",1.0,71.14,71.14]
[]
["13.4","Código","Banco","Descrição.","Tipo","und","Quant.","Valor Unit","Total"]
["Composição","COMPOSIÇÃO - 26","Próprio","Fornecimento e instalação do revestimento interno ø 4 1/2\".","Astu - assentamento de tubos e pecas","m",1.0,102.79,102.79]
["Composição Auxiliar","88316","Sinapi","Servente com encargos complementares.","Sedi - serviços diversos","h",0.65,20.54,13.35]
["Composição Auxiliar","90776","Sinapi","Encarregado geral com encargos complementares.","Sedi - serviços diversos","h",0.65,41.64,27.07]
["Insumo","Cotação-006","Próprio","Fornecimento tubo revestimento geomecânico classe reforçado ø 4 1/2\" com junta roscável.","Material","m",1.0,62.37,62.37]
[]
["13.5","Código","Banco","Descrição.","Tipo","und","Quant.","Valor Unit","Total"]
["Insumo","M3929","Sicro3","Tubo em aço-carbono - e = 3,00 mm e d = 150 mm (6\").","Material","m",1.0,171.23,171.23]
[]
["13.6","Código","Banco","Descrição.","Tipo","und","Quant.","Valor Unit","Total"]
["Insumo","00041699","Sinapi","Tubo de revestimento, em aco, corpo schedule 40, ponteira schedule 80, rosqueavel e segmentado para perfuracao, diametro 8.","Material","m",1.0,2189.01,2189.01]
[]
["13.7","Código","Banco","Descrição.","Tipo","und","Quant.","Valor Unit","Total"]
["Insumo","M039706073","Embasa","Filtro nold em aço galvanizado dn 6\".","Material","m",1.0,763.9,763.9]
[]
["13.8","Código","Banco","Descrição.","Tipo","und","Quant.","Valor Unit","Total"]
["Composição","COMPOSIÇÃO - 27","Próprio","Limpeza manual , remoção de cerca, capina e instalação dos equipamentos (área do poço, painéis solares, bebedouro e reservatório).","Sedi - serviços diversos","m²",1.0,1.64,1.64]
["Composição Auxiliar","88316","Sinapi","Servente com encargos complementares.","Sedi - serviços diversos","h",0.08,20.54,1.64]
[]
[]
[]
[]
[]
["14"]

{"sheet":"Crono. - RN - P","index":5,"n_rows":27,"n_cols":15,"rows_kept":27,"cut":false,"hidden":false,"merged":[[0,0,6,14],[7,0,8,14],[23,0,23,1],[23,2,26,2],[24,0,24,1],[25,0,25,1],[26,0,26,1]]}
["OBJETO: EXECUÇÃO DE SERVIÇOS DE PERFURAÇÃO E INSTALAÇÃO DE POÇOS TUBULARES EM MUNICÍPIOS LOCALIZADOS NO ESTADO DO RIO GRANDE DO NORTE, NA ÁREA DE ATUAÇÃO DA CODEVASF"]
[]
[]
[]
[]
[]
[]
["PLANILHA SINTÉTICA - POÇO PARCIALMENTE REVESTIDO - RIO GRANDE DO NORTE"]
[]
["ITEM","ESPECIFICAÇÃO DOS SERVIÇOS","VALOR TOTAL (R$)","Mês 01","Mês 02","Mês 03","Mês 04","Mês 05","Mês 06","Mês 07","Mês 08","Mês 09","Mês 10","Mês 11","Mês 12"]
["1","Serviços preliminares.",391437.77,32619.814166666667,32619.814166666667,32619.814166666667,32619.814166666667,32619.814166666667,32619.814166666667,32619.814166666667,32619.814166666667,32619.814166666667,32619.814166666667,32619.814166666667,32619.814166666667]
["2","Mobilizaçâo e desmobilizaçâo equipes perfuraçâo e instalação.",293112.0,24426.0,24426.0,24426.0,24426.0,24426.0,24426.0,24426.0,24426.0,24426.0,24426.0,24426.0,24426.0]
["3","Perfuração e completação de poço tubular.",3534604.26,294550.355,294550.355,294550.355,294550.355,294550.355,294550.355,294550.355,294550.355,294550.355,294550.355,294550.355,294550.355]
["4","Pós perfuração.",1389321.38,115776.78166666666,115776.78166666666,115776.78166666666,115776.78166666666,115776.78166666666,115776.78166666666,115776.78166666666,115776.78166666666,115776.78166666666,115776.78166666666,115776.78166666666,115776.78166666666]
["5","Reservação.",3267800.2,272316.68333333335,272316.68333333335,272316.68333333335,272316.68333333335,272316.68333333335,272316.68333333335,272316.68333333335,272316.68333333335,272316.68333333335,272316.68333333335,272316.68333333335,272316.68333333335]
["6","Bebedouro.",243008.02,20250.66833333333,20250.66833333333,20250.66833333333,20250.66833333333,20250.66833333333,20250.66833333333,20250.66833333333,20250.66833333333,20250.66833333333,20250.66833333333,20250.66833333333,20250.66833333333]
["7","Chafariz.",147433.92,12286.160000000002,12286.160000000002,12286.160000000002,12286.160000000002,12286.160000000002,12286.160000000002,12286.160000000002,12286.160000000002,12286.160000000002,12286.160000000002,12286.160000000002,12286.160000000002]
["8","Cavalete.",225614.82,18801.235,18801.235,18801.235,18801.235,18801.235,18801.235,18801.235,18801.235,18801.235,18801.235,18801.235,18801.235]
["9","Instalações hidráulicas.",2095806.73,174650.56083333332,174650.56083333332,174650.56083333332,174650.56083333332,174650.56083333332,174650.56083333332,174650.56083333332,174650.56083333332,174650.56083333332,174650.56083333332,174650.56083333332,174650.56083333332]
["10","Estrutura de fixação para módulos fotovoltáicos.",382596.92,31883.076666666664,31883.076666666664,31883.076666666664,31883.076666666664,31883.076666666664,31883.076666666664,31883.076666666664,31883.076666666664,31883.076666666664,31883.076666666664,31883.076666666664,31883.076666666664]
["11","Instalações elétricas e bóia elétrica.",2130659.92,177554.99333333332,177554.99333333332,177554.99333333332,177554.99333333332,177554.99333333332,177554.99333333332,177554.99333333332,177554.99333333332,177554.99333333332,177554.99333333332,177554.99333333332,177554.99333333332]
["12","Urbanização.",454555.47,37879.6225,37879.6225,37879.6225,37879.6225,37879.6225,37879.6225,37879.6225,37879.6225,37879.6225,37879.6225,37879.6225,37879.6225]
["13","Outros serviços e insumos excepcionais.",2883244.95,240270.4125,240270.4125,240270.4125,240270.4125,240270.4125,240270.4125,240270.4125,240270.4125,240270.4125,240270.4125,240270.4125,240270.4125]
["TOTAL",null,1.743919636E7,1453266.3633333335,1453266.3633333335,1453266.3633333335,1453266.3633333335,1453266.3633333335,1453266.3633333335,1453266.3633333335,1453266.3633333335,1453266.3633333335,1453266.3633333335,1453266.3633333335,1453266.3633333335]
["PERCENTUAL",null,null,0.08333333333333334,0.08333333333333334,0.08333333333333334,0.08333333333333334,0.08333333333333334,0.08333333333333334,0.08333333333333334,0.08333333333333334,0.08333333333333334,0.08333333333333334,0.08333333333333334,0.08333333333333334]
["CUSTO ACUMULADO",null,null,1453266.3633333335,2906532.726666667,4359799.090000001,5813065.453333334,7266331.816666667,8719598.180000002,1.0172864543333335E7,1.1626130906666668E7,1.3079397270000001E7,1.4532663633333335E7,1.5985929996666668E7,1.7439196360000003E7]
["PERCENTUAL ACUMULADO",null,null,0.08333333333333334,0.16666666666666669,0.25,0.33333333333333337,0.41666666666666674,0.5000000000000001,0.5833333333333335,0.6666666666666669,0.7500000000000002,0.8333333333333336,0.916666666666667,1.0000000000000002]

{"sheet":"Orçamento Sintético - RN - T","index":6,"n_rows":58,"n_cols":12,"rows_kept":58,"cut":false,"hidden":false,"merged":[[0,0,0,5],[1,0,1,5]]}
["OBJETO: EXECUÇÃO DE SERVIÇOS DE PERFURAÇÃO E INSTALAÇÃO DE POÇOS TUBULARES EM MUNICÍPIOS LOCALIZADOS NO ESTADO DO RIO GRANDE DO NORTE, NA ÁREA DE ATUAÇÃO DA CODEVASF",{"$nulls":6},"Quantidade de Poços","BDI SERVIÇO","BDI INSUMO","Total","Preço Unitário Por Poço"]
["PLANILHA SINTÉTICA - POÇO TOTALMENTE REVESTIDO - RIO GRANDE DO NORTE",{"$nulls":6},44.0,0.2634,0.1528,9364006.18,212818.32]
["Item","Código","Banco","Tipo","Descrição.","un.","Mem. calc.","Quant.","Valor Unit","Valor Unit com BDI","Total","Peso (%)"]
["1",null,null,null,"Serviços preliminares.",{"$nulls":5},258056.0,0.02755829022744195]
["1.1","COMPOSIÇÃO - 1","Próprio","Serviço","Administração local da obra - poço totalmente revestido.","un.",1.0,44.0,2318.54,2929.24,128886.56,0.013764040467559795]
["1.2","COMPOSIÇÃO - 2","Próprio","Serviço","Serviço de locação geológica de campo com relatório hidro geológico e perfil construtivo e geológico esperado. relatório de viabilidade de implantação das estruturas e vistorias preliminares.","un.",1.0,44.0,592.7,748.82,32948.08,0.0035185880238280667]
["1.3",103689.0,"Sinapi","Insumo","Fornecimento e instalação de placa de obra com chapa galvanizada e estrutura de madeira.","m²",0.72,31.68,465.92,537.11,17015.64,0.0018171325042846138]
["1.4","COMPOSIÇÃO - 3","Próprio","Insumo","Taxas e emolumentos fiscais , administrativos para obtenção outorga e outros.","un.",1.0,44.0,1561.53,1800.13,79205.72,0.008458529231769474]
["2",null,null,null,"Mobilizaçâo e desmobilizaçâo equipe campo.",{"$nulls":5},109296.0,0.01167192736730979]
["2.1","COMPOSIÇÃO - 4","Próprio","Serviço","Transporte de comboio perfuração.","km",150.0,6600.0,4.66,5.89,38874.0,0.00415142827255161]
["2.2","COMPOSIÇÃO - 5","Próprio","Serviço","Transporte de comboio instalação.","km",150.0,6600.0,5.89,7.44,49104.0,0.005243909396907297]
["2.3","COMPOSIÇÃO - 6","Próprio","Serviço","Transporte de equipe teste de vazão.","km",150.0,6600.0,2.56,3.23,21318.0,0.002276589697850883]
["3",null,null,null,"Perfuração e completação de poço tubular.",{"$nulls":5},4648567.57,0.49642935733303845]
["3.1","COMPOSIÇÃO - 7","Próprio","Serviço","Perfuração diâmetro de ø 12 1/4\" em rocha - incluso mão de obra para instalação do revestimento e completação anelar.","m",150.0,6600.0,326.51,412.51,2722566.0,0.2907479926502996]
["3.2",5073.0,"Orse","Insumo","Fornecimento de pré-filtro comum m3.","m³",6.96,306.24,1619.38,1866.82,571694.96,0.06105239029220717]
["3.3",5091.0,"Orse","Insumo","Revestimento filtro pvc geomecânico reforçado dn 150mm.","m",16.0,704.0,221.38,255.21,179667.84,0.019187069780425968]
["3.4",5024.0,"Orse","Insumo","Centralizador em 6\".","un.",10.0,440.0,267.02,307.82,135440.8,0.01446398020211473]
["3.5",9850.0,"Sinapi","Insumo","Tubo pvc de revestimento geomecanico nervurado reforcado, dn = 150 mm, comprimento = 2 m.","m",134.0,5896.0,147.75,170.33,1004265.68,0.10724743883071637]
["3.6","COMPOSIÇÃO - 8","Próprio","Serviço","Serviço de lançamento cimentação anelar, incluso materiais.","m³",1.16,51.04,541.72,684.41,34932.29,0.0037304855772745766]
["4",null,null,null,"Pós perfuração.",{"$nulls":5},533760.04,0.057001248155946864]
["4.1",6305.0,"Orse","Serviço","Desenvolvimento com compressor 250psi / 750cfm.","h",2.0,88.0,411.16,519.46,45712.48,0.004881722536411227]
["4.2","COMPOSIÇÃO - 9","Próprio","Serviço","Inspeção ótica em poço tubular câmera com rotação de 360º, visada lateral, com fonte própria de luz, entregue vídeo em cores e marcação de profundidades.","m",150.0,6600.0,9.42,11.9,78540.0,0.008387435728924305]
["4.3","COMPOSIÇÃO - 10","Próprio","Serviço","Serviço de coleta e análise físico-química e bacteriológica.","un.",1.0,44.0,621.19,784.81,34531.64,0.003687699403034781]
["4.4","COMPOSIÇÃO - 11","Próprio","Serviço","Serviço de instalação de laje sanitária com dimensões (1,5x1,5x0,3) , incluso material.","un.",1.0,44.0,614.17,775.94,34141.36,0.0036460206607851686]
["4.5","24.80.22","Embasa","Serviço","Ensaio de bombeamento poço tubular incluso materiais e grupo gerador.","h",24.0,1056.0,255.47,322.76,340834.56,0.03639836982679138]
["5",null,null,null,"Reservação.",{"$nulls":5},1218501.77,0.13012611766559087]
["5.1","COMPOSIÇÃO - 12","Próprio","Serviço","Fornecimento e instalação de reservatório e base elevada 10 m³.","un.",0.8,35.2,25951.24,32786.8,1154095.36,0.1232480348491184]
["5.2","COMPOSIÇÃO - 13","Próprio","Serviço","Fornecimento e execução de reservatório apoiado de 5 m³.","un.",0.2,8.8,5793.03,7318.91,64406.41,0.006878082816472469]
["6",null,null,null,"Bebedouro.",{"$nulls":5},90613.16,0.009676751409405842]
["6.1","COMPOSIÇÃO - 14","Próprio","Serviço","Serviço de execução do bebedouro em concreto armado, incluso materiais.","un.",1.0,44.0,1630.04,2059.39,90613.16,0.009676751409405842]
["7",null,null,null,"Chafariz.",{"$nulls":5},54975.36,0.005870923079634277]
["7.1","COMPOSIÇÃO - 15","Próprio","Serviço","Fornecimento de material e instalação do chafariz.","un.",1.0,44.0,988.95,1249.44,54975.36,0.005870923079634277]
["8",null,null,null,"Cavalete.",{"$nulls":5},84127.56,0.008984141870782064]
["8.1","COMPOSIÇÃO - 16","Próprio","Serviço","Fornecimento de conexões e instalação do cavalete com hidrômetro e clorador de pastilhas.","un.",1.0,44.0,1513.37,1911.99,84127.56,0.008984141870782064]
["9",null,null,null,"Instalações hidráulicas poço e adutora.",{"$nulls":5},781487.26,0.08345650835527321]
["9.1","COMPOSIÇÃO - 17","Próprio","Serviço","Fornecimento e instalação da rede adutora poço-reservatório-bebedouro em pn80 e dn50mm.","m",400.0,17600.0,24.47,30.92,544192.0,0.058115296972176926]
["9.2","COMPOSIÇÃO - 18","Próprio","Serviço","Montagem hidráulica do equipamento de bombeamento.","un.",1.0,44.0,136.38,172.3,7581.2,8.096107429096122E-4]
["9.3",38200.0,"Sinapi","Insumo","Corda de poliamida 12 mm tipo bombeiro, para trabalho em altura.","100m",0.93,40.92,600.97,692.8,28349.38,0.0030274841189820746]
["9.4",9860.0,"Sinapi","Insumo","Tubo pvc, roscavel, 2\", para agua fria predial.","m",90.0,3960.0,35.95,41.44,164102.4,0.0175248068877289]
["9.5",3912.0,"Sinapi","Insumo","Luva de ferro galvanizado, com rosca bsp, de 2\".","un.",16.0,704.0,39.21,45.2,31820.8,0.0033982036521893882]
["9.6",5128.0,"Orse","Insumo","Tampa de poço galvanizada em 6\" un.","un.",1.0,44.0,107.28,123.67,5441.48,5.81105981286313E-4]
["10",null,null,null,"Estrutura de fixação para módulos fotovoltáicos.",{"$nulls":5},213994.89,0.022852920628892624]
["10.1","COMPOSIÇÃO - 19","Próprio","Serviço","Serviço de fixação de estruturas para os módulos fotovoltaicos e suportes de concreto, incluso materiais.","m²",15.18,667.92,253.59,320.39,213994.89,0.022852920628892624]
["11",null,null,null,"Instalações elétricas.",{"$nulls":5},898847.84,0.09598966753351716]
["11.1","COMPOSIÇÃO - 20","Próprio","Serviço","Montagem e instalação elétrica do kit de bombeamento e sistema fotovoltaico inclusive sistema de aterramento.","un.",1.0,44.0,1089.23,1376.13,60549.72,0.00646621956842835]
["11.2",34622.0,"Sinapi","Insumo","Fornecimento de cabo flexivel pvc 750 v, 3 condutores de 6,0 mm2.","m",105.0,4620.0,23.41,26.99,124693.8,0.01331628766609806]
["11.3","COMPOSIÇÃO - 21","Próprio","Serviço","Fornecimento e instalação de automático de bóia superior e inferior.","un.",1.0,44.0,54.85,69.3,3049.2,3.256298577111789E-4]
["11.4",39257.0,"Sinapi","Insumo","Cabo multipolar de cobre, flexivel, classe 4 ou 5, isolacao em hepr, cobertura em pvc-st2, antichama bwf-b, 0,6/1 kv, 3 condutores de 1,5 mm2.","m",200.0,8800.0,6.36,7.33,64504.0,0.006888504637872847]
["11.5","Cotação-002","Próprio","Serviço","Fornecimento de kit de bombeamento fotovoltaico, incluindo uma bomba cc de 2200w com controladora de carga externa, caixa de proteção metálica, módulos fotovoltaicos compatíveis com a geração de 3300wp além de componentes elétricos necessários para interligação dos painéis, como cabos, conectores mc4 e presilhas de fixação.","un.",1.0,44.0,11621.8,14682.98,646051.12,0.06899302580340673]
["12",null,null,null,"Urbanização.",{"$nulls":5},169495.26,0.01810072064689731]
["12.1","COMPOSIÇÃO - 22","Próprio","Serviço","Cerca com mourões de concreto de 15x15cm, espaçados de 3m e cravados a 0,5m, escoras de 10x10cm nos cantos, e 9 fios de arame de aço ovalado 15x17.","m",28.0,1232.0,77.53,97.95,120674.4,0.01288704830820605]
["12.2","COMPOSIÇÃO - 23","Próprio","Serviço","Serviço de instalação de portão de ferro com suporte e batedor conforme projeto, incluso material.","m²",1.5,66.0,585.49,739.71,48820.86,0.005213672338691259]
["13",null,null,null,"Outros serviços e insumos excepcionais.",{"$nulls":5},302283.47]
["13.1","COMPOSIÇÃO - 24","Próprio","Serviço","Execução de tamponamento conforme especificação.","m³",0.08,3.52,644.23,813.92,2865.0,3.059587899588507E-4]
["13.2",13747.0,"Orse","Insumo","Revestimento tubo liso aço sch-40 em 12\".","m",6.0,264.0,921.04,1061.77,280307.28,0.0299345466685713]
["13.3","M3929","Sicro3","Insumo","Tubo em aço-carbono - e = 3,00 mm e d = 150 mm (6\").","m",1.44,63.36,171.2287,197.39,12506.63,0.0013356067648387646]
["13.4","M039706073","Embasa","Insumo","Filtro nold em aço galvanizado dn 6\".","m",0.006,0.26,763.9,880.62,228.96,2.44510731410047E-5]
["13.5","COMPOSIÇÃO - 25","Próprio","Serviço","Limpeza manual , remoção de cerca, capina e instalação dos equipamentos (área do poço, painéis solares, bebedouro e reservatório).","m²",70.0,3080.0,1.64,2.07,6375.6,6.808624297597377E-4]

{"sheet":"Orçamento Analítico - RN - T","index":7,"n_rows":311,"n_cols":9,"rows_kept":311,"cut":false,"hidden":false,"merged":[[0,0,2,8],[3,3,3,5]]}
["OBJETO: EXECUÇÃO DE SERVIÇOS DE PERFURAÇÃO E INSTALAÇÃO DE POÇOS TUBULARES EM MUNICÍPIOS LOCALIZADOS NO ESTADO DO RIO GRANDE DO NORTE, NA ÁREA DE ATUAÇÃO DA CODEVASF"]
[]
[]
[null,null,null,"PLANILHA ANALÍTICA - POÇO TOTALMENTE REVESTIDO - RIO GRANDE DO NORTE"]
["1",null,null,"Serviços preliminares."]
["1.1","Código","Banco","Descrição.","Tipo","und","Quant.","Valor Unit","Total"]
["Composição","COMPOSIÇÃO - 1","Próprio","Administração local da obra - poço totalmente revestido.","Cant - canteiro de obras","un.","1,00",2318.54,2318.54]
["Composição Auxiliar","012710","Sbc","Despesas gerais de manutencao canteiro de obras.","Instalacoes provisorias","mes","0,23",1805.82,415.34]
["Composição Auxiliar","100321","Sinapi","Técnico em segurança do trabalho com encargos complementares.","Sedi - serviços diversos","mes","0,23",8274.78,1903.2]
[]
["1.2","Código","Banco","Descrição.","Tipo","und","Quant.","Valor Unit","Total"]
["Composição","COMPOSIÇÃO - 2","Próprio","Serviço de locação geológica de campo com relatório hidro geológico e perfil construtivo e geológico esperado. relatório de viabilidade de implantação das estruturas e vistorias preliminares.","Sert - serviços técnicos","un.","1,00",592.7,592.7]
["Composição Auxiliar","30.01.45","Embasa","Geologo senior.","3001","hora","5,00",97.41,487.05]
["Insumo","5896","Orse","Veículo tipo sedan ou pick-up capacidade 0,6 ton h.","Equipamento","h","5,00",8.33,41.65]
["Insumo","00004222","Sinapi","Gasolina comum.","Material","l","10,00",6.4,64.0]
[]
["1.3","Código","Banco","Descrição.","Tipo","und","Quant.","Valor Unit","Total"]
["Composição","103689","Sinapi","Fornecimento e instalação de placa de obra com chapa galvanizada e estrutura de madeira.","Pavi - pavimentação","m²","1,00",465.92,465.92]
["Composição Auxiliar","102234","Sinapi","Pintura imunizante para madeira, 2 demãos.","Pint - pinturas","m²","0,50",22.36,11.18]
["Composição Auxiliar","88262","Sinapi","Carpinteiro de formas com encargos complementares.","Sedi - serviços diversos","h","0,37",25.38,9.46]
["Composição Auxiliar","88316","Sinapi","Servente com encargos complementares.","Sedi - serviços diversos","h","1,12",20.54,22.98]
["Insumo","00004509","Sinapi","Sarrafo *2,5 x 10* cm em pinus, mista ou equivalente da regiao - bruta.","Material","m","3,21",6.73,21.59]
["Insumo","00004813","Sinapi","Placa de obra (para construcao civil) em chapa galvanizada *n. 22*, adesivada, de *2,4 x 1,2* m (sem postes para fixacao).","Material","m²","1,00",400.0,400.0]
["Insumo","00005065","Sinapi","Prego de aco polido com cabeca 10 x 10 (7/8 x 17).","Material","kg","0,01",38.7,0.44]
["Insumo","00005069","Sinapi","Prego de aco polido com cabeca 17 x 27 (2 1/2 x 11).","Material","kg","0,01",20.74,0.27]
[]
["1.4","Código","Banco","Descrição.","Tipo","und","Quant.","Valor Unit","Total"]
["Composição","COMPOSIÇÃO - 3","Próprio","Taxas e emolumentos fiscais , administrativos para obtenção outorga e outros.","Astu - assentamento de tubos e pecas","un.","1,00",1561.53,1561.53]
["Cotação","COTAÇÃO - 005","Próprio","Decreto nº 14.338/1999 e Nota Técnica Codevasf","Serviço","un.","1,00",1561.53,1561.53]
[]
["2",null,null,"Mobilizaçâo e desmobilizaçâo equipe campo."]
["2.1","Código","Banco","Descrição.","Tipo","und","Quant.","Valor Unit","Total"]
["Composição","COMPOSIÇÃO - 4","Próprio","Transporte de comboio perfuração.","Tran - transportes, cargas e descargas","km","1,00",4.66,4.66]
["Composição Auxiliar","5824","Sinapi","Caminhão toco, pbt 16.000 kg, carga útil máx. 10.685 kg, dist. entre eixos 4,8 m, potência 189 cv, inclusive carroceria fixa aberta de madeira p/ transporte geral de carga seca, dimen. aprox. 2,5 x 7,00 x 0,50 m - chp diurno.","Chor - custos horários de máquinas e equipamentos","chp","0,02",218.32,3.64]
["Composição Auxiliar","5826","Sinapi","Caminhão toco, pbt 16.000 kg, carga útil máx. 10.685 kg, dist. entre eixos 4,8 m, potência 189 cv, inclusive carroceria fixa aberta de madeira p/ transporte geral de carga seca, dimen. aprox. 2,5 x 7,00 x 0,50 m - chi diurno.","Chor - custos horários de máquinas e equipamentos","chi","0,02",61.3,1.02]
[]
["2.2","Código","Banco","Descrição.","Tipo","und","Quant.","Valor Unit","Total"]
["Composição","COMPOSIÇÃO - 5","Próprio","Transporte de comboio instalação.","Tran - transportes, cargas e descargas","km","1,00",5.89,5.89]
["Composição Auxiliar","5928","Sinapi","Guindauto hidráulico, capacidade máxima de carga 6200 kg, momento máximo de carga 11,7 tm, alcance máximo horizontal 9,70 m, inclusive caminhão toco pbt 16.000 kg, potência de 189 cv - chp diurno.","Chor - custos horários de máquinas e equipamentos","chp","0,02",280.16,4.67]
["Composição Auxiliar","5930","Sinapi","Guindauto hidráulico, capacidade máxima de carga 6200 kg, momento máximo de carga 11,7 tm, alcance máximo horizontal 9,70 m, inclusive caminhão toco pbt 16.000 kg, potência de 189 cv - chi diurno.","Chor - custos horários de máquinas e equipamentos","chi","0,02",72.96,1.22]
[]
["2.3","Código","Banco","Descrição.","Tipo","und","Quant.","Valor Unit","Total"]
["Composição","COMPOSIÇÃO - 6","Próprio","Transporte de equipe teste de vazão.","Tran - transportes, cargas e descargas","km","1,00",2.56,2.56]
["Composição Auxiliar","73467","Sinapi","Caminhão toco, pbt 14.300 kg, carga útil máx. 9.710 kg, dist. entre eixos 3,56 m, potência 185 cv, inclusive carroceria fixa aberta de madeira p/ transporte geral de carga seca, dimen. aprox. 2,50 x 6,50 x 0,50 m - chp diurno.","Chor - custos horários de máquinas e equipamentos","chp","0,01",251.05,2.08]
["Composição Auxiliar","91395","Sinapi","Caminhão toco, pbt 14.300 kg, carga útil máx. 9.710 kg, dist. entre eixos 3,56 m, potência 185 cv, inclusive carroceria fixa aberta de madeira p/ transporte geral de carga seca, dimen. aprox. 2,50 x 6,50 x 0,50 m - chi diurno.","Chor - custos horários de máquinas e equipamentos","chi","0,01",58.43,0.48]
[]
["3",null,null,"Perfuração e completação de poço tubular."]
["3.1","Código","Banco","Descrição.","Tipo","und","Quant.","Valor Unit","Total"]
["Composição","COMPOSIÇÃO - 7","Próprio","Perfuração diâmetro de ø 12 1/4\" em rocha - incluso mão de obra para instalação do revestimento e completação anelar.","Sert - serviços técnicos","m","1,00",326.51,326.51]
["Composição Auxiliar","6224","Orse","Perfuração em sedimento / camadas inconsolidadas dn 12.1/2\" - poço de 150 a 250m.","Conversão infoworca","m","1,00",318.61,318.61]
["Insumo","00043366","Sinapi","Bentonita, argila constituida por montmorilonita.","Material","kg","5,00",1.58,7.9]
[]
["3.2","Código","Banco","Descrição.","Tipo","und","Quant.","Valor Unit","Total"]
["Insumo","5073","Orse","Fornecimento de pré-filtro comum m3.","Serviços","m³","1,00",1619.38,1619.38]
[]
["3.3","Código","Banco","Descrição.","Tipo","und","Quant.","Valor Unit","Total"]
["Insumo","5091","Orse","Revestimento filtro pvc geomecânico reforçado dn 150mm.","Serviços","m","1,00",221.38,221.38]
[]
["3.4","Código","Banco","Descrição.","Tipo","und","Quant.","Valor Unit","Total"]
["Insumo","5024","Orse","Centralizador em 6\".","Serviços","un.","1,00",267.02,267.02]
[]
["3.5","Código","Banco","Descrição.","Tipo","und","Quant.","Valor Unit","Total"]
["Insumo","00009850","Sinapi","Tubo pvc de revestimento geomecanico nervurado reforcado, dn = 150 mm, comprimento = 2 m.","Material","m","1,00",147.75,147.75]
[]
["3.6","Código","Banco","Descrição.","Tipo","und","Quant.","Valor Unit","Total"]
["Composição","COMPOSIÇÃO - 8","Próprio","Serviço de lançamento cimentação anelar, incluso materiais.","Sedi - serviços diversos","m³","1,00",541.72,541.72]
["Composição Auxiliar","1903","Orse","Argamassa cimento e areia traço t-1 (1:3) - 1 saco cimento 50kg / 3 padiolas areia dim. 0.35 x 0.45 x 0.23 m - confecção mecânica e transporte.","Argamassas","m³","1,00",541.72,541.72]
[]
["4",null,null,"Pós perfuração."]
["4.1","Código","Banco","Descrição.","Tipo","und","Quant.","Valor Unit","Total"]
["Composição","6305","Orse","Desenvolvimento com compressor 250psi / 750cfm.","Conversão infoworca","h","1,00",411.16,411.16]
["Insumo","5030","Orse","Desenvolvimento com compressor 250psi - 750cfm h.","Serviços","h","1,00",411.16,411.16]
[]
["4.2","Código","Banco","Descrição.","Tipo","und","Quant.","Valor Unit","Total"]
["Composição","COMPOSIÇÃO - 9","Próprio","Inspeção ótica em poço tubular câmera com rotação de 360º, visada lateral, com fonte própria de luz, entregue vídeo em cores e marcação de profundidades.","Sees - serviços especiais","m","1,00",9.42,9.42]
["Insumo","H020050004","Embasa","Aparelho de perfilagem optica.","Material","m","1,00",4.4,4.4]
["Insumo","B590000022","Embasa","Tecnico medio.","Mão de obra","h","0,08",60.15,5.02]
[]
["4.3","Código","Banco","Descrição.","Tipo","und","Quant.","Valor Unit","Total"]
["Composição","COMPOSIÇÃO - 10","Próprio","Serviço de coleta e análise físico-química e bacteriológica.","Sedi - serviços diversos","un.","1,00",621.19,621.19]
["Composição Auxiliar","6312","Orse","Análise físico-química da água.","Conversão infoworca","un.","1,00",565.21,565.21]
["Composição Auxiliar","6313","Orse","Análise bacteriológica da água.","Conversão infoworca","un.","1,00",55.98,55.98]
[]
["4.4","Código","Banco","Descrição.","Tipo","und","Quant.","Valor Unit","Total"]
["Composição","COMPOSIÇÃO - 11","Próprio","Serviço de instalação de laje sanitária com dimensões (1,5x1,5x0,3) , incluso material.","Sedi - serviços diversos","un.","1,00",614.17,614.17]
["Composição Auxiliar","92522","Sinapi","Montagem e desmontagem de fôrma de laje maciça, pé-direito simples, em chapa de madeira compensada resinada, 8 utilizações.","Fues - fundações e estruturas","m²","1,80",39.61,71.3]
["Composição Auxiliar","93358","Sinapi","Escavação manual de vala com profundidade menor ou igual a 1,30 m.","Movt - movimento de terra","m³","0,23",81.26,18.28]
["Composição Auxiliar","94975","Sinapi","Concreto fck = 15mpa, traço 1:3,4:3,5 (em massa seca de cimento/ areia média/ brita 1) - preparo manual.","Fues - fundações e estruturas","m³","0,68",497.96,336.12]
["Composição Auxiliar","103670","Sinapi","Lançamento com uso de baldes, adensamento e acabamento de concreto em estruturas.","Fues - fundações e estruturas","m³","0,68",279.22,188.47]
[]
["4.5","Código","Banco","Descrição.","Tipo","und","Quant.","Valor Unit","Total"]
["Composição","24.80.22","Embasa","Ensaio de bombeamento poço tubular incluso materiais e grupo gerador.","2480","h","1,00",255.47,255.47]
["Composição Auxiliar","24.00.15","Embasa","Equipe (3 profissionais campo) - bombeio.","2400","h","1,00",190.55,190.55]
["Insumo","H020050001","Embasa","Unidade de ensaio e bombeamento - ueb1 ate 150m3 no sedimento.","Material","h","1,00",64.92,64.92]
[]
["5",null,null,"Reservação."]
["5.1","Código","Banco","Descrição.","Tipo","und","Quant.","Valor Unit","Total"]
["Composição","COMPOSIÇÃO - 12","Próprio","Fornecimento e instalação de reservatório e base elevada 10 m³.","Astu - assentamento de tubos e pecas","un.","1,00",25951.24,25951.24]
["Composição Auxiliar","92759","Sinapi","Armação de pilar ou viga de estrutura convencional de concreto armado utilizando aço ca-60 de 5,0 mm - montagem.","Fues - fundações e estruturas","kg","29,10",15.16,441.16]
["Composição Auxiliar","92761","Sinapi","Armação de pilar ou viga de estrutura convencional de concreto armado utilizando aço ca-50 de 8,0 mm - montagem.","Fues - fundações e estruturas","kg","48,00",13.71,658.08]
["Composição Auxiliar","93358","Sinapi","Escavação manual de vala com profundidade menor ou igual a 1,30 m.","Movt - movimento de terra","m³","5,20",81.26,422.55]
["Composição Auxiliar","92763","Sinapi","Armação de pilar ou viga de estrutura convencional de concreto armado utilizando aço ca-50 de 12,5 mm - montagem.","Fues - fundações e estruturas","kg","118,40",10.35,1225.44]
["Composição Auxiliar","94970","Sinapi","Concreto fck = 20mpa, traço 1:2,7:3 (em massa seca de cimento/ areia média/ brita 1) - preparo mecânico com betoneira 600 l.","Fues - fundações e estruturas","m³","4,89",474.55,2320.55]
["Composição Auxiliar","103670","Sinapi","Lançamento com uso de baldes, adensamento e acabamento de concreto em estruturas.","Fues - fundações e estruturas","m³","6,85",279.22,1912.66]
["Composição Auxiliar","84651","Sinapi","Pintura com tinta impermeavel mineral em po, duas demaos.","Pint - pinturas","m²","28,66",13.06,374.3]
["Composição Auxiliar","90776","Sinapi","Encarregado geral com encargos complementares.","Sedi - serviços diversos","h","1,00",41.64,41.64]
["Composição Auxiliar","102482","Sinapi","Concreto fck = 25mpa, traço 1:2,2:2,5 (em massa seca de cimento/ areia média/ seixo rolado) - preparo mecânico com betoneira 600 l.","Fues - fundações e estruturas","m³","1,96",740.4,1451.18]
["Composição Auxiliar","92263","Sinapi","Fabricação de fôrma para pilares e estruturas similares, em chapa de madeira compensada resinada, e = 17 mm.","Fues - fundações e estruturas","m²","18,10",198.57,3594.12]
["Composição Auxiliar","89272","Sinapi","Guindaste hidráulico autopropelido, com lança telescópica 28,80 m, capacidade máxima 30 t, potência 97 kw, tração 4 x 4 - chp diurno.","Chor - custos horários de máquinas e equipamentos","chp","13,00",232.42,3021.46]
["Composição Auxiliar","5824","Sinapi","Caminhão toco, pbt 16.000 kg, carga útil máx. 10.685 kg, dist. entre eixos 4,8 m, potência 189 cv, inclusive carroceria fixa aberta de madeira p/ transporte geral de carga seca, dimen. aprox. 2,5 x 7,00 x 0,50 m - chp diurno.","Chor - custos horários de máquinas e equipamentos","chp","24,00",218.32,5239.68]
["Composição Auxiliar","88267","Sinapi","Encanador ou bombeiro hidráulico com encargos complementares.","Sedi - serviços diversos","h","4,00",24.25,97.0]
["Composição Auxiliar","88248","Sinapi","Auxiliar de encanador ou bombeiro hidráulico com encargos complementares.","Sedi - serviços diversos","h","4,00",21.21,84.84]
["Insumo","00011677","Sinapi","Registro de esfera, pvc, com volante, vs, soldavel, dn 50 mm, com corpo dividido.","Material","un.","1,00",26.89,26.89]
["Insumo","00003146","Sinapi","Fita veda rosca em rolos de 18 mm x 10 m (l x c).","Material","un.","0,18",2.95,0.53]
["Insumo","00037106","Sinapi","Caixa d'agua / reservatorio em poliester reforcado com fibra de vidro, 10000 litros, com tampa.","Material","un.","1,00",4762.17,4762.17]
["Insumo","00009875","Sinapi","Tubo pvc, soldavel, de 50 mm, agua fria (nbr-5648).","Material","m","15,20",12.38,188.18]
["Insumo","00000113","Sinapi","Adaptador pvc soldavel curto com bolsa e rosca, 60 mm x 2\", para agua fria.","Material","un.","1,00",8.95,8.95]
["Insumo","00003871","Sinapi","Luva soldavel com rosca, pvc, 50 mm x 1 1/2\", para agua fria predial.","Material","un.","1,00",14.65,14.65]
["Insumo","00003540","Sinapi","Joelho pvc, soldavel, 90 graus, 50 mm, cor marrom, para agua fria predial.","Material","un.","5,00",4.0,20.0]
["Insumo","00000099","Sinapi","Adaptador pvc soldavel, com flange e anel de vedacao, 50 mm x 1 1/2\", para caixa d'agua.","Material","un.","2,00",21.03,42.06]
["Insumo","00000119","Sinapi","Adesivo plastico para pvc, bisnaga com 75 gr.","Material","un.","0,45",7.0,3.15]
[]
["5.2","Código","Banco","Descrição.","Tipo","und","Quant.","Valor Unit","Total"]
["Composição","COMPOSIÇÃO - 13","Próprio","Fornecimento e execução de reservatório apoiado de 5 m³.","Sedi - serviços diversos","un.","1,00",5793.03,5793.03]
["Composição Auxiliar","5928","Sinapi","Guindauto hidráulico, capacidade máxima de carga 6200 kg, momento máximo de carga 11,7 tm, alcance máximo horizontal 9,70 m, inclusive caminhão toco pbt 16.000 kg, potência de 189 cv - chp diurno.","Chor - custos horários de máquinas e equipamentos","chp","4,00",280.16,1120.64]
["Composição Auxiliar","88309","Sinapi","Pedreiro com encargos complementares.","Sedi - serviços diversos","h","3,00",25.73,77.19]
["Composição Auxiliar","88316","Sinapi","Servente com encargos complementares.","Sedi - serviços diversos","h","3,00",20.54,61.62]
["Composição Auxiliar","88262","Sinapi","Carpinteiro de formas com encargos complementares.","Sedi - serviços diversos","h","3,00",25.38,76.14]
["Composição Auxiliar","102617","Sinapi","Caixa d´água em poliéster reforçado com fibra de vidro, 5000 litros - fornecimento e instalação.","Inhi - instalações hidros sanitárias","un.","1,00",3346.1,3346.1]
["Composição Auxiliar","92783","Sinapi","Armação de laje de uma estrutura convencional de concreto armado em uma edificação térrea ou sobrado utilizando aço ca-60 de 4,2 mm - montagem.","Fues - fundações e estruturas","kg","3,20",19.18,61.38]
["Composição Auxiliar","92759","Sinapi","Armação de pilar ou viga de estrutura convencional de concreto armado utilizando aço ca-60 de 5,0 mm - montagem.","Fues - fundações e estruturas","kg","5,60",15.16,84.9]
["Composição Auxiliar","94964","Sinapi","Concreto fck = 20mpa, traço 1:2,7:3 (em massa seca de cimento/ areia média/ brita 1) - preparo mecânico com betoneira 400 l.","Fues - fundações e estruturas","m³","1,56",487.89,761.11]
["Composição Auxiliar","84651","Sinapi","Pintura com tinta impermeavel mineral em po, duas demaos.","Pint - pinturas","m²","2,70",13.06,35.26]
["Composição Auxiliar","92783","Sinapi","Armação de laje de uma estrutura convencional de concreto armado em uma edificação térrea ou sobrado utilizando aço ca-60 de 4,2 mm - montagem.","Fues - fundações e estruturas","kg","3,20",19.18,61.38]
["Insumo","00007155","Sinapi","Tela de aco soldada nervurada, ca-60, q-138, (2,20 kg/m2), diametro do fio = 4,2 mm, largura = 2,45 m, espacamento da malha = 10 x 10 cm.","Material","m²","6,16",17.42,107.31]
[]
["6",null,null,"Bebedouro."]
["6.1","Código","Banco","Descrição.","Tipo","und","Quant.","Valor Unit","Total"]
["Composição","COMPOSIÇÃO - 14","Próprio","Serviço de execução do bebedouro em concreto armado, incluso materiais.","Sedi - serviços diversos","un.","1,00",1630.04,1630.04]
["Composição Auxiliar","5928","Sinapi","Guindauto hidráulico, capacidade máxima de carga 6200 kg, momento máximo de carga 11,7 tm, alcance máximo horizontal 9,70 m, inclusive caminhão toco pbt 16.000 kg, potência de 189 cv - chp diurno.","Chor - custos horários de máquinas e equipamentos","chp","2,00",280.16,560.32]
["Composição Auxiliar","87445","Sinapi","Betoneira capacidade nominal 400 l, capacidade de mistura 310 l, motor a diesel potência 5,0 hp, sem carregador - chp diurno.","Chor - custos horários de máquinas e equipamentos","chp","0,50",5.33,2.67]
["Composição Auxiliar","88377","Sinapi","Operador de betoneira estacionária/misturador com encargos complementares.","Sedi - serviços diversos","h","0,50",24.65,12.33]
["Composição Auxiliar","88310","Sinapi","Pintor com encargos complementares.","Sedi - serviços diversos","h","0,30",28.84,8.65]
["Composição Auxiliar","100301","Sinapi","Ajudante de pintor com encargos complementares.","Sedi - serviços diversos","h","0,10",23.49,2.35]
["Composição Auxiliar","88245","Sinapi","Armador com encargos complementares.","Sedi - serviços diversos","h","3,00",27.41,82.23]
["Composição Auxiliar","88262","Sinapi","Carpinteiro de formas com encargos complementares.","Sedi - serviços diversos","h","2,00",25.38,50.76]
["Composição Auxiliar","88316","Sinapi","Servente com encargos complementares.","Sedi - serviços diversos","h","5,00",20.54,102.7]
["Composição Auxiliar","88309","Sinapi","Pedreiro com encargos complementares.","Sedi - serviços diversos","h","4,00",25.73,102.92]
["Insumo","00043055","Sinapi","Aco ca-50, 12,5 mm ou 16,0 mm, vergalhao.","Material","kg","12,00",7.91,94.92]
["Insumo","00043059","Sinapi","Aco ca-60, 4,2 mm, ou 5,0 mm, ou 6,0 mm, ou 7,0 mm, vergalhao.","Material","kg","13,00",8.64,112.32]
["Insumo","00000032","Sinapi","Aco ca-50, 6,3 mm, vergalhao.","Material","kg","6,00",9.63,57.78]
["Insumo","00000370","Sinapi","Areia media - posto jazida/fornecedor (retirado na jazida, sem transporte).","Material","m³","0,32",100.0,32.0]
["Insumo","00001379","Sinapi","Cimento portland composto cp ii-32.","Material","kg","127,00",0.68,86.36]
["Insumo","00004718","Sinapi","Pedra britada n. 2 (19 a 38 mm) posto pedreira/fornecedor, sem frete.","Material","m³","0,08",170.0,13.6]
["Insumo","00004721","Sinapi","Pedra britada n. 1 (9,5 a 19 mm) posto pedreira/fornecedor, sem frete.","Material","m³","0,23",169.11,38.9]
["Insumo","00003767","Sinapi","Lixa em folha para parede ou madeira, numero 120, cor vermelha.","Material","un.","0,12",0.6,0.07]
["Insumo","00007356","Sinapi","Tinta latex acrilica premium, cor branco fosco.","Material","l","0,18",28.85,5.19]
["Insumo","00043681","Sinapi","Chapa/painel de madeira compensada resinada (madeirite resinado rosa) para forma de concreto, de 2200 x 1100 mm, e = 8 a 12 mm.","Material","m²","7,30",36.16,263.97]
[]
["7",null,null,"Chafariz."]
["7.1","Código","Banco","Descrição.","Tipo","und","Quant.","Valor Unit","Total"]
["Composição","COMPOSIÇÃO - 15","Próprio","Fornecimento de material e instalação do chafariz.","Astu - assentamento de tubos e pecas","un.","1,00",988.95,988.95]
["Composição Auxiliar","88267","Sinapi","Encanador ou bombeiro hidráulico com encargos complementares.","Sedi - serviços diversos","h","2,00",24.25,48.5]
["Composição Auxiliar","88248","Sinapi","Auxiliar de encanador ou bombeiro hidráulico com encargos complementares.","Sedi - serviços diversos","h","2,00",21.21,42.42]
["Composição Auxiliar","93358","Sinapi","Escavação manual de vala com profundidade menor ou igual a 1,30 m.","Movt - movimento de terra","m³","0,09",81.26,7.72]
["Composição Auxiliar","92270","Sinapi","Fabricação de fôrma para vigas, com madeira serrada, e = 25 mm.","Fues - fundações e estruturas","m²","0,63",196.16,123.19]
["Composição Auxiliar","94975","Sinapi","Concreto fck = 15mpa, traço 1:3,4:3,5 (em massa seca de cimento/ areia média/ brita 1) - preparo manual.","Fues - fundações e estruturas","m³","0,16",497.96,78.18]
["Composição Auxiliar","2171","Orse","Piso cimentado liso traço 1:5, e = 3 cm, c/ junta plástica 3 x 27 mm.","Pisos : cimentados, em concreto simples, tipo tech-stone e de alta resistência","m²","0,79",52.58,41.28]
["Composição Auxiliar","87904","Sinapi","Chapisco aplicado em alvenaria (com presença de vãos) e estruturas de concreto de fachada, com colher de pedreiro. argamassa traço 1:3 com preparo manual.","Reve - revestimento e tratamento de superfícies","m²","0,31",7.87,2.47]
["Composição Auxiliar","87529","Sinapi","Massa única, em argamassa traço 1:2:8, preparo mecânico, aplicada manualmente em paredes internas de ambientes com área entre 5m² e 10m², e = 17,5mm, com taliscas.","Reve - revestimento e tratamento de superfícies","m²","0,31",30.58,9.6]
["Composição Auxiliar","84651","Sinapi","Pintura com tinta impermeavel mineral em po, duas demaos.","Pint - pinturas","m²","0,31",13.06,4.1]
["Insumo","00000765","Sinapi","Bucha de reducao de ferro galvanizado, com rosca bsp, de 1\" x 3/4\".","Material","un.","2,00",11.17,22.34]
["Insumo","00009887","Sinapi","Uniao de ferro galvanizado, com rosca bsp, com assento plano, de 2\".","Material","un.","2,00",113.7,227.4]
["Insumo","00021013","Sinapi","Tubo aco galvanizado com costura, classe leve, dn 50 mm ( 2\"), e = 3,00 mm, *4,40* kg/m (nbr 5580).","Material","m","1,80",52.88,95.18]
["Insumo","00006298","Sinapi","Te de ferro galvanizado, de 2\".","Material","un.","1,00",74.06,74.06]
["Insumo","00003471","Sinapi","Cotovelo 90 graus de ferro galvanizado, com rosca bsp, de 2\".","Material","un.","1,00",55.7,55.7]
["Insumo","00000113","Sinapi","Adaptador pvc soldavel curto com bolsa e rosca, 60 mm x 2\", para agua fria.","Material","un.","1,00",8.95,8.95]
["Insumo","00000818","Sinapi","Bucha de reducao de pvc, soldavel, curta, com 60 x 50 mm, para agua fria predial.","Material","un.","1,00",5.47,5.47]
["Insumo","00007604","Sinapi","Torneira metalica cromada para tanque / jardim, sem bico , cano longo, de parede, padrao popular / uso geral, 1/2 \" ou 3/4 \" (ref 1126).","Material","un.","2,00",35.21,70.42]
["Insumo","00000119","Sinapi","Adesivo plastico para pvc, bisnaga com 75 gr.","Material","un.","1,00",7.0,7.0]
["Insumo","00003146","Sinapi","Fita veda rosca em rolos de 18 mm x 10 m (l x c).","Material","un.","1,00",2.95,2.95]
["Insumo","00000771","Sinapi","Bucha de reducao de ferro galvanizado, com rosca bsp, de 2\" x 1\".","Material","un.","2,00",31.01,62.02]
[]
["8",null,null,"Cavalete."]
["8.1","Código","Banco","Descrição.","Tipo","und","Quant.","Valor Unit","Total"]
["Composição","COMPOSIÇÃO - 16","Próprio","Fornecimento de conexões e instalação do cavalete com hidrômetro e clorador de pastilhas.","Inhi - instalações hidros sanitárias","un.","1,00",1513.37,1513.37]
["Composição Auxiliar","88248","Sinapi","Auxiliar de encanador ou bombeiro hidráulico com encargos complementares.","Sedi - serviços diversos","h","3,00",21.21,63.63]
["Insumo","00000791","Sinapi","Bucha de reducao de ferro galvanizado, com rosca bsp, de 1 1/2\" x 1\".","Material","un.","1,00",23.11,23.11]
["Insumo","00009862","Sinapi","Tubo pvc, roscavel, 1 1/2\", agua fria predial.","Material","m","1,50",25.12,37.68]
["Insumo","00011831","Sinapi","Torneira plastica para tanque 1/2 \" ou 3/4 \" com bico para mangueira.","Material","un.","1,00",14.79,14.79]
["Insumo","002121","Sbc","Te de reducao ferro galvanizado 1.1/2\" x 1\".","Material","un.","1,00",57.49,57.49]
["Insumo","9569","Orse","Adaptador pvc bsxrm d= 35mm x 1 1/2\", linha irriga-lf, tigre ou similar un.","Material","un.","1,00",3.04,3.04]
["Insumo","00003939","Sinapi","Luva de ferro galvanizado, com rosca bsp, de 1 1/2\".","Material","un.","1,00",25.6,25.6]
["Insumo","00001798","Sinapi","Curva 90 graus de ferro galvanizado, com rosca bsp macho, de 2\".","Material","un.","1,00",142.72,142.72]
["Insumo","00009887","Sinapi","Uniao de ferro galvanizado, com rosca bsp, com assento plano, de 2\".","Material","un.","2,00",113.7,227.4]
["Insumo","00004181/sinapi","Orse","Niple de ferro galvanizado, com rosca bsp, de 2\".","Material","un.","2,00",39.24,78.48]
["Insumo","00006028","Sinapi","Registro gaveta bruto em latao forjado, bitola 2 \" (ref 1509).","Material","un.","1,00",124.82,124.82]
["Insumo","00012775","Sinapi","Hidrometro multijato / medidor de agua, dn 1\", vazao maxima de 7 m3/h, para agua potavel fria, relojoaria plana, classe b, horizontal (sem conexoes).","Material","un.","1,00",350.65,350.65]
["Insumo","00000771","Sinapi","Bucha de reducao de ferro galvanizado, com rosca bsp, de 2\" x 1\".","Material","un.","1,00",31.01,31.01]
["Insumo","00006305","Sinapi","Te de reducao de ferro galvanizado, com rosca bsp, de 2\" x 1\".","Material","un.","1,00",81.98,81.98]
["Insumo","12464","Orse","Clorador dosador de cloro de pastilhas automático.","Material","un.","1,00",250.97,250.97]
[]
["9",null,null,"Instalações hidráulicas poço e adutora."]
["9.1","Código","Banco","Descrição.","Tipo","und","Quant.","Valor Unit","Total"]
["Composição","COMPOSIÇÃO - 17","Próprio","Fornecimento e instalação da rede adutora poço-reservatório-bebedouro em pn80 e dn50mm.","Sedi - serviços diversos","m","1,00",24.47,24.47]
["Composição Auxiliar","88316","Sinapi","Servente com encargos complementares.","Sedi - serviços diversos","h","0,05",20.54,1.03]
["Composição Auxiliar","93358","Sinapi","Escavação manual de vala com profundidade menor ou igual a 1,30 m.","Movt - movimento de terra","m³","0,05",81.26,4.06]
["Insumo","00009875","Sinapi","Tubo pvc, soldavel, de 50 mm, agua fria (nbr-5648).","Material","m","1,00",12.38,12.38]
["Insumo","00000119","Sinapi","Adesivo plastico para pvc, bisnaga com 75 gr.","Material","un.","1,00",7.0,7.0]
[]
["9.2","Código","Banco","Descrição.","Tipo","und","Quant.","Valor Unit","Total"]
["Composição","COMPOSIÇÃO - 18","Próprio","Montagem hidráulica do equipamento de bombeamento.","Inhi - instalações hidros sanitárias","un.","1,00",136.38,136.38]
["Composição Auxiliar","88267","Sinapi","Encanador ou bombeiro hidráulico com encargos complementares.","Sedi - serviços diversos","h","3,00",24.25,72.75]
["Composição Auxiliar","88248","Sinapi","Auxiliar de encanador ou bombeiro hidráulico com encargos complementares.","Sedi - serviços diversos","h","3,00",21.21,63.63]
[]
["9.3","Código","Banco","Descrição.","Tipo","und","Quant.","Valor Unit","Total"]
["Insumo","00038200","Sinapi","Corda de poliamida 12 mm tipo bombeiro, para trabalho em altura.","Material","100m","1,00",600.97,600.97]
[]
["9.4","Código","Banco","Descrição.","Tipo","und","Quant.","Valor Unit","Total"]
["Insumo","00009860","Sinapi","Tubo pvc, roscavel, 2\", para agua fria predial.","Material","m","1,00",35.95,35.95]
[]
["9.5","Código","Banco","Descrição.","Tipo","und","Quant.","Valor Unit","Total"]
["Insumo","00003912","Sinapi","Luva de ferro galvanizado, com rosca bsp, de 2\".","Material","un.","1,00",39.21,39.21]
[]
["9.6","Código","Banco","Descrição.","Tipo","und","Quant.","Valor Unit","Total"]
["Insumo","5128","Orse","Tampa de poço galvanizada em 6\" un.","Serviços","un.","1,00",107.28,107.28]
[]
["10",null,null,"Estrutura de fixação para módulos fotovoltáicos."]
["10.1","Código","Banco","Descrição.","Tipo","und","Quant.","Valor Unit","Total"]
["Composição","COMPOSIÇÃO - 19","Próprio","Serviço de fixação de estruturas para os módulos fotovoltaicos e suportes de concreto, incluso materiais.","Sedi - serviços diversos","m²","1,00",253.59,253.59]
["Composição Auxiliar","94975","Sinapi","Concreto fck = 15mpa, traço 1:3,4:3,5 (em massa seca de cimento/ areia média/ brita 1) - preparo manual.","Fues - fundações e estruturas","m³","0,09",497.96,47.06]
["Composição Auxiliar","93358","Sinapi","Escavação manual de vala com profundidade menor ou igual a 1,30 m.","Movt - movimento de terra","m³","0,06",81.26,5.08]
["Composição Auxiliar","96534","Sinapi","Fabricação, montagem e desmontagem de fôrma para bloco de coroamento, em madeira serrada, e=25 mm, 4 utilizações.","Fues - fundações e estruturas","m²","0,03",87.92,2.81]
["Composição Auxiliar","88316","Sinapi","Servente com encargos complementares.","Sedi - serviços diversos","h","2,64",20.54,54.16]
["Composição Auxiliar","88278","Sinapi","Montador de estrutura metálica com encargos complementares.","Sedi - serviços diversos","h","2,64",25.25,66.58]
["Insumo","015690","Sbc","Estrutura metalica tesoura c/coluna 20/35m(24,72kg/m2).","Material","m²","1,00",77.9,77.9]
[]
["11",null,null,"Instalações elétricas."]
["11.1","Código","Banco","Descrição.","Tipo","und","Quant.","Valor Unit","Total"]
["Composição","COMPOSIÇÃO - 20","Próprio","Montagem e instalação elétrica do kit de bombeamento e sistema fotovoltaico inclusive sistema de aterramento.","Inel - instalação elétrica/eletrificação e iluminação externa","un.","1,00",1089.23,1089.23]
["Composição Auxiliar","88247","Sinapi","Auxiliar de eletricista com encargos complementares.","Sedi - serviços diversos","h","8,00",22.23,177.84]
["Insumo","00020111","Sinapi","Fita isolante adesiva antichama, uso ate 750 v, em rolo de 19 mm x 20 m.","Material","un.","1,00",9.5,9.5]
["Insumo","00002674","Sinapi","Fornecimento de eletroduto de pvc rigido roscavel de 3/4 \", sem luva.","Material","m","15,00",3.48,52.2]
["Insumo","00012034","Sinapi","Fornecimento de curva 180 graus, de pvc rigido roscavel, de 3/4\", para eletroduto.","Material","un.","1,00",3.47,3.47]
["Insumo","00039272","Sinapi","Fornecimento de curva 90 graus, curta, de pvc rigido roscavel, de 3/4\", para eletroduto.","Material","un.","2,00",1.9,3.8]
["Insumo","00003379","Sinapi","Haste de aterramento em aco com 3,00 m de comprimento e dn = 5/8\", revestida com baixa camada de cobre, sem conector.","Material","un.","0,66",92.84,61.27]
["Insumo","00001891","Sinapi","Fornecimento de luva em pvc rigido roscavel, de 3/4\", para eletroduto.","Material","un.","9,00",0.88,7.92]
["Insumo","00000425","Sinapi","Grampo metalico tipo olhal para haste de aterramento de 5/8'', condutor de *10* a 50 mm2.","Material","un.","2,00",8.81,17.62]
["Insumo","00034643","Sinapi","Fornecimento de caixa de inspecao para aterramento e para raios, em polipropileno, diametro = 300 mm x altura = 400 mm.","Material","un.","2,00",43.18,86.36]
["Insumo","00000867","Sinapi","Cabo de cobre nu 50 mm2 meio-duro.","Material","m","7,50",59.54,446.55]
["Insumo","54581","Siurb infra","Dps - dispositivo de proteção contra surtos – 45ka – 500 volts - corrente contínua - classe ii - p/ sistema fotovoltáico.","Material","un.","1,00",222.7,222.7]
[]
["11.2","Código","Banco","Descrição.","Tipo","und","Quant.","Valor Unit","Total"]
["Insumo","00034622","Sinapi","Fornecimento de cabo flexivel pvc 750 v, 3 condutores de 6,0 mm2.","Material","m","1,00",23.41,23.41]
[]
["11.3","Código","Banco","Descrição.","Tipo","und","Quant.","Valor Unit","Total"]
["Composição","COMPOSIÇÃO - 21","Próprio","Fornecimento e instalação de automático de bóia superior e inferior.","Astu - assentamento de tubos e pecas","un.","1,00",54.85,54.85]
["Composição Auxiliar","88264","Sinapi","Eletricista com encargos complementares.","Sedi - serviços diversos","h","0,20",29.0,5.8]
["Composição Auxiliar","88247","Sinapi","Auxiliar de eletricista com encargos complementares.","Sedi - serviços diversos","h","0,20",22.23,4.45]
["Insumo","00007588","Sinapi","Automatico de boia superior / inferior, *15* a / 250 v.","Material","un.","1,00",43.8,43.8]
["Insumo","00021127","Sinapi","Fita isolante adesiva antichama, uso ate 750 v, em rolo de 19 mm x 5 m.","Material","un.","0,10",3.59,0.36]
["Insumo","00003146","Sinapi","Fita veda rosca em rolos de 18 mm x 10 m (l x c).","Material","un.","0,15",2.95,0.44]
[]
["11.4","Código","Banco","Descrição.","Tipo","und","Quant.","Valor Unit","Total"]
["Insumo","00039257","Sinapi","Cabo multipolar de cobre, flexivel, classe 4 ou 5, isolacao em hepr, cobertura em pvc-st2, antichama bwf-b, 0,6/1 kv, 3 condutores de 1,5 mm2.","Material","m","1,00",6.36,6.36]
[]
["11.5","Código","Banco","Descrição.","Tipo","und","Quant.","Valor Unit","Total"]
["Insumo","Cotação-002","Próprio","Fornecimento de kit de bombeamento fotovoltaico, incluindo uma bomba cc de 2200w com controladora de carga externa, caixa de proteção metálica, módulos fotovoltaicos compatíveis com a geração de 3300wp além de componentes elétricos necessários para interligação dos painéis, como cabos, conectores mc4 e presilhas de fixação.","Serviços","un.","1,00",11621.8,11621.8]
[]
["12",null,null,"Urbanização."]
["12.1","Código","Banco","Descrição.","Tipo","und","Quant.","Valor Unit","Total"]
["Composição","COMPOSIÇÃO - 22","Próprio","Cerca com mourões de concreto de 15x15cm, espaçados de 3m e cravados a 0,5m, escoras de 10x10cm nos cantos, e 9 fios de arame de aço ovalado 15x17.","Sedi - serviços diversos","m","1,00",77.53,77.53]
["Composição Auxiliar","88309","Sinapi","Pedreiro com encargos complementares.","Sedi - serviços diversos","h","0,34",25.73,8.62]
["Composição Auxiliar","88316","Sinapi","Servente com encargos complementares.","Sedi - serviços diversos","h","0,67",20.54,13.78]
["Composição Auxiliar","94975","Sinapi","Concreto fck = 15mpa, traço 1:3,4:3,5 (em massa seca de cimento/ areia média/ brita 1) - preparo manual.","Fues - fundações e estruturas","m³","0,03",497.96,14.34]
["Insumo","00043130","Sinapi","Arame galvanizado 12 bwg, d = 2,76 mm (0,048 kg/m) ou 14 bwg, d = 2,11 mm (0,026 kg/m).","Material","kg","0,10",22.0,2.16]
["Insumo","00000346","Sinapi","Arame de aco ovalado 15 x 17 ( 45,7 kg, 700 kgf), rolo 1000 m.","Material","kg","0,41",26.06,10.55]
["Insumo","00004111","Sinapi","Escora pre-moldada em concreto, *10 x 10* cm, h = 2,30m.","Material","un.","0,16",51.56,8.25]
["Insumo","I1533","Seinfra","Mourão concreto base 15x15cm h=2.3 c/ 12 furos.","Material","un.","0,42",47.22,19.83]
[]
["12.2","Código","Banco","Descrição.","Tipo","und","Quant.","Valor Unit","Total"]
["Composição","COMPOSIÇÃO - 23","Próprio","Serviço de instalação de portão de ferro com suporte e batedor conforme projeto, incluso material.","Sedi - serviços diversos","m²","1,00",585.49,585.49]
["Composição Auxiliar","88309","Sinapi","Pedreiro com encargos complementares.","Sedi - serviços diversos","h","1,50",25.73,38.6]
["Composição Auxiliar","88316","Sinapi","Servente com encargos complementares.","Sedi - serviços diversos","h","1,50",20.54,30.81]
["Insumo","00000367","Sinapi","Areia grossa - posto jazida/fornecedor (retirado na jazida, sem transporte).","Material","m³","0,06",101.3,6.18]
["Insumo","00001379","Sinapi","Cimento portland composto cp ii-32.","Material","kg","4,83",0.68,3.28]
["Insumo","00004948","Sinapi","Portao de abrir / giro, em gradil de metalon redondo de 3/4\" vertical, com requadro, acabamento natural - completo.","Material","m²","1,00",506.62,506.62]
[]
["13",null,null,"Outros serviços e insumos excepcionais."]
["13.1","Código","Banco","Descrição.","Tipo","und","Quant.","Valor Unit","Total"]
["Composição","COMPOSIÇÃO - 24","Próprio","Execução de tamponamento conforme especificação.","Sedi - serviços diversos","m³","1,00",644.23,644.23]
["Composição Auxiliar","87316","Sinapi","Argamassa traço 1:4 (em volume de cimento e areia grossa úmida) para chapisco convencional, preparo mecânico com betoneira 400 l.","Sedi - serviços diversos","m³","1,00",454.58,454.58]
["Composição Auxiliar","88316","Sinapi","Servente com encargos complementares.","Sedi - serviços diversos","h","1,00",20.54,20.54]
["Insumo","00004721","Sinapi","Pedra britada n. 1 (9,5 a 19 mm) posto pedreira/fornecedor, sem frete.","Material","m³","1,00",169.11,169.11]
[]
["13.2","Código","Banco","Descrição.","Tipo","und","Quant.","Valor Unit","Total"]
["Insumo","13747","Orse","Revestimento tubo liso aço sch-40 em 12\".","Serviços","m","1,00",921.04,921.04]
[]
["13.3","Código","Banco","Descrição.","Tipo","und","Quant.","Valor Unit","Total"]
["Insumo","M3929","Sicro3","Tubo em aço-carbono - e = 3,00 mm e d = 150 mm (6\").","Material","m","1,0000000",171.2287,171.2287]
[]
["13.4","Código","Banco","Descrição.","Tipo","und","Quant.","Valor Unit","Total"]
["Insumo","M039706073","Embasa","Filtro nold em aço galvanizado dn 6\".","Material","m","1,0000000",763.9,763.9]
[]
["13.5","Código","Banco","Descrição.","Tipo","und","Quant.","Valor Unit","Total"]
["Composição","COMPOSIÇÃO - 25","Próprio","Limpeza manual , remoção de cerca, capina e instalação dos equipamentos (área do poço, painéis solares, bebedouro e reservatório).","Sedi - serviços diversos","m²","1,0000000",1.64,1.64]
["Composição Auxiliar","88316","Sinapi","Servente com encargos complementares.","Sedi - serviços diversos","h","0,0800000",20.54,1.64]
[]
[]
[]
["14"]

{"sheet":"Crono. - RN - T","index":8,"n_rows":27,"n_cols":15,"rows_kept":27,"cut":false,"hidden":false,"merged":[[0,0,6,14],[7,0,8,14],[23,0,23,1],[23,2,26,2],[24,0,24,1],[25,0,25,1],[26,0,26,1]]}
["OBJETO: EXECUÇÃO DE SERVIÇOS DE PERFURAÇÃO E INSTALAÇÃO DE POÇOS TUBULARES EM MUNICÍPIOS LOCALIZADOS NO ESTADO DO RIO GRANDE DO NORTE, NA ÁREA DE ATUAÇÃO DA CODEVASF"]
[]
[]
[]
[]
[]
[]
["PLANILHA SINTÉTICA - POÇO TOTALMENTE REVESTIDO - RIO GRANDE DO NORTE"]
[]
["ITEM","ESPECIFICAÇÃO DOS SERVIÇOS","VALOR TOTAL (R$)","Mês 01","Mês 02","Mês 03","Mês 04","Mês 05","Mês 06","Mês 07","Mês 08","Mês 09","Mês 10","Mês 11","Mês 12"]
["1","Serviços preliminares.",258056.0,21504.666666666668,21504.666666666668,21504.666666666668,21504.666666666668,21504.666666666668,21504.666666666668,21504.666666666668,21504.666666666668,21504.666666666668,21504.666666666668,21504.666666666668,21504.666666666668]
["2","Mobilizaçâo e desmobilizaçâo equipe campo.",109296.0,9108.0,9108.0,9108.0,9108.0,9108.0,9108.0,9108.0,9108.0,9108.0,9108.0,9108.0,9108.0]
["3","Perfuração e completação de poço tubular.",4648567.57,387380.63083333336,387380.63083333336,387380.63083333336,387380.63083333336,387380.63083333336,387380.63083333336,387380.63083333336,387380.63083333336,387380.63083333336,387380.63083333336,387380.63083333336,387380.63083333336]
["4","Pós perfuração.",533760.04,44480.003333333334,44480.003333333334,44480.003333333334,44480.003333333334,44480.003333333334,44480.003333333334,44480.003333333334,44480.003333333334,44480.003333333334,44480.003333333334,44480.003333333334,44480.003333333334]
["5","Reservação.",1218501.77,101541.81416666666,101541.81416666666,101541.81416666666,101541.81416666666,101541.81416666666,101541.81416666666,101541.81416666666,101541.81416666666,101541.81416666666,101541.81416666666,101541.81416666666,101541.81416666666]
["6","Bebedouro.",90613.16,7551.096666666667,7551.096666666667,7551.096666666667,7551.096666666667,7551.096666666667,7551.096666666667,7551.096666666667,7551.096666666667,7551.096666666667,7551.096666666667,7551.096666666667,7551.096666666667]
["7","Chafariz.",54975.36,4581.28,4581.28,4581.28,4581.28,4581.28,4581.28,4581.28,4581.28,4581.28,4581.28,4581.28,4581.28]
["8","Cavalete.",84127.56,7010.63,7010.63,7010.63,7010.63,7010.63,7010.63,7010.63,7010.63,7010.63,7010.63,7010.63,7010.63]
["9","Instalações hidráulicas poço e adutora.",781487.26,65123.93833333333,65123.93833333333,65123.93833333333,65123.93833333333,65123.93833333333,65123.93833333333,65123.93833333333,65123.93833333333,65123.93833333333,65123.93833333333,65123.93833333333,65123.93833333333]
["10","Estrutura de fixação para módulos fotovoltáicos.",213994.89,17832.9075,17832.9075,17832.9075,17832.9075,17832.9075,17832.9075,17832.9075,17832.9075,17832.9075,17832.9075,17832.9075,17832.9075]
["11","Instalações elétricas.",898847.84,74903.98666666666,74903.98666666666,74903.98666666666,74903.98666666666,74903.98666666666,74903.98666666666,74903.98666666666,74903.98666666666,74903.98666666666,74903.98666666666,74903.98666666666,74903.98666666666]
["12","Urbanização.",169495.26,14124.605000000001,14124.605000000001,14124.605000000001,14124.605000000001,14124.605000000001,14124.605000000001,14124.605000000001,14124.605000000001,14124.605000000001,14124.605000000001,14124.605000000001,14124.605000000001]
["13","Outros serviços e insumos excepcionais.",302283.47,25190.289166666666,25190.289166666666,25190.289166666666,25190.289166666666,25190.289166666666,25190.289166666666,25190.289166666666,25190.289166666666,25190.289166666666,25190.289166666666,25190.289166666666,25190.289166666666]
["TOTAL",null,9364006.180000002,780333.8483333335,780333.8483333335,780333.8483333335,780333.8483333335,780333.8483333335,780333.8483333335,780333.8483333335,780333.8483333335,780333.8483333335,780333.8483333335,780333.8483333335,780333.8483333335]
["PERCENTUAL",null,null,0.08333333333333334,0.08333333333333334,0.08333333333333334,0.08333333333333334,0.08333333333333334,0.08333333333333334,0.08333333333333334,0.08333333333333334,0.08333333333333334,0.08333333333333334,0.08333333333333334,0.08333333333333334]
["CUSTO ACUMULADO",null,null,780333.8483333335,1560667.696666667,2341001.5450000004,3121335.393333334,3901669.2416666676,4682003.090000001,5462336.938333334,6242670.786666668,7023004.635000002,7803338.483333335,8583672.331666669,9364006.180000002]
["PERCENTUAL ACUMULADO",null,null,0.08333333333333334,0.16666666666666669,0.25,0.33333333333333337,0.41666666666666674,0.5000000000000001,0.5833333333333335,0.6666666666666669,0.7500000000000002,0.8333333333333336,0.916666666666667,1.0000000000000002]

{"sheet":"CAPA PB","index":9,"n_rows":7,"n_cols":2,"rows_kept":7,"cut":false,"hidden":false,"merged":[[6,1,16,13]]}
[]
[]
[]
[]
[]
[]
[null,"EXECUÇÃO DE SERVIÇOS DE PERFURAÇÃO E INSTALAÇÃO DE POÇOS TUBULARES NO ESTADO DA PARAÍBA"]

{"sheet":"Planilha Resumo PB","index":10,"n_rows":15,"n_cols":7,"rows_kept":15,"cut":false,"hidden":false,"merged":[[12,1,12,2],[14,1,14,2],[1,1,1,6],[2,1,2,6],[3,1,3,6],[4,1,4,6],[8,1,8,2],[8,4,8,5],[12,4,12,6],[14,4,14,6]]}
[]
[null,"OBJETO: EXECUÇÃO DE SERVIÇOS DE PERFURAÇÃO E INSTALAÇÃO DE POÇOS TUBULARES EM MUNICÍPIOS LOCALIZADOS NO ESTADO DA PARAÍBA, NA ÁREA DE ATUAÇÃO DA CODEVASF"]
[null,"PLANILHA ORÇAMENTÁRIA ESTIMATIVA GERAL"]
[null,"DATABASE DO ORÇAMENTO: SETEMBRO/2024 - NÃO DESONERADO"]
[null,"PLANILHA RESUMIDA - GRUPO 2 - PARAÍBA"]
[null,"ITEM","DISCRIMINAÇÃO","UND","Quantidade de Poços","PREÇO \nUNITÁRIO","TOTAL"]
[null,3.0,"Perfuração e instalação de poço tubular parcialmente revestido, instalado com sistema fotovoltaico, bomba submersa, reservatório e bebedouro para animais.","un",144.0,146220.28,2.105572046E7]
[null,4.0,"Perfuração e instalação de poços poço tubular totalmente revestido, instalado com sistema fotovoltaico, bomba submersa, reservatório e bebedouro para animais.","un",18.0,210905.73,3796303.05]
[null,"TOTAL GERAL ESTIMADO GRUPO",null,"un",162.0,null,2.485202351E7]
[]
[]
[]
[null,"Base de Preços Consultados",null,null,"SINAPI - 08/2024 - Paraíba\nSBC - 10/2024 - Paraíba\nSICRO3 - 04/2024 - Paraíba\nORSE - 06/2024 - Sergipe\nSEINFRA - 028 - Ceará\nCPOS/CDHU - 09/2024 - São Paulo\nFDE - 07/2024 - São Paulo\nEMBASA - 05/2024 - Bahia"]
[]
[null,"Encargos Sociais",null,null,"Não Desonerado: \nHorista: 114,59%\nMensalista: 70,27%"]

{"sheet":"Orçamento Sintético - PB - P","index":11,"n_rows":59,"n_cols":12,"rows_kept":59,"cut":false,"hidden":false,"merged":[[0,0,0,5],[1,0,1,5]]}
["OBJETO: EXECUÇÃO DE SERVIÇOS DE PERFURAÇÃO E INSTALAÇÃO DE POÇOS TUBULARES EM MUNICÍPIOS LOCALIZADOS NO ESTADO DA PARAÍBA, NA ÁREA DE ATUAÇÃO DA CODEVASF",{"$nulls":6},"Quantidade de Poços","BDI SERVIÇO","BDI INSUMO","Total","Preço Unitário Por Poço"]
["PLANILHA SINTÉTICA - POÇO PARCIALMENTE REVESTIDO - PARAÍBA",{"$nulls":6},144.0,0.2634,0.1528,2.105572046E7,146220.28]
["Item","Código","Banco","Tipo","Descrição.","un.","Mem. calc.","Quant.","Valor Unit","Valor Unit com BDI","Total","Peso (%)"]
["1",null,null,null,"Serviços preliminares.",{"$nulls":5},264815.25,0.012576879072035325]
["1.1","COMPOSIÇÃO - 1","Próprio","Serviço","Administração local da obra - poço parcialmente revestido.","un.",1.0,144.0,212.34,268.27,38630.88,0.0018346976097725035]
["1.2","COMPOSIÇÃO - 2","Próprio","Serviço","Serviço de locação geológica de campo com relatório hidro geológico e perfil construtivo e geológico esperado. relatório de viabilidade de implantação das estruturas e vistorias preliminares.","un.",1.0,144.0,590.0,745.41,107339.04,0.005097856433073105]
["1.3",103689.0,"Sinapi","Insumo","Fornecimento e instalação de placa de obra com chapa galvanizada e estrutura de madeira.","m²",0.72,103.68,463.08,533.84,55348.53,0.002628669491749132]
["1.4","COMPOSIÇÃO - 3","Próprio","Insumo","Taxas e emolumentos fiscais , administrativos para obtenção outorga e outros.","un.",1.0,144.0,382.5,440.95,63496.8,0.003015655537440584]
["2",null,null,null,"Mobilizaçâo e desmobilizaçâo equipes perfuraçâo e instalação.",{"$nulls":5},341928.0,0.01623919735492157]
["2.1","COMPOSIÇÃO - 4","Próprio","Serviço","Transporte de comboio perfuração.","km",150.0,21600.0,4.45,5.62,121392.0,0.0057652741083170705]
["2.2","COMPOSIÇÃO - 5","Próprio","Serviço","Transporte de comboio instalação.","km",150.0,21600.0,5.63,7.11,153576.0,0.00729378984166092]
["2.3","COMPOSIÇÃO - 6","Próprio","Serviço","Transporte de equipe teste de vazão.","km",150.0,21600.0,2.45,3.1,66960.0,0.00318013340494358]
["3",null,null,null,"Perfuração e completação de poço tubular.",{"$nulls":5},4313415.37,0.2048571730515841]
["3.1",5051.0,"Orse","Insumo","Perfuraçao em rocha metassedimentar - metassedimento alterado / compacto dn 6\" (poço 120m).","m",90.0,12960.0,156.31,180.19,2335262.4,0.11090869127163554]
["3.2",5057.0,"Orse","Insumo","Perfuração rocha sedimentar sedimento / camadas inconsolidadas dn 12.1/2\" - poço até 150m.","m",30.0,4320.0,247.66,285.5,1233360.0,0.058576005620089806]
["3.3","COMPOSIÇÃO - 7","Próprio","Serviço","Serviço de lançamento cimentação anelar, incluso materiais.","m³",1.74,250.56,541.72,684.41,171485.77,0.008144379116628906]
["3.4",9854.0,"Sinapi","Insumo","Tubo pvc de revestimento geomecanico nervurado standard, dn = 154 mm, comprimento = 2 m.","m",30.0,4320.0,115.12,132.71,573307.2,0.027228097043229836]
["4",null,null,null,"Pós perfuração.",{"$nulls":5},1689189.12,0.08022471248176896]
["4.1",6305.0,"Orse","Serviço","Desenvolvimento com compressor 250psi / 750cfm.","h",2.0,288.0,411.16,519.46,149604.48,0.007105170316266633]
["4.2","COMPOSIÇÃO - 8","Próprio","Serviço","Inspeção ótica em poço tubular câmera com rotação de 360º, visada lateral, com fonte própria de luz, entregue vídeo em cores e marcação de profundidades.","m",120.0,17280.0,9.42,11.9,205632.0,0.009766087101633188]
["4.3","COMPOSIÇÃO - 9","Próprio","Serviço","Serviço de coleta e análise físico-química e bacteriológica.","un.",1.0,144.0,621.19,784.81,113012.64,0.005367312897922087]
["4.4","24.80.22","Embasa","Serviço","Ensaio de bombeamento poço tubular incluso materiais e grupo gerador.","h",24.0,3456.0,255.47,322.76,1115458.56,0.05297650878862399]
["4.5","COMPOSIÇÃO - 10","Próprio","Serviço","Serviço de instalação de laje sanitária com dimensões (1,5x1,5x0,3) metros , incluso material.","un.",1.0,144.0,579.79,732.51,105481.44,0.005009633377323058]
["5",null,null,null,"Reservação.",{"$nulls":5},3791399.61,0.18006506199598357]
["5.1","COMPOSIÇÃO - 11","Próprio","Serviço","Fornecimento e instalação de reservatório e base elevada 10 m³.","un.",0.8,115.2,24548.96,31015.16,3572946.43,0.16969005818573638]
["5.2","COMPOSIÇÃO - 12","Próprio","Serviço","Fornecimento e execução de reservatório apoiado de 5 m³.","un.",0.2,28.8,6003.78,7585.18,218453.18,0.010375003810247203]
["6",null,null,null,"Bebedouro.",{"$nulls":5},253546.56,0.012041694820258835]
["6.1","COMPOSIÇÃO - 13","Próprio","Serviço","Serviço de execução do bebedouro em concreto armado, incluso materiais.","un.",1.0,144.0,1393.65,1760.74,253546.56,0.012041694820258835]
["7",null,null,null,"Chafariz.",{"$nulls":5},184047.84,0.00874098990579019]
["7.1","COMPOSIÇÃO - 14","Próprio","Serviço","Fornecimento de material e instalação do chafariz.","un.",1.0,144.0,1011.64,1278.11,184047.84,0.00874098990579019]
["8",null,null,null,"Cavalete.",{"$nulls":5},279260.64,0.013262934437722869]
["8.1","COMPOSIÇÃO - 15","Próprio","Serviço","Fornecimento de conexões e instalação do cavalete com hidrômetro e clorador de pastilhas.","un.",1.0,144.0,1534.99,1939.31,279260.64,0.013262934437722869]
["9",null,null,null,"Instalações hidráulicas.",{"$nulls":5},2897984.12,0.13763405177730023]
["9.1","COMPOSIÇÃO - 16","Próprio","Serviço","Fornecimento e instalação da rede adutora poço-reservatório-bebedouro em pn80 e dn50mm.","m",400.0,57600.0,27.01,34.12,1965312.0,0.09333862518423651]
["9.2","COMPOSIÇÃO - 17","Próprio","Serviço","Montagem hidráulica do equipamento de bombeamento.","un.",1.0,144.0,133.17,168.25,24228.0,0.0011506611728639943]
["9.3",38200.0,"Sinapi","Insumo","Corda de poliamida 12 mm tipo bombeiro, para trabalho em altura.","100m",0.93,133.92,789.63,910.29,121906.04,0.005789687426349883]
["9.4",9860.0,"Sinapi","Insumo","Tubo pvc, roscavel, 2\", para agua fria predial.","m",90.0,12960.0,44.48,51.28,664588.8,0.03156333696880776]
["9.5",3912.0,"Sinapi","Insumo","Luva de ferro galvanizado, com rosca bsp, de 2\".","un.",16.0,2304.0,39.21,45.2,104140.8,0.004945962319258488]
["9.6",5128.0,"Orse","Insumo","Tampa de poço galvanizada em 6\" un.","un.",1.0,144.0,107.28,123.67,17808.48,8.457787057835968E-4]
["10",null,null,null,"Estrutura de fixação para módulos fotovoltáicos.",{"$nulls":5},427930.27,0.020323705893272485]
["10.1","COMPOSIÇÃO - 18","Próprio","Serviço","Serviço de fixação de estruturas para os módulos fotovoltaicos e suportes de concreto, incluso materiais.","m²",10.12,1457.28,232.43,293.65,427930.27,0.020323705893272485]
["11",null,null,null,"Instalações elétricas e bóia elétrica.",{"$nulls":5},2623524.48,0.12459913138493481]
["11.1","COMPOSIÇÃO - 19","Próprio","Serviço","Montagem e instalação elétrica do kit de bombeamento e sistema fotovoltaico inclusive sistema de aterramento.","un.",1.0,144.0,1091.01,1378.38,198486.72,0.009426736091841142]
["11.2",34622.0,"Sinapi","Insumo","Fornecimento de cabo flexivel pvc 750 v, 3 condutores de 6,0 mm2.","m",105.0,15120.0,24.3,28.01,423511.2,0.02011383086152541]
["11.3","COMPOSIÇÃO - 20","Próprio","Serviço","Fornecimento e instalação de automático de bóia superior e inferior.","un.",1.0,144.0,51.0,64.43,9277.92,4.406365489903545E-4]
["11.4",39257.0,"Sinapi","Insumo","Cabo multipolar de cobre, flexivel, classe 4 ou 5, isolacao em hepr, cobertura em pvc-st2, antichama bwf-b, 0,6/1 kv, 3 condutores de 1,5 mm2.","m",200.0,28800.0,6.61,7.62,219456.0,0.010422630772331217]
["11.5","Cotação-001","Próprio","Serviço","Fornecimento de kit de bombeamento fotovoltaico, incluindo uma bomba cc de 1500w com controladora de carga externa, caixa de proteção metálica, módulos fotovoltaicos compatíveis com a geração de 2200wp além de componentes elétricos necessários para interligação dos painéis, como cabos, conectores mc4 e presilhas de fixação.","un.",1.0,144.0,9744.39,12311.06,1772792.64,0.08419529711024668]
["12",null,null,null,"Urbanização.",{"$nulls":5},551269.44,0.02618145700819206]
["12.1","COMPOSIÇÃO - 21","Próprio","Serviço","Cerca com mourões de concreto de 15x15cm, espaçados de 3m e cravados a 0,5m, escoras de 10x10cm nos cantos, e 9 fios de arame de aço ovalado 15x17.","m",28.0,4032.0,76.86,97.1,391507.2,0.018593863873893775]
["12.2","COMPOSIÇÃO - 22","Próprio","Serviço","Serviço de instalação de portão de ferro com suporte e batedor conforme projeto, incluso material.","m²",1.5,216.0,585.44,739.64,159762.24,0.007587593134298288]
["13",null,null,null,"Outros serviços e insumos excepcionais.",{"$nulls":5},3437409.76,0.16325301081623494]
["13.1","COMPOSIÇÃO - 23","Próprio","Serviço","Fornecimento e instalação do pré filtro para revestimento interno.","m³",1.212,174.53,1648.5,2082.71,363495.38,0.01726349761769206]
["13.2","COMPOSIÇÃO - 24","Próprio","Serviço","Execução de tamponamento conforme especificação.","m³",0.24,34.56,558.15,705.17,24370.68,0.0011574374786318758]
["13.3","COMPOSIÇÃO - 25","Próprio","Serviço","Fornecimento e instalação do filtro para revestimento interno ø 4 1/2\".","m",0.6,86.4,99.92,126.24,10907.14,5.18013146152872E-4]
["13.4","COMPOSIÇÃO - 26","Próprio","Serviço","Fornecimento e instalação do revestimento interno ø 4 1/2\".","m",34.8,5011.2,91.15,115.16,577089.79,0.027407743710138523]
["13.5","M3929","Sicro3","Insumo","Tubo em aço-carbono - e = 3,00 mm e d = 150 mm (6\").","m",9.0,1296.0,171.23,197.39,255817.44,0.012149545796164127]
["13.6",41699.0,"Sinapi","Insumo","Tubo de revestimento, em aco, corpo schedule 40, ponteira schedule 80, rosqueavel e segmentado para perfuracao, diametro 8.","m",6.0,864.0,2189.01,2523.49,2180295.36,0.10354883672311063]
["13.7","M039706073","Embasa","Insumo","Filtro nold em aço galvanizado dn 6\".","m",0.04,5.76,763.9,880.62,5072.37,2.4090222937923634E-4]
["13.8","COMPOSIÇÃO - 27","Próprio","Serviço","Limpeza manual , remoção de cerca, capina e instalação dos equipamentos (área do poço, painéis solares, bebedouro e reservatório).","m²",70.0,10080.0,1.6,2.02,20361.6,9.67034114965639E-4]

{"sheet":"Orçamento Analítico - PB - P","index":12,"n_rows":324,"n_cols":9,"rows_kept":324,"cut":false,"hidden":false,"merged":[[0,0,2,8],[3,3,3,4]]}
["OBJETO: EXECUÇÃO DE SERVIÇOS DE PERFURAÇÃO E INSTALAÇÃO DE POÇOS TUBULARES EM MUNICÍPIOS LOCALIZADOS NO ESTADO DA PARAÍBA, NA ÁREA DE ATUAÇÃO DA CODEVASF"]
[]
[]
[null,null,null,"PLANILHA ANALÍTICA - POÇO PARCIALMENTE REVESTIDO - PARAÍBA"]
["1",null,null,"Serviços preliminares."]
["1.1","Código","Banco","Descrição.","Tipo","und","Quant.","Valor Unit","Total"]
["Composição","COMPOSIÇÃO - 1","Próprio","Administração local da obra - poço parcialmente revestido.","Cant - canteiro de obras","un.","1,00",212.34,212.34]
["Composição Auxiliar","012710","Sbc","Despesas gerais de manutencao canteiro de obras.","Instalacoes provisorias","mes","0,03",1805.82,54.17]
["Composição Auxiliar","100321","Sinapi","Técnico em segurança do trabalho com encargos complementares.","Sedi - serviços diversos","mes","0,03",5272.29,158.17]
[]
["1.2","Código","Banco","Descrição.","Tipo","und","Quant.","Valor Unit","Total"]
["Composição","COMPOSIÇÃO - 2","Próprio","Serviço de locação geológica de campo com relatório hidro geológico e perfil construtivo e geológico esperado. relatório de viabilidade de implantação das estruturas e vistorias preliminares.","Sert - serviços técnicos","un.","1,00",590.0,590.0]
["Composição Auxiliar","30.01.45","Embasa","Geologo senior.","3001","hora","5,00",97.41,487.05]
["Insumo","5896","Orse","Veículo tipo sedan ou pick-up capacidade 0,6 ton h.","Equipamento","h","5,00",8.33,41.65]
["Insumo","00004222","Sinapi","Gasolina comum.","Material","l","10,00",6.13,61.3]
[]
["1.3","Código","Banco","Descrição.","Tipo","und","Quant.","Valor Unit","Total"]
["Composição","103689","Sinapi","Fornecimento e instalação de placa de obra com chapa galvanizada e estrutura de madeira.","Pavi - pavimentação","m²","1,00",463.08,463.08]
["Composição Auxiliar","102234","Sinapi","Pintura imunizante para madeira, 2 demãos.","Pint - pinturas","m²","0,50",22.69,11.35]
["Composição Auxiliar","88262","Sinapi","Carpinteiro de formas com encargos complementares.","Sedi - serviços diversos","h","0,37",24.69,9.21]
["Composição Auxiliar","88316","Sinapi","Servente com encargos complementares.","Sedi - serviços diversos","h","1,12",19.97,22.34]
["Insumo","00004509","Sinapi","Sarrafo *2,5 x 10* cm em pinus, mista ou equivalente da regiao - bruta.","Material","m","3,21",6.07,19.47]
["Insumo","00004813","Sinapi","Placa de obra (para construcao civil) em chapa galvanizada *n. 22*, adesivada, de *2,4 x 1,2* m (sem postes para fixacao).","Material","m²","1,00",400.0,400.0]
["Insumo","00005065","Sinapi","Prego de aco polido com cabeca 10 x 10 (7/8 x 17).","Material","kg","0,01",38.7,0.44]
["Insumo","00005069","Sinapi","Prego de aco polido com cabeca 17 x 27 (2 1/2 x 11).","Material","kg","0,01",20.74,0.27]
[]
["1.4","Código","Banco","Descrição.","Tipo","und","Quant.","Valor Unit","Total"]
["Composição","COMPOSIÇÃO - 3","Próprio","Taxas e emolumentos fiscais , administrativos para obtenção outorga e outros.","Insumo","un.","1,00",382.5,382.5]
["Cotação","COTAÇÃO","Próprio","Decreto nº 19.260/1997 e Nota Técnica Codevasf","Serviço","un.","1,00",382.5,382.5]
[]
["2",null,null,"Mobilizaçâo e desmobilizaçâo equipes perfuraçâo e instalação."]
["2.1","Código","Banco","Descrição.","Tipo","und","Quant.","Valor Unit","Total"]
["Composição","COMPOSIÇÃO - 4","Próprio","Transporte de comboio perfuração.","Tran - transportes, cargas e descargas","km","1,00",4.45,4.45]
["Composição Auxiliar","5824","Sinapi","Caminhão toco, pbt 16.000 kg, carga útil máx. 10.685 kg, dist. entre eixos 4,8 m, potência 189 cv, inclusive carroceria fixa aberta de madeira p/ transporte geral de carga seca, dimen. aprox. 2,5 x 7,00 x 0,50 m - chp diurno.","Chor - custos horários de máquinas e equipamentos","chp","0,02",209.05,3.48]
["Composição Auxiliar","5826","Sinapi","Caminhão toco, pbt 16.000 kg, carga útil máx. 10.685 kg, dist. entre eixos 4,8 m, potência 189 cv, inclusive carroceria fixa aberta de madeira p/ transporte geral de carga seca, dimen. aprox. 2,5 x 7,00 x 0,50 m - chi diurno.","Chor - custos horários de máquinas e equipamentos","chi","0,02",58.06,0.97]
[]
["2.2","Código","Banco","Descrição.","Tipo","und","Quant.","Valor Unit","Total"]
["Composição","COMPOSIÇÃO - 5","Próprio","Transporte de comboio instalação.","Tran - transportes, cargas e descargas","km","1,00",5.63,5.63]
["Composição Auxiliar","5928","Sinapi","Guindauto hidráulico, capacidade máxima de carga 6200 kg, momento máximo de carga 11,7 tm, alcance máximo horizontal 9,70 m, inclusive caminhão toco pbt 16.000 kg, potência de 189 cv - chp diurno.","Chor - custos horários de máquinas e equipamentos","chp","0,02",268.45,4.47]
["Composição Auxiliar","5930","Sinapi","Guindauto hidráulico, capacidade máxima de carga 6200 kg, momento máximo de carga 11,7 tm, alcance máximo horizontal 9,70 m, inclusive caminhão toco pbt 16.000 kg, potência de 189 cv - chi diurno.","Chor - custos horários de máquinas e equipamentos","chi","0,02",69.44,1.16]
[]
["2.3","Código","Banco","Descrição.","Tipo","und","Quant.","Valor Unit","Total"]
["Composição","COMPOSIÇÃO - 6","Próprio","Transporte de equipe teste de vazão.","Tran - transportes, cargas e descargas","km","1,00",2.45,2.45]
["Composição Auxiliar","73467","Sinapi","Caminhão toco, pbt 14.300 kg, carga útil máx. 9.710 kg, dist. entre eixos 3,56 m, potência 185 cv, inclusive carroceria fixa aberta de madeira p/ transporte geral de carga seca, dimen. aprox. 2,50 x 6,50 x 0,50 m - chp diurno.","Chor - custos horários de máquinas e equipamentos","chp","0,01",239.79,1.99]
["Composição Auxiliar","91395","Sinapi","Caminhão toco, pbt 14.300 kg, carga útil máx. 9.710 kg, dist. entre eixos 3,56 m, potência 185 cv, inclusive carroceria fixa aberta de madeira p/ transporte geral de carga seca, dimen. aprox. 2,50 x 6,50 x 0,50 m - chi diurno.","Chor - custos horários de máquinas e equipamentos","chi","0,01",55.19,0.46]
[]
["3",null,null,"Perfuração e completação de poço tubular."]
["3.1","Código","Banco","Descrição.","Tipo","und","Quant.","Valor Unit","Total"]
["Insumo","5051","Orse","Perfuraçao em rocha metassedimentar - metassedimento alterado / compacto dn 6\" (poço 120m).","Serviços","m","1,00",156.31,156.31]
[]
["3.2","Código","Banco","Descrição.","Tipo","und","Quant.","Valor Unit","Total"]
["Insumo","5057","Orse","Perfuração rocha sedimentar sedimento / camadas inconsolidadas dn 12.1/2\" - poço até 150m.","Serviços","m","1,00",247.66,247.66]
[]
["3.3","Código","Banco","Descrição.","Tipo","und","Quant.","Valor Unit","Total"]
["Composição","COMPOSIÇÃO - 7","Próprio","Serviço de lançamento cimentação anelar, incluso materiais.","Sedi - serviços diversos","m³","1,00",541.72,541.72]
["Composição Auxiliar","1903","Orse","Argamassa cimento e areia traço t-1 (1:3) - 1 saco cimento 50kg / 3 padiolas areia dim. 0.35 x 0.45 x 0.23 m - confecção mecânica e transporte.","Argamassas","m³","1,00",541.72,541.72]
[]
["3.4","Código","Banco","Descrição.","Tipo","und","Quant.","Valor Unit","Total"]
["Insumo","00009854","Sinapi","Tubo pvc de revestimento geomecanico nervurado standard, dn = 154 mm, comprimento = 2 m.","Material","m","1,00",115.12,115.12]
[]
["4",null,null,"Pós perfuração."]
["4.1","Código","Banco","Descrição.","Tipo","und","Quant.","Valor Unit","Total"]
["Composição","6305","Orse","Desenvolvimento com compressor 250psi / 750cfm.","Conversão infoworca","h","1,00",411.16,411.16]
["Insumo","5030","Orse","Desenvolvimento com compressor 250psi - 750cfm h.","Serviços","h","1,00",411.16,411.16]
[]
["4.2","Código","Banco","Descrição.","Tipo","und","Quant.","Valor Unit","Total"]
["Composição","COMPOSIÇÃO - 8","Próprio","Inspeção ótica em poço tubular câmera com rotação de 360º, visada lateral, com fonte própria de luz, entregue vídeo em cores e marcação de profundidades.","Sees - serviços especiais","m","1,00",9.42,9.42]
["Insumo","H020050004","Embasa","Aparelho de perfilagem optica.","Material","m","1,00",4.4,4.4]
["Insumo","B590000022","Embasa","Tecnico medio.","Mão de obra","h","0,08",60.15,5.02]
[]
["4.3","Código","Banco","Descrição.","Tipo","und","Quant.","Valor Unit","Total"]
["Composição","COMPOSIÇÃO - 9","Próprio","Serviço de coleta e análise físico-química e bacteriológica.","Sedi - serviços diversos","un.","1,00",621.19,621.19]
["Composição Auxiliar","6312","Orse","Análise físico-química da água.","Conversão infoworca","un.","1,00",565.21,565.21]
["Composição Auxiliar","6313","Orse","Análise bacteriológica da água.","Conversão infoworca","un.","1,00",55.98,55.98]
[]
["4.4","Código","Banco","Descrição.","Tipo","und","Quant.","Valor Unit","Total"]
["Composição","24.80.22","Embasa","Ensaio de bombeamento poço tubular incluso materiais e grupo gerador.","2480","h","1,00",255.47,255.47]
["Composição Auxiliar","24.00.15","Embasa","Equipe (3 profissionais campo) - bombeio.","2400","h","1,00",190.55,190.55]
["Insumo","H020050001","Embasa","Unidade de ensaio e bombeamento - ueb1 ate 150m3 no sedimento.","Material","h","1,00",64.92,64.92]
[]
["4.5","Código","Banco","Descrição.","Tipo","und","Quant.","Valor Unit","Total"]
["Composição","COMPOSIÇÃO - 10","Próprio","Serviço de instalação de laje sanitária com dimensões (1,5x1,5x0,3) metros , incluso material.","Sedi - serviços diversos","un.","1,00",579.79,579.79]
["Composição Auxiliar","92522","Sinapi","Montagem e desmontagem de fôrma de laje maciça, pé-direito simples, em chapa de madeira compensada resinada, 8 utilizações.","Fues - fundações e estruturas","m²","1,80",32.96,59.33]
["Composição Auxiliar","93358","Sinapi","Escavação manual de vala com profundidade menor ou igual a 1,30 m.","Movt - movimento de terra","m³","0,23",79.0,17.78]
["Composição Auxiliar","94975","Sinapi","Concreto fck = 15mpa, traço 1:3,4:3,5 (em massa seca de cimento/ areia média/ brita 1) - preparo manual.","Fues - fundações e estruturas","m³","0,68",472.38,318.86]
["Composição Auxiliar","103670","Sinapi","Lançamento com uso de baldes, adensamento e acabamento de concreto em estruturas.","Fues - fundações e estruturas","m³","0,68",272.33,183.82]
[]
["5",null,null,"Reservação."]
["5.1","Código","Banco","Descrição.","Tipo","und","Quant.","Valor Unit","Total"]
["Composição","COMPOSIÇÃO - 11","Próprio","Fornecimento e instalação de reservatório e base elevada 10 m³.","Astu - assentamento de tubos e pecas","un.","1,00",24548.96,24548.96]
["Composição Auxiliar","92759","Sinapi","Armação de pilar ou viga de estrutura convencional de concreto armado utilizando aço ca-60 de 5,0 mm - montagem.","Fues - fundações e estruturas","kg","29,10",13.3,387.03]
["Composição Auxiliar","92761","Sinapi","Armação de pilar ou viga de estrutura convencional de concreto armado utilizando aço ca-50 de 8,0 mm - montagem.","Fues - fundações e estruturas","kg","48,00",11.81,566.88]
["Composição Auxiliar","93358","Sinapi","Escavação manual de vala com profundidade menor ou igual a 1,30 m.","Movt - movimento de terra","m³","5,20",79.0,410.8]
["Composição Auxiliar","92763","Sinapi","Armação de pilar ou viga de estrutura convencional de concreto armado utilizando aço ca-50 de 12,5 mm - montagem.","Fues - fundações e estruturas","kg","118,40",8.9,1053.76]
["Composição Auxiliar","94970","Sinapi","Concreto fck = 20mpa, traço 1:2,7:3 (em massa seca de cimento/ areia média/ brita 1) - preparo mecânico com betoneira 600 l.","Fues - fundações e estruturas","m³","4,89",440.21,2152.63]
["Composição Auxiliar","103670","Sinapi","Lançamento com uso de baldes, adensamento e acabamento de concreto em estruturas.","Fues - fundações e estruturas","m³","6,85",272.33,1865.46]
["Composição Auxiliar","84651","Sinapi","Pintura com tinta impermeavel mineral em po, duas demaos.","Pint - pinturas","m²","28,66",12.32,353.09]
["Composição Auxiliar","90776","Sinapi","Encarregado geral com encargos complementares.","Sedi - serviços diversos","h","1,00",24.31,24.31]
["Composição Auxiliar","102482","Sinapi","Concreto fck = 25mpa, traço 1:2,2:2,5 (em massa seca de cimento/ areia média/ seixo rolado) - preparo mecânico com betoneira 600 l.","Fues - fundações e estruturas","m³","1,96",605.53,1186.84]
["Composição Auxiliar","92263","Sinapi","Fabricação de fôrma para pilares e estruturas similares, em chapa de madeira compensada resinada, e = 17 mm.","Fues - fundações e estruturas","m²","18,10",149.11,2698.89]
["Composição Auxiliar","89272","Sinapi","Guindaste hidráulico autopropelido, com lança telescópica 28,80 m, capacidade máxima 30 t, potência 97 kw, tração 4 x 4 - chp diurno.","Chor - custos horários de máquinas e equipamentos","chp","13,00",219.12,2848.56]
["Composição Auxiliar","5824","Sinapi","Caminhão toco, pbt 16.000 kg, carga útil máx. 10.685 kg, dist. entre eixos 4,8 m, potência 189 cv, inclusive carroceria fixa aberta de madeira p/ transporte geral de carga seca, dimen. aprox. 2,5 x 7,00 x 0,50 m - chp diurno.","Chor - custos horários de máquinas e equipamentos","chp","24,00",209.05,5017.2]
["Composição Auxiliar","88267","Sinapi","Encanador ou bombeiro hidráulico com encargos complementares.","Sedi - serviços diversos","h","4,00",24.2,96.8]
["Composição Auxiliar","88248","Sinapi","Auxiliar de encanador ou bombeiro hidráulico com encargos complementares.","Sedi - serviços diversos","h","4,00",20.19,80.76]
["Insumo","00011677","Sinapi","Registro de esfera, pvc, com volante, vs, soldavel, dn 50 mm, com corpo dividido.","Material","un.","1,00",39.99,39.99]
["Insumo","00003146","Sinapi","Fita veda rosca em rolos de 18 mm x 10 m (l x c).","Material","un.","0,18",2.01,0.36]
["Insumo","00037106","Sinapi","Caixa d'agua / reservatorio em poliester reforcado com fibra de vidro, 10000 litros, com tampa.","Material","un.","1,00",5423.88,5423.88]
["Insumo","00009875","Sinapi","Tubo pvc, soldavel, de 50 mm, agua fria (nbr-5648).","Material","m","15,20",15.31,232.71]
["Insumo","00000113","Sinapi","Adaptador pvc soldavel curto com bolsa e rosca, 60 mm x 2\", para agua fria.","Material","un.","1,00",11.08,11.08]
["Insumo","00003871","Sinapi","Luva soldavel com rosca, pvc, 50 mm x 1 1/2\", para agua fria predial.","Material","un.","1,00",18.12,18.12]
["Insumo","00003540","Sinapi","Joelho pvc, soldavel, 90 graus, 50 mm, cor marrom, para agua fria predial.","Material","un.","5,00",4.95,24.75]
["Insumo","00000099","Sinapi","Adaptador pvc soldavel, com flange e anel de vedacao, 50 mm x 1 1/2\", para caixa d'agua.","Material","un.","2,00",26.01,52.02]
["Insumo","00000119","Sinapi","Adesivo plastico para pvc, bisnaga com 75 gr.","Material","un.","0,45",6.75,3.04]
[]
["5.2","Código","Banco","Descrição.","Tipo","und","Quant.","Valor Unit","Total"]
["Composição","COMPOSIÇÃO - 12","Próprio","Fornecimento e execução de reservatório apoiado de 5 m³.","Sedi - serviços diversos","un.","1,00",6003.78,6003.78]
["Composição Auxiliar","5928","Sinapi","Guindauto hidráulico, capacidade máxima de carga 6200 kg, momento máximo de carga 11,7 tm, alcance máximo horizontal 9,70 m, inclusive caminhão toco pbt 16.000 kg, potência de 189 cv - chp diurno.","Chor - custos horários de máquinas e equipamentos","chp","4,00",268.45,1073.8]
["Composição Auxiliar","88309","Sinapi","Pedreiro com encargos complementares.","Sedi - serviços diversos","h","3,00",25.37,76.11]
["Composição Auxiliar","88316","Sinapi","Servente com encargos complementares.","Sedi - serviços diversos","h","3,00",19.97,59.91]
["Composição Auxiliar","88262","Sinapi","Carpinteiro de formas com encargos complementares.","Sedi - serviços diversos","h","3,00",24.69,74.07]
["Composição Auxiliar","102617","Sinapi","Caixa d´água em poliéster reforçado com fibra de vidro, 5000 litros - fornecimento e instalação.","Inhi - instalações hidros sanitárias","un.","1,00",3692.53,3692.53]
["Composição Auxiliar","92783","Sinapi","Armação de laje de uma estrutura convencional de concreto armado em uma edificação térrea ou sobrado utilizando aço ca-60 de 4,2 mm - montagem.","Fues - fundações e estruturas","kg","3,20",17.03,54.5]
["Composição Auxiliar","92759","Sinapi","Armação de pilar ou viga de estrutura convencional de concreto armado utilizando aço ca-60 de 5,0 mm - montagem.","Fues - fundações e estruturas","kg","5,60",13.3,74.48]
["Composição Auxiliar","94964","Sinapi","Concreto fck = 20mpa, traço 1:2,7:3 (em massa seca de cimento/ areia média/ brita 1) - preparo mecânico com betoneira 400 l.","Fues - fundações e estruturas","m³","1,56",450.84,703.31]
["Composição Auxiliar","84651","Sinapi","Pintura com tinta impermeavel mineral em po, duas demaos.","Pint - pinturas","m²","2,70",12.32,33.26]
["Composição Auxiliar","92783","Sinapi","Armação de laje de uma estrutura convencional de concreto armado em uma edificação térrea ou sobrado utilizando aço ca-60 de 4,2 mm - montagem.","Fues - fundações e estruturas","kg","3,20",17.03,54.5]
["Insumo","00007155","Sinapi","Tela de aco soldada nervurada, ca-60, q-138, (2,20 kg/m2), diametro do fio = 4,2 mm, largura = 2,45 m, espacamento da malha = 10 x 10 cm.","Material","m²","6,16",17.42,107.31]
[]
["6",null,null,"Bebedouro."]
["6.1","Código","Banco","Descrição.","Tipo","und","Quant.","Valor Unit","Total"]
["Composição","COMPOSIÇÃO - 13","Próprio","Serviço de execução do bebedouro em concreto armado, incluso materiais.","Sedi - serviços diversos","un.","1,00",1393.65,1393.65]
["Composição Auxiliar","5928","Sinapi","Guindauto hidráulico, capacidade máxima de carga 6200 kg, momento máximo de carga 11,7 tm, alcance máximo horizontal 9,70 m, inclusive caminhão toco pbt 16.000 kg, potência de 189 cv - chp diurno.","Chor - custos horários de máquinas e equipamentos","chp","2,00",268.45,536.9]
["Composição Auxiliar","87445","Sinapi","Betoneira capacidade nominal 400 l, capacidade de mistura 310 l, motor a diesel potência 5,0 hp, sem carregador - chp diurno.","Chor - custos horários de máquinas e equipamentos","chp","0,50",5.11,2.56]
["Composição Auxiliar","88377","Sinapi","Operador de betoneira estacionária/misturador com encargos complementares.","Sedi - serviços diversos","h","0,50",16.42,8.21]
["Composição Auxiliar","88310","Sinapi","Pintor com encargos complementares.","Sedi - serviços diversos","h","0,30",26.46,7.94]
["Composição Auxiliar","100301","Sinapi","Ajudante de pintor com encargos complementares.","Sedi - serviços diversos","h","0,10",22.46,2.25]
["Composição Auxiliar","88245","Sinapi","Armador com encargos complementares.","Sedi - serviços diversos","h","3,00",25.15,75.45]
["Composição Auxiliar","88262","Sinapi","Carpinteiro de formas com encargos complementares.","Sedi - serviços diversos","h","2,00",24.69,49.38]
["Composição Auxiliar","88316","Sinapi","Servente com encargos complementares.","Sedi - serviços diversos","h","5,00",19.97,99.85]
["Composição Auxiliar","88309","Sinapi","Pedreiro com encargos complementares.","Sedi - serviços diversos","h","4,00",25.37,101.48]
["Insumo","00043055","Sinapi","Aco ca-50, 12,5 mm ou 16,0 mm, vergalhao.","Material","kg","12,00",6.59,79.08]
["Insumo","00043059","Sinapi","Aco ca-60, 4,2 mm, ou 5,0 mm, ou 6,0 mm, ou 7,0 mm, vergalhao.","Material","kg","13,00",7.2,93.6]
["Insumo","00000032","Sinapi","Aco ca-50, 6,3 mm, vergalhao.","Material","kg","6,00",8.02,48.12]
["Insumo","00000370","Sinapi","Areia media - posto jazida/fornecedor (retirado na jazida, sem transporte).","Material","m³","0,32",120.0,38.4]
["Insumo","00001379","Sinapi","Cimento portland composto cp ii-32.","Material","kg","127,00",0.7,88.9]
["Insumo","00004718","Sinapi","Pedra britada n. 2 (19 a 38 mm) posto pedreira/fornecedor, sem frete.","Material","m³","0,08",95.0,7.6]
["Insumo","00004721","Sinapi","Pedra britada n. 1 (9,5 a 19 mm) posto pedreira/fornecedor, sem frete.","Material","m³","0,23",94.5,21.74]
["Insumo","00003767","Sinapi","Lixa em folha para parede ou madeira, numero 120, cor vermelha.","Material","un.","0,12",0.84,0.1]
["Insumo","00007356","Sinapi","Tinta latex acrilica premium, cor branco fosco.","Material","l","0,18",30.16,5.43]
["Insumo","00043681","Sinapi","Chapa/painel de madeira compensada resinada (madeirite resinado rosa) para forma de concreto, de 2200 x 1100 mm, e = 8 a 12 mm.","Material","m²","7,30",17.35,126.66]
[]
["7",null,null,"Chafariz."]
["7.1","Código","Banco","Descrição.","Tipo","und","Quant.","Valor Unit","Total"]
["Composição","COMPOSIÇÃO - 14","Próprio","Fornecimento de material e instalação do chafariz.","Astu - assentamento de tubos e pecas","un.","1,00",1011.64,1011.64]
["Composição Auxiliar","88267","Sinapi","Encanador ou bombeiro hidráulico com encargos complementares.","Sedi - serviços diversos","h","2,00",24.2,48.4]
["Composição Auxiliar","88248","Sinapi","Auxiliar de encanador ou bombeiro hidráulico com encargos complementares.","Sedi - serviços diversos","h","2,00",20.19,40.38]
["Composição Auxiliar","93358","Sinapi","Escavação manual de vala com profundidade menor ou igual a 1,30 m.","Movt - movimento de terra","m³","0,09",79.0,7.5]
["Composição Auxiliar","92270","Sinapi","Fabricação de fôrma para vigas, com madeira serrada, e = 25 mm.","Fues - fundações e estruturas","m²","0,63",159.53,100.18]
["Composição Auxiliar","94975","Sinapi","Concreto fck = 15mpa, traço 1:3,4:3,5 (em massa seca de cimento/ areia média/ brita 1) - preparo manual.","Fues - fundações e estruturas","m³","0,16",472.38,74.16]
["Composição Auxiliar","2171","Orse","Piso cimentado liso traço 1:5, e = 3 cm, c/ junta plástica 3 x 27 mm.","Pisos : cimentados, em concreto simples, tipo tech-stone e de alta resistência","m²","0,79",52.58,41.28]
["Composição Auxiliar","87904","Sinapi","Chapisco aplicado em alvenaria (com presença de vãos) e estruturas de concreto de fachada, com colher de pedreiro. argamassa traço 1:3 com preparo manual.","Reve - revestimento e tratamento de superfícies","m²","0,31",7.85,2.46]
["Composição Auxiliar","87529","Sinapi","Massa única, em argamassa traço 1:2:8, preparo mecânico, aplicada manualmente em paredes internas de ambientes com área entre 5m² e 10m², e = 17,5mm, com taliscas.","Reve - revestimento e tratamento de superfícies","m²","0,31",33.15,10.41]
["Composição Auxiliar","84651","Sinapi","Pintura com tinta impermeavel mineral em po, duas demaos.","Pint - pinturas","m²","0,31",12.32,3.87]
["Insumo","00000765","Sinapi","Bucha de reducao de ferro galvanizado, com rosca bsp, de 1\" x 3/4\".","Material","un.","2,00",11.17,22.34]
["Insumo","00009887","Sinapi","Uniao de ferro galvanizado, com rosca bsp, com assento plano, de 2\".","Material","un.","2,00",113.7,227.4]
["Insumo","00021013","Sinapi","Tubo aco galvanizado com costura, classe leve, dn 50 mm ( 2\"), e = 3,00 mm, *4,40* kg/m (nbr 5580).","Material","m","1,80",67.99,122.38]
["Insumo","00006298","Sinapi","Te de ferro galvanizado, de 2\".","Material","un.","1,00",74.06,74.06]
["Insumo","00003471","Sinapi","Cotovelo 90 graus de ferro galvanizado, com rosca bsp, de 2\".","Material","un.","1,00",55.7,55.7]
["Insumo","00000113","Sinapi","Adaptador pvc soldavel curto com bolsa e rosca, 60 mm x 2\", para agua fria.","Material","un.","1,00",11.08,11.08]
["Insumo","00000818","Sinapi","Bucha de reducao de pvc, soldavel, curta, com 60 x 50 mm, para agua fria predial.","Material","un.","1,00",6.76,6.76]
["Insumo","00007604","Sinapi","Torneira metalica cromada para tanque / jardim, sem bico , cano longo, de parede, padrao popular / uso geral, 1/2 \" ou 3/4 \" (ref 1126).","Material","un.","2,00",46.25,92.5]
["Insumo","00000119","Sinapi","Adesivo plastico para pvc, bisnaga com 75 gr.","Material","un.","1,00",6.75,6.75]
["Insumo","00003146","Sinapi","Fita veda rosca em rolos de 18 mm x 10 m (l x c).","Material","un.","1,00",2.01,2.01]
["Insumo","00000771","Sinapi","Bucha de reducao de ferro galvanizado, com rosca bsp, de 2\" x 1\".","Material","un.","2,00",31.01,62.02]
[]
["8",null,null,"Cavalete."]
["8.1","Código","Banco","Descrição.","Tipo","und","Quant.","Valor Unit","Total"]
["Composição","COMPOSIÇÃO - 15","Próprio","Fornecimento de conexões e instalação do cavalete com hidrômetro e clorador de pastilhas.","Inhi - instalações hidros sanitárias","un.","1,00",1534.99,1534.99]
["Composição Auxiliar","88248","Sinapi","Auxiliar de encanador ou bombeiro hidráulico com encargos complementares.","Sedi - serviços diversos","h","3,00",20.19,60.57]
["Insumo","00000791","Sinapi","Bucha de reducao de ferro galvanizado, com rosca bsp, de 1 1/2\" x 1\".","Material","un.","1,00",23.11,23.11]
["Insumo","00009862","Sinapi","Tubo pvc, roscavel, 1 1/2\", agua fria predial.","Material","m","1,50",31.09,46.64]
["Insumo","00011831","Sinapi","Torneira plastica para tanque 1/2 \" ou 3/4 \" com bico para mangueira.","Material","un.","1,00",16.55,16.55]
["Insumo","002121","Sbc","Te de reducao ferro galvanizado 1.1/2\" x 1\".","Material","un.","1,00",57.49,57.49]
["Insumo","9569","Orse","Adaptador pvc bsxrm d= 35mm x 1 1/2\", linha irriga-lf, tigre ou similar un.","Material","un.","1,00",3.04,3.04]
["Insumo","00003939","Sinapi","Luva de ferro galvanizado, com rosca bsp, de 1 1/2\".","Material","un.","1,00",25.6,25.6]
["Insumo","00001798","Sinapi","Curva 90 graus de ferro galvanizado, com rosca bsp macho, de 2\".","Material","un.","1,00",142.72,142.72]
["Insumo","00009887","Sinapi","Uniao de ferro galvanizado, com rosca bsp, com assento plano, de 2\".","Material","un.","2,00",113.7,227.4]
["Insumo","00004181/sinapi","Orse","Niple de ferro galvanizado, com rosca bsp, de 2\".","Material","un.","2,00",39.24,78.48]
["Insumo","00006028","Sinapi","Registro gaveta bruto em latao forjado, bitola 2 \" (ref 1509).","Material","un.","1,00",138.78,138.78]
["Insumo","00012775","Sinapi","Hidrometro multijato / medidor de agua, dn 1\", vazao maxima de 7 m3/h, para agua potavel fria, relojoaria plana, classe b, horizontal (sem conexoes).","Material","un.","1,00",350.65,350.65]
["Insumo","00000771","Sinapi","Bucha de reducao de ferro galvanizado, com rosca bsp, de 2\" x 1\".","Material","un.","1,00",31.01,31.01]
["Insumo","00006305","Sinapi","Te de reducao de ferro galvanizado, com rosca bsp, de 2\" x 1\".","Material","un.","1,00",81.98,81.98]
["Insumo","12464","Orse","Clorador dosador de cloro de pastilhas automático.","Material","un.","1,00",250.97,250.97]
[]
["9",null,null,"Instalações hidráulicas."]
["9.1","Código","Banco","Descrição.","Tipo","und","Quant.","Valor Unit","Total"]
["Composição","COMPOSIÇÃO - 16","Próprio","Fornecimento e instalação da rede adutora poço-reservatório-bebedouro em pn80 e dn50mm.","Sedi - serviços diversos","m","1,00",27.01,27.01]
["Composição Auxiliar","88316","Sinapi","Servente com encargos complementares.","Sedi - serviços diversos","h","0,05",19.97,1.0]
["Composição Auxiliar","93358","Sinapi","Escavação manual de vala com profundidade menor ou igual a 1,30 m.","Movt - movimento de terra","m³","0,05",79.0,3.95]
["Insumo","00009875","Sinapi","Tubo pvc, soldavel, de 50 mm, agua fria (nbr-5648).","Material","m","1,00",15.31,15.31]
["Insumo","00000119","Sinapi","Adesivo plastico para pvc, bisnaga com 75 gr.","Material","un.","1,00",6.75,6.75]
[]
["9.2","Código","Banco","Descrição.","Tipo","und","Quant.","Valor Unit","Total"]
["Composição","COMPOSIÇÃO - 17","Próprio","Montagem hidráulica do equipamento de bombeamento.","Inhi - instalações hidros sanitárias","un.","1,00",133.17,133.17]
["Composição Auxiliar","88267","Sinapi","Encanador ou bombeiro hidráulico com encargos complementares.","Sedi - serviços diversos","h","3,00",24.2,72.6]
["Composição Auxiliar","88248","Sinapi","Auxiliar de encanador ou bombeiro hidráulico com encargos complementares.","Sedi - serviços diversos","h","3,00",20.19,60.57]
[]
["9.3","Código","Banco","Descrição.","Tipo","und","Quant.","Valor Unit","Total"]
["Insumo","00038200","Sinapi","Corda de poliamida 12 mm tipo bombeiro, para trabalho em altura.","Material","100m","1,00",789.63,789.63]
[]
["9.4","Código","Banco","Descrição.","Tipo","und","Quant.","Valor Unit","Total"]
["Insumo","00009860","Sinapi","Tubo pvc, roscavel, 2\", para agua fria predial.","Material","m","1,00",44.48,44.48]
[]
["9.5","Código","Banco","Descrição.","Tipo","und","Quant.","Valor Unit","Total"]
["Insumo","00003912","Sinapi","Luva de ferro galvanizado, com rosca bsp, de 2\".","Material","un.","1,00",39.21,39.21]
[]
["9.6","Código","Banco","Descrição.","Tipo","und","Quant.","Valor Unit","Total"]
["Insumo","5128","Orse","Tampa de poço galvanizada em 6\" un.","Serviços","un.","1,00",107.28,107.28]
[]
["10",null,null,"Estrutura de fixação para módulos fotovoltáicos."]
["10.1","Código","Banco","Descrição.","Tipo","und","Quant.","Valor Unit","Total"]
["Composição","COMPOSIÇÃO - 18","Próprio","Serviço de fixação de estruturas para os módulos fotovoltaicos e suportes de concreto, incluso materiais.","Sedi - serviços diversos","m²","1,00",232.43,232.43]
["Composição Auxiliar","94975","Sinapi","Concreto fck = 15mpa, traço 1:3,4:3,5 (em massa seca de cimento/ areia média/ brita 1) - preparo manual.","Fues - fundações e estruturas","m³","0,09",472.38,44.64]
["Composição Auxiliar","93358","Sinapi","Escavação manual de vala com profundidade menor ou igual a 1,30 m.","Movt - movimento de terra","m³","0,06",79.0,4.94]
["Composição Auxiliar","96534","Sinapi","Fabricação, montagem e desmontagem de fôrma para bloco de coroamento, em madeira serrada, e=25 mm, 4 utilizações.","Fues - fundações e estruturas","m²","0,03",82.4,2.64]
["Composição Auxiliar","88316","Sinapi","Servente com encargos complementares.","Sedi - serviços diversos","h","2,64",19.97,52.66]
["Composição Auxiliar","88278","Sinapi","Montador de estrutura metálica com encargos complementares.","Sedi - serviços diversos","h","2,64",18.83,49.65]
["Insumo","015690","Sbc","Estrutura metalica tesoura c/coluna 20/35m(24,72kg/m2).","Material","m²","1,00",77.9,77.9]
[]
["11",null,null,"Instalações elétricas e bóia elétrica."]
["11.1","Código","Banco","Descrição.","Tipo","und","Quant.","Valor Unit","Total"]
["Composição","COMPOSIÇÃO - 19","Próprio","Montagem e instalação elétrica do kit de bombeamento e sistema fotovoltaico inclusive sistema de aterramento.","Inel - instalação elétrica/eletrificação e iluminação externa","un.","1,00",1091.01,1091.01]
["Composição Auxiliar","88247","Sinapi","Auxiliar de eletricista com encargos complementares.","Sedi - serviços diversos","h","8,00",21.21,169.68]
["Insumo","00020111","Sinapi","Fita isolante adesiva antichama, uso ate 750 v, em rolo de 19 mm x 20 m.","Material","un.","1,00",9.0,9.0]
["Insumo","00002674","Sinapi","Fornecimento de eletroduto de pvc rigido roscavel de 3/4 \", sem luva.","Material","m","15,00",4.75,71.25]
["Insumo","00012034","Sinapi","Fornecimento de curva 180 graus, de pvc rigido roscavel, de 3/4\", para eletroduto.","Material","un.","1,00",2.29,2.29]
["Insumo","00039272","Sinapi","Fornecimento de curva 90 graus, curta, de pvc rigido roscavel, de 3/4\", para eletroduto.","Material","un.","2,00",1.25,2.5]
["Insumo","00003379","Sinapi","Haste de aterramento em aco com 3,00 m de comprimento e dn = 5/8\", revestida com baixa camada de cobre, sem conector.","Material","un.","0,66",74.82,49.38]
["Insumo","00001891","Sinapi","Fornecimento de luva em pvc rigido roscavel, de 3/4\", para eletroduto.","Material","un.","9,00",0.58,5.22]
["Insumo","00000425","Sinapi","Grampo metalico tipo olhal para haste de aterramento de 5/8'', condutor de *10* a 50 mm2.","Material","un.","2,00",7.1,14.2]
["Insumo","00034643","Sinapi","Fornecimento de caixa de inspecao para aterramento e para raios, em polipropileno, diametro = 300 mm x altura = 400 mm.","Material","un.","2,00",40.57,81.14]
["Insumo","00000867","Sinapi","Cabo de cobre nu 50 mm2 meio-duro.","Material","m","7,50",61.82,463.65]
["Insumo","54581","Siurb infra","Dps - dispositivo de proteção contra surtos – 45ka – 500 volts - corrente contínua - classe ii - p/ sistema fotovoltáico.","Material","un.","1,00",222.7,222.7]
[]
["11.2","Código","Banco","Descrição.","Tipo","und","Quant.","Valor Unit","Total"]
["Insumo","00034622","Sinapi","Fornecimento de cabo flexivel pvc 750 v, 3 condutores de 6,0 mm2.","Material","m","1,00",24.3,24.3]
[]
["11.3","Código","Banco","Descrição.","Tipo","und","Quant.","Valor Unit","Total"]
["Composição","COMPOSIÇÃO - 20","Próprio","Fornecimento e instalação de automático de bóia superior e inferior.","Astu - assentamento de tubos e pecas","un.","1,00",51.0,51.0]
["Composição Auxiliar","88264","Sinapi","Eletricista com encargos complementares.","Sedi - serviços diversos","h","0,20",25.62,5.12]
["Composição Auxiliar","88247","Sinapi","Auxiliar de eletricista com encargos complementares.","Sedi - serviços diversos","h","0,20",21.21,4.24]
["Insumo","00007588","Sinapi","Automatico de boia superior / inferior, *15* a / 250 v.","Material","un.","1,00",41.0,41.0]
["Insumo","00021127","Sinapi","Fita isolante adesiva antichama, uso ate 750 v, em rolo de 19 mm x 5 m.","Material","un.","0,10",3.4,0.34]
["Insumo","00003146","Sinapi","Fita veda rosca em rolos de 18 mm x 10 m (l x c).","Material","un.","0,15",2.01,0.3]
[]
["11.4","Código","Banco","Descrição.","Tipo","und","Quant.","Valor Unit","Total"]
["Insumo","00039257","Sinapi","Cabo multipolar de cobre, flexivel, classe 4 ou 5, isolacao em hepr, cobertura em pvc-st2, antichama bwf-b, 0,6/1 kv, 3 condutores de 1,5 mm2.","Material","m","1,00",6.61,6.61]
[]
["11.5","Código","Banco","Descrição.","Tipo","und","Quant.","Valor Unit","Total"]
["Insumo","Cotação-001","Próprio","Fornecimento de kit de bombeamento fotovoltaico, incluindo uma bomba cc de 1500w com controladora de carga externa, caixa de proteção metálica, módulos fotovoltaicos compatíveis com a geração de 2200wp além de componentes elétricos necessários para interligação dos painéis, como cabos, conectores mc4 e presilhas de fixação.","Serviços","un.","1,00",9744.39,9744.39]
[]
["12",null,null,"Urbanização."]
["12.1","Código","Banco","Descrição.","Tipo","und","Quant.","Valor Unit","Total"]
["Composição","COMPOSIÇÃO - 21","Próprio","Cerca com mourões de concreto de 15x15cm, espaçados de 3m e cravados a 0,5m, escoras de 10x10cm nos cantos, e 9 fios de arame de aço ovalado 15x17.","Sedi - serviços diversos","m","1,00",76.86,76.86]
["Composição Auxiliar","88309","Sinapi","Pedreiro com encargos complementares.","Sedi - serviços diversos","h","0,34",25.37,8.5]
["Composição Auxiliar","88316","Sinapi","Servente com encargos complementares.","Sedi - serviços diversos","h","0,67",19.97,13.4]
["Composição Auxiliar","94975","Sinapi","Concreto fck = 15mpa, traço 1:3,4:3,5 (em massa seca de cimento/ areia média/ brita 1) - preparo manual.","Fues - fundações e estruturas","m³","0,03",472.38,13.6]
["Insumo","00043130","Sinapi","Arame galvanizado 12 bwg, d = 2,76 mm (0,048 kg/m) ou 14 bwg, d = 2,11 mm (0,026 kg/m).","Material","kg","0,10",25.0,2.45]
["Insumo","00000346","Sinapi","Arame de aco ovalado 15 x 17 ( 45,7 kg, 700 kgf), rolo 1000 m.","Material","kg","0,41",29.61,11.99]
["Insumo","00004111","Sinapi","Escora pre-moldada em concreto, *10 x 10* cm, h = 2,30m.","Material","un.","0,16",44.34,7.09]
["Insumo","I1533","Seinfra","Mourão concreto base 15x15cm h=2.3 c/ 12 furos.","Material","un.","0,42",47.22,19.83]
[]
["12.2","Código","Banco","Descrição.","Tipo","und","Quant.","Valor Unit","Total"]
["Composição","COMPOSIÇÃO - 22","Próprio","Serviço de instalação de portão de ferro com suporte e batedor conforme projeto, incluso material.","Sedi - serviços diversos","m²","1,00",585.44,585.44]
["Composição Auxiliar","88309","Sinapi","Pedreiro com encargos complementares.","Sedi - serviços diversos","h","1,50",25.37,38.06]
["Composição Auxiliar","88316","Sinapi","Servente com encargos complementares.","Sedi - serviços diversos","h","1,50",19.97,29.96]
["Insumo","00000367","Sinapi","Areia grossa - posto jazida/fornecedor (retirado na jazida, sem transporte).","Material","m³","0,06",121.56,7.42]
["Insumo","00001379","Sinapi","Cimento portland composto cp ii-32.","Material","kg","4,83",0.7,3.38]
["Insumo","00004948","Sinapi","Portao de abrir / giro, em gradil de metalon redondo de 3/4\" vertical, com requadro, acabamento natural - completo.","Material","m²","1,00",506.62,506.62]
[]
["13",null,null,"Outros serviços e insumos excepcionais."]
["13.1","Código","Banco","Descrição.","Tipo","und","Quant.","Valor Unit","Total"]
["Composição","COMPOSIÇÃO - 23","Próprio","Fornecimento e instalação do pré filtro para revestimento interno.","Astu - assentamento de tubos e pecas","m³","1,00",1648.5,1648.5]
["Composição Auxiliar","90776","Sinapi","Encarregado geral com encargos complementares.","Sedi - serviços diversos","h","0,40",24.31,9.72]
["Composição Auxiliar","88297","Sinapi","Operador de máquinas e equipamentos com encargos complementares.","Sedi - serviços diversos","h","0,40",23.53,9.41]
["Composição Auxiliar","88316","Sinapi","Servente com encargos complementares.","Sedi - serviços diversos","h","0,50",19.97,9.99]
["Insumo","5073","Orse","Pré-filtro comum.","Serviços","m³","1,00",1619.38,1619.38]
[]
["13.2","Código","Banco","Descrição.","Tipo","und","Quant.","Valor Unit","Total"]
["Composição","COMPOSIÇÃO - 24","Próprio","Execução de tamponamento conforme especificação.","Sedi - serviços diversos","m³","1,00",558.15,558.15]
["Composição Auxiliar","87316","Sinapi","Argamassa traço 1:4 (em volume de cimento e areia grossa úmida) para chapisco convencional, preparo mecânico com betoneira 400 l.","Sedi - serviços diversos","m³","1,00",443.68,443.68]
["Composição Auxiliar","88316","Sinapi","Servente com encargos complementares.","Sedi - serviços diversos","h","1,00",19.97,19.97]
["Insumo","00004721","Sinapi","Pedra britada n. 1 (9,5 a 19 mm) posto pedreira/fornecedor, sem frete.","Material","m³","1,00",94.5,94.5]
[]
["13.3","Código","Banco","Descrição.","Tipo","und","Quant.","Valor Unit","Total"]
["Composição","COMPOSIÇÃO - 25","Próprio","Fornecimento e instalação do filtro para revestimento interno ø 4 1/2\".","Astu - assentamento de tubos e pecas","m","1,00",99.92,99.92]
["Composição Auxiliar","88316","Sinapi","Servente com encargos complementares.","Sedi - serviços diversos","h","0,65",19.97,12.98]
["Composição Auxiliar","90776","Sinapi","Encarregado geral com encargos complementares.","Sedi - serviços diversos","h","0,65",24.31,15.8]
["Insumo","Cotação-004","Próprio","Fornecimento tubo filtro geomecânico classe reforçado diâmetro ø 4 1/2\" com junta roscável.","Material","m","1,00",71.14,71.14]
[]
["13.4","Código","Banco","Descrição.","Tipo","und","Quant.","Valor Unit","Total"]
["Composição","COMPOSIÇÃO - 26","Próprio","Fornecimento e instalação do revestimento interno ø 4 1/2\".","Astu - assentamento de tubos e pecas","m","1,00",91.15,91.15]
["Composição Auxiliar","88316","Sinapi","Servente com encargos complementares.","Sedi - serviços diversos","h","0,65",19.97,12.98]
["Composição Auxiliar","90776","Sinapi","Encarregado geral com encargos complementares.","Sedi - serviços diversos","h","0,65",24.31,15.8]
["Insumo","Cotação-006","Próprio","Fornecimento tubo revestimento geomecânico classe reforçado ø 4 1/2\" com junta roscável.","Material","m","1,00",62.37,62.37]
[]
["13.5","Código","Banco","Descrição.","Tipo","und","Quant.","Valor Unit","Total"]
["Insumo","M3929","Sicro3","Tubo em aço-carbono - e = 3,00 mm e d = 150 mm (6\").","Material","m","1,00",171.23,171.23]
[]
["13.6","Código","Banco","Descrição.","Tipo","und","Quant.","Valor Unit","Total"]
["Insumo","00041699","Sinapi","Tubo de revestimento, em aco, corpo schedule 40, ponteira schedule 80, rosqueavel e segmentado para perfuracao, diametro 8.","Material","m","1,00",2189.01,2189.01]
[]
["13.7","Código","Banco","Descrição.","Tipo","und","Quant.","Valor Unit","Total"]
["Insumo","M039706073","Embasa","Filtro nold em aço galvanizado dn 6\".","Material","m","1,00",763.9,763.9]
[]
["13.8","Código","Banco","Descrição.","Tipo","und","Quant.","Valor Unit","Total"]
["Composição","COMPOSIÇÃO - 27","Próprio","Limpeza manual , remoção de cerca, capina e instalação dos equipamentos (área do poço, painéis solares, bebedouro e reservatório).","Sedi - serviços diversos","m²","1,00",1.6,1.6]
["Composição Auxiliar","88316","Sinapi","Servente com encargos complementares.","Sedi - serviços diversos","h","0,08",19.97,1.6]
[]
[]
[]
[]
[]
["14"]

{"sheet":"Crono. - PB - P","index":13,"n_rows":27,"n_cols":15,"rows_kept":27,"cut":false,"hidden":false,"merged":[[0,0,6,14],[7,0,8,14],[23,0,23,1],[23,2,26,2],[24,0,24,1],[25,0,25,1],[26,0,26,1]]}
["OBJETO: EXECUÇÃO DE SERVIÇOS DE PERFURAÇÃO E INSTALAÇÃO DE POÇOS TUBULARES EM MUNICÍPIOS LOCALIZADOS NO ESTADO DA PARAÍBA, NA ÁREA DE ATUAÇÃO DA CODEVASF"]
[]
[]
[]
[]
[]
[]
["CRONOGRAMA FÍSICO-FINANCEIRO POÇO PARCIALMENTE REVESTIDO"]
[]
["ITEM","ESPECIFICAÇÃO DOS SERVIÇOS","VALOR TOTAL (R$)","Mês 01","Mês 02","Mês 03","Mês 04","Mês 05","Mês 06","Mês 07","Mês 08","Mês 09","Mês 10","Mês 11","Mês 12"]
["1","Serviços preliminares.",264815.25,22067.9375,22067.9375,22067.9375,22067.9375,22067.9375,22067.9375,22067.9375,22067.9375,22067.9375,22067.9375,22067.9375,22067.9375]
["2","Mobilizaçâo e desmobilizaçâo equipes perfuraçâo e instalação.",341928.0,28494.0,28494.0,28494.0,28494.0,28494.0,28494.0,28494.0,28494.0,28494.0,28494.0,28494.0,28494.0]
["3","Perfuração e completação de poço tubular.",4313415.37,359451.2808333333,359451.2808333333,359451.2808333333,359451.2808333333,359451.2808333333,359451.2808333333,359451.2808333333,359451.2808333333,359451.2808333333,359451.2808333333,359451.2808333333,359451.2808333333]
["4","Pós perfuração.",1689189.12,140765.76,140765.76,140765.76,140765.76,140765.76,140765.76,140765.76,140765.76,140765.76,140765.76,140765.76,140765.76]
["5","Reservação.",3791399.61,315949.96749999997,315949.96749999997,315949.96749999997,315949.96749999997,315949.96749999997,315949.96749999997,315949.96749999997,315949.96749999997,315949.96749999997,315949.96749999997,315949.96749999997,315949.96749999997]
["6","Bebedouro.",253546.56,21128.88,21128.88,21128.88,21128.88,21128.88,21128.88,21128.88,21128.88,21128.88,21128.88,21128.88,21128.88]
["7","Chafariz.",184047.84,15337.32,15337.32,15337.32,15337.32,15337.32,15337.32,15337.32,15337.32,15337.32,15337.32,15337.32,15337.32]
["8","Cavalete.",279260.64,23271.72,23271.72,23271.72,23271.72,23271.72,23271.72,23271.72,23271.72,23271.72,23271.72,23271.72,23271.72]
["9","Instalações hidráulicas.",2897984.12,241498.67666666667,241498.67666666667,241498.67666666667,241498.67666666667,241498.67666666667,241498.67666666667,241498.67666666667,241498.67666666667,241498.67666666667,241498.67666666667,241498.67666666667,241498.67666666667]
["10","Estrutura de fixação para módulos fotovoltáicos.",427930.27,35660.855833333335,35660.855833333335,35660.855833333335,35660.855833333335,35660.855833333335,35660.855833333335,35660.855833333335,35660.855833333335,35660.855833333335,35660.855833333335,35660.855833333335,35660.855833333335]
["11","Instalações elétricas e bóia elétrica.",2623524.48,218627.04,218627.04,218627.04,218627.04,218627.04,218627.04,218627.04,218627.04,218627.04,218627.04,218627.04,218627.04]
["12","Urbanização.",551269.44,45939.119999999995,45939.119999999995,45939.119999999995,45939.119999999995,45939.119999999995,45939.119999999995,45939.119999999995,45939.119999999995,45939.119999999995,45939.119999999995,45939.119999999995,45939.119999999995]
["13","Outros serviços e insumos excepcionais.",3437409.76,286450.8133333333,286450.8133333333,286450.8133333333,286450.8133333333,286450.8133333333,286450.8133333333,286450.8133333333,286450.8133333333,286450.8133333333,286450.8133333333,286450.8133333333,286450.8133333333]
["TOTAL",null,2.105572046E7,1754643.3716666668,1754643.3716666668,1754643.3716666668,1754643.3716666668,1754643.3716666668,1754643.3716666668,1754643.3716666668,1754643.3716666668,1754643.3716666668,1754643.3716666668,1754643.3716666668,1754643.3716666668]
["PERCENTUAL",null,null,0.08333333333333334,0.08333333333333334,0.08333333333333334,0.08333333333333334,0.08333333333333334,0.08333333333333334,0.08333333333333334,0.08333333333333334,0.08333333333333334,0.08333333333333334,0.08333333333333334,0.08333333333333334]
["CUSTO ACUMULADO",null,null,1754643.3716666668,3509286.7433333336,5263930.115,7018573.486666667,8773216.858333334,1.052786023E7,1.2282503601666667E7,1.4037146973333333E7,1.5791790344999999E7,1.7546433716666665E7,1.930107708833333E7,2.1055720459999997E7]
["PERCENTUAL ACUMULADO",null,null,0.08333333333333334,0.16666666666666669,0.25,0.33333333333333337,0.41666666666666674,0.5000000000000001,0.5833333333333335,0.6666666666666669,0.7500000000000002,0.8333333333333336,0.916666666666667,1.0000000000000002]

{"sheet":"Orçamento Sintético - PB - T","index":14,"n_rows":58,"n_cols":12,"rows_kept":58,"cut":false,"hidden":false,"merged":[[0,0,0,5],[1,0,1,5]]}
["OBJETO: EXECUÇÃO DE SERVIÇOS DE PERFURAÇÃO E INSTALAÇÃO DE POÇOS TUBULARES EM MUNICÍPIOS LOCALIZADOS NO ESTADO DA PARAÍBA, NA ÁREA DE ATUAÇÃO DA CODEVASF",{"$nulls":6},"Quantidade de Poços","BDI SERVIÇO","BDI INSUMO","Total","Preço Unitário Por Poço"]
["PLANILHA SINTÉTICA - POÇO TOTALMENTE REVESTIDO - PARAÍBA",{"$nulls":6},18.0,0.2634,0.1528,3796303.05,210905.73]
["Item","Código","Banco","Tipo","Descrição.","un.","Mem. calc.","Quant.","Valor Unit","Valor Unit com BDI","Total","Peso (%)"]
["1",null,null,null,"Serviços preliminares.",{"$nulls":5},65295.09,0.01719965164530266]
["1.1","COMPOSIÇÃO - 1","Próprio","Serviço","Administração local da obra - poço totalmente revestido.","un.",1.0,18.0,1627.97,2056.78,37022.04,0.009752129772674497]
["1.2","COMPOSIÇÃO - 2","Próprio","Serviço","Serviço de locação geológica de campo com relatório hidro geológico e perfil construtivo e geológico esperado. relatório de viabilidade de implantação das estruturas e vistorias preliminares.","un.",1.0,18.0,590.0,745.41,13417.38,0.0035343279562468017]
["1.3",103689.0,"Sinapi","Insumo","Fornecimento e instalação de placa de obra com chapa galvanizada e estrutura de madeira.","m²",0.72,12.96,463.08,533.84,6918.57,0.001822449343184022]
["1.4","COMPOSIÇÃO - 3","Próprio","Insumo","Taxas e emolumentos fiscais , administrativos para obtenção outorga e outros.","un.",1.0,18.0,382.5,440.95,7937.1,0.0020907445731973375]
["2",null,null,null,"Mobilizaçâo e desmobilizaçâo equipe campo.",{"$nulls":5},42741.0,0.011258584848751736]
["2.1","COMPOSIÇÃO - 4","Próprio","Serviço","Transporte de comboio perfuração.","km",150.0,2700.0,4.45,5.62,15174.0,0.003997046547693288]
["2.2","COMPOSIÇÃO - 5","Próprio","Serviço","Transporte de comboio instalação.","km",150.0,2700.0,5.63,7.11,19197.0,0.005056761735604854]
["2.3","COMPOSIÇÃO - 6","Próprio","Serviço","Transporte de equipe teste de vazão.","km",150.0,2700.0,2.45,3.1,8370.0,0.002204776565453593]
["3",null,null,null,"Perfuração e completação de poço tubular.",{"$nulls":5},1901686.73,0.5009312230750388]
["3.1","COMPOSIÇÃO - 7","Próprio","Serviço","Perfuração diâmetro de ø 12 1/4\" em rocha - incluso mão de obra para instalação do revestimento e completação anelar.","m",150.0,2700.0,326.51,412.51,1113777.0,0.2933846390371812]
["3.2",5073.0,"Orse","Insumo","Fornecimento de pré-filtro comum m3.","m³",6.96,125.28,1619.38,1866.82,233875.21,0.0616060432793952]
["3.3",5091.0,"Orse","Insumo","Revestimento filtro pvc geomecânico reforçado dn 150mm.","m",16.0,288.0,221.38,255.21,73500.48,0.019361067604968998]
["3.4",5024.0,"Orse","Insumo","Centralizador em 6\".","un.",10.0,180.0,267.02,307.82,55407.6,0.01459514671780484]
["3.5",9850.0,"Sinapi","Insumo","Tubo pvc de revestimento geomecanico nervurado reforcado, dn = 150 mm, comprimento = 2 m.","m",134.0,2412.0,147.75,170.33,410835.96,0.10822001157152089]
["3.6","COMPOSIÇÃO - 8","Próprio","Serviço","Serviço de lançamento cimentação anelar, incluso materiais.","m³",1.16,20.88,541.72,684.41,14290.48,0.003764314864167654]
["4",null,null,null,"Pós perfuração.",{"$nulls":5},217574.64,0.05731224223524516]
["4.1",6305.0,"Orse","Serviço","Desenvolvimento com compressor 250psi / 750cfm.","h",2.0,36.0,411.16,519.46,18700.56,0.004925992407271069]
["4.2","COMPOSIÇÃO - 9","Próprio","Serviço","Inspeção ótica em poço tubular câmera com rotação de 360º, visada lateral, com fonte própria de luz, entregue vídeo em cores e marcação de profundidades.","m",150.0,2700.0,9.42,11.9,32130.0,0.008463497138354115]
["4.3","COMPOSIÇÃO - 10","Próprio","Serviço","Serviço de coleta e análise físico-química e bacteriológica.","un.",1.0,18.0,621.19,784.81,14126.58,0.0037211412824379236]
["4.4","COMPOSIÇÃO - 11","Próprio","Serviço","Serviço de instalação de laje sanitária com dimensões (1,5x1,5x0,3) , incluso material.","un.",1.0,18.0,579.79,732.51,13185.18,0.003473163187011638]
["4.5","24.80.22","Embasa","Serviço","Ensaio de bombeamento poço tubular incluso materiais e grupo gerador.","h",24.0,432.0,255.47,322.76,139432.32,0.036728448220170413]
["5",null,null,null,"Reservação.",{"$nulls":5},473924.95,0.12483854522625638]
["5.1","COMPOSIÇÃO - 12","Próprio","Serviço","Fornecimento e instalação de reservatório e base elevada 10 m³.","un.",0.8,14.4,24548.96,31015.16,446618.3,0.11764558680319265]
["5.2","COMPOSIÇÃO - 13","Próprio","Serviço","Fornecimento e execução de reservatório apoiado de 5 m³.","un.",0.2,3.6,6003.78,7585.18,27306.65,0.007192958423063723]
["6",null,null,null,"Bebedouro.",{"$nulls":5},31693.32,0.008348469440552172]
["6.1","COMPOSIÇÃO - 14","Próprio","Serviço","Serviço de execução do bebedouro em concreto armado, incluso materiais.","un.",1.0,18.0,1393.65,1760.74,31693.32,0.008348469440552172]
["7",null,null,null,"Chafariz.",{"$nulls":5},23005.98,0.00606010102381052]
["7.1","COMPOSIÇÃO - 15","Próprio","Serviço","Fornecimento de material e instalação do chafariz.","un.",1.0,18.0,1011.64,1278.11,23005.98,0.00606010102381052]
["8",null,null,null,"Cavalete.",{"$nulls":5},34907.58,0.009195151056236146]
["8.1","COMPOSIÇÃO - 16","Próprio","Serviço","Fornecimento de conexões e instalação do cavalete com hidrômetro e clorador de pastilhas.","un.",1.0,18.0,1534.99,1939.31,34907.58,0.009195151056236146]
["9",null,null,null,"Instalações hidráulicas poço e adutora.",{"$nulls":5},362248.01,0.09542125726764622]
["9.1","COMPOSIÇÃO - 17","Próprio","Serviço","Fornecimento e instalação da rede adutora poço-reservatório-bebedouro em pn80 e dn50mm.","m",400.0,7200.0,27.01,34.12,245664.0,0.06471137755980783]
["9.2","COMPOSIÇÃO - 18","Próprio","Serviço","Montagem hidráulica do equipamento de bombeamento.","un.",1.0,18.0,133.17,168.25,3028.5,7.977498002958431E-4]
["9.3",38200.0,"Sinapi","Insumo","Corda de poliamida 12 mm tipo bombeiro, para trabalho em altura.","100m",0.93,16.74,789.63,910.29,15238.25,0.0040139709078283415]
["9.4",9860.0,"Sinapi","Insumo","Tubo pvc, roscavel, 2\", para agua fria predial.","m",90.0,1620.0,44.48,51.28,83073.6,0.021882763021250373]
["9.5",3912.0,"Sinapi","Insumo","Luva de ferro galvanizado, com rosca bsp, de 2\".","un.",16.0,288.0,39.21,45.2,13017.6,0.0034290202411527714]
["9.6",5128.0,"Orse","Insumo","Tampa de poço galvanizada em 6\" un.","un.",1.0,18.0,107.28,123.67,2226.06,5.863757373110663E-4]
["10",null,null,null,"Estrutura de fixação para módulos fotovoltáicos.",{"$nulls":5},80236.93,0.021135543960327404]
["10.1","COMPOSIÇÃO - 19","Próprio","Serviço","Serviço de fixação de estruturas para os módulos fotovoltaicos e suportes de concreto, incluso materiais.","m²",15.18,273.24,232.43,293.65,80236.93,0.021135543960327404]
["11",null,null,null,"Instalações elétricas.",{"$nulls":5},370635.12,0.09763054084947197]
["11.1","COMPOSIÇÃO - 20","Próprio","Serviço","Montagem e instalação elétrica do kit de bombeamento e sistema fotovoltaico inclusive sistema de aterramento.","un.",1.0,18.0,1091.01,1378.38,24810.84,0.006535526714601987]
["11.2",34622.0,"Sinapi","Insumo","Fornecimento de cabo flexivel pvc 750 v, 3 condutores de 6,0 mm2.","m",105.0,1890.0,24.3,28.01,52938.9,0.013944856167370517]
["11.3","COMPOSIÇÃO - 21","Próprio","Serviço","Fornecimento e instalação de automático de bóia superior e inferior.","un.",1.0,18.0,51.0,64.43,1159.74,3.0549194432725807E-4]
["11.4",39257.0,"Sinapi","Insumo","Cabo multipolar de cobre, flexivel, classe 4 ou 5, isolacao em hepr, cobertura em pvc-st2, antichama bwf-b, 0,6/1 kv, 3 condutores de 1,5 mm2.","m",200.0,3600.0,6.61,7.62,27432.0,0.007225977388712421]
["11.5","Cotação-002","Próprio","Serviço","Fornecimento de kit de bombeamento fotovoltaico, incluindo uma bomba cc de 2200w com controladora de carga externa, caixa de proteção metálica, módulos fotovoltaicos compatíveis com a geração de 3300wp além de componentes elétricos necessários para interligação dos painéis, como cabos, conectores mc4 e presilhas de fixação.","un.",1.0,18.0,11621.8,14682.98,264293.64,0.06961868863445979]
["12",null,null,null,"Urbanização.",{"$nulls":5},68908.68,0.018151522439706178]
["12.1","COMPOSIÇÃO - 22","Próprio","Serviço","Cerca com mourões de concreto de 15x15cm, espaçados de 3m e cravados a 0,5m, escoras de 10x10cm nos cantos, e 9 fios de arame de aço ovalado 15x17.","m",28.0,504.0,76.86,97.1,48938.4,0.01289106779818329]
["12.2","COMPOSIÇÃO - 23","Próprio","Serviço","Serviço de instalação de portão de ferro com suporte e batedor conforme projeto, incluso material.","m²",1.5,27.0,585.44,739.64,19970.28,0.005260454641522889]
["13",null,null,null,"Outros serviços e insumos excepcionais.",{"$nulls":5},123445.02,0.03251716693165473]
["13.1","COMPOSIÇÃO - 24","Próprio","Serviço","Execução de tamponamento conforme especificação.","m³",0.08,1.44,558.15,705.17,1015.44,2.674812802418395E-4]
["13.2",13747.0,"Orse","Insumo","Revestimento tubo liso aço sch-40 em 12\".","m",6.0,108.0,921.04,1061.77,114671.16,0.030206007921311763]
["13.3","M3929","Sicro3","Insumo","Tubo em aço-carbono - e = 3,00 mm e d = 150 mm (6\").","m",1.44,25.92,171.23,197.39,5116.35,0.001347719065789545]
["13.4","M039706073","Embasa","Insumo","Filtro nold em aço galvanizado dn 6\".","m",0.006,0.11,763.9,880.62,96.87,2.5516930214514884E-5]
["13.5","COMPOSIÇÃO - 25","Próprio","Serviço","Limpeza manual , remoção de cerca, capina e instalação dos equipamentos (área do poço, painéis solares, bebedouro e reservatório).","m²",70.0,1260.0,1.6,2.02,2545.2,6.70441734097071E-4]

{"sheet":"Orçamento Analítico - PB - T","index":15,"n_rows":311,"n_cols":9,"rows_kept":311,"cut":false,"hidden":false,"merged":[[0,0,2,8],[3,3,3,4]]}
["OBJETO: EXECUÇÃO DE SERVIÇOS DE PERFURAÇÃO E INSTALAÇÃO DE POÇOS TUBULARES EM MUNICÍPIOS LOCALIZADOS NO ESTADO DA PARAÍBA, NA ÁREA DE ATUAÇÃO DA CODEVASF"]
[]
[]
[null,null,null,"PLANILHA ANALÍTICA - POÇO TOTALMENTE REVESTIDO - PARAÍBA"]
["1",null,null,"Serviços preliminares."]
["1.1","Código","Banco","Descrição.","Tipo","und","Quant.","Valor Unit","Total"]
["Composição","COMPOSIÇÃO - 1","Próprio","Administração local da obra - poço totalmente revestido.","Cant - canteiro de obras","un.","1,00",1627.97,1627.97]
["Composição Auxiliar","012710","Sbc","Despesas gerais de manutencao canteiro de obras.","Instalacoes provisorias","mes","0,23",1805.82,415.34]
["Composição Auxiliar","100321","Sinapi","Técnico em segurança do trabalho com encargos complementares.","Sedi - serviços diversos","mes","0,23",5272.29,1212.63]
[]
["1.2","Código","Banco","Descrição.","Tipo","und","Quant.","Valor Unit","Total"]
["Composição","COMPOSIÇÃO - 2","Próprio","Serviço de locação geológica de campo com relatório hidro geológico e perfil construtivo e geológico esperado. relatório de viabilidade de implantação das estruturas e vistorias preliminares.","Sert - serviços técnicos","un.","1,00",590.0,590.0]
["Composição Auxiliar","30.01.45","Embasa","Geologo senior.","3001","hora","5,00",97.41,487.05]
["Insumo","5896","Orse","Veículo tipo sedan ou pick-up capacidade 0,6 ton h.","Equipamento","h","5,00",8.33,41.65]
["Insumo","00004222","Sinapi","Gasolina comum.","Material","l","10,00",6.13,61.3]
[]
["1.3","Código","Banco","Descrição.","Tipo","und","Quant.","Valor Unit","Total"]
["Composição","103689","Sinapi","Fornecimento e instalação de placa de obra com chapa galvanizada e estrutura de madeira.","Pavi - pavimentação","m²","1,00",463.08,463.08]
["Composição Auxiliar","102234","Sinapi","Pintura imunizante para madeira, 2 demãos.","Pint - pinturas","m²","0,50",22.69,11.35]
["Composição Auxiliar","88262","Sinapi","Carpinteiro de formas com encargos complementares.","Sedi - serviços diversos","h","0,37",24.69,9.21]
["Composição Auxiliar","88316","Sinapi","Servente com encargos complementares.","Sedi - serviços diversos","h","1,12",19.97,22.34]
["Insumo","00004509","Sinapi","Sarrafo *2,5 x 10* cm em pinus, mista ou equivalente da regiao - bruta.","Material","m","3,21",6.07,19.47]
["Insumo","00004813","Sinapi","Placa de obra (para construcao civil) em chapa galvanizada *n. 22*, adesivada, de *2,4 x 1,2* m (sem postes para fixacao).","Material","m²","1,00",400.0,400.0]
["Insumo","00005065","Sinapi","Prego de aco polido com cabeca 10 x 10 (7/8 x 17).","Material","kg","0,01",38.7,0.44]
["Insumo","00005069","Sinapi","Prego de aco polido com cabeca 17 x 27 (2 1/2 x 11).","Material","kg","0,01",20.74,0.27]
[]
["1.4","Código","Banco","Descrição.","Tipo","und","Quant.","Valor Unit","Total"]
["Composição","COMPOSIÇÃO - 3","Próprio","Taxas e emolumentos fiscais , administrativos para obtenção outorga e outros.","Astu - assentamento de tubos e pecas","un.","1,00",382.5,382.5]
["Cotação","COTAÇÃO","Próprio","Decreto nº 19.260/1997 e Nota Técnica Codevasf","Serviço","un.","1,00",382.5,382.5]
[]
["2",null,null,"Mobilizaçâo e desmobilizaçâo equipe campo."]
["2.1","Código","Banco","Descrição.","Tipo","und","Quant.","Valor Unit","Total"]
["Composição","COMPOSIÇÃO - 4","Próprio","Transporte de comboio perfuração.","Tran - transportes, cargas e descargas","km","1,00",4.45,4.45]
["Composição Auxiliar","5824","Sinapi","Caminhão toco, pbt 16.000 kg, carga útil máx. 10.685 kg, dist. entre eixos 4,8 m, potência 189 cv, inclusive carroceria fixa aberta de madeira p/ transporte geral de carga seca, dimen. aprox. 2,5 x 7,00 x 0,50 m - chp diurno.","Chor - custos horários de máquinas e equipamentos","chp","0,02",209.05,3.48]
["Composição Auxiliar","5826","Sinapi","Caminhão toco, pbt 16.000 kg, carga útil máx. 10.685 kg, dist. entre eixos 4,8 m, potência 189 cv, inclusive carroceria fixa aberta de madeira p/ transporte geral de carga seca, dimen. aprox. 2,5 x 7,00 x 0,50 m - chi diurno.","Chor - custos horários de máquinas e equipamentos","chi","0,02",58.06,0.97]
[]
["2.2","Código","Banco","Descrição.","Tipo","und","Quant.","Valor Unit","Total"]
["Composição","COMPOSIÇÃO - 5","Próprio","Transporte de comboio instalação.","Tran - transportes, cargas e descargas","km","1,00",5.63,5.63]
["Composição Auxiliar","5928","Sinapi","Guindauto hidráulico, capacidade máxima de carga 6200 kg, momento máximo de carga 11,7 tm, alcance máximo horizontal 9,70 m, inclusive caminhão toco pbt 16.000 kg, potência de 189 cv - chp diurno.","Chor - custos horários de máquinas e equipamentos","chp","0,02",268.45,4.47]
["Composição Auxiliar","5930","Sinapi","Guindauto hidráulico, capacidade máxima de carga 6200 kg, momento máximo de carga 11,7 tm, alcance máximo horizontal 9,70 m, inclusive caminhão toco pbt 16.000 kg, potência de 189 cv - chi diurno.","Chor - custos horários de máquinas e equipamentos","chi","0,02",69.44,1.16]
[]
["2.3","Código","Banco","Descrição.","Tipo","und","Quant.","Valor Unit","Total"]
["Composição","COMPOSIÇÃO - 6","Próprio","Transporte de equipe teste de vazão.","Tran - transportes, cargas e descargas","km","1,00",2.45,2.45]
["Composição Auxiliar","73467","Sinapi","Caminhão toco, pbt 14.300 kg, carga útil máx. 9.710 kg, dist. entre eixos 3,56 m, potência 185 cv, inclusive carroceria fixa aberta de madeira p/ transporte geral de carga seca, dimen. aprox. 2,50 x 6,50 x 0,50 m - chp diurno.","Chor - custos horários de máquinas e equipamentos","chp","0,01",239.79,1.99]
["Composição Auxiliar","91395","Sinapi","Caminhão toco, pbt 14.300 kg, carga útil máx. 9.710 kg, dist. entre eixos 3,56 m, potência 185 cv, inclusive carroceria fixa aberta de madeira p/ transporte geral de carga seca, dimen. aprox. 2,50 x 6,50 x 0,50 m - chi diurno.","Chor - custos horários de máquinas e equipamentos","chi","0,01",55.19,0.46]
[]
["3",null,null,"Perfuração e completação de poço tubular."]
["3.1","Código","Banco","Descrição.","Tipo","und","Quant.","Valor Unit","Total"]
["Composição","COMPOSIÇÃO - 7","Próprio","Perfuração diâmetro de ø 12 1/4\" em rocha - incluso mão de obra para instalação do revestimento e completação anelar.","Sert - serviços técnicos","m","1,00",326.51,326.51]
["Composição Auxiliar","6224","Orse","Perfuração em sedimento / camadas inconsolidadas dn 12.1/2\" - poço de 150 a 250m.","Conversão infoworca","m","1,00",318.61,318.61]
["Insumo","00043366","Sinapi","Bentonita, argila constituida por montmorilonita.","Material","kg","5,00",1.58,7.9]
[]
["3.2","Código","Banco","Descrição.","Tipo","und","Quant.","Valor Unit","Total"]
["Insumo","5073","Orse","Fornecimento de pré-filtro comum m3.","Serviços","m³","1,00",1619.38,1619.38]
[]
["3.3","Código","Banco","Descrição.","Tipo","und","Quant.","Valor Unit","Total"]
["Insumo","5091","Orse","Revestimento filtro pvc geomecânico reforçado dn 150mm.","Serviços","m","1,00",221.38,221.38]
[]
["3.4","Código","Banco","Descrição.","Tipo","und","Quant.","Valor Unit","Total"]
["Insumo","5024","Orse","Centralizador em 6\".","Serviços","un.","1,00",267.02,267.02]
[]
["3.5","Código","Banco","Descrição.","Tipo","und","Quant.","Valor Unit","Total"]
["Insumo","00009850","Sinapi","Tubo pvc de revestimento geomecanico nervurado reforcado, dn = 150 mm, comprimento = 2 m.","Material","m","1,00",147.75,147.75]
[]
["3.6","Código","Banco","Descrição.","Tipo","und","Quant.","Valor Unit","Total"]
["Composição","COMPOSIÇÃO - 8","Próprio","Serviço de lançamento cimentação anelar, incluso materiais.","Sedi - serviços diversos","m³","1,00",541.72,541.72]
["Composição Auxiliar","1903","Orse","Argamassa cimento e areia traço t-1 (1:3) - 1 saco cimento 50kg / 3 padiolas areia dim. 0.35 x 0.45 x 0.23 m - confecção mecânica e transporte.","Argamassas","m³","1,00",541.72,541.72]
[]
["4",null,null,"Pós perfuração."]
["4.1","Código","Banco","Descrição.","Tipo","und","Quant.","Valor Unit","Total"]
["Composição","6305","Orse","Desenvolvimento com compressor 250psi / 750cfm.","Conversão infoworca","h","1,00",411.16,411.16]
["Insumo","5030","Orse","Desenvolvimento com compressor 250psi - 750cfm h.","Serviços","h","1,00",411.16,411.16]
[]
["4.2","Código","Banco","Descrição.","Tipo","und","Quant.","Valor Unit","Total"]
["Composição","COMPOSIÇÃO - 9","Próprio","Inspeção ótica em poço tubular câmera com rotação de 360º, visada lateral, com fonte própria de luz, entregue vídeo em cores e marcação de profundidades.","Sees - serviços especiais","m","1,00",9.42,9.42]
["Insumo","H020050004","Embasa","Aparelho de perfilagem optica.","Material","m","1,00",4.4,4.4]
["Insumo","B590000022","Embasa","Tecnico medio.","Mão de obra","h","0,08",60.15,5.02]
[]
["4.3","Código","Banco","Descrição.","Tipo","und","Quant.","Valor Unit","Total"]
["Composição","COMPOSIÇÃO - 10","Próprio","Serviço de coleta e análise físico-química e bacteriológica.","Sedi - serviços diversos","un.","1,00",621.19,621.19]
["Composição Auxiliar","6312","Orse","Análise físico-química da água.","Conversão infoworca","un.","1,00",565.21,565.21]
["Composição Auxiliar","6313","Orse","Análise bacteriológica da água.","Conversão infoworca","un.","1,00",55.98,55.98]
[]
["4.4","Código","Banco","Descrição.","Tipo","und","Quant.","Valor Unit","Total"]
["Composição","COMPOSIÇÃO - 11","Próprio","Serviço de instalação de laje sanitária com dimensões (1,5x1,5x0,3) , incluso material.","Sedi - serviços diversos","un.","1,00",579.79,579.79]
["Composição Auxiliar","92522","Sinapi","Montagem e desmontagem de fôrma de laje maciça, pé-direito simples, em chapa de madeira compensada resinada, 8 utilizações.","Fues - fundações e estruturas","m²","1,80",32.96,59.33]
["Composição Auxiliar","93358","Sinapi","Escavação manual de vala com profundidade menor ou igual a 1,30 m.","Movt - movimento de terra","m³","0,23",79.0,17.78]
["Composição Auxiliar","94975","Sinapi","Concreto fck = 15mpa, traço 1:3,4:3,5 (em massa seca de cimento/ areia média/ brita 1) - preparo manual.","Fues - fundações e estruturas","m³","0,68",472.38,318.86]
["Composição Auxiliar","103670","Sinapi","Lançamento com uso de baldes, adensamento e acabamento de concreto em estruturas.","Fues - fundações e estruturas","m³","0,68",272.33,183.82]
[]
["4.5","Código","Banco","Descrição.","Tipo","und","Quant.","Valor Unit","Total"]
["Composição","24.80.22","Embasa","Ensaio de bombeamento poço tubular incluso materiais e grupo gerador.","2480","h","1,00",255.47,255.47]
["Composição Auxiliar","24.00.15","Embasa","Equipe (3 profissionais campo) - bombeio.","2400","h","1,00",190.55,190.55]
["Insumo","H020050001","Embasa","Unidade de ensaio e bombeamento - ueb1 ate 150m3 no sedimento.","Material","h","1,00",64.92,64.92]
[]
["5",null,null,"Reservação."]
["5.1","Código","Banco","Descrição.","Tipo","und","Quant.","Valor Unit","Total"]
["Composição","COMPOSIÇÃO - 12","Próprio","Fornecimento e instalação de reservatório e base elevada 10 m³.","Astu - assentamento de tubos e pecas","un.","1,00",24548.96,24548.96]
["Composição Auxiliar","92759","Sinapi","Armação de pilar ou viga de estrutura convencional de concreto armado utilizando aço ca-60 de 5,0 mm - montagem.","Fues - fundações e estruturas","kg","29,10",13.3,387.03]
["Composição Auxiliar","92761","Sinapi","Armação de pilar ou viga de estrutura convencional de concreto armado utilizando aço ca-50 de 8,0 mm - montagem.","Fues - fundações e estruturas","kg","48,00",11.81,566.88]
["Composição Auxiliar","93358","Sinapi","Escavação manual de vala com profundidade menor ou igual a 1,30 m.","Movt - movimento de terra","m³","5,20",79.0,410.8]
["Composição Auxiliar","92763","Sinapi","Armação de pilar ou viga de estrutura convencional de concreto armado utilizando aço ca-50 de 12,5 mm - montagem.","Fues - fundações e estruturas","kg","118,40",8.9,1053.76]
["Composição Auxiliar","94970","Sinapi","Concreto fck = 20mpa, traço 1:2,7:3 (em massa seca de cimento/ areia média/ brita 1) - preparo mecânico com betoneira 600 l.","Fues - fundações e estruturas","m³","4,89",440.21,2152.63]
["Composição Auxiliar","103670","Sinapi","Lançamento com uso de baldes, adensamento e acabamento de concreto em estruturas.","Fues - fundações e estruturas","m³","6,85",272.33,1865.46]
["Composição Auxiliar","84651","Sinapi","Pintura com tinta impermeavel mineral em po, duas demaos.","Pint - pinturas","m²","28,66",12.32,353.09]
["Composição Auxiliar","90776","Sinapi","Encarregado geral com encargos complementares.","Sedi - serviços diversos","h","1,00",24.31,24.31]
["Composição Auxiliar","102482","Sinapi","Concreto fck = 25mpa, traço 1:2,2:2,5 (em massa seca de cimento/ areia média/ seixo rolado) - preparo mecânico com betoneira 600 l.","Fues - fundações e estruturas","m³","1,96",605.53,1186.84]
["Composição Auxiliar","92263","Sinapi","Fabricação de fôrma para pilares e estruturas similares, em chapa de madeira compensada resinada, e = 17 mm.","Fues - fundações e estruturas","m²","18,10",149.11,2698.89]
["Composição Auxiliar","89272","Sinapi","Guindaste hidráulico autopropelido, com lança telescópica 28,80 m, capacidade máxima 30 t, potência 97 kw, tração 4 x 4 - chp diurno.","Chor - custos horários de máquinas e equipamentos","chp","13,00",219.12,2848.56]
["Composição Auxiliar","5824","Sinapi","Caminhão toco, pbt 16.000 kg, carga útil máx. 10.685 kg, dist. entre eixos 4,8 m, potência 189 cv, inclusive carroceria fixa aberta de madeira p/ transporte geral de carga seca, dimen. aprox. 2,5 x 7,00 x 0,50 m - chp diurno.","Chor - custos horários de máquinas e equipamentos","chp","24,00",209.05,5017.2]
["Composição Auxiliar","88267","Sinapi","Encanador ou bombeiro hidráulico com encargos complementares.","Sedi - serviços diversos","h","4,00",24.2,96.8]
["Composição Auxiliar","88248","Sinapi","Auxiliar de encanador ou bombeiro hidráulico com encargos complementares.","Sedi - serviços diversos","h","4,00",20.19,80.76]
["Insumo","00011677","Sinapi","Registro de esfera, pvc, com volante, vs, soldavel, dn 50 mm, com corpo dividido.","Material","un.","1,00",39.99,39.99]
["Insumo","00003146","Sinapi","Fita veda rosca em rolos de 18 mm x 10 m (l x c).","Material","un.","0,18",2.01,0.36]
["Insumo","00037106","Sinapi","Caixa d'agua / reservatorio em poliester reforcado com fibra de vidro, 10000 litros, com tampa.","Material","un.","1,00",5423.88,5423.88]
["Insumo","00009875","Sinapi","Tubo pvc, soldavel, de 50 mm, agua fria (nbr-5648).","Material","m","15,20",15.31,232.71]
["Insumo","00000113","Sinapi","Adaptador pvc soldavel curto com bolsa e rosca, 60 mm x 2\", para agua fria.","Material","un.","1,00",11.08,11.08]
["Insumo","00003871","Sinapi","Luva soldavel com rosca, pvc, 50 mm x 1 1/2\", para agua fria predial.","Material","un.","1,00",18.12,18.12]
["Insumo","00003540","Sinapi","Joelho pvc, soldavel, 90 graus, 50 mm, cor marrom, para agua fria predial.","Material","un.","5,00",4.95,24.75]
["Insumo","00000099","Sinapi","Adaptador pvc soldavel, com flange e anel de vedacao, 50 mm x 1 1/2\", para caixa d'agua.","Material","un.","2,00",26.01,52.02]
["Insumo","00000119","Sinapi","Adesivo plastico para pvc, bisnaga com 75 gr.","Material","un.","0,45",6.75,3.04]
[]
["5.2","Código","Banco","Descrição.","Tipo","und","Quant.","Valor Unit","Total"]
["Composição","COMPOSIÇÃO - 13","Próprio","Fornecimento e execução de reservatório apoiado de 5 m³.","Sedi - serviços diversos","un.","1,00",6003.78,6003.78]
["Composição Auxiliar","5928","Sinapi","Guindauto hidráulico, capacidade máxima de carga 6200 kg, momento máximo de carga 11,7 tm, alcance máximo horizontal 9,70 m, inclusive caminhão toco pbt 16.000 kg, potência de 189 cv - chp diurno.","Chor - custos horários de máquinas e equipamentos","chp","4,00",268.45,1073.8]
["Composição Auxiliar","88309","Sinapi","Pedreiro com encargos complementares.","Sedi - serviços diversos","h","3,00",25.37,76.11]
["Composição Auxiliar","88316","Sinapi","Servente com encargos complementares.","Sedi - serviços diversos","h","3,00",19.97,59.91]
["Composição Auxiliar","88262","Sinapi","Carpinteiro de formas com encargos complementares.","Sedi - serviços diversos","h","3,00",24.69,74.07]
["Composição Auxiliar","102617","Sinapi","Caixa d´água em poliéster reforçado com fibra de vidro, 5000 litros - fornecimento e instalação.","Inhi - instalações hidros sanitárias","un.","1,00",3692.53,3692.53]
["Composição Auxiliar","92783","Sinapi","Armação de laje de uma estrutura convencional de concreto armado em uma edificação térrea ou sobrado utilizando aço ca-60 de 4,2 mm - montagem.","Fues - fundações e estruturas","kg","3,20",17.03,54.5]
["Composição Auxiliar","92759","Sinapi","Armação de pilar ou viga de estrutura convencional de concreto armado utilizando aço ca-60 de 5,0 mm - montagem.","Fues - fundações e estruturas","kg","5,60",13.3,74.48]
["Composição Auxiliar","94964","Sinapi","Concreto fck = 20mpa, traço 1:2,7:3 (em massa seca de cimento/ areia média/ brita 1) - preparo mecânico com betoneira 400 l.","Fues - fundações e estruturas","m³","1,56",450.84,703.31]
["Composição Auxiliar","84651","Sinapi","Pintura com tinta impermeavel mineral em po, duas demaos.","Pint - pinturas","m²","2,70",12.32,33.26]
["Composição Auxiliar","92783","Sinapi","Armação de laje de uma estrutura convencional de concreto armado em uma edificação térrea ou sobrado utilizando aço ca-60 de 4,2 mm - montagem.","Fues - fundações e estruturas","kg","3,20",17.03,54.5]
["Insumo","00007155","Sinapi","Tela de aco soldada nervurada, ca-60, q-138, (2,20 kg/m2), diametro do fio = 4,2 mm, largura = 2,45 m, espacamento da malha = 10 x 10 cm.","Material","m²","6,16",17.42,107.31]
[]
["6",null,null,"Bebedouro."]
["6.1","Código","Banco","Descrição.","Tipo","und","Quant.","Valor Unit","Total"]
["Composição","COMPOSIÇÃO - 14","Próprio","Serviço de execução do bebedouro em concreto armado, incluso materiais.","Sedi - serviços diversos","un.","1,00",1393.65,1393.65]
["Composição Auxiliar","5928","Sinapi","Guindauto hidráulico, capacidade máxima de carga 6200 kg, momento máximo de carga 11,7 tm, alcance máximo horizontal 9,70 m, inclusive caminhão toco pbt 16.000 kg, potência de 189 cv - chp diurno.","Chor - custos horários de máquinas e equipamentos","chp","2,00",268.45,536.9]
["Composição Auxiliar","87445","Sinapi","Betoneira capacidade nominal 400 l, capacidade de mistura 310 l, motor a diesel potência 5,0 hp, sem carregador - chp diurno.","Chor - custos horários de máquinas e equipamentos","chp","0,50",5.11,2.56]
["Composição Auxiliar","88377","Sinapi","Operador de betoneira estacionária/misturador com encargos complementares.","Sedi - serviços diversos","h","0,50",16.42,8.21]
["Composição Auxiliar","88310","Sinapi","Pintor com encargos complementares.","Sedi - serviços diversos","h","0,30",26.46,7.94]
["Composição Auxiliar","100301","Sinapi","Ajudante de pintor com encargos complementares.","Sedi - serviços diversos","h","0,10",22.46,2.25]
["Composição Auxiliar","88245","Sinapi","Armador com encargos complementares.","Sedi - serviços diversos","h","3,00",25.15,75.45]
["Composição Auxiliar","88262","Sinapi","Carpinteiro de formas com encargos complementares.","Sedi - serviços diversos","h","2,00",24.69,49.38]
["Composição Auxiliar","88316","Sinapi","Servente com encargos complementares.","Sedi - serviços diversos","h","5,00",19.97,99.85]
["Composição Auxiliar","88309","Sinapi","Pedreiro com encargos complementares.","Sedi - serviços diversos","h","4,00",25.37,101.48]
["Insumo","00043055","Sinapi","Aco ca-50, 12,5 mm ou 16,0 mm, vergalhao.","Material","kg","12,00",6.59,79.08]
["Insumo","00043059","Sinapi","Aco ca-60, 4,2 mm, ou 5,0 mm, ou 6,0 mm, ou 7,0 mm, vergalhao.","Material","kg","13,00",7.2,93.6]
["Insumo","00000032","Sinapi","Aco ca-50, 6,3 mm, vergalhao.","Material","kg","6,00",8.02,48.12]
["Insumo","00000370","Sinapi","Areia media - posto jazida/fornecedor (retirado na jazida, sem transporte).","Material","m³","0,32",120.0,38.4]
["Insumo","00001379","Sinapi","Cimento portland composto cp ii-32.","Material","kg","127,00",0.7,88.9]
["Insumo","00004718","Sinapi","Pedra britada n. 2 (19 a 38 mm) posto pedreira/fornecedor, sem frete.","Material","m³","0,08",95.0,7.6]
["Insumo","00004721","Sinapi","Pedra britada n. 1 (9,5 a 19 mm) posto pedreira/fornecedor, sem frete.","Material","m³","0,23",94.5,21.74]
["Insumo","00003767","Sinapi","Lixa em folha para parede ou madeira, numero 120, cor vermelha.","Material","un.","0,12",0.84,0.1]
["Insumo","00007356","Sinapi","Tinta latex acrilica premium, cor branco fosco.","Material","l","0,18",30.16,5.43]
["Insumo","00043681","Sinapi","Chapa/painel de madeira compensada resinada (madeirite resinado rosa) para forma de concreto, de 2200 x 1100 mm, e = 8 a 12 mm.","Material","m²","7,30",17.35,126.66]
[]
["7",null,null,"Chafariz."]
["7.1","Código","Banco","Descrição.","Tipo","und","Quant.","Valor Unit","Total"]
["Composição","COMPOSIÇÃO - 15","Próprio","Fornecimento de material e instalação do chafariz.","Astu - assentamento de tubos e pecas","un.","1,00",1011.64,1011.64]
["Composição Auxiliar","88267","Sinapi","Encanador ou bombeiro hidráulico com encargos complementares.","Sedi - serviços diversos","h","2,00",24.2,48.4]
["Composição Auxiliar","88248","Sinapi","Auxiliar de encanador ou bombeiro hidráulico com encargos complementares.","Sedi - serviços diversos","h","2,00",20.19,40.38]
["Composição Auxiliar","93358","Sinapi","Escavação manual de vala com profundidade menor ou igual a 1,30 m.","Movt - movimento de terra","m³","0,09",79.0,7.5]
["Composição Auxiliar","92270","Sinapi","Fabricação de fôrma para vigas, com madeira serrada, e = 25 mm.","Fues - fundações e estruturas","m²","0,63",159.53,100.18]
["Composição Auxiliar","94975","Sinapi","Concreto fck = 15mpa, traço 1:3,4:3,5 (em massa seca de cimento/ areia média/ brita 1) - preparo manual.","Fues - fundações e estruturas","m³","0,16",472.38,74.16]
["Composição Auxiliar","2171","Orse","Piso cimentado liso traço 1:5, e = 3 cm, c/ junta plástica 3 x 27 mm.","Pisos : cimentados, em concreto simples, tipo tech-stone e de alta resistência","m²","0,79",52.58,41.28]
["Composição Auxiliar","87904","Sinapi","Chapisco aplicado em alvenaria (com presença de vãos) e estruturas de concreto de fachada, com colher de pedreiro. argamassa traço 1:3 com preparo manual.","Reve - revestimento e tratamento de superfícies","m²","0,31",7.85,2.46]
["Composição Auxiliar","87529","Sinapi","Massa única, em argamassa traço 1:2:8, preparo mecânico, aplicada manualmente em paredes internas de ambientes com área entre 5m² e 10m², e = 17,5mm, com taliscas.","Reve - revestimento e tratamento de superfícies","m²","0,31",33.15,10.41]
["Composição Auxiliar","84651","Sinapi","Pintura com tinta impermeavel mineral em po, duas demaos.","Pint - pinturas","m²","0,31",12.32,3.87]
["Insumo","00000765","Sinapi","Bucha de reducao de ferro galvanizado, com rosca bsp, de 1\" x 3/4\".","Material","un.","2,00",11.17,22.34]
["Insumo","00009887","Sinapi","Uniao de ferro galvanizado, com rosca bsp, com assento plano, de 2\".","Material","un.","2,00",113.7,227.4]
["Insumo","00021013","Sinapi","Tubo aco galvanizado com costura, classe leve, dn 50 mm ( 2\"), e = 3,00 mm, *4,40* kg/m (nbr 5580).","Material","m","1,80",67.99,122.38]
["Insumo","00006298","Sinapi","Te de ferro galvanizado, de 2\".","Material","un.","1,00",74.06,74.06]
["Insumo","00003471","Sinapi","Cotovelo 90 graus de ferro galvanizado, com rosca bsp, de 2\".","Material","un.","1,00",55.7,55.7]
["Insumo","00000113","Sinapi","Adaptador pvc soldavel curto com bolsa e rosca, 60 mm x 2\", para agua fria.","Material","un.","1,00",11.08,11.08]
["Insumo","00000818","Sinapi","Bucha de reducao de pvc, soldavel, curta, com 60 x 50 mm, para agua fria predial.","Material","un.","1,00",6.76,6.76]
["Insumo","00007604","Sinapi","Torneira metalica cromada para tanque / jardim, sem bico , cano longo, de parede, padrao popular / uso geral, 1/2 \" ou 3/4 \" (ref 1126).","Material","un.","2,00",46.25,92.5]
["Insumo","00000119","Sinapi","Adesivo plastico para pvc, bisnaga com 75 gr.","Material","un.","1,00",6.75,6.75]
["Insumo","00003146","Sinapi","Fita veda rosca em rolos de 18 mm x 10 m (l x c).","Material","un.","1,00",2.01,2.01]
["Insumo","00000771","Sinapi","Bucha de reducao de ferro galvanizado, com rosca bsp, de 2\" x 1\".","Material","un.","2,00",31.01,62.02]
[]
["8",null,null,"Cavalete."]
["8.1","Código","Banco","Descrição.","Tipo","und","Quant.","Valor Unit","Total"]
["Composição","COMPOSIÇÃO - 16","Próprio","Fornecimento de conexões e instalação do cavalete com hidrômetro e clorador de pastilhas.","Inhi - instalações hidros sanitárias","un.","1,00",1534.99,1534.99]
["Composição Auxiliar","88248","Sinapi","Auxiliar de encanador ou bombeiro hidráulico com encargos complementares.","Sedi - serviços diversos","h","3,00",20.19,60.57]
["Insumo","00000791","Sinapi","Bucha de reducao de ferro galvanizado, com rosca bsp, de 1 1/2\" x 1\".","Material","un.","1,00",23.11,23.11]
["Insumo","00009862","Sinapi","Tubo pvc, roscavel, 1 1/2\", agua fria predial.","Material","m","1,50",31.09,46.64]
["Insumo","00011831","Sinapi","Torneira plastica para tanque 1/2 \" ou 3/4 \" com bico para mangueira.","Material","un.","1,00",16.55,16.55]
["Insumo","002121","Sbc","Te de reducao ferro galvanizado 1.1/2\" x 1\".","Material","un.","1,00",57.49,57.49]
["Insumo","9569","Orse","Adaptador pvc bsxrm d= 35mm x 1 1/2\", linha irriga-lf, tigre ou similar un.","Material","un.","1,00",3.04,3.04]
["Insumo","00003939","Sinapi","Luva de ferro galvanizado, com rosca bsp, de 1 1/2\".","Material","un.","1,00",25.6,25.6]
["Insumo","00001798","Sinapi","Curva 90 graus de ferro galvanizado, com rosca bsp macho, de 2\".","Material","un.","1,00",142.72,142.72]
["Insumo","00009887","Sinapi","Uniao de ferro galvanizado, com rosca bsp, com assento plano, de 2\".","Material","un.","2,00",113.7,227.4]
["Insumo","00004181/sinapi","Orse","Niple de ferro galvanizado, com rosca bsp, de 2\".","Material","un.","2,00",39.24,78.48]
["Insumo","00006028","Sinapi","Registro gaveta bruto em latao forjado, bitola 2 \" (ref 1509).","Material","un.","1,00",138.78,138.78]
["Insumo","00012775","Sinapi","Hidrometro multijato / medidor de agua, dn 1\", vazao maxima de 7 m3/h, para agua potavel fria, relojoaria plana, classe b, horizontal (sem conexoes).","Material","un.","1,00",350.65,350.65]
["Insumo","00000771","Sinapi","Bucha de reducao de ferro galvanizado, com rosca bsp, de 2\" x 1\".","Material","un.","1,00",31.01,31.01]
["Insumo","00006305","Sinapi","Te de reducao de ferro galvanizado, com rosca bsp, de 2\" x 1\".","Material","un.","1,00",81.98,81.98]
["Insumo","12464","Orse","Clorador dosador de cloro de pastilhas automático.","Material","un.","1,00",250.97,250.97]
[]
["9",null,null,"Instalações hidráulicas poço e adutora."]
["9.1","Código","Banco","Descrição.","Tipo","und","Quant.","Valor Unit","Total"]
["Composição","COMPOSIÇÃO - 17","Próprio","Fornecimento e instalação da rede adutora poço-reservatório-bebedouro em pn80 e dn50mm.","Sedi - serviços diversos","m","1,00",27.01,27.01]
["Composição Auxiliar","88316","Sinapi","Servente com encargos complementares.","Sedi - serviços diversos","h","0,05",19.97,1.0]
["Composição Auxiliar","93358","Sinapi","Escavação manual de vala com profundidade menor ou igual a 1,30 m.","Movt - movimento de terra","m³","0,05",79.0,3.95]
["Insumo","00009875","Sinapi","Tubo pvc, soldavel, de 50 mm, agua fria (nbr-5648).","Material","m","1,00",15.31,15.31]
["Insumo","00000119","Sinapi","Adesivo plastico para pvc, bisnaga com 75 gr.","Material","un.","1,00",6.75,6.75]
[]
["9.2","Código","Banco","Descrição.","Tipo","und","Quant.","Valor Unit","Total"]
["Composição","COMPOSIÇÃO - 18","Próprio","Montagem hidráulica do equipamento de bombeamento.","Inhi - instalações hidros sanitárias","un.","1,00",133.17,133.17]
["Composição Auxiliar","88267","Sinapi","Encanador ou bombeiro hidráulico com encargos complementares.","Sedi - serviços diversos","h","3,00",24.2,72.6]
["Composição Auxiliar","88248","Sinapi","Auxiliar de encanador ou bombeiro hidráulico com encargos complementares.","Sedi - serviços diversos","h","3,00",20.19,60.57]
[]
["9.3","Código","Banco","Descrição.","Tipo","und","Quant.","Valor Unit","Total"]
["Insumo","00038200","Sinapi","Corda de poliamida 12 mm tipo bombeiro, para trabalho em altura.","Material","100m","1,00",789.63,789.63]
[]
["9.4","Código","Banco","Descrição.","Tipo","und","Quant.","Valor Unit","Total"]
["Insumo","00009860","Sinapi","Tubo pvc, roscavel, 2\", para agua fria predial.","Material","m","1,00",44.48,44.48]
[]
["9.5","Código","Banco","Descrição.","Tipo","und","Quant.","Valor Unit","Total"]
["Insumo","00003912","Sinapi","Luva de ferro galvanizado, com rosca bsp, de 2\".","Material","un.","1,00",39.21,39.21]
[]
["9.6","Código","Banco","Descrição.","Tipo","und","Quant.","Valor Unit","Total"]
["Insumo","5128","Orse","Tampa de poço galvanizada em 6\" un.","Serviços","un.","1,00",107.28,107.28]
[]
["10",null,null,"Estrutura de fixação para módulos fotovoltáicos."]
["10.1","Código","Banco","Descrição.","Tipo","und","Quant.","Valor Unit","Total"]
["Composição","COMPOSIÇÃO - 19","Próprio","Serviço de fixação de estruturas para os módulos fotovoltaicos e suportes de concreto, incluso materiais.","Sedi - serviços diversos","m²","1,00",232.43,232.43]
["Composição Auxiliar","94975","Sinapi","Concreto fck = 15mpa, traço 1:3,4:3,5 (em massa seca de cimento/ areia média/ brita 1) - preparo manual.","Fues - fundações e estruturas","m³","0,09",472.38,44.64]
["Composição Auxiliar","93358","Sinapi","Escavação manual de vala com profundidade menor ou igual a 1,30 m.","Movt - movimento de terra","m³","0,06",79.0,4.94]
["Composição Auxiliar","96534","Sinapi","Fabricação, montagem e desmontagem de fôrma para bloco de coroamento, em madeira serrada, e=25 mm, 4 utilizações.","Fues - fundações e estruturas","m²","0,03",82.4,2.64]
["Composição Auxiliar","88316","Sinapi","Servente com encargos complementares.","Sedi - serviços diversos","h","2,64",19.97,52.66]
["Composição Auxiliar","88278","Sinapi","Montador de estrutura metálica com encargos complementares.","Sedi - serviços diversos","h","2,64",18.83,49.65]
["Insumo","015690","Sbc","Estrutura metalica tesoura c/coluna 20/35m(24,72kg/m2).","Material","m²","1,00",77.9,77.9]
[]
["11",null,null,"Instalações elétricas."]
["11.1","Código","Banco","Descrição.","Tipo","und","Quant.","Valor Unit","Total"]
["Composição","COMPOSIÇÃO - 20","Próprio","Montagem e instalação elétrica do kit de bombeamento e sistema fotovoltaico inclusive sistema de aterramento.","Inel - instalação elétrica/eletrificação e iluminação externa","un.","1,00",1091.01,1091.01]
["Composição Auxiliar","88247","Sinapi","Auxiliar de eletricista com encargos complementares.","Sedi - serviços diversos","h","8,00",21.21,169.68]
["Insumo","00020111","Sinapi","Fita isolante adesiva antichama, uso ate 750 v, em rolo de 19 mm x 20 m.","Material","un.","1,00",9.0,9.0]
["Insumo","00002674","Sinapi","Fornecimento de eletroduto de pvc rigido roscavel de 3/4 \", sem luva.","Material","m","15,00",4.75,71.25]
["Insumo","00012034","Sinapi","Fornecimento de curva 180 graus, de pvc rigido roscavel, de 3/4\", para eletroduto.","Material","un.","1,00",2.29,2.29]
["Insumo","00039272","Sinapi","Fornecimento de curva 90 graus, curta, de pvc rigido roscavel, de 3/4\", para eletroduto.","Material","un.","2,00",1.25,2.5]
["Insumo","00003379","Sinapi","Haste de aterramento em aco com 3,00 m de comprimento e dn = 5/8\", revestida com baixa camada de cobre, sem conector.","Material","un.","0,66",74.82,49.38]
["Insumo","00001891","Sinapi","Fornecimento de luva em pvc rigido roscavel, de 3/4\", para eletroduto.","Material","un.","9,00",0.58,5.22]
["Insumo","00000425","Sinapi","Grampo metalico tipo olhal para haste de aterramento de 5/8'', condutor de *10* a 50 mm2.","Material","un.","2,00",7.1,14.2]
["Insumo","00034643","Sinapi","Fornecimento de caixa de inspecao para aterramento e para raios, em polipropileno, diametro = 300 mm x altura = 400 mm.","Material","un.","2,00",40.57,81.14]
["Insumo","00000867","Sinapi","Cabo de cobre nu 50 mm2 meio-duro.","Material","m","7,50",61.82,463.65]
["Insumo","54581","Siurb infra","Dps - dispositivo de proteção contra surtos – 45ka – 500 volts - corrente contínua - classe ii - p/ sistema fotovoltáico.","Material","un.","1,00",222.7,222.7]
[]
["11.2","Código","Banco","Descrição.","Tipo","und","Quant.","Valor Unit","Total"]
["Insumo","00034622","Sinapi","Fornecimento de cabo flexivel pvc 750 v, 3 condutores de 6,0 mm2.","Material","m","1,00",24.3,24.3]
[]
["11.3","Código","Banco","Descrição.","Tipo","und","Quant.","Valor Unit","Total"]
["Composição","COMPOSIÇÃO - 21","Próprio","Fornecimento e instalação de automático de bóia superior e inferior.","Astu - assentamento de tubos e pecas","un.","1,00",51.0,51.0]
["Composição Auxiliar","88264","Sinapi","Eletricista com encargos complementares.","Sedi - serviços diversos","h","0,20",25.62,5.12]
["Composição Auxiliar","88247","Sinapi","Auxiliar de eletricista com encargos complementares.","Sedi - serviços diversos","h","0,20",21.21,4.24]
["Insumo","00007588","Sinapi","Automatico de boia superior / inferior, *15* a / 250 v.","Material","un.","1,00",41.0,41.0]
["Insumo","00021127","Sinapi","Fita isolante adesiva antichama, uso ate 750 v, em rolo de 19 mm x 5 m.","Material","un.","0,10",3.4,0.34]
["Insumo","00003146","Sinapi","Fita veda rosca em rolos de 18 mm x 10 m (l x c).","Material","un.","0,15",2.01,0.3]
[]
["11.4","Código","Banco","Descrição.","Tipo","und","Quant.","Valor Unit","Total"]
["Insumo","00039257","Sinapi","Cabo multipolar de cobre, flexivel, classe 4 ou 5, isolacao em hepr, cobertura em pvc-st2, antichama bwf-b, 0,6/1 kv, 3 condutores de 1,5 mm2.","Material","m","1,00",6.61,6.61]
[]
["11.5","Código","Banco","Descrição.","Tipo","und","Quant.","Valor Unit","Total"]
["Insumo","Cotação-002","Próprio","Fornecimento de kit de bombeamento fotovoltaico, incluindo uma bomba cc de 2200w com controladora de carga externa, caixa de proteção metálica, módulos fotovoltaicos compatíveis com a geração de 3300wp além de componentes elétricos necessários para interligação dos painéis, como cabos, conectores mc4 e presilhas de fixação.","Serviços","un.","1,00",11621.8,11621.8]
[]
["12",null,null,"Urbanização."]
["12.1","Código","Banco","Descrição.","Tipo","und","Quant.","Valor Unit","Total"]
["Composição","COMPOSIÇÃO - 22","Próprio","Cerca com mourões de concreto de 15x15cm, espaçados de 3m e cravados a 0,5m, escoras de 10x10cm nos cantos, e 9 fios de arame de aço ovalado 15x17.","Sedi - serviços diversos","m","1,00",76.86,76.86]
["Composição Auxiliar","88309","Sinapi","Pedreiro com encargos complementares.","Sedi - serviços diversos","h","0,34",25.37,8.5]
["Composição Auxiliar","88316","Sinapi","Servente com encargos complementares.","Sedi - serviços diversos","h","0,67",19.97,13.4]
["Composição Auxiliar","94975","Sinapi","Concreto fck = 15mpa, traço 1:3,4:3,5 (em massa seca de cimento/ areia média/ brita 1) - preparo manual.","Fues - fundações e estruturas","m³","0,03",472.38,13.6]
["Insumo","00043130","Sinapi","Arame galvanizado 12 bwg, d = 2,76 mm (0,048 kg/m) ou 14 bwg, d = 2,11 mm (0,026 kg/m).","Material","kg","0,10",25.0,2.45]
["Insumo","00000346","Sinapi","Arame de aco ovalado 15 x 17 ( 45,7 kg, 700 kgf), rolo 1000 m.","Material","kg","0,41",29.61,11.99]
["Insumo","00004111","Sinapi","Escora pre-moldada em concreto, *10 x 10* cm, h = 2,30m.","Material","un.","0,16",44.34,7.09]
["Insumo","I1533","Seinfra","Mourão concreto base 15x15cm h=2.3 c/ 12 furos.","Material","un.","0,42",47.22,19.83]
[]
["12.2","Código","Banco","Descrição.","Tipo","und","Quant.","Valor Unit","Total"]
["Composição","COMPOSIÇÃO - 23","Próprio","Serviço de instalação de portão de ferro com suporte e batedor conforme projeto, incluso material.","Sedi - serviços diversos","m²","1,00",585.44,585.44]
["Composição Auxiliar","88309","Sinapi","Pedreiro com encargos complementares.","Sedi - serviços diversos","h","1,50",25.37,38.06]
["Composição Auxiliar","88316","Sinapi","Servente com encargos complementares.","Sedi - serviços diversos","h","1,50",19.97,29.96]
["Insumo","00000367","Sinapi","Areia grossa - posto jazida/fornecedor (retirado na jazida, sem transporte).","Material","m³","0,06",121.56,7.42]
["Insumo","00001379","Sinapi","Cimento portland composto cp ii-32.","Material","kg","4,83",0.7,3.38]
["Insumo","00004948","Sinapi","Portao de abrir / giro, em gradil de metalon redondo de 3/4\" vertical, com requadro, acabamento natural - completo.","Material","m²","1,00",506.62,506.62]
[]
["13",null,null,"Outros serviços e insumos excepcionais."]
["13.1","Código","Banco","Descrição.","Tipo","und","Quant.","Valor Unit","Total"]
["Composição","COMPOSIÇÃO - 24","Próprio","Execução de tamponamento conforme especificação.","Sedi - serviços diversos","m³","1,00",558.15,558.15]
["Composição Auxiliar","87316","Sinapi","Argamassa traço 1:4 (em volume de cimento e areia grossa úmida) para chapisco convencional, preparo mecânico com betoneira 400 l.","Sedi - serviços diversos","m³","1,00",443.68,443.68]
["Composição Auxiliar","88316","Sinapi","Servente com encargos complementares.","Sedi - serviços diversos","h","1,00",19.97,19.97]
["Insumo","00004721","Sinapi","Pedra britada n. 1 (9,5 a 19 mm) posto pedreira/fornecedor, sem frete.","Material","m³","1,00",94.5,94.5]
[]
["13.2","Código","Banco","Descrição.","Tipo","und","Quant.","Valor Unit","Total"]
["Insumo","13747","Orse","Revestimento tubo liso aço sch-40 em 12\".","Serviços","m","1,00",921.04,921.04]
[]
["13.3","Código","Banco","Descrição.","Tipo","und","Quant.","Valor Unit","Total"]
["Insumo","M3929","Sicro3","Tubo em aço-carbono - e = 3,00 mm e d = 150 mm (6\").","Material","m","1,00",171.23,171.23]
[]
["13.4","Código","Banco","Descrição.","Tipo","und","Quant.","Valor Unit","Total"]
["Insumo","M039706073","Embasa","Filtro nold em aço galvanizado dn 6\".","Material","m","1,00",763.9,763.9]
[]
["13.5","Código","Banco","Descrição.","Tipo","und","Quant.","Valor Unit","Total"]
["Composição","COMPOSIÇÃO - 25","Próprio","Limpeza manual , remoção de cerca, capina e instalação dos equipamentos (área do poço, painéis solares, bebedouro e reservatório).","Sedi - serviços diversos","m²","1,00",1.6,1.6]
["Composição Auxiliar","88316","Sinapi","Servente com encargos complementares.","Sedi - serviços diversos","h","0,08",19.97,1.6]
[]
[]
[]
["14"]

{"sheet":"Crono. - PB - T","index":16,"n_rows":27,"n_cols":15,"rows_kept":27,"cut":false,"hidden":false,"merged":[[0,0,6,14],[7,0,8,14],[23,0,23,1],[23,2,26,2],[24,0,24,1],[25,0,25,1],[26,0,26,1]]}
["OBJETO: EXECUÇÃO DE SERVIÇOS DE PERFURAÇÃO E INSTALAÇÃO DE POÇOS TUBULARES EM MUNICÍPIOS LOCALIZADOS NO ESTADO DA PARAÍBA, NA ÁREA DE ATUAÇÃO DA CODEVASF"]
[]
[]
[]
[]
[]
[]
["CRONOGRAMA FÍSICO-FINANCEIRO POÇO TOTALMENTE REVESTIDO"]
[]
["ITEM","ESPECIFICAÇÃO DOS SERVIÇOS","VALOR TOTAL (R$)","Mês 01","Mês 02","Mês 03","Mês 04","Mês 05","Mês 06","Mês 07","Mês 08","Mês 09","Mês 10","Mês 11","Mês 12"]
["1","Serviços preliminares.",65295.09,5441.2575,5441.2575,5441.2575,5441.2575,5441.2575,5441.2575,5441.2575,5441.2575,5441.2575,5441.2575,5441.2575,5441.2575]
["2","Mobilizaçâo e desmobilizaçâo equipe campo.",42741.0,3561.75,3561.75,3561.75,3561.75,3561.75,3561.75,3561.75,3561.75,3561.75,3561.75,3561.75,3561.75]
["3","Perfuração e completação de poço tubular.",1901686.73,158473.89416666667,158473.89416666667,158473.89416666667,158473.89416666667,158473.89416666667,158473.89416666667,158473.89416666667,158473.89416666667,158473.89416666667,158473.89416666667,158473.89416666667,158473.89416666667]
["4","Pós perfuração.",217574.64,18131.22,18131.22,18131.22,18131.22,18131.22,18131.22,18131.22,18131.22,18131.22,18131.22,18131.22,18131.22]
["5","Reservação.",473924.95,39493.745833333334,39493.745833333334,39493.745833333334,39493.745833333334,39493.745833333334,39493.745833333334,39493.745833333334,39493.745833333334,39493.745833333334,39493.745833333334,39493.745833333334,39493.745833333334]
["6","Bebedouro.",31693.32,2641.11,2641.11,2641.11,2641.11,2641.11,2641.11,2641.11,2641.11,2641.11,2641.11,2641.11,2641.11]
["7","Chafariz.",23005.98,1917.165,1917.165,1917.165,1917.165,1917.165,1917.165,1917.165,1917.165,1917.165,1917.165,1917.165,1917.165]
["8","Cavalete.",34907.58,2908.965,2908.965,2908.965,2908.965,2908.965,2908.965,2908.965,2908.965,2908.965,2908.965,2908.965,2908.965]
["9","Instalações hidráulicas poço e adutora.",362248.01,30187.334166666667,30187.334166666667,30187.334166666667,30187.334166666667,30187.334166666667,30187.334166666667,30187.334166666667,30187.334166666667,30187.334166666667,30187.334166666667,30187.334166666667,30187.334166666667]
["10","Estrutura de fixação para módulos fotovoltáicos.",80236.93,6686.410833333332,6686.410833333332,6686.410833333332,6686.410833333332,6686.410833333332,6686.410833333332,6686.410833333332,6686.410833333332,6686.410833333332,6686.410833333332,6686.410833333332,6686.410833333332]
["11","Instalações elétricas.",370635.12,30886.26,30886.26,30886.26,30886.26,30886.26,30886.26,30886.26,30886.26,30886.26,30886.26,30886.26,30886.26]
["12","Urbanização.",68908.68,5742.389999999999,5742.389999999999,5742.389999999999,5742.389999999999,5742.389999999999,5742.389999999999,5742.389999999999,5742.389999999999,5742.389999999999,5742.389999999999,5742.389999999999,5742.389999999999]
["13","Outros serviços e insumos excepcionais.",123445.02,10287.085000000001,10287.085000000001,10287.085000000001,10287.085000000001,10287.085000000001,10287.085000000001,10287.085000000001,10287.085000000001,10287.085000000001,10287.085000000001,10287.085000000001,10287.085000000001]
["TOTAL",null,3796303.0500000003,316358.5875,316358.5875,316358.5875,316358.5875,316358.5875,316358.5875,316358.5875,316358.5875,316358.5875,316358.5875,316358.5875,316358.5875]
["PERCENTUAL",null,null,0.08333333333333333,0.08333333333333333,0.08333333333333333,0.08333333333333333,0.08333333333333333,0.08333333333333333,0.08333333333333333,0.08333333333333333,0.08333333333333333,0.08333333333333333,0.08333333333333333,0.08333333333333333]
["CUSTO ACUMULADO",null,null,316358.5875,632717.175,949075.7625000001,1265434.35,1581792.9375,1898151.525,2214510.1125,2530868.6999999997,2847227.2874999996,3163585.8749999995,3479944.4624999994,3796303.0499999993]
["PERCENTUAL ACUMULADO",null,null,0.08333333333333333,0.16666666666666666,0.25,0.3333333333333333,0.41666666666666663,0.49999999999999994,0.5833333333333333,0.6666666666666666,0.75,0.8333333333333334,0.9166666666666667,1.0]

{"sheet":"CAPA CE","index":17,"n_rows":7,"n_cols":2,"rows_kept":7,"cut":false,"hidden":false,"merged":[[6,1,16,13]]}
[]
[]
[]
[]
[]
[]
[null,"EXECUÇÃO DE SERVIÇOS DE PERFURAÇÃO E INSTALAÇÃO DE POÇOS TUBULARES NO ESTADO DO CEARÁ"]

{"sheet":"Planilha Resumo CE","index":18,"n_rows":15,"n_cols":7,"rows_kept":15,"cut":false,"hidden":false,"merged":[[12,1,12,2],[14,1,14,2],[1,1,1,6],[2,1,2,6],[3,1,3,6],[4,1,4,6],[8,1,8,2],[8,4,8,5],[12,4,12,6],[14,4,14,6]]}
[]
[null,"OBJETO: EXECUÇÃO DE SERVIÇOS DE PERFURAÇÃO E INSTALAÇÃO DE POÇOS TUBULARES EM MUNICÍPIOS LOCALIZADOS NO ESTADO DO CEARÁ, NA ÁREA DE ATUAÇÃO DA CODEVASF"]
[null,"PLANILHA ORÇAMENTÁRIA ESTIMATIVA GERAL"]
[null,"DATABASE DO ORÇAMENTO: SETEMBRO/2024 - NÃO DESONERADO"]
[null,"PLANILHA RESUMIDA - GRUPO 3 - CEARÁ"]
[null,"ITEM","DISCRIMINAÇÃO","UND","Quantidade de Poços","PREÇO \nUNITÁRIO","TOTAL"]
[null,5.0,"Perfuração e instalação de poço tubular parcialmente revestido, instalado com sistema fotovoltaico, bomba submersa, reservatório e bebedouro para animais.","un",126.0,150360.25,1.894539211E7]
[null,6.0,"Perfuração e instalação de poços poço tubular totalmente revestido, instalado com sistema fotovoltaico, bomba submersa, reservatório e bebedouro para animais.","un",36.0,215110.93,7743993.43]
[null,"TOTAL GERAL ESTIMADO GRUPO",null,"un",162.0,null,2.668938554E7]
[]
[]
[]
[null,"Base de Preços Consultados",null,null,"SINAPI - 08/2024 - Ceará\nSBC - 10/2024 - Ceará\nSICRO3 - 04/2024 - Ceará\nORSE - 06/2024 - Sergipe\nSEINFRA - 028 - Ceará\nCPOS/CDHU - 09/2024 - São Paulo\nFDE - 07/2024 - São Paulo\nEMBASA - 05/2024 - Bahia"]
[]
[null,"Encargos Sociais",null,null,"Não Desonerado: \nHorista: 115,02%\nMensalista: 71,66%"]

{"sheet":"Orçamento Sintético - CE - P","index":19,"n_rows":59,"n_cols":12,"rows_kept":59,"cut":false,"hidden":false,"merged":[[0,0,0,5],[1,0,1,5]]}
["OBJETO: EXECUÇÃO DE SERVIÇOS DE PERFURAÇÃO E INSTALAÇÃO DE POÇOS TUBULARES EM MUNICÍPIOS LOCALIZADOS NO ESTADO DO CEARÁ, NA ÁREA DE ATUAÇÃO DA CODEVASF",{"$nulls":6},"Quantidade de Poços","BDI SERVIÇO","BDI INSUMO","Total","Preço Unitário Por Poço"]
["PLANILHA SINTÉTICA - POÇO PARCIALMENTE REVESTIDO - CEARÁ",{"$nulls":6},126.0,0.2634,0.1528,1.894539211E7,150360.25]
["Item","Código","Banco","Tipo","Descrição.","un.","Mem. calc.","Quant.","Valor Unit","Valor Unit com BDI","Total","Peso (%)"]
["1",null,null,null,"Serviços preliminares.",{"$nulls":5},302323.44,0.015957623798159543]
["1.1","COMPOSIÇÃO - 1","Próprio","Serviço","Administração local da obra - poço parcialmente revestido.","un.",1.0,126.0,220.87,279.05,35160.3,0.0018558760777213602]
["1.2","COMPOSIÇÃO - 2","Próprio","Serviço","Serviço de locação geológica de campo com relatório hidro geológico e perfil construtivo e geológico esperado. relatório de viabilidade de implantação das estruturas e vistorias preliminares.","un.",1.0,126.0,590.5,746.04,94001.04,0.004961683529916658]
["1.3",103689.0,"Sinapi","Insumo","Fornecimento e instalação de placa de obra com chapa galvanizada e estrutura de madeira.","m²",0.72,90.72,465.75,536.92,48709.38,0.0025710410065511173]
["1.4","COMPOSIÇÃO - 3","Próprio","Insumo","Taxas e emolumentos fiscais , administrativos para obtenção outorga e outros.","un.",1.0,126.0,856.8,987.72,124452.72,0.006569023183970406]
["2",null,null,null,"Mobilizaçâo e desmobilizaçâo equipes perfuraçâo e instalação.",{"$nulls":5},328104.0,0.01731840640167146]
["2.1","COMPOSIÇÃO - 4","Próprio","Serviço","Transporte de comboio perfuração.","km",150.0,18900.0,4.89,6.18,116802.0,0.006165193062346177]
["2.2","COMPOSIÇÃO - 5","Próprio","Serviço","Transporte de comboio instalação.","km",150.0,18900.0,6.16,7.78,147042.0,0.007761359550979492]
["2.3","COMPOSIÇÃO - 6","Próprio","Serviço","Transporte de equipe teste de vazão.","km",150.0,18900.0,2.69,3.4,64260.0,0.0033918537883457934]
["3",null,null,null,"Perfuração e completação de poço tubular.",{"$nulls":5},3774238.45,0.19921669755295449]
["3.1",5051.0,"Orse","Insumo","Perfuraçao em rocha metassedimentar - metassedimento alterado / compacto dn 6\" (poço 120m).","m",90.0,11340.0,156.31,180.19,2043354.6,0.10785496484506385]
["3.2",5057.0,"Orse","Insumo","Perfuração rocha sedimentar sedimento / camadas inconsolidadas dn 12.1/2\" - poço até 150m.","m",30.0,3780.0,247.66,285.5,1079190.0,0.05696319156310141]
["3.3","COMPOSIÇÃO - 7","Próprio","Serviço","Serviço de lançamento cimentação anelar, incluso materiais.","m³",1.74,219.24,541.72,684.41,150050.05,0.007920134306473321]
["3.4",9854.0,"Sinapi","Insumo","Tubo pvc de revestimento geomecanico nervurado standard, dn = 154 mm, comprimento = 2 m.","m",30.0,3780.0,115.12,132.71,501643.8,0.026478406838315895]
["4",null,null,null,"Pós perfuração.",{"$nulls":5},1490165.46,0.07865582571993544]
["4.1",6305.0,"Orse","Serviço","Desenvolvimento com compressor 250psi / 750cfm.","h",2.0,252.0,411.16,519.46,130903.92,0.0069095387015455124]
["4.2","COMPOSIÇÃO - 8","Próprio","Serviço","Inspeção ótica em poço tubular câmera com rotação de 360º, visada lateral, com fonte própria de luz, entregue vídeo em cores e marcação de profundidades.","m",120.0,15120.0,9.42,11.9,179928.0,0.00949719060736822]
["4.3","COMPOSIÇÃO - 9","Próprio","Serviço","Serviço de coleta e análise físico-química e bacteriológica.","un.",1.0,126.0,621.19,784.81,98886.06,0.0052195309247679645]
["4.4","24.80.22","Embasa","Serviço","Ensaio de bombeamento poço tubular incluso materiais e grupo gerador.","h",24.0,3024.0,255.47,322.76,976026.24,0.05151786958712886]
["4.5","COMPOSIÇÃO - 10","Próprio","Serviço","Serviço de instalação de laje sanitária com dimensões (1,5x1,5x0,3) metros , incluso material.","un.",1.0,126.0,655.96,828.74,104421.24,0.005511695899124888]
["5",null,null,null,"Reservação.",{"$nulls":5},3576955.54,0.1888034578134683]
["5.1","COMPOSIÇÃO - 11","Próprio","Serviço","Fornecimento e instalação de reservatório e base elevada 10 m³.","un.",0.8,100.8,26556.16,33551.05,3381945.84,0.17851020556153588]
["5.2","COMPOSIÇÃO - 12","Próprio","Serviço","Fornecimento e execução de reservatório apoiado de 5 m³.","un.",0.2,25.2,6125.12,7738.48,195009.7,0.01029325225193241]
["6",null,null,null,"Bebedouro.",{"$nulls":5},264484.08,0.013960338137335075]
["6.1","COMPOSIÇÃO - 13","Próprio","Serviço","Serviço de execução do bebedouro em concreto armado, incluso materiais.","un.",1.0,126.0,1661.45,2099.08,264484.08,0.013960338137335075]
["7",null,null,null,"Chafariz.",{"$nulls":5},167082.3,0.008819152384384193]
["7.1","COMPOSIÇÃO - 14","Próprio","Serviço","Fornecimento de material e instalação do chafariz.","un.",1.0,126.0,1049.59,1326.05,167082.3,0.008819152384384193]
["8",null,null,null,"Cavalete.",{"$nulls":5},244568.52,0.012909129490695984]
["8.1","COMPOSIÇÃO - 15","Próprio","Serviço","Fornecimento de conexões e instalação do cavalete com hidrômetro e clorador de pastilhas.","un.",1.0,126.0,1536.35,1941.02,244568.52,0.012909129490695984]
["9",null,null,null,"Instalações hidráulicas.",{"$nulls":5},2584609.4,0.13642417032032597]
["9.1","COMPOSIÇÃO - 16","Próprio","Serviço","Fornecimento e instalação da rede adutora poço-reservatório-bebedouro em pn80 e dn50mm.","m",400.0,50400.0,28.47,35.97,1812888.0,0.0956901809935672]
["9.2","COMPOSIÇÃO - 17","Próprio","Serviço","Montagem hidráulica do equipamento de bombeamento.","un.",1.0,126.0,152.28,192.39,24241.14,0.0012795269614506808]
["9.3",38200.0,"Sinapi","Insumo","Corda de poliamida 12 mm tipo bombeiro, para trabalho em altura.","100m",0.93,117.18,584.75,674.1,78991.04,0.004169406446768971]
["9.4",9860.0,"Sinapi","Insumo","Tubo pvc, roscavel, 2\", para agua fria predial.","m",90.0,11340.0,42.97,49.54,561783.6,0.029652782942585398]
["9.5",3912.0,"Sinapi","Insumo","Luva de ferro galvanizado, com rosca bsp, de 2\".","un.",16.0,2016.0,39.21,45.2,91123.2,0.004809781685748388]
["9.6",5128.0,"Orse","Insumo","Tampa de poço galvanizada em 6\" un.","un.",1.0,126.0,107.28,123.67,15582.42,8.224912902053417E-4]
["10",null,null,null,"Estrutura de fixação para módulos fotovoltáicos.",{"$nulls":5},418201.11,0.02207402768820286]
["10.1","COMPOSIÇÃO - 18","Próprio","Serviço","Serviço de fixação de estruturas para os módulos fotovoltaicos e suportes de concreto, incluso materiais.","m²",10.12,1275.12,259.59,327.97,418201.11,0.02207402768820286]
["11",null,null,null,"Instalações elétricas e bóia elétrica.",{"$nulls":5},2278228.68,0.12025238996227881]
["11.1","COMPOSIÇÃO - 19","Próprio","Serviço","Montagem e instalação elétrica do kit de bombeamento e sistema fotovoltaico inclusive sistema de aterramento.","un.",1.0,126.0,1090.83,1378.15,173646.9,0.009165653526291676]
["11.2",34622.0,"Sinapi","Insumo","Fornecimento de cabo flexivel pvc 750 v, 3 condutores de 6,0 mm2.","m",105.0,13230.0,23.52,27.11,358665.3,0.018931532159246506]
["11.3","COMPOSIÇÃO - 20","Próprio","Serviço","Fornecimento e instalação de automático de bóia superior e inferior.","un.",1.0,126.0,56.53,71.42,8998.92,4.7499254424246385E-4]
["11.4",39257.0,"Sinapi","Insumo","Cabo multipolar de cobre, flexivel, classe 4 ou 5, isolacao em hepr, cobertura em pvc-st2, antichama bwf-b, 0,6/1 kv, 3 condutores de 1,5 mm2.","m",200.0,25200.0,6.39,7.37,185724.0,0.009803122517689606]
["11.5","Cotação-001","Próprio","Serviço","Fornecimento de kit de bombeamento fotovoltaico, incluindo uma bomba cc de 1500w com controladora de carga externa, caixa de proteção metálica, módulos fotovoltaicos compatíveis com a geração de 2200wp além de componentes elétricos necessários para interligação dos painéis, como cabos, conectores mc4 e presilhas de fixação.","un.",1.0,126.0,9744.39,12311.06,1551193.56,0.08187708921480856]
["12",null,null,null,"Urbanização.",{"$nulls":5},482787.9,0.025483130525715998]
["12.1","COMPOSIÇÃO - 21","Próprio","Serviço","Cerca com mourões de concreto de 15x15cm, espaçados de 3m e cravados a 0,5m, escoras de 10x10cm nos cantos, e 9 fios de arame de aço ovalado 15x17.","m",28.0,3528.0,76.45,96.59,340769.52,0.017986934132660715]
["12.2","COMPOSIÇÃO - 22","Próprio","Serviço","Serviço de instalação de portão de ferro com suporte e batedor conforme projeto, incluso material.","m²",1.5,189.0,594.76,751.42,142018.38,0.007496196393055283]
["13",null,null,null,"Outros serviços e insumos excepcionais.",{"$nulls":5},3033643.23,0.1601256502048719]
["13.1","COMPOSIÇÃO - 23","Próprio","Serviço","Fornecimento e instalação do pré filtro para revestimento interno.","m³",1.212,152.71,1654.27,2090.0,319163.9,0.0168465185701559]
["13.2","COMPOSIÇÃO - 24","Próprio","Serviço","Execução de tamponamento conforme especificação.","m³",0.24,30.24,656.92,829.95,25097.69,0.001324738482807786]
["13.3","COMPOSIÇÃO - 25","Próprio","Serviço","Fornecimento e instalação do filtro para revestimento interno ø 4 1/2\".","m",0.6,75.6,103.31,130.52,9867.31,5.208290196744838E-4]
["13.4","COMPOSIÇÃO - 26","Próprio","Serviço","Fornecimento e instalação do revestimento interno ø 4 1/2\".","m",34.8,4384.8,94.54,119.44,523720.51,0.02764368807777608]
["13.5","M3929","Sicro3","Insumo","Tubo em aço-carbono - e = 3,00 mm e d = 150 mm (6\").","m",9.0,1134.0,171.23,197.39,223840.26,0.011815023869674873]
["13.6",41699.0,"Sinapi","Insumo","Tubo de revestimento, em aco, corpo schedule 40, ponteira schedule 80, rosqueavel e segmentado para perfuracao, diametro 8.","m",6.0,756.0,2189.01,2523.49,1907758.44,0.10069775431003207]
["13.7","M039706073","Embasa","Insumo","Filtro nold em aço galvanizado dn 6\".","m",0.04,5.04,763.9,880.62,4438.32,2.3426910217695145E-4]
["13.8","COMPOSIÇÃO - 27","Próprio","Serviço","Limpeza manual , remoção de cerca, capina e instalação dos equipamentos (área do poço, painéis solares, bebedouro e reservatório).","m²",70.0,8820.0,1.77,2.24,19756.8,0.0010428287725737654]

{"sheet":"Orçamento Analítico - CE - P","index":20,"n_rows":318,"n_cols":9,"rows_kept":318,"cut":false,"hidden":false,"merged":[[0,0,2,8],[3,3,3,4]]}
["OBJETO: EXECUÇÃO DE SERVIÇOS DE PERFURAÇÃO E INSTALAÇÃO DE POÇOS TUBULARES EM MUNICÍPIOS LOCALIZADOS NO ESTADO DO CEARÁ, NA ÁREA DE ATUAÇÃO DA CODEVASF"]
[]
[]
[null,null,null,"PLANILHA ANALÍTICA - POÇO PARCIALMENTE REVESTIDO - CEARÁ"]
["1",null,null,"Serviços preliminares."]
["1.1","Código","Banco","Descrição.","Tipo","und","Quant.","Valor Unit","Total"]
["Composição","COMPOSIÇÃO - 1","Próprio","Administração local da obra - poço parcialmente revestido.","Cant - canteiro de obras","un.","1,00",220.87,220.87]
["Composição Auxiliar","012710","Sbc","Despesas gerais de manutencao canteiro de obras.","Instalacoes provisorias","mes","0,03",1805.82,54.17]
["Composição Auxiliar","100321","Sinapi","Técnico em segurança do trabalho com encargos complementares.","Sedi - serviços diversos","mes","0,03",5556.56,166.7]
[]
["1.2","Código","Banco","Descrição.","Tipo","und","Quant.","Valor Unit","Total"]
["Composição","COMPOSIÇÃO - 2","Próprio","Serviço de locação geológica de campo com relatório hidro geológico e perfil construtivo e geológico esperado. relatório de viabilidade de implantação das estruturas e vistorias preliminares.","Sert - serviços técnicos","un.","1,00",590.5,590.5]
["Composição Auxiliar","30.01.45","Embasa","Geologo senior.","3001","hora","5,00",97.41,487.05]
["Insumo","5896","Orse","Veículo tipo sedan ou pick-up capacidade 0,6 ton h.","Equipamento","h","5,00",8.33,41.65]
["Insumo","00004222","Sinapi","Gasolina comum.","Material","l","10,00",6.18,61.8]
[]
["1.3","Código","Banco","Descrição.","Tipo","und","Quant.","Valor Unit","Total"]
["Composição","103689","Sinapi","Fornecimento e instalação de placa de obra com chapa galvanizada e estrutura de madeira.","Pavi - pavimentação","m²","1,00",465.75,465.75]
["Composição Auxiliar","102234","Sinapi","Pintura imunizante para madeira, 2 demãos.","Pint - pinturas","m²","0,50",23.84,11.92]
["Composição Auxiliar","88262","Sinapi","Carpinteiro de formas com encargos complementares.","Sedi - serviços diversos","h","0,37",28.52,10.64]
["Composição Auxiliar","88316","Sinapi","Servente com encargos complementares.","Sedi - serviços diversos","h","1,12",22.1,24.72]
["Insumo","00004509","Sinapi","Sarrafo *2,5 x 10* cm em pinus, mista ou equivalente da regiao - bruta.","Material","m","3,21",5.61,18.0]
["Insumo","00004813","Sinapi","Placa de obra (para construcao civil) em chapa galvanizada *n. 22*, adesivada, de *2,4 x 1,2* m (sem postes para fixacao).","Material","m²","1,00",400.0,400.0]
["Insumo","00005065","Sinapi","Prego de aco polido com cabeca 10 x 10 (7/8 x 17).","Material","kg","0,01",25.89,0.29]
["Insumo","00005069","Sinapi","Prego de aco polido com cabeca 17 x 27 (2 1/2 x 11).","Material","kg","0,01",13.87,0.18]
[]
["1.4","Código","Banco","Descrição.","Tipo","und","Quant.","Valor Unit","Total"]
["Composição","COMPOSIÇÃO - 3","Próprio","Taxas e emolumentos fiscais , administrativos para obtenção outorga e outros.","Serviço","un.","1,00",856.8,856.8]
["Insumo","COTAÇÃO","COTAÇÃO","Decreto Estadual nº 23.068/1994. Nota técnica CODEVASF","Material","un.","1,00",856.8,856.8]
[]
["2",null,null,"Mobilizaçâo e desmobilizaçâo equipes perfuraçâo e instalação."]
["2.1","Código","Banco","Descrição.","Tipo","und","Quant.","Valor Unit","Total"]
["Composição","COMPOSIÇÃO - 4","Próprio","Transporte de comboio perfuração.","Tran - transportes, cargas e descargas","km","1,00",4.89,4.89]
["Composição Auxiliar","5824","Sinapi","Caminhão toco, pbt 16.000 kg, carga útil máx. 10.685 kg, dist. entre eixos 4,8 m, potência 189 cv, inclusive carroceria fixa aberta de madeira p/ transporte geral de carga seca, dimen. aprox. 2,5 x 7,00 x 0,50 m - chp diurno.","Chor - custos horários de máquinas e equipamentos","chp","0,02",226.45,3.77]
["Composição Auxiliar","5826","Sinapi","Caminhão toco, pbt 16.000 kg, carga útil máx. 10.685 kg, dist. entre eixos 4,8 m, potência 189 cv, inclusive carroceria fixa aberta de madeira p/ transporte geral de carga seca, dimen. aprox. 2,5 x 7,00 x 0,50 m - chi diurno.","Chor - custos horários de máquinas e equipamentos","chi","0,02",67.29,1.12]
[]
["2.2","Código","Banco","Descrição.","Tipo","und","Quant.","Valor Unit","Total"]
["Composição","COMPOSIÇÃO - 5","Próprio","Transporte de comboio instalação.","Tran - transportes, cargas e descargas","km","1,00",6.16,6.16]
["Composição Auxiliar","5928","Sinapi","Guindauto hidráulico, capacidade máxima de carga 6200 kg, momento máximo de carga 11,7 tm, alcance máximo horizontal 9,70 m, inclusive caminhão toco pbt 16.000 kg, potência de 189 cv - chp diurno.","Chor - custos horários de máquinas e equipamentos","chp","0,02",289.67,4.83]
["Composição Auxiliar","5930","Sinapi","Guindauto hidráulico, capacidade máxima de carga 6200 kg, momento máximo de carga 11,7 tm, alcance máximo horizontal 9,70 m, inclusive caminhão toco pbt 16.000 kg, potência de 189 cv - chi diurno.","Chor - custos horários de máquinas e equipamentos","chi","0,02",79.56,1.33]
[]
["2.3","Código","Banco","Descrição.","Tipo","und","Quant.","Valor Unit","Total"]
["Composição","COMPOSIÇÃO - 6","Próprio","Transporte de equipe teste de vazão.","Tran - transportes, cargas e descargas","km","1,00",2.69,2.69]
["Composição Auxiliar","73467","Sinapi","Caminhão toco, pbt 14.300 kg, carga útil máx. 9.710 kg, dist. entre eixos 3,56 m, potência 185 cv, inclusive carroceria fixa aberta de madeira p/ transporte geral de carga seca, dimen. aprox. 2,50 x 6,50 x 0,50 m - chp diurno.","Chor - custos horários de máquinas e equipamentos","chp","0,01",259.88,2.16]
["Composição Auxiliar","91395","Sinapi","Caminhão toco, pbt 14.300 kg, carga útil máx. 9.710 kg, dist. entre eixos 3,56 m, potência 185 cv, inclusive carroceria fixa aberta de madeira p/ transporte geral de carga seca, dimen. aprox. 2,50 x 6,50 x 0,50 m - chi diurno.","Chor - custos horários de máquinas e equipamentos","chi","0,01",64.42,0.53]
[]
["3",null,null,"Perfuração e completação de poço tubular."]
["3.1","Código","Banco","Descrição.","Tipo","und","Quant.","Valor Unit","Total"]
["Insumo","5051","Orse","Perfuraçao em rocha metassedimentar - metassedimento alterado / compacto dn 6\" (poço 120m).","Serviços","m","1,00",156.31,156.31]
[]
["3.2","Código","Banco","Descrição.","Tipo","und","Quant.","Valor Unit","Total"]
["Insumo","5057","Orse","Perfuração rocha sedimentar sedimento / camadas inconsolidadas dn 12.1/2\" - poço até 150m.","Serviços","m","1,00",247.66,247.66]
[]
["3.3","Código","Banco","Descrição.","Tipo","und","Quant.","Valor Unit","Total"]
["Composição","COMPOSIÇÃO - 7","Próprio","Serviço de lançamento cimentação anelar, incluso materiais.","Sedi - serviços diversos","m³","1,00",541.72,541.72]
["Composição Auxiliar","1903","Orse","Argamassa cimento e areia traço t-1 (1:3) - 1 saco cimento 50kg / 3 padiolas areia dim. 0.35 x 0.45 x 0.23 m - confecção mecânica e transporte.","Argamassas","m³","1,00",541.72,541.72]
[]
["3.4","Código","Banco","Descrição.","Tipo","und","Quant.","Valor Unit","Total"]
["Insumo","00009854","Sinapi","Tubo pvc de revestimento geomecanico nervurado standard, dn = 154 mm, comprimento = 2 m.","Material","m","1,00",115.12,115.12]
[]
["4",null,null,"Pós perfuração."]
["4.1","Código","Banco","Descrição.","Tipo","und","Quant.","Valor Unit","Total"]
["Composição","6305","Orse","Desenvolvimento com compressor 250psi / 750cfm.","Conversão infoworca","h","1,00",411.16,411.16]
["Insumo","5030","Orse","Desenvolvimento com compressor 250psi - 750cfm h.","Serviços","h","1,00",411.16,411.16]
[]
["4.2","Código","Banco","Descrição.","Tipo","und","Quant.","Valor Unit","Total"]
["Composição","COMPOSIÇÃO - 8","Próprio","Inspeção ótica em poço tubular câmera com rotação de 360º, visada lateral, com fonte própria de luz, entregue vídeo em cores e marcação de profundidades.","Sees - serviços especiais","m","1,00",9.42,9.42]
["Insumo","H020050004","Embasa","Aparelho de perfilagem optica.","Material","m","1,00",4.4,4.4]
["Insumo","B590000022","Embasa","Tecnico medio.","Mão de obra","h","0,08",60.15,5.02]
[]
["4.3","Código","Banco","Descrição.","Tipo","und","Quant.","Valor Unit","Total"]
["Composição","COMPOSIÇÃO - 9","Próprio","Serviço de coleta e análise físico-química e bacteriológica.","Sedi - serviços diversos","un.","1,00",621.19,621.19]
["Composição Auxiliar","6312","Orse","Análise físico-química da água.","Conversão infoworca","un.","1,00",565.21,565.21]
["Composição Auxiliar","6313","Orse","Análise bacteriológica da água.","Conversão infoworca","un.","1,00",55.98,55.98]
[]
["4.4","Código","Banco","Descrição.","Tipo","und","Quant.","Valor Unit","Total"]
["Composição","24.80.22","Embasa","Ensaio de bombeamento poço tubular incluso materiais e grupo gerador.","2480","h","1,00",255.47,255.47]
["Composição Auxiliar","24.00.15","Embasa","Equipe (3 profissionais campo) - bombeio.","2400","h","1,00",190.55,190.55]
["Insumo","H020050001","Embasa","Unidade de ensaio e bombeamento - ueb1 ate 150m3 no sedimento.","Material","h","1,00",64.92,64.92]
[]
["4.5","Código","Banco","Descrição.","Tipo","und","Quant.","Valor Unit","Total"]
["Composição","COMPOSIÇÃO - 10","Próprio","Serviço de instalação de laje sanitária com dimensões (1,5x1,5x0,3) metros , incluso material.","Sedi - serviços diversos","un.","1,00",655.96,655.96]
["Composição Auxiliar","92522","Sinapi","Montagem e desmontagem de fôrma de laje maciça, pé-direito simples, em chapa de madeira compensada resinada, 8 utilizações.","Fues - fundações e estruturas","m²","1,80",43.61,78.5]
["Composição Auxiliar","93358","Sinapi","Escavação manual de vala com profundidade menor ou igual a 1,30 m.","Movt - movimento de terra","m³","0,23",87.43,19.67]
["Composição Auxiliar","94975","Sinapi","Concreto fck = 15mpa, traço 1:3,4:3,5 (em massa seca de cimento/ areia média/ brita 1) - preparo manual.","Fues - fundações e estruturas","m³","0,68",520.14,351.09]
["Composição Auxiliar","103670","Sinapi","Lançamento com uso de baldes, adensamento e acabamento de concreto em estruturas.","Fues - fundações e estruturas","m³","0,68",306.22,206.7]
[]
["5",null,null,"Reservação."]
["5.1","Código","Banco","Descrição.","Tipo","und","Quant.","Valor Unit","Total"]
["Composição","COMPOSIÇÃO - 11","Próprio","Fornecimento e instalação de reservatório e base elevada 10 m³.","Astu - assentamento de tubos e pecas","un.","1,00",26556.16,26556.16]
["Composição Auxiliar","92759","Sinapi","Armação de pilar ou viga de estrutura convencional de concreto armado utilizando aço ca-60 de 5,0 mm - montagem.","Fues - fundações e estruturas","kg","29,10",14.47,421.08]
["Composição Auxiliar","92761","Sinapi","Armação de pilar ou viga de estrutura convencional de concreto armado utilizando aço ca-50 de 8,0 mm - montagem.","Fues - fundações e estruturas","kg","48,00",12.72,610.56]
["Composição Auxiliar","93358","Sinapi","Escavação manual de vala com profundidade menor ou igual a 1,30 m.","Movt - movimento de terra","m³","5,20",87.43,454.64]
["Composição Auxiliar","92763","Sinapi","Armação de pilar ou viga de estrutura convencional de concreto armado utilizando aço ca-50 de 12,5 mm - montagem.","Fues - fundações e estruturas","kg","118,40",9.49,1123.62]
["Composição Auxiliar","94970","Sinapi","Concreto fck = 20mpa, traço 1:2,7:3 (em massa seca de cimento/ areia média/ brita 1) - preparo mecânico com betoneira 600 l.","Fues - fundações e estruturas","m³","4,89",494.34,2417.32]
["Composição Auxiliar","103670","Sinapi","Lançamento com uso de baldes, adensamento e acabamento de concreto em estruturas.","Fues - fundações e estruturas","m³","6,85",306.22,2097.61]
["Composição Auxiliar","84651","Sinapi","Pintura com tinta impermeavel mineral em po, duas demaos.","Pint - pinturas","m²","28,66",13.84,396.65]
["Composição Auxiliar","90776","Sinapi","Encarregado geral com encargos complementares.","Sedi - serviços diversos","h","1,00",27.38,27.38]
["Composição Auxiliar","102482","Sinapi","Concreto fck = 25mpa, traço 1:2,2:2,5 (em massa seca de cimento/ areia média/ seixo rolado) - preparo mecânico com betoneira 600 l.","Fues - fundações e estruturas","m³","1,96",690.78,1353.93]
["Composição Auxiliar","92263","Sinapi","Fabricação de fôrma para pilares e estruturas similares, em chapa de madeira compensada resinada, e = 17 mm.","Fues - fundações e estruturas","m²","18,10",190.78,3453.12]
["Composição Auxiliar","89272","Sinapi","Guindaste hidráulico autopropelido, com lança telescópica 28,80 m, capacidade máxima 30 t, potência 97 kw, tração 4 x 4 - chp diurno.","Chor - custos horários de máquinas e equipamentos","chp","13,00",235.58,3062.54]
["Composição Auxiliar","5824","Sinapi","Caminhão toco, pbt 16.000 kg, carga útil máx. 10.685 kg, dist. entre eixos 4,8 m, potência 189 cv, inclusive carroceria fixa aberta de madeira p/ transporte geral de carga seca, dimen. aprox. 2,5 x 7,00 x 0,50 m - chp diurno.","Chor - custos horários de máquinas e equipamentos","chp","24,00",226.45,5434.8]
["Composição Auxiliar","88267","Sinapi","Encanador ou bombeiro hidráulico com encargos complementares.","Sedi - serviços diversos","h","4,00",28.12,112.48]
["Composição Auxiliar","88248","Sinapi","Auxiliar de encanador ou bombeiro hidráulico com encargos complementares.","Sedi - serviços diversos","h","4,00",22.64,90.56]
["Insumo","00011677","Sinapi","Registro de esfera, pvc, com volante, vs, soldavel, dn 50 mm, com corpo dividido.","Material","un.","1,00",37.32,37.32]
["Insumo","00003146","Sinapi","Fita veda rosca em rolos de 18 mm x 10 m (l x c).","Material","un.","0,18",3.85,0.69]
["Insumo","00037106","Sinapi","Caixa d'agua / reservatorio em poliester reforcado com fibra de vidro, 10000 litros, com tampa.","Material","un.","1,00",5130.99,5130.99]
["Insumo","00009875","Sinapi","Tubo pvc, soldavel, de 50 mm, agua fria (nbr-5648).","Material","m","15,20",14.79,224.81]
["Insumo","00000113","Sinapi","Adaptador pvc soldavel curto com bolsa e rosca, 60 mm x 2\", para agua fria.","Material","un.","1,00",10.7,10.7]
["Insumo","00003871","Sinapi","Luva soldavel com rosca, pvc, 50 mm x 1 1/2\", para agua fria predial.","Material","un.","1,00",17.51,17.51]
["Insumo","00003540","Sinapi","Joelho pvc, soldavel, 90 graus, 50 mm, cor marrom, para agua fria predial.","Material","un.","5,00",4.78,23.9]
["Insumo","00000099","Sinapi","Adaptador pvc soldavel, com flange e anel de vedacao, 50 mm x 1 1/2\", para caixa d'agua.","Material","un.","2,00",25.13,50.26]
["Insumo","00000119","Sinapi","Adesivo plastico para pvc, bisnaga com 75 gr.","Material","un.","0,45",8.2,3.69]
[]
["5.2","Código","Banco","Descrição.","Tipo","und","Quant.","Valor Unit","Total"]
["Composição","COMPOSIÇÃO - 12","Próprio","Fornecimento e execução de reservatório apoiado de 5 m³.","Sedi - serviços diversos","un.","1,00",6125.12,6125.12]
["Composição Auxiliar","5928","Sinapi","Guindauto hidráulico, capacidade máxima de carga 6200 kg, momento máximo de carga 11,7 tm, alcance máximo horizontal 9,70 m, inclusive caminhão toco pbt 16.000 kg, potência de 189 cv - chp diurno.","Chor - custos horários de máquinas e equipamentos","chp","4,00",289.67,1158.68]
["Composição Auxiliar","88309","Sinapi","Pedreiro com encargos complementares.","Sedi - serviços diversos","h","3,00",28.89,86.67]
["Composição Auxiliar","88316","Sinapi","Servente com encargos complementares.","Sedi - serviços diversos","h","3,00",22.1,66.3]
["Composição Auxiliar","88262","Sinapi","Carpinteiro de formas com encargos complementares.","Sedi - serviços diversos","h","3,00",28.52,85.56]
["Composição Auxiliar","102617","Sinapi","Caixa d´água em poliéster reforçado com fibra de vidro, 5000 litros - fornecimento e instalação.","Inhi - instalações hidros sanitárias","un.","1,00",3572.46,3572.46]
["Composição Auxiliar","92783","Sinapi","Armação de laje de uma estrutura convencional de concreto armado em uma edificação térrea ou sobrado utilizando aço ca-60 de 4,2 mm - montagem.","Fues - fundações e estruturas","kg","3,20",18.66,59.71]
["Composição Auxiliar","92759","Sinapi","Armação de pilar ou viga de estrutura convencional de concreto armado utilizando aço ca-60 de 5,0 mm - montagem.","Fues - fundações e estruturas","kg","5,60",14.47,81.03]
["Composição Auxiliar","94964","Sinapi","Concreto fck = 20mpa, traço 1:2,7:3 (em massa seca de cimento/ areia média/ brita 1) - preparo mecânico com betoneira 400 l.","Fues - fundações e estruturas","m³","1,56",509.05,794.12]
["Composição Auxiliar","84651","Sinapi","Pintura com tinta impermeavel mineral em po, duas demaos.","Pint - pinturas","m²","2,70",13.84,37.37]
["Composição Auxiliar","92783","Sinapi","Armação de laje de uma estrutura convencional de concreto armado em uma edificação térrea ou sobrado utilizando aço ca-60 de 4,2 mm - montagem.","Fues - fundações e estruturas","kg","3,20",18.66,59.71]
["Insumo","00007155","Sinapi","Tela de aco soldada nervurada, ca-60, q-138, (2,20 kg/m2), diametro do fio = 4,2 mm, largura = 2,45 m, espacamento da malha = 10 x 10 cm.","Material","m²","6,16",20.05,123.51]
[]
["6",null,null,"Bebedouro."]
["6.1","Código","Banco","Descrição.","Tipo","und","Quant.","Valor Unit","Total"]
["Composição","COMPOSIÇÃO - 13","Próprio","Serviço de execução do bebedouro em concreto armado, incluso materiais.","Sedi - serviços diversos","un.","1,00",1661.45,1661.45]
["Composição Auxiliar","5928","Sinapi","Guindauto hidráulico, capacidade máxima de carga 6200 kg, momento máximo de carga 11,7 tm, alcance máximo horizontal 9,70 m, inclusive caminhão toco pbt 16.000 kg, potência de 189 cv - chp diurno.","Chor - custos horários de máquinas e equipamentos","chp","2,00",289.67,579.34]
["Composição Auxiliar","87445","Sinapi","Betoneira capacidade nominal 400 l, capacidade de mistura 310 l, motor a diesel potência 5,0 hp, sem carregador - chp diurno.","Chor - custos horários de máquinas e equipamentos","chp","0,50",5.4,2.7]
["Composição Auxiliar","88377","Sinapi","Operador de betoneira estacionária/misturador com encargos complementares.","Sedi - serviços diversos","h","0,50",26.71,13.36]
["Composição Auxiliar","88310","Sinapi","Pintor com encargos complementares.","Sedi - serviços diversos","h","0,30",30.38,9.11]
["Composição Auxiliar","100301","Sinapi","Ajudante de pintor com encargos complementares.","Sedi - serviços diversos","h","0,10",24.92,2.49]
["Composição Auxiliar","88245","Sinapi","Armador com encargos complementares.","Sedi - serviços diversos","h","3,00",28.73,86.19]
["Composição Auxiliar","88262","Sinapi","Carpinteiro de formas com encargos complementares.","Sedi - serviços diversos","h","2,00",28.52,57.04]
["Composição Auxiliar","88316","Sinapi","Servente com encargos complementares.","Sedi - serviços diversos","h","5,00",22.1,110.5]
["Composição Auxiliar","88309","Sinapi","Pedreiro com encargos complementares.","Sedi - serviços diversos","h","4,00",28.89,115.56]
["Insumo","00043055","Sinapi","Aco ca-50, 12,5 mm ou 16,0 mm, vergalhao.","Material","kg","12,00",7.22,86.64]
["Insumo","00043059","Sinapi","Aco ca-60, 4,2 mm, ou 5,0 mm, ou 6,0 mm, ou 7,0 mm, vergalhao.","Material","kg","13,00",7.89,102.57]
["Insumo","00000032","Sinapi","Aco ca-50, 6,3 mm, vergalhao.","Material","kg","6,00",8.79,52.74]
["Insumo","00000370","Sinapi","Areia media - posto jazida/fornecedor (retirado na jazida, sem transporte).","Material","m³","0,32",130.0,41.6]
["Insumo","00001379","Sinapi","Cimento portland composto cp ii-32.","Material","kg","127,00",0.75,95.25]
["Insumo","00004718","Sinapi","Pedra britada n. 2 (19 a 38 mm) posto pedreira/fornecedor, sem frete.","Material","m³","0,08",116.25,9.3]
["Insumo","00004721","Sinapi","Pedra britada n. 1 (9,5 a 19 mm) posto pedreira/fornecedor, sem frete.","Material","m³","0,23",115.64,26.6]
["Insumo","00003767","Sinapi","Lixa em folha para parede ou madeira, numero 120, cor vermelha.","Material","un.","0,12",0.69,0.08]
["Insumo","00007356","Sinapi","Tinta latex acrilica premium, cor branco fosco.","Material","l","0,18",31.58,5.68]
["Insumo","00043681","Sinapi","Chapa/painel de madeira compensada resinada (madeirite resinado rosa) para forma de concreto, de 2200 x 1100 mm, e = 8 a 12 mm.","Material","m²","7,30",36.26,264.7]
[]
["7",null,null,"Chafariz."]
["7.1","Código","Banco","Descrição.","Tipo","und","Quant.","Valor Unit","Total"]
["Composição","COMPOSIÇÃO - 14","Próprio","Fornecimento de material e instalação do chafariz.","Astu - assentamento de tubos e pecas","un.","1,00",1049.59,1049.59]
["Composição Auxiliar","88267","Sinapi","Encanador ou bombeiro hidráulico com encargos complementares.","Sedi - serviços diversos","h","2,00",28.12,56.24]
["Composição Auxiliar","88248","Sinapi","Auxiliar de encanador ou bombeiro hidráulico com encargos complementares.","Sedi - serviços diversos","h","2,00",22.64,45.28]
["Composição Auxiliar","93358","Sinapi","Escavação manual de vala com profundidade menor ou igual a 1,30 m.","Movt - movimento de terra","m³","0,09",87.43,8.3]
["Composição Auxiliar","92270","Sinapi","Fabricação de fôrma para vigas, com madeira serrada, e = 25 mm.","Fues - fundações e estruturas","m²","0,63",168.64,105.91]
["Composição Auxiliar","94975","Sinapi","Concreto fck = 15mpa, traço 1:3,4:3,5 (em massa seca de cimento/ areia média/ brita 1) - preparo manual.","Fues - fundações e estruturas","m³","0,16",520.14,81.66]
["Composição Auxiliar","2171","Orse","Piso cimentado liso traço 1:5, e = 3 cm, c/ junta plástica 3 x 27 mm.","Pisos : cimentados, em concreto simples, tipo tech-stone e de alta resistência","m²","0,79",52.58,41.28]
["Composição Auxiliar","87904","Sinapi","Chapisco aplicado em alvenaria (com presença de vãos) e estruturas de concreto de fachada, com colher de pedreiro. argamassa traço 1:3 com preparo manual.","Reve - revestimento e tratamento de superfícies","m²","0,31",8.78,2.76]
["Composição Auxiliar","87529","Sinapi","Massa única, em argamassa traço 1:2:8, preparo mecânico, aplicada manualmente em paredes internas de ambientes com área entre 5m² e 10m², e = 17,5mm, com taliscas.","Reve - revestimento e tratamento de superfícies","m²","0,31",37.81,11.87]
["Composição Auxiliar","84651","Sinapi","Pintura com tinta impermeavel mineral em po, duas demaos.","Pint - pinturas","m²","0,31",13.84,4.35]
["Insumo","00000765","Sinapi","Bucha de reducao de ferro galvanizado, com rosca bsp, de 1\" x 3/4\".","Material","un.","2,00",11.17,22.34]
["Insumo","00009887","Sinapi","Uniao de ferro galvanizado, com rosca bsp, com assento plano, de 2\".","Material","un.","2,00",113.7,227.4]
["Insumo","00021013","Sinapi","Tubo aco galvanizado com costura, classe leve, dn 50 mm ( 2\"), e = 3,00 mm, *4,40* kg/m (nbr 5580).","Material","m","1,80",67.99,122.38]
["Insumo","00006298","Sinapi","Te de ferro galvanizado, de 2\".","Material","un.","1,00",74.06,74.06]
["Insumo","00003471","Sinapi","Cotovelo 90 graus de ferro galvanizado, com rosca bsp, de 2\".","Material","un.","1,00",55.7,55.7]
["Insumo","00000113","Sinapi","Adaptador pvc soldavel curto com bolsa e rosca, 60 mm x 2\", para agua fria.","Material","un.","1,00",10.7,10.7]
["Insumo","00000818","Sinapi","Bucha de reducao de pvc, soldavel, curta, com 60 x 50 mm, para agua fria predial.","Material","un.","1,00",6.53,6.53]
["Insumo","00007604","Sinapi","Torneira metalica cromada para tanque / jardim, sem bico , cano longo, de parede, padrao popular / uso geral, 1/2 \" ou 3/4 \" (ref 1126).","Material","un.","2,00",49.38,98.76]
["Insumo","00000119","Sinapi","Adesivo plastico para pvc, bisnaga com 75 gr.","Material","un.","1,00",8.2,8.2]
["Insumo","00003146","Sinapi","Fita veda rosca em rolos de 18 mm x 10 m (l x c).","Material","un.","1,00",3.85,3.85]
["Insumo","00000771","Sinapi","Bucha de reducao de ferro galvanizado, com rosca bsp, de 2\" x 1\".","Material","un.","2,00",31.01,62.02]
[]
["8",null,null,"Cavalete."]
["8.1","Código","Banco","Descrição.","Tipo","und","Quant.","Valor Unit","Total"]
["Composição","COMPOSIÇÃO - 15","Próprio","Fornecimento de conexões e instalação do cavalete com hidrômetro e clorador de pastilhas.","Inhi - instalações hidros sanitárias","un.","1,00",1536.35,1536.35]
["Composição Auxiliar","88248","Sinapi","Auxiliar de encanador ou bombeiro hidráulico com encargos complementares.","Sedi - serviços diversos","h","3,00",22.64,67.92]
["Insumo","00000791","Sinapi","Bucha de reducao de ferro galvanizado, com rosca bsp, de 1 1/2\" x 1\".","Material","un.","1,00",23.11,23.11]
["Insumo","00009862","Sinapi","Tubo pvc, roscavel, 1 1/2\", agua fria predial.","Material","m","1,50",30.03,45.05]
["Insumo","00011831","Sinapi","Torneira plastica para tanque 1/2 \" ou 3/4 \" com bico para mangueira.","Material","un.","1,00",19.13,19.13]
["Insumo","002121","Sbc","Te de reducao ferro galvanizado 1.1/2\" x 1\".","Material","un.","1,00",57.49,57.49]
["Insumo","9569","Orse","Adaptador pvc bsxrm d= 35mm x 1 1/2\", linha irriga-lf, tigre ou similar un.","Material","un.","1,00",3.04,3.04]
["Insumo","00003939","Sinapi","Luva de ferro galvanizado, com rosca bsp, de 1 1/2\".","Material","un.","1,00",25.6,25.6]
["Insumo","00001798","Sinapi","Curva 90 graus de ferro galvanizado, com rosca bsp macho, de 2\".","Material","un.","1,00",142.72,142.72]
["Insumo","00009887","Sinapi","Uniao de ferro galvanizado, com rosca bsp, com assento plano, de 2\".","Material","un.","2,00",113.7,227.4]
["Insumo","00004181/sinapi","Orse","Niple de ferro galvanizado, com rosca bsp, de 2\".","Material","un.","2,00",39.24,78.48]
["Insumo","00006028","Sinapi","Registro gaveta bruto em latao forjado, bitola 2 \" (ref 1509).","Material","un.","1,00",131.8,131.8]
["Insumo","00012775","Sinapi","Hidrometro multijato / medidor de agua, dn 1\", vazao maxima de 7 m3/h, para agua potavel fria, relojoaria plana, classe b, horizontal (sem conexoes).","Material","un.","1,00",350.65,350.65]
["Insumo","00000771","Sinapi","Bucha de reducao de ferro galvanizado, com rosca bsp, de 2\" x 1\".","Material","un.","1,00",31.01,31.01]
["Insumo","00006305","Sinapi","Te de reducao de ferro galvanizado, com rosca bsp, de 2\" x 1\".","Material","un.","1,00",81.98,81.98]
["Insumo","12464","Orse","Clorador dosador de cloro de pastilhas automático.","Material","un.","1,00",250.97,250.97]
[]
["9",null,null,"Instalações hidráulicas."]
["9.1","Código","Banco","Descrição.","Tipo","und","Quant.","Valor Unit","Total"]
["Composição","COMPOSIÇÃO - 16","Próprio","Fornecimento e instalação da rede adutora poço-reservatório-bebedouro em pn80 e dn50mm.","Sedi - serviços diversos","m","1,00",28.47,28.47]
["Composição Auxiliar","88316","Sinapi","Servente com encargos complementares.","Sedi - serviços diversos","h","0,05",22.1,1.11]
["Composição Auxiliar","93358","Sinapi","Escavação manual de vala com profundidade menor ou igual a 1,30 m.","Movt - movimento de terra","m³","0,05",87.43,4.37]
["Insumo","00009875","Sinapi","Tubo pvc, soldavel, de 50 mm, agua fria (nbr-5648).","Material","m","1,00",14.79,14.79]
["Insumo","00000119","Sinapi","Adesivo plastico para pvc, bisnaga com 75 gr.","Material","un.","1,00",8.2,8.2]
[]
["9.2","Código","Banco","Descrição.","Tipo","und","Quant.","Valor Unit","Total"]
["Composição","COMPOSIÇÃO - 17","Próprio","Montagem hidráulica do equipamento de bombeamento.","Inhi - instalações hidros sanitárias","un.","1,00",152.28,152.28]
["Composição Auxiliar","88267","Sinapi","Encanador ou bombeiro hidráulico com encargos complementares.","Sedi - serviços diversos","h","3,00",28.12,84.36]
["Composição Auxiliar","88248","Sinapi","Auxiliar de encanador ou bombeiro hidráulico com encargos complementares.","Sedi - serviços diversos","h","3,00",22.64,67.92]
[]
["9.3","Código","Banco","Descrição.","Tipo","und","Quant.","Valor Unit","Total"]
["Insumo","00038200","Sinapi","Corda de poliamida 12 mm tipo bombeiro, para trabalho em altura.","Material","100m","1,00",584.75,584.75]
[]
["9.4","Código","Banco","Descrição.","Tipo","und","Quant.","Valor Unit","Total"]
["Insumo","00009860","Sinapi","Tubo pvc, roscavel, 2\", para agua fria predial.","Material","m","1,00",42.97,42.97]
[]
["9.5","Código","Banco","Descrição.","Tipo","und","Quant.","Valor Unit","Total"]
["Insumo","00003912","Sinapi","Luva de ferro galvanizado, com rosca bsp, de 2\".","Material","un.","1,00",39.21,39.21]
[]
["9.6","Código","Banco","Descrição.","Tipo","und","Quant.","Valor Unit","Total"]
["Insumo","5128","Orse","Tampa de poço galvanizada em 6\" un.","Serviços","un.","1,00",107.28,107.28]
[]
["10",null,null,"Estrutura de fixação para módulos fotovoltáicos."]
["10.1","Código","Banco","Descrição.","Tipo","und","Quant.","Valor Unit","Total"]
["Composição","COMPOSIÇÃO - 18","Próprio","Serviço de fixação de estruturas para os módulos fotovoltaicos e suportes de concreto, incluso materiais.","Sedi - serviços diversos","m²","1,00",259.59,259.59]
["Composição Auxiliar","94975","Sinapi","Concreto fck = 15mpa, traço 1:3,4:3,5 (em massa seca de cimento/ areia média/ brita 1) - preparo manual.","Fues - fundações e estruturas","m³","0,09",520.14,49.15]
["Composição Auxiliar","93358","Sinapi","Escavação manual de vala com profundidade menor ou igual a 1,30 m.","Movt - movimento de terra","m³","0,06",87.43,5.46]
["Composição Auxiliar","96534","Sinapi","Fabricação, montagem e desmontagem de fôrma para bloco de coroamento, em madeira serrada, e=25 mm, 4 utilizações.","Fues - fundações e estruturas","m²","0,03",86.45,2.77]
["Composição Auxiliar","88316","Sinapi","Servente com encargos complementares.","Sedi - serviços diversos","h","2,64",22.1,58.28]
["Composição Auxiliar","88278","Sinapi","Montador de estrutura metálica com encargos complementares.","Sedi - serviços diversos","h","2,64",25.04,66.03]
["Insumo","015690","Sbc","Estrutura metalica tesoura c/coluna 20/35m(24,72kg/m2).","Material","m²","1,00",77.9,77.9]
[]
["11",null,null,"Instalações elétricas e bóia elétrica."]
["11.1","Código","Banco","Descrição.","Tipo","und","Quant.","Valor Unit","Total"]
["Composição","COMPOSIÇÃO - 19","Próprio","Montagem e instalação elétrica do kit de bombeamento e sistema fotovoltaico inclusive sistema de aterramento.","Inel - instalação elétrica/eletrificação e iluminação externa","un.","1,00",1090.83,1090.83]
["Composição Auxiliar","88247","Sinapi","Auxiliar de eletricista com encargos complementares.","Sedi - serviços diversos","h","8,00",23.66,189.28]
["Insumo","00020111","Sinapi","Fita isolante adesiva antichama, uso ate 750 v, em rolo de 19 mm x 20 m.","Material","un.","1,00",9.79,9.79]
["Insumo","00002674","Sinapi","Fornecimento de eletroduto de pvc rigido roscavel de 3/4 \", sem luva.","Material","m","15,00",4.84,72.6]
["Insumo","00012034","Sinapi","Fornecimento de curva 180 graus, de pvc rigido roscavel, de 3/4\", para eletroduto.","Material","un.","1,00",3.79,3.79]
["Insumo","00039272","Sinapi","Fornecimento de curva 90 graus, curta, de pvc rigido roscavel, de 3/4\", para eletroduto.","Material","un.","2,00",2.07,4.14]
["Insumo","00003379","Sinapi","Haste de aterramento em aco com 3,00 m de comprimento e dn = 5/8\", revestida com baixa camada de cobre, sem conector.","Material","un.","0,66",58.03,38.3]
["Insumo","00001891","Sinapi","Fornecimento de luva em pvc rigido roscavel, de 3/4\", para eletroduto.","Material","un.","9,00",0.96,8.64]
["Insumo","00000425","Sinapi","Grampo metalico tipo olhal para haste de aterramento de 5/8'', condutor de *10* a 50 mm2.","Material","un.","2,00",5.5,11.0]
["Insumo","00034643","Sinapi","Fornecimento de caixa de inspecao para aterramento e para raios, em polipropileno, diametro = 300 mm x altura = 400 mm.","Material","un.","2,00",40.93,81.86]
["Insumo","00000867","Sinapi","Cabo de cobre nu 50 mm2 meio-duro.","Material","m","7,50",59.83,448.73]
["Insumo","54581","Siurb infra","Dps - dispositivo de proteção contra surtos – 45ka – 500 volts - corrente contínua - classe ii - p/ sistema fotovoltáico.","Material","un.","1,00",222.7,222.7]
[]
["11.2","Código","Banco","Descrição.","Tipo","und","Quant.","Valor Unit","Total"]
["Insumo","00034622","Sinapi","Fornecimento de cabo flexivel pvc 750 v, 3 condutores de 6,0 mm2.","Material","m","1,00",23.52,23.52]
[]
["11.3","Código","Banco","Descrição.","Tipo","und","Quant.","Valor Unit","Total"]
["Composição","COMPOSIÇÃO - 20","Próprio","Fornecimento e instalação de automático de bóia superior e inferior.","Astu - assentamento de tubos e pecas","un.","1,00",56.53,56.53]
["Composição Auxiliar","88264","Sinapi","Eletricista com encargos complementares.","Sedi - serviços diversos","h","0,20",29.26,5.85]
["Composição Auxiliar","88247","Sinapi","Auxiliar de eletricista com encargos complementares.","Sedi - serviços diversos","h","0,20",23.66,4.73]
["Insumo","00007588","Sinapi","Automatico de boia superior / inferior, *15* a / 250 v.","Material","un.","1,00",45.0,45.0]
["Insumo","00021127","Sinapi","Fita isolante adesiva antichama, uso ate 750 v, em rolo de 19 mm x 5 m.","Material","un.","0,10",3.7,0.37]
["Insumo","00003146","Sinapi","Fita veda rosca em rolos de 18 mm x 10 m (l x c).","Material","un.","0,15",3.85,0.58]
[]
["11.4","Código","Banco","Descrição.","Tipo","und","Quant.","Valor Unit","Total"]
["Insumo","00039257","Sinapi","Cabo multipolar de cobre, flexivel, classe 4 ou 5, isolacao em hepr, cobertura em pvc-st2, antichama bwf-b, 0,6/1 kv, 3 condutores de 1,5 mm2.","Material","m","1,00",6.39,6.39]
[]
["11.5","Código","Banco","Descrição.","Tipo","und","Quant.","Valor Unit","Total"]
["Insumo","Cotação-001","Próprio","Fornecimento de kit de bombeamento fotovoltaico, incluindo uma bomba cc de 1500w com controladora de carga externa, caixa de proteção metálica, módulos fotovoltaicos compatíveis com a geração de 2200wp além de componentes elétricos necessários para interligação dos painéis, como cabos, conectores mc4 e presilhas de fixação.","Serviços","un.","1,00",9744.39,9744.39]
[]
["12",null,null,"Urbanização."]
["12.1","Código","Banco","Descrição.","Tipo","und","Quant.","Valor Unit","Total"]
["Composição","COMPOSIÇÃO - 21","Próprio","Cerca com mourões de concreto de 15x15cm, espaçados de 3m e cravados a 0,5m, escoras de 10x10cm nos cantos, e 9 fios de arame de aço ovalado 15x17.","Sedi - serviços diversos","m","1,00",76.45,76.45]
["Composição Auxiliar","88309","Sinapi","Pedreiro com encargos complementares.","Sedi - serviços diversos","h","0,34",28.89,9.68]
["Composição Auxiliar","88316","Sinapi","Servente com encargos complementares.","Sedi - serviços diversos","h","0,67",22.1,14.83]
["Composição Auxiliar","94975","Sinapi","Concreto fck = 15mpa, traço 1:3,4:3,5 (em massa seca de cimento/ areia média/ brita 1) - preparo manual.","Fues - fundações e estruturas","m³","0,03",520.14,14.98]
["Insumo","00043130","Sinapi","Arame galvanizado 12 bwg, d = 2,76 mm (0,048 kg/m) ou 14 bwg, d = 2,11 mm (0,026 kg/m).","Material","kg","0,10",15.99,1.57]
["Insumo","00000346","Sinapi","Arame de aco ovalado 15 x 17 ( 45,7 kg, 700 kgf), rolo 1000 m.","Material","kg","0,41",18.94,7.67]
["Insumo","00004111","Sinapi","Escora pre-moldada em concreto, *10 x 10* cm, h = 2,30m.","Material","un.","0,16",49.29,7.89]
["Insumo","I1533","Seinfra","Mourão concreto base 15x15cm h=2.3 c/ 12 furos.","Material","un.","0,42",47.22,19.83]
[]
["12.2","Código","Banco","Descrição.","Tipo","und","Quant.","Valor Unit","Total"]
["Composição","COMPOSIÇÃO - 22","Próprio","Serviço de instalação de portão de ferro com suporte e batedor conforme projeto, incluso material.","Sedi - serviços diversos","m²","1,00",594.76,594.76]
["Composição Auxiliar","88309","Sinapi","Pedreiro com encargos complementares.","Sedi - serviços diversos","h","1,50",28.89,43.34]
["Composição Auxiliar","88316","Sinapi","Servente com encargos complementares.","Sedi - serviços diversos","h","1,50",22.1,33.15]
["Insumo","00000367","Sinapi","Areia grossa - posto jazida/fornecedor (retirado na jazida, sem transporte).","Material","m³","0,06",131.69,8.03]
["Insumo","00001379","Sinapi","Cimento portland composto cp ii-32.","Material","kg","4,83",0.75,3.62]
["Insumo","00004948","Sinapi","Portao de abrir / giro, em gradil de metalon redondo de 3/4\" vertical, com requadro, acabamento natural - completo.","Material","m²","1,00",506.62,506.62]
[]
["13",null,null,"Outros serviços e insumos excepcionais."]
["13.1","Código","Banco","Descrição.","Tipo","und","Quant.","Valor Unit","Total"]
["Composição","COMPOSIÇÃO - 23","Próprio","Fornecimento e instalação do pré filtro para revestimento interno.","Astu - assentamento de tubos e pecas","m³","1,00",1654.27,1654.27]
["Composição Auxiliar","90776","Sinapi","Encarregado geral com encargos complementares.","Sedi - serviços diversos","h","0,40",27.38,10.95]
["Composição Auxiliar","88297","Sinapi","Operador de máquinas e equipamentos com encargos complementares.","Sedi - serviços diversos","h","0,40",32.22,12.89]
["Composição Auxiliar","88316","Sinapi","Servente com encargos complementares.","Sedi - serviços diversos","h","0,50",22.1,11.05]
["Insumo","5073","Orse","Pré-filtro comum.","Serviços","m³","1,00",1619.38,1619.38]
[]
["13.2","Código","Banco","Descrição.","Tipo","und","Quant.","Valor Unit","Total"]
["Composição","COMPOSIÇÃO - 24","Próprio","Execução de tamponamento conforme especificação.","Sedi - serviços diversos","m³","1,00",656.92,656.92]
["Composição Auxiliar","87316","Sinapi","Argamassa traço 1:4 (em volume de cimento e areia grossa úmida) para chapisco convencional, preparo mecânico com betoneira 400 l.","Sedi - serviços diversos","m³","1,00",519.18,519.18]
["Composição Auxiliar","88316","Sinapi","Servente com encargos complementares.","Sedi - serviços diversos","h","1,00",22.1,22.1]
["Insumo","00004721","Sinapi","Pedra britada n. 1 (9,5 a 19 mm) posto pedreira/fornecedor, sem frete.","Material","m³","1,00",115.64,115.64]
[]
["13.3","Código","Banco","Descrição.","Tipo","und","Quant.","Valor Unit","Total"]
["Composição","COMPOSIÇÃO - 25","Próprio","Fornecimento e instalação do filtro para revestimento interno ø 4 1/2\".","Astu - assentamento de tubos e pecas","m","1,00",103.31,103.31]
["Composição Auxiliar","88316","Sinapi","Servente com encargos complementares.","Sedi - serviços diversos","h","0,65",22.1,14.37]
["Composição Auxiliar","90776","Sinapi","Encarregado geral com encargos complementares.","Sedi - serviços diversos","h","0,65",27.38,17.8]
["Insumo","Cotação-004","Próprio","Fornecimento tubo filtro geomecânico classe reforçado diâmetro ø 4 1/2\" com junta roscável.","Material","m","1,00",71.14,71.14]
[]
["13.4","Código","Banco","Descrição.","Tipo","und","Quant.","Valor Unit","Total"]
["Composição","COMPOSIÇÃO - 26","Próprio","Fornecimento e instalação do revestimento interno ø 4 1/2\".","Astu - assentamento de tubos e pecas","m","1,00",94.54,94.54]
["Composição Auxiliar","88316","Sinapi","Servente com encargos complementares.","Sedi - serviços diversos","h","0,65",22.1,14.37]
["Composição Auxiliar","90776","Sinapi","Encarregado geral com encargos complementares.","Sedi - serviços diversos","h","0,65",27.38,17.8]
["Insumo","Cotação-006","Próprio","Fornecimento tubo revestimento geomecânico classe reforçado ø 4 1/2\" com junta roscável.","Material","m","1,00",62.37,62.37]
[]
["13.5","Código","Banco","Descrição.","Tipo","und","Quant.","Valor Unit","Total"]
["Insumo","M3929","Sicro3","Tubo em aço-carbono - e = 3,00 mm e d = 150 mm (6\").","Material","m","1,00",171.23,171.23]
[]
["13.6","Código","Banco","Descrição.","Tipo","und","Quant.","Valor Unit","Total"]
["Insumo","00041699","Sinapi","Tubo de revestimento, em aco, corpo schedule 40, ponteira schedule 80, rosqueavel e segmentado para perfuracao, diametro 8.","Material","m","1,00",2189.01,2189.01]
[]
["13.7","Código","Banco","Descrição.","Tipo","und","Quant.","Valor Unit","Total"]
["Insumo","M039706073","Embasa","Filtro nold em aço galvanizado dn 6\".","Material","m","1,00",763.9,763.9]
[]
["13.8","Código","Banco","Descrição.","Tipo","und","Quant.","Valor Unit","Total"]
["Composição","COMPOSIÇÃO - 27","Próprio","Limpeza manual , remoção de cerca, capina e instalação dos equipamentos (área do poço, painéis solares, bebedouro e reservatório).","Sedi - serviços diversos","m²","1,00",1.77,1.77]
["Composição Auxiliar","88316","Sinapi","Servente com encargos complementares.","Sedi - serviços diversos","h","0,08",22.1,1.77]

{"sheet":"Crono. - CE - P","index":21,"n_rows":27,"n_cols":15,"rows_kept":27,"cut":false,"hidden":false,"merged":[[0,0,6,14],[7,0,8,14],[23,0,23,1],[23,2,26,2],[24,0,24,1],[25,0,25,1],[26,0,26,1]]}
["OBJETO: EXECUÇÃO DE SERVIÇOS DE PERFURAÇÃO E INSTALAÇÃO DE POÇOS TUBULARES EM MUNICÍPIOS LOCALIZADOS NO ESTADO DO CEARÁ, NA ÁREA DE ATUAÇÃO DA CODEVASF"]
[]
[]
[]
[]
[]
[]
["CRONOGRAMA FÍSICO-FINANCEIRO POÇO PARCIALMENTE REVESTIDO"]
[]
["ITEM","ESPECIFICAÇÃO DOS SERVIÇOS","VALOR TOTAL (R$)","Mês 01","Mês 02","Mês 03","Mês 04","Mês 05","Mês 06","Mês 07","Mês 08","Mês 09","Mês 10","Mês 11","Mês 12"]
["1","Serviços preliminares.",302323.44,25193.62,25193.62,25193.62,25193.62,25193.62,25193.62,25193.62,25193.62,25193.62,25193.62,25193.62,25193.62]
["2","Mobilizaçâo e desmobilizaçâo equipes perfuraçâo e instalação.",328104.0,27342.0,27342.0,27342.0,27342.0,27342.0,27342.0,27342.0,27342.0,27342.0,27342.0,27342.0,27342.0]
["3","Perfuração e completação de poço tubular.",3774238.45,314519.87083333335,314519.87083333335,314519.87083333335,314519.87083333335,314519.87083333335,314519.87083333335,314519.87083333335,314519.87083333335,314519.87083333335,314519.87083333335,314519.87083333335,314519.87083333335]
["4","Pós perfuração.",1490165.46,124180.455,124180.455,124180.455,124180.455,124180.455,124180.455,124180.455,124180.455,124180.455,124180.455,124180.455,124180.455]
["5","Reservação.",3576955.54,298079.62833333336,298079.62833333336,298079.62833333336,298079.62833333336,298079.62833333336,298079.62833333336,298079.62833333336,298079.62833333336,298079.62833333336,298079.62833333336,298079.62833333336,298079.62833333336]
["6","Bebedouro.",264484.08,22040.34,22040.34,22040.34,22040.34,22040.34,22040.34,22040.34,22040.34,22040.34,22040.34,22040.34,22040.34]
["7","Chafariz.",167082.3,13923.525,13923.525,13923.525,13923.525,13923.525,13923.525,13923.525,13923.525,13923.525,13923.525,13923.525,13923.525]
["8","Cavalete.",244568.52,20380.71,20380.71,20380.71,20380.71,20380.71,20380.71,20380.71,20380.71,20380.71,20380.71,20380.71,20380.71]
["9","Instalações hidráulicas.",2584609.4,215384.11666666667,215384.11666666667,215384.11666666667,215384.11666666667,215384.11666666667,215384.11666666667,215384.11666666667,215384.11666666667,215384.11666666667,215384.11666666667,215384.11666666667,215384.11666666667]
["10","Estrutura de fixação para módulos fotovoltáicos.",418201.11,34850.0925,34850.0925,34850.0925,34850.0925,34850.0925,34850.0925,34850.0925,34850.0925,34850.0925,34850.0925,34850.0925,34850.0925]
["11","Instalações elétricas e bóia elétrica.",2278228.68,189852.39,189852.39,189852.39,189852.39,189852.39,189852.39,189852.39,189852.39,189852.39,189852.39,189852.39,189852.39]
["12","Urbanização.",482787.9,40232.325000000004,40232.325000000004,40232.325000000004,40232.325000000004,40232.325000000004,40232.325000000004,40232.325000000004,40232.325000000004,40232.325000000004,40232.325000000004,40232.325000000004,40232.325000000004]
["13","Outros serviços e insumos excepcionais.",3033643.23,252803.6025,252803.6025,252803.6025,252803.6025,252803.6025,252803.6025,252803.6025,252803.6025,252803.6025,252803.6025,252803.6025,252803.6025]
["TOTAL",null,1.894539211E7,1578782.6758333335,1578782.6758333335,1578782.6758333335,1578782.6758333335,1578782.6758333335,1578782.6758333335,1578782.6758333335,1578782.6758333335,1578782.6758333335,1578782.6758333335,1578782.6758333335,1578782.6758333335]
["PERCENTUAL",null,null,0.08333333333333334,0.08333333333333334,0.08333333333333334,0.08333333333333334,0.08333333333333334,0.08333333333333334,0.08333333333333334,0.08333333333333334,0.08333333333333334,0.08333333333333334,0.08333333333333334,0.08333333333333334]
["CUSTO ACUMULADO",null,null,1578782.6758333335,3157565.351666667,4736348.027500001,6315130.703333334,7893913.379166667,9472696.055000002,1.1051478730833335E7,1.2630261406666668E7,1.4209044082500001E7,1.5787826758333335E7,1.736660943416667E7,1.8945392110000003E7]
["PERCENTUAL ACUMULADO",null,null,0.08333333333333334,0.16666666666666669,0.25,0.33333333333333337,0.41666666666666674,0.5000000000000001,0.5833333333333335,0.6666666666666669,0.7500000000000002,0.8333333333333336,0.916666666666667,1.0000000000000002]

{"sheet":"Orçamento Sintético - CE - T","index":22,"n_rows":58,"n_cols":12,"rows_kept":58,"cut":false,"hidden":false,"merged":[[0,0,0,5],[1,0,1,5]]}
["OBJETO: EXECUÇÃO DE SERVIÇOS DE PERFURAÇÃO E INSTALAÇÃO DE POÇOS TUBULARES EM MUNICÍPIOS LOCALIZADOS NO ESTADO DO CEARÁ, NA ÁREA DE ATUAÇÃO DA CODEVASF",{"$nulls":6},"Quantidade de Poços","BDI SERVIÇO","BDI INSUMO","Total","Preço Unitário Por Poço"]
["PLANILHA SINTÉTICA - POÇO TOTALMENTE REVESTIDO - CEARÁ",{"$nulls":6},36.0,0.2634,0.1528,7743993.43,215110.93]
["Item","Código","Banco","Tipo","Descrição.","un.","Mem. calc.","Quant.","Valor Unit","Valor Unit com BDI","Total","Peso (%)"]
["1",null,null,null,"Serviços preliminares.",{"$nulls":5},153350.01,0.019802445777643177]
["1.1","COMPOSIÇÃO - 1","Próprio","Serviço","Administração local da obra - poço totalmente revestido.","un.",1.0,36.0,1693.35,2139.38,77017.68,0.009945473313760288]
["1.2","COMPOSIÇÃO - 2","Próprio","Serviço","Serviço de locação geológica de campo com relatório hidro geológico e perfil construtivo e geológico esperado. relatório de viabilidade de implantação das estruturas e vistorias preliminares.","un.",1.0,36.0,590.5,746.04,26857.44,0.003468164099410916]
["1.3",103689.0,"Sinapi","Insumo","Fornecimento e instalação de placa de obra com chapa galvanizada e estrutura de madeira.","m²",0.72,25.92,465.75,536.92,13916.97,0.0017971309151795084]
["1.4","COMPOSIÇÃO - 3","Próprio","Insumo","Taxas e emolumentos fiscais , administrativos para obtenção outorga e outros.","un.",1.0,36.0,856.8,987.72,35557.92,0.004591677449292464]
["2",null,null,null,"Mobilizaçâo e desmobilizaçâo equipe campo.",{"$nulls":5},93744.0,0.012105382171017674]
["2.1","COMPOSIÇÃO - 4","Próprio","Serviço","Transporte de comboio perfuração.","km",150.0,5400.0,4.89,6.18,33372.0,0.004309404482539702]
["2.2","COMPOSIÇÃO - 5","Próprio","Serviço","Transporte de comboio instalação.","km",150.0,5400.0,6.16,7.78,42012.0,0.0054251079084399485]
["2.3","COMPOSIÇÃO - 6","Próprio","Serviço","Transporte de equipe teste de vazão.","km",150.0,5400.0,2.69,3.4,18360.0,0.0023708697800380236]
["3",null,null,null,"Perfuração e completação de poço tubular.",{"$nulls":5},3803373.46,0.49113851843750855]
["3.1","COMPOSIÇÃO - 7","Próprio","Serviço","Perfuração diâmetro de ø 12 1/4\" em rocha - incluso mão de obra para instalação do revestimento e completação anelar.","m",150.0,5400.0,326.51,412.51,2227554.0,0.2876492626363192]
["3.2",5073.0,"Orse","Insumo","Fornecimento de pré-filtro comum m3.","m³",6.96,250.56,1619.38,1866.82,467750.42,0.06040170671993971]
["3.3",5091.0,"Orse","Insumo","Revestimento filtro pvc geomecânico reforçado dn 150mm.","m",16.0,576.0,221.38,255.21,147000.96,0.018982578088266793]
["3.4",5024.0,"Orse","Insumo","Centralizador em 6\".","un.",10.0,360.0,267.02,307.82,110815.2,0.014309826190025578]
["3.5",9850.0,"Sinapi","Insumo","Tubo pvc de revestimento geomecanico nervurado reforcado, dn = 150 mm, comprimento = 2 m.","m",134.0,4824.0,147.75,170.33,821671.92,0.10610441853125385]
["3.6","COMPOSIÇÃO - 8","Próprio","Serviço","Serviço de lançamento cimentação anelar, incluso materiais.","m³",1.16,41.76,541.72,684.41,28580.96,0.0036907262717034615]
["4",null,null,null,"Pós perfuração.",{"$nulls":5},438613.56,0.05663919577989621]
["4.1",6305.0,"Orse","Serviço","Desenvolvimento com compressor 250psi / 750cfm.","h",2.0,72.0,411.16,519.46,37401.12,0.004829694180151184]
["4.2","COMPOSIÇÃO - 9","Próprio","Serviço","Inspeção ótica em poço tubular câmera com rotação de 360º, visada lateral, com fonte própria de luz, entregue vídeo em cores e marcação de profundidades.","m",150.0,5400.0,9.42,11.9,64260.0,0.008298044230133084]
["4.3","COMPOSIÇÃO - 10","Próprio","Serviço","Serviço de coleta e análise físico-química e bacteriológica.","un.",1.0,36.0,621.19,784.81,28253.16,0.0036483966903365517]
["4.4","COMPOSIÇÃO - 11","Próprio","Serviço","Serviço de instalação de laje sanitária com dimensões (1,5x1,5x0,3) , incluso material.","un.",1.0,36.0,655.96,828.74,29834.64,0.0038526169049190426]
["4.5","24.80.22","Embasa","Serviço","Ensaio de bombeamento poço tubular incluso materiais e grupo gerador.","h",24.0,864.0,255.47,322.76,278864.64,0.03601044377435635]
["5",null,null,null,"Reservação.",{"$nulls":5},1021987.3,0.13197161248108136]
["5.1","COMPOSIÇÃO - 12","Próprio","Serviço","Fornecimento e instalação de reservatório e base elevada 10 m³.","un.",0.8,28.8,26556.16,33551.05,966270.24,0.12477673809183487]
["5.2","COMPOSIÇÃO - 13","Próprio","Serviço","Fornecimento e execução de reservatório apoiado de 5 m³.","un.",0.2,7.2,6125.12,7738.48,55717.06,0.007194874389246479]
["6",null,null,null,"Bebedouro.",{"$nulls":5},75566.88,0.00975812811349454]
["6.1","COMPOSIÇÃO - 14","Próprio","Serviço","Serviço de execução do bebedouro em concreto armado, incluso materiais.","un.",1.0,36.0,1661.45,2099.08,75566.88,0.00975812811349454]
["7",null,null,null,"Chafariz.",{"$nulls":5},47737.8,0.006164493866312591]
["7.1","COMPOSIÇÃO - 15","Próprio","Serviço","Fornecimento de material e instalação do chafariz.","un.",1.0,36.0,1049.59,1326.05,47737.8,0.006164493866312591]
["8",null,null,null,"Cavalete.",{"$nulls":5},69876.72,0.009023344432253735]
["8.1","COMPOSIÇÃO - 16","Próprio","Serviço","Fornecimento de conexões e instalação do cavalete com hidrômetro e clorador de pastilhas.","un.",1.0,36.0,1536.35,1941.02,69876.72,0.009023344432253735]
["9",null,null,null,"Instalações hidráulicas poço e adutora.",{"$nulls":5},738459.83,0.09535904655332332]
["9.1","COMPOSIÇÃO - 17","Próprio","Serviço","Fornecimento e instalação da rede adutora poço-reservatório-bebedouro em pn80 e dn50mm.","m",400.0,14400.0,28.47,35.97,517968.0,0.06688642038271977]
["9.2","COMPOSIÇÃO - 18","Próprio","Serviço","Montagem hidráulica do equipamento de bombeamento.","un.",1.0,36.0,152.28,192.39,6926.04,8.94375758787285E-4]
["9.3",38200.0,"Sinapi","Insumo","Corda de poliamida 12 mm tipo bombeiro, para trabalho em altura.","100m",0.93,33.48,584.75,674.1,22568.87,0.0029143710159371867]
["9.4",9860.0,"Sinapi","Insumo","Tubo pvc, roscavel, 2\", para agua fria predial.","m",90.0,3240.0,42.97,49.54,160509.6,0.02072698039466183]
["9.5",3912.0,"Sinapi","Insumo","Luva de ferro galvanizado, com rosca bsp, de 2\".","un.",16.0,576.0,39.21,45.2,26035.2,0.0033619863233794096]
["9.6",5128.0,"Orse","Insumo","Tampa de poço galvanizada em 6\" un.","un.",1.0,36.0,107.28,123.67,4452.12,5.749126778378478E-4]
["10",null,null,null,"Estrutura de fixação para módulos fotovoltáicos.",{"$nulls":5},179229.05,0.023144266794658166]
["10.1","COMPOSIÇÃO - 19","Próprio","Serviço","Serviço de fixação de estruturas para os módulos fotovoltaicos e suportes de concreto, incluso materiais.","m²",15.18,546.48,259.59,327.97,179229.05,0.023144266794658166]
["11",null,null,null,"Instalações elétricas.",{"$nulls":5},736311.6,0.09508164058450137]
["11.1","COMPOSIÇÃO - 20","Próprio","Serviço","Montagem e instalação elétrica do kit de bombeamento e sistema fotovoltaico inclusive sistema de aterramento.","un.",1.0,36.0,1090.83,1378.15,49613.4,0.006406694485018436]
["11.2",34622.0,"Sinapi","Insumo","Fornecimento de cabo flexivel pvc 750 v, 3 condutores de 6,0 mm2.","m",105.0,3780.0,23.52,27.11,102475.8,0.01323293994581811]
["11.3","COMPOSIÇÃO - 21","Próprio","Serviço","Fornecimento e instalação de automático de bóia superior e inferior.","un.",1.0,36.0,56.53,71.42,2571.12,3.3201474449081497E-4]
["11.4",39257.0,"Sinapi","Insumo","Cabo multipolar de cobre, flexivel, classe 4 ou 5, isolacao em hepr, cobertura em pvc-st2, antichama bwf-b, 0,6/1 kv, 3 condutores de 1,5 mm2.","m",200.0,7200.0,6.39,7.37,53064.0,0.006852278540737347]
["11.5","Cotação-002","Próprio","Serviço","Fornecimento de kit de bombeamento fotovoltaico, incluindo uma bomba cc de 2200w com controladora de carga externa, caixa de proteção metálica, módulos fotovoltaicos compatíveis com a geração de 3300wp além de componentes elétricos necessários para interligação dos painéis, como cabos, conectores mc4 e presilhas de fixação.","un.",1.0,36.0,11621.8,14682.98,528587.28,0.06825771286843667]
["12",null,null,null,"Urbanização.",{"$nulls":5},137939.4,0.01781243763271116]
["12.1","COMPOSIÇÃO - 22","Próprio","Serviço","Cerca com mourões de concreto de 15x15cm, espaçados de 3m e cravados a 0,5m, escoras de 10x10cm nos cantos, e 9 fios de arame de aço ovalado 15x17.","m",28.0,1008.0,76.45,96.59,97362.72,0.012572675955898893]
["12.2","COMPOSIÇÃO - 23","Próprio","Serviço","Serviço de instalação de portão de ferro com suporte e batedor conforme projeto, incluso material.","m²",1.5,54.0,594.76,751.42,40576.68,0.00523976167681227]
["13",null,null,null,"Outros serviços e insumos excepcionais.",{"$nulls":5},247803.82,0.03199948737559815]
["13.1","COMPOSIÇÃO - 24","Próprio","Serviço","Execução de tamponamento conforme especificação.","m³",0.08,2.88,656.92,829.95,2390.26,3.0865986930466707E-4]
["13.2",13747.0,"Orse","Insumo","Revestimento tubo liso aço sch-40 em 12\".","m",6.0,216.0,921.04,1061.77,229342.32,0.029615510662952618]
["13.3","M3929","Sicro3","Insumo","Tubo em aço-carbono - e = 3,00 mm e d = 150 mm (6\").","m",1.44,51.84,171.23,197.39,10232.7,0.0013213725053483163]
["13.4","M039706073","Embasa","Insumo","Filtro nold em aço galvanizado dn 6\".","m",0.006,0.22,763.9,880.62,193.74,2.50180997377215E-5]
["13.5","COMPOSIÇÃO - 25","Próprio","Serviço","Limpeza manual , remoção de cerca, capina e instalação dos equipamentos (área do poço, painéis solares, bebedouro e reservatório).","m²",70.0,2520.0,1.77,2.24,5644.8,7.289262382548277E-4]

{"sheet":"Orçamento Analítico - CE - T","index":23,"n_rows":311,"n_cols":9,"rows_kept":311,"cut":false,"hidden":false,"merged":[[0,0,2,8],[3,3,3,4]]}
["OBJETO: EXECUÇÃO DE SERVIÇOS DE PERFURAÇÃO E INSTALAÇÃO DE POÇOS TUBULARES EM MUNICÍPIOS LOCALIZADOS NO ESTADO DO CEARÁ, NA ÁREA DE ATUAÇÃO DA CODEVASF"]
[]
[]
[null,null,null,"PLANILHA ANALÍTICA - POÇO TOTALMENTE REVESTIDO - CEARÁ"]
["1",null,null,"Serviços preliminares."]
["1.1","Código","Banco","Descrição.","Tipo","und","Quant.","Valor Unit","Total"]
["Composição","COMPOSIÇÃO - 1","Próprio","Administração local da obra - poço totalmente revestido.","Cant - canteiro de obras","un.","1,00",1693.35,1693.35]
["Composição Auxiliar","012710","Sbc","Despesas gerais de manutencao canteiro de obras.","Instalacoes provisorias","mes","0,23",1805.82,415.34]
["Composição Auxiliar","100321","Sinapi","Técnico em segurança do trabalho com encargos complementares.","Sedi - serviços diversos","mes","0,23",5556.56,1278.01]
[]
["1.2","Código","Banco","Descrição.","Tipo","und","Quant.","Valor Unit","Total"]
["Composição","COMPOSIÇÃO - 2","Próprio","Serviço de locação geológica de campo com relatório hidro geológico e perfil construtivo e geológico esperado. relatório de viabilidade de implantação das estruturas e vistorias preliminares.","Sert - serviços técnicos","un.","1,00",590.5,590.5]
["Composição Auxiliar","30.01.45","Embasa","Geologo senior.","3001","hora","5,00",97.41,487.05]
["Insumo","5896","Orse","Veículo tipo sedan ou pick-up capacidade 0,6 ton h.","Equipamento","h","5,00",8.33,41.65]
["Insumo","00004222","Sinapi","Gasolina comum.","Material","l","10,00",6.18,61.8]
[]
["1.3","Código","Banco","Descrição.","Tipo","und","Quant.","Valor Unit","Total"]
["Composição","103689","Sinapi","Fornecimento e instalação de placa de obra com chapa galvanizada e estrutura de madeira.","Pavi - pavimentação","m²","1,00",465.75,465.75]
["Composição Auxiliar","102234","Sinapi","Pintura imunizante para madeira, 2 demãos.","Pint - pinturas","m²","0,50",23.84,11.92]
["Composição Auxiliar","88262","Sinapi","Carpinteiro de formas com encargos complementares.","Sedi - serviços diversos","h","0,37",28.52,10.64]
["Composição Auxiliar","88316","Sinapi","Servente com encargos complementares.","Sedi - serviços diversos","h","1,12",22.1,24.72]
["Insumo","00004509","Sinapi","Sarrafo *2,5 x 10* cm em pinus, mista ou equivalente da regiao - bruta.","Material","m","3,21",5.61,18.0]
["Insumo","00004813","Sinapi","Placa de obra (para construcao civil) em chapa galvanizada *n. 22*, adesivada, de *2,4 x 1,2* m (sem postes para fixacao).","Material","m²","1,00",400.0,400.0]
["Insumo","00005065","Sinapi","Prego de aco polido com cabeca 10 x 10 (7/8 x 17).","Material","kg","0,01",25.89,0.29]
["Insumo","00005069","Sinapi","Prego de aco polido com cabeca 17 x 27 (2 1/2 x 11).","Material","kg","0,01",13.87,0.18]
[]
["1.4","Código","Banco","Descrição.","Tipo","und","Quant.","Valor Unit","Total"]
["Composição","COMPOSIÇÃO - 3","Próprio","Taxas e emolumentos fiscais , administrativos para obtenção outorga e outros.","Insumo","un.","1,00",856.8,856.8]
["Insumo","COTAÇÃO","COTAÇÃO","Decreto Estadual nº 23.068/1994. Nota técnica CODEVASF","Material","un.","1,00",856.8,856.8]
[]
["2",null,null,"Mobilizaçâo e desmobilizaçâo equipe campo."]
["2.1","Código","Banco","Descrição.","Tipo","und","Quant.","Valor Unit","Total"]
["Composição","COMPOSIÇÃO - 4","Próprio","Transporte de comboio perfuração.","Tran - transportes, cargas e descargas","km","1,00",4.89,4.89]
["Composição Auxiliar","5824","Sinapi","Caminhão toco, pbt 16.000 kg, carga útil máx. 10.685 kg, dist. entre eixos 4,8 m, potência 189 cv, inclusive carroceria fixa aberta de madeira p/ transporte geral de carga seca, dimen. aprox. 2,5 x 7,00 x 0,50 m - chp diurno.","Chor - custos horários de máquinas e equipamentos","chp","0,02",226.45,3.77]
["Composição Auxiliar","5826","Sinapi","Caminhão toco, pbt 16.000 kg, carga útil máx. 10.685 kg, dist. entre eixos 4,8 m, potência 189 cv, inclusive carroceria fixa aberta de madeira p/ transporte geral de carga seca, dimen. aprox. 2,5 x 7,00 x 0,50 m - chi diurno.","Chor - custos horários de máquinas e equipamentos","chi","0,02",67.29,1.12]
[]
["2.2","Código","Banco","Descrição.","Tipo","und","Quant.","Valor Unit","Total"]
["Composição","COMPOSIÇÃO - 5","Próprio","Transporte de comboio instalação.","Tran - transportes, cargas e descargas","km","1,00",6.16,6.16]
["Composição Auxiliar","5928","Sinapi","Guindauto hidráulico, capacidade máxima de carga 6200 kg, momento máximo de carga 11,7 tm, alcance máximo horizontal 9,70 m, inclusive caminhão toco pbt 16.000 kg, potência de 189 cv - chp diurno.","Chor - custos horários de máquinas e equipamentos","chp","0,02",289.67,4.83]
["Composição Auxiliar","5930","Sinapi","Guindauto hidráulico, capacidade máxima de carga 6200 kg, momento máximo de carga 11,7 tm, alcance máximo horizontal 9,70 m, inclusive caminhão toco pbt 16.000 kg, potência de 189 cv - chi diurno.","Chor - custos horários de máquinas e equipamentos","chi","0,02",79.56,1.33]
[]
["2.3","Código","Banco","Descrição.","Tipo","und","Quant.","Valor Unit","Total"]
["Composição","COMPOSIÇÃO - 6","Próprio","Transporte de equipe teste de vazão.","Tran - transportes, cargas e descargas","km","1,00",2.69,2.69]
["Composição Auxiliar","73467","Sinapi","Caminhão toco, pbt 14.300 kg, carga útil máx. 9.710 kg, dist. entre eixos 3,56 m, potência 185 cv, inclusive carroceria fixa aberta de madeira p/ transporte geral de carga seca, dimen. aprox. 2,50 x 6,50 x 0,50 m - chp diurno.","Chor - custos horários de máquinas e equipamentos","chp","0,01",259.88,2.16]
["Composição Auxiliar","91395","Sinapi","Caminhão toco, pbt 14.300 kg, carga útil máx. 9.710 kg, dist. entre eixos 3,56 m, potência 185 cv, inclusive carroceria fixa aberta de madeira p/ transporte geral de carga seca, dimen. aprox. 2,50 x 6,50 x 0,50 m - chi diurno.","Chor - custos horários de máquinas e equipamentos","chi","0,01",64.42,0.53]
[]
["3",null,null,"Perfuração e completação de poço tubular."]
["3.1","Código","Banco","Descrição.","Tipo","und","Quant.","Valor Unit","Total"]
["Composição","COMPOSIÇÃO - 7","Próprio","Perfuração diâmetro de ø 12 1/4\" em rocha - incluso mão de obra para instalação do revestimento e completação anelar.","Sert - serviços técnicos","m","1,00",326.51,326.51]
["Composição Auxiliar","6224","Orse","Perfuração em sedimento / camadas inconsolidadas dn 12.1/2\" - poço de 150 a 250m.","Conversão infoworca","m","1,00",318.61,318.61]
["Insumo","00043366","Sinapi","Bentonita, argila constituida por montmorilonita.","Material","kg","5,00",1.58,7.9]
[]
["3.2","Código","Banco","Descrição.","Tipo","und","Quant.","Valor Unit","Total"]
["Insumo","5073","Orse","Fornecimento de pré-filtro comum m3.","Serviços","m³","1,00",1619.38,1619.38]
[]
["3.3","Código","Banco","Descrição.","Tipo","und","Quant.","Valor Unit","Total"]
["Insumo","5091","Orse","Revestimento filtro pvc geomecânico reforçado dn 150mm.","Serviços","m","1,00",221.38,221.38]
[]
["3.4","Código","Banco","Descrição.","Tipo","und","Quant.","Valor Unit","Total"]
["Insumo","5024","Orse","Centralizador em 6\".","Serviços","un.","1,00",267.02,267.02]
[]
["3.5","Código","Banco","Descrição.","Tipo","und","Quant.","Valor Unit","Total"]
["Insumo","00009850","Sinapi","Tubo pvc de revestimento geomecanico nervurado reforcado, dn = 150 mm, comprimento = 2 m.","Material","m","1,00",147.75,147.75]
[]
["3.6","Código","Banco","Descrição.","Tipo","und","Quant.","Valor Unit","Total"]
["Composição","COMPOSIÇÃO - 8","Próprio","Serviço de lançamento cimentação anelar, incluso materiais.","Sedi - serviços diversos","m³","1,00",541.72,541.72]
["Composição Auxiliar","1903","Orse","Argamassa cimento e areia traço t-1 (1:3) - 1 saco cimento 50kg / 3 padiolas areia dim. 0.35 x 0.45 x 0.23 m - confecção mecânica e transporte.","Argamassas","m³","1,00",541.72,541.72]
[]
["4",null,null,"Pós perfuração."]
["4.1","Código","Banco","Descrição.","Tipo","und","Quant.","Valor Unit","Total"]
["Composição","6305","Orse","Desenvolvimento com compressor 250psi / 750cfm.","Conversão infoworca","h","1,00",411.16,411.16]
["Insumo","5030","Orse","Desenvolvimento com compressor 250psi - 750cfm h.","Serviços","h","1,00",411.16,411.16]
[]
["4.2","Código","Banco","Descrição.","Tipo","und","Quant.","Valor Unit","Total"]
["Composição","COMPOSIÇÃO - 9","Próprio","Inspeção ótica em poço tubular câmera com rotação de 360º, visada lateral, com fonte própria de luz, entregue vídeo em cores e marcação de profundidades.","Sees - serviços especiais","m","1,00",9.42,9.42]
["Insumo","H020050004","Embasa","Aparelho de perfilagem optica.","Material","m","1,00",4.4,4.4]
["Insumo","B590000022","Embasa","Tecnico medio.","Mão de obra","h","0,08",60.15,5.02]
[]
["4.3","Código","Banco","Descrição.","Tipo","und","Quant.","Valor Unit","Total"]
["Composição","COMPOSIÇÃO - 10","Próprio","Serviço de coleta e análise físico-química e bacteriológica.","Sedi - serviços diversos","un.","1,00",621.19,621.19]
["Composição Auxiliar","6312","Orse","Análise físico-química da água.","Conversão infoworca","un.","1,00",565.21,565.21]
["Composição Auxiliar","6313","Orse","Análise bacteriológica da água.","Conversão infoworca","un.","1,00",55.98,55.98]
[]
["4.4","Código","Banco","Descrição.","Tipo","und","Quant.","Valor Unit","Total"]
["Composição","COMPOSIÇÃO - 11","Próprio","Serviço de instalação de laje sanitária com dimensões (1,5x1,5x0,3) , incluso material.","Sedi - serviços diversos","un.","1,00",655.96,655.96]
["Composição Auxiliar","92522","Sinapi","Montagem e desmontagem de fôrma de laje maciça, pé-direito simples, em chapa de madeira compensada resinada, 8 utilizações.","Fues - fundações e estruturas","m²","1,80",43.61,78.5]
["Composição Auxiliar","93358","Sinapi","Escavação manual de vala com profundidade menor ou igual a 1,30 m.","Movt - movimento de terra","m³","0,23",87.43,19.67]
["Composição Auxiliar","94975","Sinapi","Concreto fck = 15mpa, traço 1:3,4:3,5 (em massa seca de cimento/ areia média/ brita 1) - preparo manual.","Fues - fundações e estruturas","m³","0,68",520.14,351.09]
["Composição Auxiliar","103670","Sinapi","Lançamento com uso de baldes, adensamento e acabamento de concreto em estruturas.","Fues - fundações e estruturas","m³","0,68",306.22,206.7]
[]
["4.5","Código","Banco","Descrição.","Tipo","und","Quant.","Valor Unit","Total"]
["Composição","24.80.22","Embasa","Ensaio de bombeamento poço tubular incluso materiais e grupo gerador.","2480","h","1,00",255.47,255.47]
["Composição Auxiliar","24.00.15","Embasa","Equipe (3 profissionais campo) - bombeio.","2400","h","1,00",190.55,190.55]
["Insumo","H020050001","Embasa","Unidade de ensaio e bombeamento - ueb1 ate 150m3 no sedimento.","Material","h","1,00",64.92,64.92]
[]
["5",null,null,"Reservação."]
["5.1","Código","Banco","Descrição.","Tipo","und","Quant.","Valor Unit","Total"]
["Composição","COMPOSIÇÃO - 12","Próprio","Fornecimento e instalação de reservatório e base elevada 10 m³.","Astu - assentamento de tubos e pecas","un.","1,00",26556.16,26556.16]
["Composição Auxiliar","92759","Sinapi","Armação de pilar ou viga de estrutura convencional de concreto armado utilizando aço ca-60 de 5,0 mm - montagem.","Fues - fundações e estruturas","kg","29,10",14.47,421.08]
["Composição Auxiliar","92761","Sinapi","Armação de pilar ou viga de estrutura convencional de concreto armado utilizando aço ca-50 de 8,0 mm - montagem.","Fues - fundações e estruturas","kg","48,00",12.72,610.56]
["Composição Auxiliar","93358","Sinapi","Escavação manual de vala com profundidade menor ou igual a 1,30 m.","Movt - movimento de terra","m³","5,20",87.43,454.64]
["Composição Auxiliar","92763","Sinapi","Armação de pilar ou viga de estrutura convencional de concreto armado utilizando aço ca-50 de 12,5 mm - montagem.","Fues - fundações e estruturas","kg","118,40",9.49,1123.62]
["Composição Auxiliar","94970","Sinapi","Concreto fck = 20mpa, traço 1:2,7:3 (em massa seca de cimento/ areia média/ brita 1) - preparo mecânico com betoneira 600 l.","Fues - fundações e estruturas","m³","4,89",494.34,2417.32]
["Composição Auxiliar","103670","Sinapi","Lançamento com uso de baldes, adensamento e acabamento de concreto em estruturas.","Fues - fundações e estruturas","m³","6,85",306.22,2097.61]
["Composição Auxiliar","84651","Sinapi","Pintura com tinta impermeavel mineral em po, duas demaos.","Pint - pinturas","m²","28,66",13.84,396.65]
["Composição Auxiliar","90776","Sinapi","Encarregado geral com encargos complementares.","Sedi - serviços diversos","h","1,00",27.38,27.38]
["Composição Auxiliar","102482","Sinapi","Concreto fck = 25mpa, traço 1:2,2:2,5 (em massa seca de cimento/ areia média/ seixo rolado) - preparo mecânico com betoneira 600 l.","Fues - fundações e estruturas","m³","1,96",690.78,1353.93]
["Composição Auxiliar","92263","Sinapi","Fabricação de fôrma para pilares e estruturas similares, em chapa de madeira compensada resinada, e = 17 mm.","Fues - fundações e estruturas","m²","18,10",190.78,3453.12]
["Composição Auxiliar","89272","Sinapi","Guindaste hidráulico autopropelido, com lança telescópica 28,80 m, capacidade máxima 30 t, potência 97 kw, tração 4 x 4 - chp diurno.","Chor - custos horários de máquinas e equipamentos","chp","13,00",235.58,3062.54]
["Composição Auxiliar","5824","Sinapi","Caminhão toco, pbt 16.000 kg, carga útil máx. 10.685 kg, dist. entre eixos 4,8 m, potência 189 cv, inclusive carroceria fixa aberta de madeira p/ transporte geral de carga seca, dimen. aprox. 2,5 x 7,00 x 0,50 m - chp diurno.","Chor - custos horários de máquinas e equipamentos","chp","24,00",226.45,5434.8]
["Composição Auxiliar","88267","Sinapi","Encanador ou bombeiro hidráulico com encargos complementares.","Sedi - serviços diversos","h","4,00",28.12,112.48]
["Composição Auxiliar","88248","Sinapi","Auxiliar de encanador ou bombeiro hidráulico com encargos complementares.","Sedi - serviços diversos","h","4,00",22.64,90.56]
["Insumo","00011677","Sinapi","Registro de esfera, pvc, com volante, vs, soldavel, dn 50 mm, com corpo dividido.","Material","un.","1,00",37.32,37.32]
["Insumo","00003146","Sinapi","Fita veda rosca em rolos de 18 mm x 10 m (l x c).","Material","un.","0,18",3.85,0.69]
["Insumo","00037106","Sinapi","Caixa d'agua / reservatorio em poliester reforcado com fibra de vidro, 10000 litros, com tampa.","Material","un.","1,00",5130.99,5130.99]
["Insumo","00009875","Sinapi","Tubo pvc, soldavel, de 50 mm, agua fria (nbr-5648).","Material","m","15,20",14.79,224.81]
["Insumo","00000113","Sinapi","Adaptador pvc soldavel curto com bolsa e rosca, 60 mm x 2\", para agua fria.","Material","un.","1,00",10.7,10.7]
["Insumo","00003871","Sinapi","Luva soldavel com rosca, pvc, 50 mm x 1 1/2\", para agua fria predial.","Material","un.","1,00",17.51,17.51]
["Insumo","00003540","Sinapi","Joelho pvc, soldavel, 90 graus, 50 mm, cor marrom, para agua fria predial.","Material","un.","5,00",4.78,23.9]
["Insumo","00000099","Sinapi","Adaptador pvc soldavel, com flange e anel de vedacao, 50 mm x 1 1/2\", para caixa d'agua.","Material","un.","2,00",25.13,50.26]
["Insumo","00000119","Sinapi","Adesivo plastico para pvc, bisnaga com 75 gr.","Material","un.","0,45",8.2,3.69]
[]
["5.2","Código","Banco","Descrição.","Tipo","und","Quant.","Valor Unit","Total"]
["Composição","COMPOSIÇÃO - 13","Próprio","Fornecimento e execução de reservatório apoiado de 5 m³.","Sedi - serviços diversos","un.","1,00",6125.12,6125.12]
["Composição Auxiliar","5928","Sinapi","Guindauto hidráulico, capacidade máxima de carga 6200 kg, momento máximo de carga 11,7 tm, alcance máximo horizontal 9,70 m, inclusive caminhão toco pbt 16.000 kg, potência de 189 cv - chp diurno.","Chor - custos horários de máquinas e equipamentos","chp","4,00",289.67,1158.68]
["Composição Auxiliar","88309","Sinapi","Pedreiro com encargos complementares.","Sedi - serviços diversos","h","3,00",28.89,86.67]
["Composição Auxiliar","88316","Sinapi","Servente com encargos complementares.","Sedi - serviços diversos","h","3,00",22.1,66.3]
["Composição Auxiliar","88262","Sinapi","Carpinteiro de formas com encargos complementares.","Sedi - serviços diversos","h","3,00",28.52,85.56]
["Composição Auxiliar","102617","Sinapi","Caixa d´água em poliéster reforçado com fibra de vidro, 5000 litros - fornecimento e instalação.","Inhi - instalações hidros sanitárias","un.","1,00",3572.46,3572.46]
["Composição Auxiliar","92783","Sinapi","Armação de laje de uma estrutura convencional de concreto armado em uma edificação térrea ou sobrado utilizando aço ca-60 de 4,2 mm - montagem.","Fues - fundações e estruturas","kg","3,20",18.66,59.71]
["Composição Auxiliar","92759","Sinapi","Armação de pilar ou viga de estrutura convencional de concreto armado utilizando aço ca-60 de 5,0 mm - montagem.","Fues - fundações e estruturas","kg","5,60",14.47,81.03]
["Composição Auxiliar","94964","Sinapi","Concreto fck = 20mpa, traço 1:2,7:3 (em massa seca de cimento/ areia média/ brita 1) - preparo mecânico com betoneira 400 l.","Fues - fundações e estruturas","m³","1,56",509.05,794.12]
["Composição Auxiliar","84651","Sinapi","Pintura com tinta impermeavel mineral em po, duas demaos.","Pint - pinturas","m²","2,70",13.84,37.37]
["Composição Auxiliar","92783","Sinapi","Armação de laje de uma estrutura convencional de concreto armado em uma edificação térrea ou sobrado utilizando aço ca-60 de 4,2 mm - montagem.","Fues - fundações e estruturas","kg","3,20",18.66,59.71]
["Insumo","00007155","Sinapi","Tela de aco soldada nervurada, ca-60, q-138, (2,20 kg/m2), diametro do fio = 4,2 mm, largura = 2,45 m, espacamento da malha = 10 x 10 cm.","Material","m²","6,16",20.05,123.51]
[]
["6",null,null,"Bebedouro."]
["6.1","Código","Banco","Descrição.","Tipo","und","Quant.","Valor Unit","Total"]
["Composição","COMPOSIÇÃO - 14","Próprio","Serviço de execução do bebedouro em concreto armado, incluso materiais.","Sedi - serviços diversos","un.","1,00",1661.45,1661.45]
["Composição Auxiliar","5928","Sinapi","Guindauto hidráulico, capacidade máxima de carga 6200 kg, momento máximo de carga 11,7 tm, alcance máximo horizontal 9,70 m, inclusive caminhão toco pbt 16.000 kg, potência de 189 cv - chp diurno.","Chor - custos horários de máquinas e equipamentos","chp","2,00",289.67,579.34]
["Composição Auxiliar","87445","Sinapi","Betoneira capacidade nominal 400 l, capacidade de mistura 310 l, motor a diesel potência 5,0 hp, sem carregador - chp diurno.","Chor - custos horários de máquinas e equipamentos","chp","0,50",5.4,2.7]
["Composição Auxiliar","88377","Sinapi","Operador de betoneira estacionária/misturador com encargos complementares.","Sedi - serviços diversos","h","0,50",26.71,13.36]
["Composição Auxiliar","88310","Sinapi","Pintor com encargos complementares.","Sedi - serviços diversos","h","0,30",30.38,9.11]
["Composição Auxiliar","100301","Sinapi","Ajudante de pintor com encargos complementares.","Sedi - serviços diversos","h","0,10",24.92,2.49]
["Composição Auxiliar","88245","Sinapi","Armador com encargos complementares.","Sedi - serviços diversos","h","3,00",28.73,86.19]
["Composição Auxiliar","88262","Sinapi","Carpinteiro de formas com encargos complementares.","Sedi - serviços diversos","h","2,00",28.52,57.04]
["Composição Auxiliar","88316","Sinapi","Servente com encargos complementares.","Sedi - serviços diversos","h","5,00",22.1,110.5]
["Composição Auxiliar","88309","Sinapi","Pedreiro com encargos complementares.","Sedi - serviços diversos","h","4,00",28.89,115.56]
["Insumo","00043055","Sinapi","Aco ca-50, 12,5 mm ou 16,0 mm, vergalhao.","Material","kg","12,00",7.22,86.64]
["Insumo","00043059","Sinapi","Aco ca-60, 4,2 mm, ou 5,0 mm, ou 6,0 mm, ou 7,0 mm, vergalhao.","Material","kg","13,00",7.89,102.57]
["Insumo","00000032","Sinapi","Aco ca-50, 6,3 mm, vergalhao.","Material","kg","6,00",8.79,52.74]
["Insumo","00000370","Sinapi","Areia media - posto jazida/fornecedor (retirado na jazida, sem transporte).","Material","m³","0,32",130.0,41.6]
["Insumo","00001379","Sinapi","Cimento portland composto cp ii-32.","Material","kg","127,00",0.75,95.25]
["Insumo","00004718","Sinapi","Pedra britada n. 2 (19 a 38 mm) posto pedreira/fornecedor, sem frete.","Material","m³","0,08",116.25,9.3]
["Insumo","00004721","Sinapi","Pedra britada n. 1 (9,5 a 19 mm) posto pedreira/fornecedor, sem frete.","Material","m³","0,23",115.64,26.6]
["Insumo","00003767","Sinapi","Lixa em folha para parede ou madeira, numero 120, cor vermelha.","Material","un.","0,12",0.69,0.08]
["Insumo","00007356","Sinapi","Tinta latex acrilica premium, cor branco fosco.","Material","l","0,18",31.58,5.68]
["Insumo","00043681","Sinapi","Chapa/painel de madeira compensada resinada (madeirite resinado rosa) para forma de concreto, de 2200 x 1100 mm, e = 8 a 12 mm.","Material","m²","7,30",36.26,264.7]
[]
["7",null,null,"Chafariz."]
["7.1","Código","Banco","Descrição.","Tipo","und","Quant.","Valor Unit","Total"]
["Composição","COMPOSIÇÃO - 15","Próprio","Fornecimento de material e instalação do chafariz.","Astu - assentamento de tubos e pecas","un.","1,00",1049.59,1049.59]
["Composição Auxiliar","88267","Sinapi","Encanador ou bombeiro hidráulico com encargos complementares.","Sedi - serviços diversos","h","2,00",28.12,56.24]
["Composição Auxiliar","88248","Sinapi","Auxiliar de encanador ou bombeiro hidráulico com encargos complementares.","Sedi - serviços diversos","h","2,00",22.64,45.28]
["Composição Auxiliar","93358","Sinapi","Escavação manual de vala com profundidade menor ou igual a 1,30 m.","Movt - movimento de terra","m³","0,09",87.43,8.3]
["Composição Auxiliar","92270","Sinapi","Fabricação de fôrma para vigas, com madeira serrada, e = 25 mm.","Fues - fundações e estruturas","m²","0,63",168.64,105.91]
["Composição Auxiliar","94975","Sinapi","Concreto fck = 15mpa, traço 1:3,4:3,5 (em massa seca de cimento/ areia média/ brita 1) - preparo manual.","Fues - fundações e estruturas","m³","0,16",520.14,81.66]
["Composição Auxiliar","2171","Orse","Piso cimentado liso traço 1:5, e = 3 cm, c/ junta plástica 3 x 27 mm.","Pisos : cimentados, em concreto simples, tipo tech-stone e de alta resistência","m²","0,79",52.58,41.28]
["Composição Auxiliar","87904","Sinapi","Chapisco aplicado em alvenaria (com presença de vãos) e estruturas de concreto de fachada, com colher de pedreiro. argamassa traço 1:3 com preparo manual.","Reve - revestimento e tratamento de superfícies","m²","0,31",8.78,2.76]
["Composição Auxiliar","87529","Sinapi","Massa única, em argamassa traço 1:2:8, preparo mecânico, aplicada manualmente em paredes internas de ambientes com área entre 5m² e 10m², e = 17,5mm, com taliscas.","Reve - revestimento e tratamento de superfícies","m²","0,31",37.81,11.87]
["Composição Auxiliar","84651","Sinapi","Pintura com tinta impermeavel mineral em po, duas demaos.","Pint - pinturas","m²","0,31",13.84,4.35]
["Insumo","00000765","Sinapi","Bucha de reducao de ferro galvanizado, com rosca bsp, de 1\" x 3/4\".","Material","un.","2,00",11.17,22.34]
["Insumo","00009887","Sinapi","Uniao de ferro galvanizado, com rosca bsp, com assento plano, de 2\".","Material","un.","2,00",113.7,227.4]
["Insumo","00021013","Sinapi","Tubo aco galvanizado com costura, classe leve, dn 50 mm ( 2\"), e = 3,00 mm, *4,40* kg/m (nbr 5580).","Material","m","1,80",67.99,122.38]
["Insumo","00006298","Sinapi","Te de ferro galvanizado, de 2\".","Material","un.","1,00",74.06,74.06]
["Insumo","00003471","Sinapi","Cotovelo 90 graus de ferro galvanizado, com rosca bsp, de 2\".","Material","un.","1,00",55.7,55.7]
["Insumo","00000113","Sinapi","Adaptador pvc soldavel curto com bolsa e rosca, 60 mm x 2\", para agua fria.","Material","un.","1,00",10.7,10.7]
["Insumo","00000818","Sinapi","Bucha de reducao de pvc, soldavel, curta, com 60 x 50 mm, para agua fria predial.","Material","un.","1,00",6.53,6.53]
["Insumo","00007604","Sinapi","Torneira metalica cromada para tanque / jardim, sem bico , cano longo, de parede, padrao popular / uso geral, 1/2 \" ou 3/4 \" (ref 1126).","Material","un.","2,00",49.38,98.76]
["Insumo","00000119","Sinapi","Adesivo plastico para pvc, bisnaga com 75 gr.","Material","un.","1,00",8.2,8.2]
["Insumo","00003146","Sinapi","Fita veda rosca em rolos de 18 mm x 10 m (l x c).","Material","un.","1,00",3.85,3.85]
["Insumo","00000771","Sinapi","Bucha de reducao de ferro galvanizado, com rosca bsp, de 2\" x 1\".","Material","un.","2,00",31.01,62.02]
[]
["8",null,null,"Cavalete."]
["8.1","Código","Banco","Descrição.","Tipo","und","Quant.","Valor Unit","Total"]
["Composição","COMPOSIÇÃO - 16","Próprio","Fornecimento de conexões e instalação do cavalete com hidrômetro e clorador de pastilhas.","Inhi - instalações hidros sanitárias","un.","1,00",1536.35,1536.35]
["Composição Auxiliar","88248","Sinapi","Auxiliar de encanador ou bombeiro hidráulico com encargos complementares.","Sedi - serviços diversos","h","3,00",22.64,67.92]
["Insumo","00000791","Sinapi","Bucha de reducao de ferro galvanizado, com rosca bsp, de 1 1/2\" x 1\".","Material","un.","1,00",23.11,23.11]
["Insumo","00009862","Sinapi","Tubo pvc, roscavel, 1 1/2\", agua fria predial.","Material","m","1,50",30.03,45.05]
["Insumo","00011831","Sinapi","Torneira plastica para tanque 1/2 \" ou 3/4 \" com bico para mangueira.","Material","un.","1,00",19.13,19.13]
["Insumo","002121","Sbc","Te de reducao ferro galvanizado 1.1/2\" x 1\".","Material","un.","1,00",57.49,57.49]
["Insumo","9569","Orse","Adaptador pvc bsxrm d= 35mm x 1 1/2\", linha irriga-lf, tigre ou similar un.","Material","un.","1,00",3.04,3.04]
["Insumo","00003939","Sinapi","Luva de ferro galvanizado, com rosca bsp, de 1 1/2\".","Material","un.","1,00",25.6,25.6]
["Insumo","00001798","Sinapi","Curva 90 graus de ferro galvanizado, com rosca bsp macho, de 2\".","Material","un.","1,00",142.72,142.72]
["Insumo","00009887","Sinapi","Uniao de ferro galvanizado, com rosca bsp, com assento plano, de 2\".","Material","un.","2,00",113.7,227.4]
["Insumo","00004181/sinapi","Orse","Niple de ferro galvanizado, com rosca bsp, de 2\".","Material","un.","2,00",39.24,78.48]
["Insumo","00006028","Sinapi","Registro gaveta bruto em latao forjado, bitola 2 \" (ref 1509).","Material","un.","1,00",131.8,131.8]
["Insumo","00012775","Sinapi","Hidrometro multijato / medidor de agua, dn 1\", vazao maxima de 7 m3/h, para agua potavel fria, relojoaria plana, classe b, horizontal (sem conexoes).","Material","un.","1,00",350.65,350.65]
["Insumo","00000771","Sinapi","Bucha de reducao de ferro galvanizado, com rosca bsp, de 2\" x 1\".","Material","un.","1,00",31.01,31.01]
["Insumo","00006305","Sinapi","Te de reducao de ferro galvanizado, com rosca bsp, de 2\" x 1\".","Material","un.","1,00",81.98,81.98]
["Insumo","12464","Orse","Clorador dosador de cloro de pastilhas automático.","Material","un.","1,00",250.97,250.97]
[]
["9",null,null,"Instalações hidráulicas poço e adutora."]
["9.1","Código","Banco","Descrição.","Tipo","und","Quant.","Valor Unit","Total"]
["Composição","COMPOSIÇÃO - 17","Próprio","Fornecimento e instalação da rede adutora poço-reservatório-bebedouro em pn80 e dn50mm.","Sedi - serviços diversos","m","1,00",28.47,28.47]
["Composição Auxiliar","88316","Sinapi","Servente com encargos complementares.","Sedi - serviços diversos","h","0,05",22.1,1.11]
["Composição Auxiliar","93358","Sinapi","Escavação manual de vala com profundidade menor ou igual a 1,30 m.","Movt - movimento de terra","m³","0,05",87.43,4.37]
["Insumo","00009875","Sinapi","Tubo pvc, soldavel, de 50 mm, agua fria (nbr-5648).","Material","m","1,00",14.79,14.79]
["Insumo","00000119","Sinapi","Adesivo plastico para pvc, bisnaga com 75 gr.","Material","un.","1,00",8.2,8.2]
[]
["9.2","Código","Banco","Descrição.","Tipo","und","Quant.","Valor Unit","Total"]
["Composição","COMPOSIÇÃO - 18","Próprio","Montagem hidráulica do equipamento de bombeamento.","Inhi - instalações hidros sanitárias","un.","1,00",152.28,152.28]
["Composição Auxiliar","88267","Sinapi","Encanador ou bombeiro hidráulico com encargos complementares.","Sedi - serviços diversos","h","3,00",28.12,84.36]
["Composição Auxiliar","88248","Sinapi","Auxiliar de encanador ou bombeiro hidráulico com encargos complementares.","Sedi - serviços diversos","h","3,00",22.64,67.92]
[]
["9.3","Código","Banco","Descrição.","Tipo","und","Quant.","Valor Unit","Total"]
["Insumo","00038200","Sinapi","Corda de poliamida 12 mm tipo bombeiro, para trabalho em altura.","Material","100m","1,00",584.75,584.75]
[]
["9.4","Código","Banco","Descrição.","Tipo","und","Quant.","Valor Unit","Total"]
["Insumo","00009860","Sinapi","Tubo pvc, roscavel, 2\", para agua fria predial.","Material","m","1,00",42.97,42.97]
[]
["9.5","Código","Banco","Descrição.","Tipo","und","Quant.","Valor Unit","Total"]
["Insumo","00003912","Sinapi","Luva de ferro galvanizado, com rosca bsp, de 2\".","Material","un.","1,00",39.21,39.21]
[]
["9.6","Código","Banco","Descrição.","Tipo","und","Quant.","Valor Unit","Total"]
["Insumo","5128","Orse","Tampa de poço galvanizada em 6\" un.","Serviços","un.","1,00",107.28,107.28]
[]
["10",null,null,"Estrutura de fixação para módulos fotovoltáicos."]
["10.1","Código","Banco","Descrição.","Tipo","und","Quant.","Valor Unit","Total"]
["Composição","COMPOSIÇÃO - 19","Próprio","Serviço de fixação de estruturas para os módulos fotovoltaicos e suportes de concreto, incluso materiais.","Sedi - serviços diversos","m²","1,00",259.59,259.59]
["Composição Auxiliar","94975","Sinapi","Concreto fck = 15mpa, traço 1:3,4:3,5 (em massa seca de cimento/ areia média/ brita 1) - preparo manual.","Fues - fundações e estruturas","m³","0,09",520.14,49.15]
["Composição Auxiliar","93358","Sinapi","Escavação manual de vala com profundidade menor ou igual a 1,30 m.","Movt - movimento de terra","m³","0,06",87.43,5.46]
["Composição Auxiliar","96534","Sinapi","Fabricação, montagem e desmontagem de fôrma para bloco de coroamento, em madeira serrada, e=25 mm, 4 utilizações.","Fues - fundações e estruturas","m²","0,03",86.45,2.77]
["Composição Auxiliar","88316","Sinapi","Servente com encargos complementares.","Sedi - serviços diversos","h","2,64",22.1,58.28]
["Composição Auxiliar","88278","Sinapi","Montador de estrutura metálica com encargos complementares.","Sedi - serviços diversos","h","2,64",25.04,66.03]
["Insumo","015690","Sbc","Estrutura metalica tesoura c/coluna 20/35m(24,72kg/m2).","Material","m²","1,00",77.9,77.9]
[]
["11",null,null,"Instalações elétricas."]
["11.1","Código","Banco","Descrição.","Tipo","und","Quant.","Valor Unit","Total"]
["Composição","COMPOSIÇÃO - 20","Próprio","Montagem e instalação elétrica do kit de bombeamento e sistema fotovoltaico inclusive sistema de aterramento.","Inel - instalação elétrica/eletrificação e iluminação externa","un.","1,00",1090.83,1090.83]
["Composição Auxiliar","88247","Sinapi","Auxiliar de eletricista com encargos complementares.","Sedi - serviços diversos","h","8,00",23.66,189.28]
["Insumo","00020111","Sinapi","Fita isolante adesiva antichama, uso ate 750 v, em rolo de 19 mm x 20 m.","Material","un.","1,00",9.79,9.79]
["Insumo","00002674","Sinapi","Fornecimento de eletroduto de pvc rigido roscavel de 3/4 \", sem luva.","Material","m","15,00",4.84,72.6]
["Insumo","00012034","Sinapi","Fornecimento de curva 180 graus, de pvc rigido roscavel, de 3/4\", para eletroduto.","Material","un.","1,00",3.79,3.79]
["Insumo","00039272","Sinapi","Fornecimento de curva 90 graus, curta, de pvc rigido roscavel, de 3/4\", para eletroduto.","Material","un.","2,00",2.07,4.14]
["Insumo","00003379","Sinapi","Haste de aterramento em aco com 3,00 m de comprimento e dn = 5/8\", revestida com baixa camada de cobre, sem conector.","Material","un.","0,66",58.03,38.3]
["Insumo","00001891","Sinapi","Fornecimento de luva em pvc rigido roscavel, de 3/4\", para eletroduto.","Material","un.","9,00",0.96,8.64]
["Insumo","00000425","Sinapi","Grampo metalico tipo olhal para haste de aterramento de 5/8'', condutor de *10* a 50 mm2.","Material","un.","2,00",5.5,11.0]
["Insumo","00034643","Sinapi","Fornecimento de caixa de inspecao para aterramento e para raios, em polipropileno, diametro = 300 mm x altura = 400 mm.","Material","un.","2,00",40.93,81.86]
["Insumo","00000867","Sinapi","Cabo de cobre nu 50 mm2 meio-duro.","Material","m","7,50",59.83,448.73]
["Insumo","54581","Siurb infra","Dps - dispositivo de proteção contra surtos – 45ka – 500 volts - corrente contínua - classe ii - p/ sistema fotovoltáico.","Material","un.","1,00",222.7,222.7]
[]
["11.2","Código","Banco","Descrição.","Tipo","und","Quant.","Valor Unit","Total"]
["Insumo","00034622","Sinapi","Fornecimento de cabo flexivel pvc 750 v, 3 condutores de 6,0 mm2.","Material","m","1,00",23.52,23.52]
[]
["11.3","Código","Banco","Descrição.","Tipo","und","Quant.","Valor Unit","Total"]
["Composição","COMPOSIÇÃO - 21","Próprio","Fornecimento e instalação de automático de bóia superior e inferior.","Astu - assentamento de tubos e pecas","un.","1,00",56.53,56.53]
["Composição Auxiliar","88264","Sinapi","Eletricista com encargos complementares.","Sedi - serviços diversos","h","0,20",29.26,5.85]
["Composição Auxiliar","88247","Sinapi","Auxiliar de eletricista com encargos complementares.","Sedi - serviços diversos","h","0,20",23.66,4.73]
["Insumo","00007588","Sinapi","Automatico de boia superior / inferior, *15* a / 250 v.","Material","un.","1,00",45.0,45.0]
["Insumo","00021127","Sinapi","Fita isolante adesiva antichama, uso ate 750 v, em rolo de 19 mm x 5 m.","Material","un.","0,10",3.7,0.37]
["Insumo","00003146","Sinapi","Fita veda rosca em rolos de 18 mm x 10 m (l x c).","Material","un.","0,15",3.85,0.58]
[]
["11.4","Código","Banco","Descrição.","Tipo","und","Quant.","Valor Unit","Total"]
["Insumo","00039257","Sinapi","Cabo multipolar de cobre, flexivel, classe 4 ou 5, isolacao em hepr, cobertura em pvc-st2, antichama bwf-b, 0,6/1 kv, 3 condutores de 1,5 mm2.","Material","m","1,00",6.39,6.39]
[]
["11.5","Código","Banco","Descrição.","Tipo","und","Quant.","Valor Unit","Total"]
["Insumo","Cotação-002","Próprio","Fornecimento de kit de bombeamento fotovoltaico, incluindo uma bomba cc de 2200w com controladora de carga externa, caixa de proteção metálica, módulos fotovoltaicos compatíveis com a geração de 3300wp além de componentes elétricos necessários para interligação dos painéis, como cabos, conectores mc4 e presilhas de fixação.","Serviços","un.","1,00",11621.8,11621.8]
[]
["12",null,null,"Urbanização."]
["12.1","Código","Banco","Descrição.","Tipo","und","Quant.","Valor Unit","Total"]
["Composição","COMPOSIÇÃO - 22","Próprio","Cerca com mourões de concreto de 15x15cm, espaçados de 3m e cravados a 0,5m, escoras de 10x10cm nos cantos, e 9 fios de arame de aço ovalado 15x17.","Sedi - serviços diversos","m","1,00",76.45,76.45]
["Composição Auxiliar","88309","Sinapi","Pedreiro com encargos complementares.","Sedi - serviços diversos","h","0,34",28.89,9.68]
["Composição Auxiliar","88316","Sinapi","Servente com encargos complementares.","Sedi - serviços diversos","h","0,67",22.1,14.83]
["Composição Auxiliar","94975","Sinapi","Concreto fck = 15mpa, traço 1:3,4:3,5 (em massa seca de cimento/ areia média/ brita 1) - preparo manual.","Fues - fundações e estruturas","m³","0,03",520.14,14.98]
["Insumo","00043130","Sinapi","Arame galvanizado 12 bwg, d = 2,76 mm (0,048 kg/m) ou 14 bwg, d = 2,11 mm (0,026 kg/m).","Material","kg","0,10",15.99,1.57]
["Insumo","00000346","Sinapi","Arame de aco ovalado 15 x 17 ( 45,7 kg, 700 kgf), rolo 1000 m.","Material","kg","0,41",18.94,7.67]
["Insumo","00004111","Sinapi","Escora pre-moldada em concreto, *10 x 10* cm, h = 2,30m.","Material","un.","0,16",49.29,7.89]
["Insumo","I1533","Seinfra","Mourão concreto base 15x15cm h=2.3 c/ 12 furos.","Material","un.","0,42",47.22,19.83]
[]
["12.2","Código","Banco","Descrição.","Tipo","und","Quant.","Valor Unit","Total"]
["Composição","COMPOSIÇÃO - 23","Próprio","Serviço de instalação de portão de ferro com suporte e batedor conforme projeto, incluso material.","Sedi - serviços diversos","m²","1,00",594.76,594.76]
["Composição Auxiliar","88309","Sinapi","Pedreiro com encargos complementares.","Sedi - serviços diversos","h","1,50",28.89,43.34]
["Composição Auxiliar","88316","Sinapi","Servente com encargos complementares.","Sedi - serviços diversos","h","1,50",22.1,33.15]
["Insumo","00000367","Sinapi","Areia grossa - posto jazida/fornecedor (retirado na jazida, sem transporte).","Material","m³","0,06",131.69,8.03]
["Insumo","00001379","Sinapi","Cimento portland composto cp ii-32.","Material","kg","4,83",0.75,3.62]
["Insumo","00004948","Sinapi","Portao de abrir / giro, em gradil de metalon redondo de 3/4\" vertical, com requadro, acabamento natural - completo.","Material","m²","1,00",506.62,506.62]
[]
["13",null,null,"Outros serviços e insumos excepcionais."]
["13.1","Código","Banco","Descrição.","Tipo","und","Quant.","Valor Unit","Total"]
["Composição","COMPOSIÇÃO - 24","Próprio","Execução de tamponamento conforme especificação.","Sedi - serviços diversos","m³","1,00",656.92,656.92]
["Composição Auxiliar","87316","Sinapi","Argamassa traço 1:4 (em volume de cimento e areia grossa úmida) para chapisco convencional, preparo mecânico com betoneira 400 l.","Sedi - serviços diversos","m³","1,00",519.18,519.18]
["Composição Auxiliar","88316","Sinapi","Servente com encargos complementares.","Sedi - serviços diversos","h","1,00",22.1,22.1]
["Insumo","00004721","Sinapi","Pedra britada n. 1 (9,5 a 19 mm) posto pedreira/fornecedor, sem frete.","Material","m³","1,00",115.64,115.64]
[]
["13.2","Código","Banco","Descrição.","Tipo","und","Quant.","Valor Unit","Total"]
["Insumo","13747","Orse","Revestimento tubo liso aço sch-40 em 12\".","Serviços","m","1,00",921.04,921.04]
[]
["13.3","Código","Banco","Descrição.","Tipo","und","Quant.","Valor Unit","Total"]
["Insumo","M3929","Sicro3","Tubo em aço-carbono - e = 3,00 mm e d = 150 mm (6\").","Material","m","1,00",171.23,171.23]
[]
["13.4","Código","Banco","Descrição.","Tipo","und","Quant.","Valor Unit","Total"]
["Insumo","M039706073","Embasa","Filtro nold em aço galvanizado dn 6\".","Material","m","1,00",763.9,763.9]
[]
["13.5","Código","Banco","Descrição.","Tipo","und","Quant.","Valor Unit","Total"]
["Composição","COMPOSIÇÃO - 25","Próprio","Limpeza manual , remoção de cerca, capina e instalação dos equipamentos (área do poço, painéis solares, bebedouro e reservatório).","Sedi - serviços diversos","m²","1,00",1.77,1.77]
["Composição Auxiliar","88316","Sinapi","Servente com encargos complementares.","Sedi - serviços diversos","h","0,08",22.1,1.77]
[]
[]
[]
["14"]

{"sheet":"Crono. - CE - T","index":24,"n_rows":27,"n_cols":15,"rows_kept":27,"cut":false,"hidden":false,"merged":[[0,0,6,14],[7,0,8,14],[23,0,23,1],[23,2,26,2],[24,0,24,1],[25,0,25,1],[26,0,26,1]]}
["OBJETO: EXECUÇÃO DE SERVIÇOS DE PERFURAÇÃO E INSTALAÇÃO DE POÇOS TUBULARES EM MUNICÍPIOS LOCALIZADOS NO ESTADO DO CEARÁ, NA ÁREA DE ATUAÇÃO DA CODEVASF"]
[]
[]
[]
[]
[]
[]
["CRONOGRAMA FÍSICO-FINANCEIRO POÇO TOTALMENTE REVESTIDO"]
[]
["ITEM","ESPECIFICAÇÃO DOS SERVIÇOS","VALOR TOTAL (R$)","Mês 01","Mês 02","Mês 03","Mês 04","Mês 05","Mês 06","Mês 07","Mês 08","Mês 09","Mês 10","Mês 11","Mês 12"]
["1","Serviços preliminares.",153350.01,12779.167500000001,12779.167500000001,12779.167500000001,12779.167500000001,12779.167500000001,12779.167500000001,12779.167500000001,12779.167500000001,12779.167500000001,12779.167500000001,12779.167500000001,12779.167500000001]
["2","Mobilizaçâo e desmobilizaçâo equipe campo.",93744.0,7812.0,7812.0,7812.0,7812.0,7812.0,7812.0,7812.0,7812.0,7812.0,7812.0,7812.0,7812.0]
["3","Perfuração e completação de poço tubular.",3803373.46,316947.78833333333,316947.78833333333,316947.78833333333,316947.78833333333,316947.78833333333,316947.78833333333,316947.78833333333,316947.78833333333,316947.78833333333,316947.78833333333,316947.78833333333,316947.78833333333]
["4","Pós perfuração.",438613.56,36551.13,36551.13,36551.13,36551.13,36551.13,36551.13,36551.13,36551.13,36551.13,36551.13,36551.13,36551.13]
["5","Reservação.",1021987.3,85165.60833333334,85165.60833333334,85165.60833333334,85165.60833333334,85165.60833333334,85165.60833333334,85165.60833333334,85165.60833333334,85165.60833333334,85165.60833333334,85165.60833333334,85165.60833333334]
["6","Bebedouro.",75566.88,6297.240000000001,6297.240000000001,6297.240000000001,6297.240000000001,6297.240000000001,6297.240000000001,6297.240000000001,6297.240000000001,6297.240000000001,6297.240000000001,6297.240000000001,6297.240000000001]
["7","Chafariz.",47737.8,3978.15,3978.15,3978.15,3978.15,3978.15,3978.15,3978.15,3978.15,3978.15,3978.15,3978.15,3978.15]
["8","Cavalete.",69876.72,5823.06,5823.06,5823.06,5823.06,5823.06,5823.06,5823.06,5823.06,5823.06,5823.06,5823.06,5823.06]
["9","Instalações hidráulicas poço e adutora.",738459.83,61538.31916666666,61538.31916666666,61538.31916666666,61538.31916666666,61538.31916666666,61538.31916666666,61538.31916666666,61538.31916666666,61538.31916666666,61538.31916666666,61538.31916666666,61538.31916666666]
["10","Estrutura de fixação para módulos fotovoltáicos.",179229.05,14935.754166666666,14935.754166666666,14935.754166666666,14935.754166666666,14935.754166666666,14935.754166666666,14935.754166666666,14935.754166666666,14935.754166666666,14935.754166666666,14935.754166666666,14935.754166666666]
["11","Instalações elétricas.",736311.6,61359.299999999996,61359.299999999996,61359.299999999996,61359.299999999996,61359.299999999996,61359.299999999996,61359.299999999996,61359.299999999996,61359.299999999996,61359.299999999996,61359.299999999996,61359.299999999996]
["12","Urbanização.",137939.4,11494.949999999999,11494.949999999999,11494.949999999999,11494.949999999999,11494.949999999999,11494.949999999999,11494.949999999999,11494.949999999999,11494.949999999999,11494.949999999999,11494.949999999999,11494.949999999999]
["13","Outros serviços e insumos excepcionais.",247803.82,20650.318333333333,20650.318333333333,20650.318333333333,20650.318333333333,20650.318333333333,20650.318333333333,20650.318333333333,20650.318333333333,20650.318333333333,20650.318333333333,20650.318333333333,20650.318333333333]
["TOTAL",null,7743993.429999999,645332.7858333334,645332.7858333334,645332.7858333334,645332.7858333334,645332.7858333334,645332.7858333334,645332.7858333334,645332.7858333334,645332.7858333334,645332.7858333334,645332.7858333334,645332.7858333334]
["PERCENTUAL",null,null,0.08333333333333336,0.08333333333333336,0.08333333333333336,0.08333333333333336,0.08333333333333336,0.08333333333333336,0.08333333333333336,0.08333333333333336,0.08333333333333336,0.08333333333333336,0.08333333333333336,0.08333333333333336]
["CUSTO ACUMULADO",null,null,645332.7858333334,1290665.5716666668,1935998.3575000002,2581331.1433333335,3226663.929166667,3871996.715000001,4517329.500833334,5162662.286666668,5807995.072500002,6453327.858333335,7098660.644166669,7743993.4300000025]
["PERCENTUAL ACUMULADO",null,null,0.08333333333333336,0.1666666666666667,0.25000000000000006,0.3333333333333334,0.4166666666666668,0.5000000000000001,0.5833333333333335,0.6666666666666669,0.7500000000000002,0.8333333333333336,0.916666666666667,1.0000000000000002]

{"sheet":"CAPA PE","index":25,"n_rows":7,"n_cols":2,"rows_kept":7,"cut":false,"hidden":false,"merged":[[6,1,16,13]]}
[]
[]
[]
[]
[]
[]
[null,"EXECUÇÃO DE SERVIÇOS DE PERFURAÇÃO E INSTALAÇÃO DE POÇOS TUBULARES NO ESTADO DO PERNAMBUCO ÁREA DE ATUAÇÃO 15ª SUPERINTENDÊNCIA REGIONAL"]

{"sheet":"Planilha Resumo PE","index":26,"n_rows":15,"n_cols":7,"rows_kept":15,"cut":false,"hidden":false,"merged":[[12,1,12,2],[14,1,14,2],[1,1,1,6],[2,1,2,6],[3,1,3,6],[4,1,4,6],[8,1,8,2],[8,4,8,5],[12,4,12,6],[14,4,14,6]]}
[]
[null,"OBJETO: EXECUÇÃO DE SERVIÇOS DE PERFURAÇÃO E INSTALAÇÃO DE POÇOS TUBULARES EM MUNICÍPIOS LOCALIZADOS NO ESTADO DO PERNAMBUCO ÁREA DE ATUAÇÃO 15ª SUPERINTENDÊNCIA REGIONAL"]
[null,"PLANILHA ORÇAMENTÁRIA ESTIMATIVA GERAL"]
[null,"DATABASE DO ORÇAMENTO: SETEMBRO/2024 - NÃO DESONERADO"]
[null,"PLANILHA RESUMIDA - GRUPO 4 - PERNAMBUCO ÁREA DE ATUAÇÃO 15ª SUPERINTENDÊNCIA REGIONAL"]
[null,"ITEM","DISCRIMINAÇÃO","UND","Quantidade de Poços","PREÇO \nUNITÁRIO","TOTAL"]
[null,7.0,"Perfuração e instalação de poço tubular parcialmente revestido, instalado com sistema fotovoltaico, bomba submersa, reservatório e bebedouro para animais.","un",91.0,148591.33,1.352181115E7]
[null,8.0,"Perfuração e instalação de poços poço tubular totalmente revestido, instalado com sistema fotovoltaico, bomba submersa, reservatório e bebedouro para animais.","un",8.0,210252.88,1682023.0]
[null,"TOTAL GERAL ESTIMADO GRUPO",null,"un",99.0,null,1.520383415E7]
[]
[]
[]
[null,"Base de Preços Consultados",null,null,"SINAPI - 08/2024 - Pernambuco\nSBC - 10/2024 - Pernambuco\nSICRO3 - 04/2024 - Pernambuco\nORSE - 06/2024 - Sergipe\nSEINFRA - 028 - Ceará\nCPOS/CDHU - 09/2024 - São Paulo\nFDE - 07/2024 - São Paulo\nEMBASA - 05/2024 - Bahia"]
[]
[null,"Encargos Sociais",null,null,"Não Desonerado: \nHorista: 113,98%\nMensalista: 70,00%"]

{"sheet":"Orçamento Sintético - PE - P","index":27,"n_rows":58,"n_cols":12,"rows_kept":58,"cut":false,"hidden":false,"merged":[[0,0,0,5],[1,0,1,5]]}
["OBJETO: EXECUÇÃO DE SERVIÇOS DE PERFURAÇÃO E INSTALAÇÃO DE POÇOS TUBULARES EM MUNICÍPIOS LOCALIZADOS NO ESTADO DO PERNAMBUCO ÁREA DE ATUAÇÃO 15ª SUPERINTENDÊNCIA REGIONAL",{"$nulls":6},"Quantidade de Poços","BDI SERVIÇO","BDI INSUMO","Total","Preço Unitário Por Poço"]
["PLANILHA SINTÉTICA - POÇO PARCIALMENTE REVESTIDO - PERNAMBUCO 15ª - SR",{"$nulls":6},91.0,0.2634,0.1528,1.352181115E7,148591.33]
["Item","Código","Banco","Tipo","Descrição.","un.","Mem. calc.","Quant.","Valor Unit","Valor Unit com BDI","Total","Peso (%)"]
["1",null,null,null,"Serviços preliminares.",{"$nulls":5},126494.04,0.009354814868864664]
["1.1","COMPOSIÇÃO - 1","Próprio","Serviço","Administração local da obra - poço parcialmente revestido.","un.",1.0,91.0,207.04,261.57,23802.87,0.0017603314922794199]
["1.2","COMPOSIÇÃO - 2","Próprio","Serviço","Serviço de locação geológica de campo com relatório hidro geológico e perfil construtivo e geológico esperado. relatório de viabilidade de implantação das estruturas e vistorias preliminares.","un.",1.0,91.0,589.3,744.52,67751.32,0.005010521094284031]
["1.3",103689.0,"Sinapi","Insumo","Fornecimento e instalação de placa de obra com chapa galvanizada e estrutura de madeira.","m²",0.72,65.52,462.59,533.27,34939.85,0.0025839622823012136]
["2",null,null,null,"Mobilizaçâo e desmobilizaçâo equipes perfuraçâo e instalação.",{"$nulls":5},223314.0,0.0165150953169465]
["2.1","COMPOSIÇÃO - 3","Próprio","Serviço","Transporte de comboio perfuração.","km",150.0,13650.0,4.59,5.8,79170.0,0.005854984892315997]
["2.2","COMPOSIÇÃO - 4","Próprio","Serviço","Transporte de comboio instalação.","km",150.0,13650.0,5.82,7.35,100327.5,0.007419679130779754]
["2.3","COMPOSIÇÃO - 5","Próprio","Serviço","Transporte de equipe teste de vazão.","km",150.0,13650.0,2.54,3.21,43816.5,0.00324043129385075]
["3",null,null,null,"Perfuração e completação de poço tubular.",{"$nulls":5},2725838.88,0.20158829684587037]
["3.1",5051.0,"Orse","Insumo","Perfuraçao em rocha metassedimentar - metassedimento alterado / compacto dn 6\" (poço 120m).","m",90.0,8190.0,156.31,180.19,1475756.1,0.10913893735307789]
["3.2",5057.0,"Orse","Insumo","Perfuração rocha sedimentar sedimento / camadas inconsolidadas dn 12.1/2\" - poço até 150m.","m",30.0,2730.0,247.66,285.5,779415.0,0.057641316784697146]
["3.3","COMPOSIÇÃO - 6","Próprio","Serviço","Serviço de lançamento cimentação anelar, incluso materiais.","m³",1.74,158.34,541.72,684.41,108369.48,0.008014420464672737]
["3.4",9854.0,"Sinapi","Insumo","Tubo pvc de revestimento geomecanico nervurado standard, dn = 154 mm, comprimento = 2 m.","m",30.0,2730.0,115.12,132.71,362298.3,0.02679362224342262]
["4",null,null,null,"Pós perfuração.",{"$nulls":5},1071506.8,0.07924284610349702]
["4.1",6305.0,"Orse","Serviço","Desenvolvimento com compressor 250psi / 750cfm.","h",2.0,182.0,411.16,519.46,94541.72,0.006991794142902225]
["4.2","COMPOSIÇÃO - 7","Próprio","Serviço","Inspeção ótica em poço tubular câmera com rotação de 360º, visada lateral, com fonte própria de luz, entregue vídeo em cores e marcação de profundidades.","m",120.0,10920.0,9.42,11.9,129948.0,0.009610251064629016]
["4.3","COMPOSIÇÃO - 8","Próprio","Serviço","Serviço de coleta e análise físico-química e bacteriológica.","un.",1.0,91.0,621.19,784.81,71417.71,0.005281667463607492]
["4.4","24.80.22","Embasa","Serviço","Ensaio de bombeamento poço tubular incluso materiais e grupo gerador.","h",24.0,2184.0,255.47,322.76,704907.84,0.05213117031293548]
["4.5","COMPOSIÇÃO - 9","Próprio","Serviço","Serviço de instalação de laje sanitária com dimensões (1,5x1,5x0,3) metros , incluso material.","un.",1.0,91.0,614.87,776.83,70691.53,0.0052279631194228]
["5",null,null,null,"Reservação.",{"$nulls":5},2381150.95,0.17609704229599452]
["5.1","COMPOSIÇÃO - 10","Próprio","Serviço","Fornecimento e instalação de reservatório e base elevada 10 m³.","un.",0.8,72.8,24522.24,30981.4,2255445.92,0.1668005783382058]
["5.2","COMPOSIÇÃO - 11","Próprio","Serviço","Fornecimento e execução de reservatório apoiado de 5 m³.","un.",0.2,18.2,5466.89,6906.87,125705.03,0.009296463957788673]
["6",null,null,null,"Bebedouro.",{"$nulls":5},177587.41,0.013133404100234013]
["6.1","COMPOSIÇÃO - 12","Próprio","Serviço","Serviço de execução do bebedouro em concreto armado, incluso materiais.","un.",1.0,91.0,1544.65,1951.51,177587.41,0.013133404100234013]
["7",null,null,null,"Chafariz.",{"$nulls":5},117797.68,0.008711679130350817]
["7.1","COMPOSIÇÃO - 13","Próprio","Serviço","Fornecimento de material e instalação do chafariz.","un.",1.0,91.0,1024.6,1294.48,117797.68,0.008711679130350817]
["8",null,null,null,"Cavalete.",{"$nulls":5},175334.25,0.012966772576172238]
["8.1","COMPOSIÇÃO - 14","Próprio","Serviço","Fornecimento de conexões e instalação do cavalete com hidrômetro e clorador de pastilhas.","un.",1.0,91.0,1525.05,1926.75,175334.25,0.012966772576172238]
["9",null,null,null,"Instalações hidráulicas.",{"$nulls":5},1712188.81,0.12662422148973734]
["9.1","COMPOSIÇÃO - 15","Próprio","Serviço","Fornecimento e instalação da rede adutora poço-reservatório-bebedouro em pn80 e dn50mm.","m",400.0,36400.0,25.98,32.82,1194648.0,0.0883497030647407]
["9.2","COMPOSIÇÃO - 16","Próprio","Serviço","Montagem hidráulica do equipamento de bombeamento.","un.",1.0,91.0,141.42,178.67,16258.97,0.0012024254605863208]
["9.3",38200.0,"Sinapi","Insumo","Corda de poliamida 12 mm tipo bombeiro, para trabalho em altura.","100m",0.93,84.63,691.46,797.12,67460.27,0.004988996610857119]
["9.4",9860.0,"Sinapi","Insumo","Tubo pvc, roscavel, 2\", para agua fria predial.","m",90.0,8190.0,37.79,43.56,356756.4,0.026383773300960502]
["9.5",3912.0,"Sinapi","Insumo","Luva de ferro galvanizado, com rosca bsp, de 2\".","un.",16.0,1456.0,39.21,45.2,65811.2,0.004867040315083827]
["9.6",5128.0,"Orse","Insumo","Tampa de poço galvanizada em 6\" un.","un.",1.0,91.0,107.28,123.67,11253.97,8.322827375088728E-4]
["10",null,null,null,"Estrutura de fixação para módulos fotovoltáicos.",{"$nulls":5},302798.5,0.022393338927825506]
["10.1","COMPOSIÇÃO - 17","Próprio","Serviço","Serviço de fixação de estruturas para os módulos fotovoltaicos e suportes de concreto, incluso materiais.","m²",10.12,920.92,260.25,328.8,302798.5,0.022393338927825506]
["11",null,null,null,"Instalações elétricas e bóia elétrica.",{"$nulls":5},1581056.75,0.11692640375324277]
["11.1","COMPOSIÇÃO - 18","Próprio","Serviço","Montagem e instalação elétrica do kit de bombeamento e sistema fotovoltaico inclusive sistema de aterramento.","un.",1.0,91.0,1078.76,1362.91,124024.81,0.009172203976536087]
["11.2",34622.0,"Sinapi","Insumo","Fornecimento de cabo flexivel pvc 750 v, 3 condutores de 6,0 mm2.","m",105.0,9555.0,19.66,22.66,216516.3,0.016012374200330404]
["11.3","COMPOSIÇÃO - 19","Próprio","Serviço","Fornecimento e instalação de automático de bóia superior e inferior.","un.",1.0,91.0,70.43,88.98,8097.18,5.988236272623878E-4]
["11.4",39257.0,"Sinapi","Insumo","Cabo multipolar de cobre, flexivel, classe 4 ou 5, isolacao em hepr, cobertura em pvc-st2, antichama bwf-b, 0,6/1 kv, 3 condutores de 1,5 mm2.","m",200.0,18200.0,5.34,6.16,112112.0,0.008291196996934837]
["11.5","Cotação-001","Próprio","Serviço","Fornecimento de kit de bombeamento fotovoltaico, incluindo uma bomba cc de 1500w com controladora de carga externa, caixa de proteção metálica, módulos fotovoltaicos compatíveis com a geração de 2200wp além de componentes elétricos necessários para interligação dos painéis, como cabos, conectores mc4 e presilhas de fixação.","un.",1.0,91.0,9744.39,12311.06,1120306.46,0.08285180495217906]
["12",null,null,null,"Urbanização.",{"$nulls":5},361049.33,0.026701255179118515]
["12.1","COMPOSIÇÃO - 20","Próprio","Serviço","Cerca com mourões de concreto de 15x15cm, espaçados de 3m e cravados a 0,5m, escoras de 10x10cm nos cantos, e 9 fios de arame de aço ovalado 15x17.","m",28.0,2548.0,80.59,101.82,259437.36,0.01918658359608875]
["12.2","COMPOSIÇÃO - 21","Próprio","Serviço","Serviço de instalação de portão de ferro com suporte e batedor conforme projeto, incluso material.","m²",1.5,136.5,589.21,744.41,101611.97,0.007514671583029763]
["13",null,null,null,"Outros serviços e insumos excepcionais.",{"$nulls":5},2565693.75,0.1897448294121457]
["13.1","COMPOSIÇÃO - 22","Próprio","Serviço","Fornecimento e instalação do pré filtro para revestimento interno.","m³",1.212,110.29,1657.33,2093.87,230932.92,0.01707854942198331]
["13.2","COMPOSIÇÃO - 23","Próprio","Serviço","Execução de tamponamento conforme especificação.","m³",0.24,21.84,622.12,785.99,17166.02,0.001269505971468918]
["13.3","COMPOSIÇÃO - 24","Próprio","Serviço","Fornecimento e instalação do filtro para revestimento interno ø 4 1/2\".","m",0.6,54.6,108.33,136.86,7472.56,5.526301112406825E-4]
["13.4","COMPOSIÇÃO - 25","Próprio","Serviço","Fornecimento e instalação do revestimento interno ø 4 1/2\".","m",34.8,3166.8,99.56,125.78,398320.1,0.02945759969440188]
["13.5","M3929","Sicro3","Insumo","Tubo em aço-carbono - e = 3,00 mm e d = 150 mm (6\").","m",9.0,819.0,171.23,197.39,161662.41,0.011955677254078497]
["13.6",41699.0,"Sinapi","Insumo","Tubo de revestimento, em aco, corpo schedule 40, ponteira schedule 80, rosqueavel e segmentado para perfuracao, diametro 8.","m",6.0,546.0,2753.97,3174.78,1733429.88,0.12819509611328953]
["13.7","M039706073","Embasa","Insumo","Filtro nold em aço galvanizado dn 6\".","m",0.04,3.64,763.9,880.62,3205.46,2.3705848014302433E-4]
["13.8","COMPOSIÇÃO - 26","Próprio","Serviço","Limpeza manual , remoção de cerca, capina e instalação dos equipamentos (área do poço, painéis solares, bebedouro e reservatório).","m²",70.0,6370.0,1.68,2.12,13504.4,9.98712365539878E-4]

{"sheet":"Orçamento Analítico - PE - P","index":28,"n_rows":320,"n_cols":9,"rows_kept":320,"cut":false,"hidden":false,"merged":[[0,0,2,8],[3,3,3,5]]}
[]
[]
[]
[null,null,null,"PLANILHA ANALÍTICA - POÇO PARCIALMENTE REVESTIDO - PERNAMBUCO - 15ª SR"]
["1",null,null,"Serviços preliminares."]
["1.1","Código","Banco","Descrição.","Tipo","und","Quant.","Valor Unit","Total"]
["Composição","COMPOSIÇÃO - 1","Próprio","Administração local da obra - poço parcialmente revestido.","Cant - canteiro de obras","un.","1,00",207.04,207.04]
["Composição Auxiliar","012710","Sbc","Despesas gerais de manutencao canteiro de obras.","Instalacoes provisorias","mes","0,03",1805.82,54.17]
["Composição Auxiliar","100321","Sinapi","Técnico em segurança do trabalho com encargos complementares.","Sedi - serviços diversos","mes","0,03",5095.75,152.87]
[]
["1.2","Código","Banco","Descrição.","Tipo","und","Quant.","Valor Unit","Total"]
["Composição","COMPOSIÇÃO - 2","Próprio","Serviço de locação geológica de campo com relatório hidro geológico e perfil construtivo e geológico esperado. relatório de viabilidade de implantação das estruturas e vistorias preliminares.","Sert - serviços técnicos","un.","1,00",589.3,589.3]
["Composição Auxiliar","30.01.45","Embasa","Geologo senior.","3001","hora","5,00",97.41,487.05]
["Insumo","5896","Orse","Veículo tipo sedan ou pick-up capacidade 0,6 ton h.","Equipamento","h","5,00",8.33,41.65]
["Insumo","00004222","Sinapi","Gasolina comum.","Material","l","10,00",6.06,60.6]
[]
["1.3","Código","Banco","Descrição.","Tipo","und","Quant.","Valor Unit","Total"]
["Composição","103689","Sinapi","Fornecimento e instalação de placa de obra com chapa galvanizada e estrutura de madeira.","Pavi - pavimentação","m²","1,00",462.59,462.59]
["Composição Auxiliar","102234","Sinapi","Pintura imunizante para madeira, 2 demãos.","Pint - pinturas","m²","0,50",22.76,11.38]
["Composição Auxiliar","88262","Sinapi","Carpinteiro de formas com encargos complementares.","Sedi - serviços diversos","h","0,37",26.13,9.74]
["Composição Auxiliar","88316","Sinapi","Servente com encargos complementares.","Sedi - serviços diversos","h","1,12",21.06,23.56]
["Insumo","00004509","Sinapi","Sarrafo *2,5 x 10* cm em pinus, mista ou equivalente da regiao - bruta.","Material","m","3,21",5.41,17.36]
["Insumo","00004813","Sinapi","Placa de obra (para construcao civil) em chapa galvanizada *n. 22*, adesivada, de *2,4 x 1,2* m (sem postes para fixacao).","Material","m²","1,00",400.0,400.0]
["Insumo","00005065","Sinapi","Prego de aco polido com cabeca 10 x 10 (7/8 x 17).","Material","kg","0,01",29.99,0.34]
["Insumo","00005069","Sinapi","Prego de aco polido com cabeca 17 x 27 (2 1/2 x 11).","Material","kg","0,01",16.07,0.21]
[]
["2",null,null,"Mobilizaçâo e desmobilizaçâo equipes perfuraçâo e instalação."]
["2.1","Código","Banco","Descrição.","Tipo","und","Quant.","Valor Unit","Total"]
["Composição","COMPOSIÇÃO - 3","Próprio","Transporte de comboio perfuração.","Tran - transportes, cargas e descargas","km","1,00",4.59,4.59]
["Composição Auxiliar","5824","Sinapi","Caminhão toco, pbt 16.000 kg, carga útil máx. 10.685 kg, dist. entre eixos 4,8 m, potência 189 cv, inclusive carroceria fixa aberta de madeira p/ transporte geral de carga seca, dimen. aprox. 2,5 x 7,00 x 0,50 m - chp diurno.","Chor - custos horários de máquinas e equipamentos","chp","0,02",217.41,3.62]
["Composição Auxiliar","5826","Sinapi","Caminhão toco, pbt 16.000 kg, carga útil máx. 10.685 kg, dist. entre eixos 4,8 m, potência 189 cv, inclusive carroceria fixa aberta de madeira p/ transporte geral de carga seca, dimen. aprox. 2,5 x 7,00 x 0,50 m - chi diurno.","Chor - custos horários de máquinas e equipamentos","chi","0,02",58.02,0.97]
[]
["2.2","Código","Banco","Descrição.","Tipo","und","Quant.","Valor Unit","Total"]
["Composição","COMPOSIÇÃO - 4","Próprio","Transporte de comboio instalação.","Tran - transportes, cargas e descargas","km","1,00",5.82,5.82]
["Composição Auxiliar","5928","Sinapi","Guindauto hidráulico, capacidade máxima de carga 6200 kg, momento máximo de carga 11,7 tm, alcance máximo horizontal 9,70 m, inclusive caminhão toco pbt 16.000 kg, potência de 189 cv - chp diurno.","Chor - custos horários de máquinas e equipamentos","chp","0,02",279.74,4.66]
["Composição Auxiliar","5930","Sinapi","Guindauto hidráulico, capacidade máxima de carga 6200 kg, momento máximo de carga 11,7 tm, alcance máximo horizontal 9,70 m, inclusive caminhão toco pbt 16.000 kg, potência de 189 cv - chi diurno.","Chor - custos horários de máquinas e equipamentos","chi","0,02",69.4,1.16]
[]
["2.3","Código","Banco","Descrição.","Tipo","und","Quant.","Valor Unit","Total"]
["Composição","COMPOSIÇÃO - 5","Próprio","Transporte de equipe teste de vazão.","Tran - transportes, cargas e descargas","km","1,00",2.54,2.54]
["Composição Auxiliar","73467","Sinapi","Caminhão toco, pbt 14.300 kg, carga útil máx. 9.710 kg, dist. entre eixos 3,56 m, potência 185 cv, inclusive carroceria fixa aberta de madeira p/ transporte geral de carga seca, dimen. aprox. 2,50 x 6,50 x 0,50 m - chp diurno.","Chor - custos horários de máquinas e equipamentos","chp","0,01",250.79,2.08]
["Composição Auxiliar","91395","Sinapi","Caminhão toco, pbt 14.300 kg, carga útil máx. 9.710 kg, dist. entre eixos 3,56 m, potência 185 cv, inclusive carroceria fixa aberta de madeira p/ transporte geral de carga seca, dimen. aprox. 2,50 x 6,50 x 0,50 m - chi diurno.","Chor - custos horários de máquinas e equipamentos","chi","0,01",55.12,0.46]
[]
["3",null,null,"Perfuração e completação de poço tubular."]
["3.1","Código","Banco","Descrição.","Tipo","und","Quant.","Valor Unit","Total"]
["Insumo","5051","Orse","Perfuraçao em rocha metassedimentar - metassedimento alterado / compacto dn 6\" (poço 120m).","Serviços","m","1,00",156.31,156.31]
[]
["3.2","Código","Banco","Descrição.","Tipo","und","Quant.","Valor Unit","Total"]
["Insumo","5057","Orse","Perfuração rocha sedimentar sedimento / camadas inconsolidadas dn 12.1/2\" - poço até 150m.","Serviços","m","1,00",247.66,247.66]
[]
["3.3","Código","Banco","Descrição.","Tipo","und","Quant.","Valor Unit","Total"]
["Composição","COMPOSIÇÃO - 6","Próprio","Serviço de lançamento cimentação anelar, incluso materiais.","Sedi - serviços diversos","m³","1,00",541.72,541.72]
["Composição Auxiliar","1903","Orse","Argamassa cimento e areia traço t-1 (1:3) - 1 saco cimento 50kg / 3 padiolas areia dim. 0.35 x 0.45 x 0.23 m - confecção mecânica e transporte.","Argamassas","m³","1,00",541.72,541.72]
[]
["3.4","Código","Banco","Descrição.","Tipo","und","Quant.","Valor Unit","Total"]
["Insumo","00009854","Sinapi","Tubo pvc de revestimento geomecanico nervurado standard, dn = 154 mm, comprimento = 2 m.","Material","m","1,00",115.12,115.12]
[]
["4",null,null,"Pós perfuração."]
["4.1","Código","Banco","Descrição.","Tipo","und","Quant.","Valor Unit","Total"]
["Composição","6305","Orse","Desenvolvimento com compressor 250psi / 750cfm.","Conversão infoworca","h","1,00",411.16,411.16]
["Insumo","5030","Orse","Desenvolvimento com compressor 250psi - 750cfm h.","Serviços","h","1,00",411.16,411.16]
[]
["4.2","Código","Banco","Descrição.","Tipo","und","Quant.","Valor Unit","Total"]
["Composição","COMPOSIÇÃO - 7","Próprio","Inspeção ótica em poço tubular câmera com rotação de 360º, visada lateral, com fonte própria de luz, entregue vídeo em cores e marcação de profundidades.","Sees - serviços especiais","m","1,00",9.42,9.42]
["Insumo","H020050004","Embasa","Aparelho de perfilagem optica.","Material","m","1,00",4.4,4.4]
["Insumo","B590000022","Embasa","Tecnico medio.","Mão de obra","h","0,08",60.15,5.02]
[]
["4.3","Código","Banco","Descrição.","Tipo","und","Quant.","Valor Unit","Total"]
["Composição","COMPOSIÇÃO - 8","Próprio","Serviço de coleta e análise físico-química e bacteriológica.","Sedi - serviços diversos","un.","1,00",621.19,621.19]
["Composição Auxiliar","6312","Orse","Análise físico-química da água.","Conversão infoworca","un.","1,00",565.21,565.21]
["Composição Auxiliar","6313","Orse","Análise bacteriológica da água.","Conversão infoworca","un.","1,00",55.98,55.98]
[]
["4.4","Código","Banco","Descrição.","Tipo","und","Quant.","Valor Unit","Total"]
["Composição","24.80.22","Embasa","Ensaio de bombeamento poço tubular incluso materiais e grupo gerador.","2480","h","1,00",255.47,255.47]
["Composição Auxiliar","24.00.15","Embasa","Equipe (3 profissionais campo) - bombeio.","2400","h","1,00",190.55,190.55]
["Insumo","H020050001","Embasa","Unidade de ensaio e bombeamento - ueb1 ate 150m3 no sedimento.","Material","h","1,00",64.92,64.92]
[]
["4.5","Código","Banco","Descrição.","Tipo","und","Quant.","Valor Unit","Total"]
["Composição","COMPOSIÇÃO - 9","Próprio","Serviço de instalação de laje sanitária com dimensões (1,5x1,5x0,3) metros , incluso material.","Sedi - serviços diversos","un.","1,00",614.87,614.87]
["Composição Auxiliar","92522","Sinapi","Montagem e desmontagem de fôrma de laje maciça, pé-direito simples, em chapa de madeira compensada resinada, 8 utilizações.","Fues - fundações e estruturas","m²","1,80",41.92,75.46]
["Composição Auxiliar","93358","Sinapi","Escavação manual de vala com profundidade menor ou igual a 1,30 m.","Movt - movimento de terra","m³","0,23",83.31,18.74]
["Composição Auxiliar","94975","Sinapi","Concreto fck = 15mpa, traço 1:3,4:3,5 (em massa seca de cimento/ areia média/ brita 1) - preparo manual.","Fues - fundações e estruturas","m³","0,68",484.55,327.07]
["Composição Auxiliar","103670","Sinapi","Lançamento com uso de baldes, adensamento e acabamento de concreto em estruturas.","Fues - fundações e estruturas","m³","0,68",286.81,193.6]
[]
["5",null,null,"Reservação."]
["5.1","Código","Banco","Descrição.","Tipo","und","Quant.","Valor Unit","Total"]
["Composição","COMPOSIÇÃO - 10","Próprio","Fornecimento e instalação de reservatório e base elevada 10 m³.","Astu - assentamento de tubos e pecas","un.","1,00",24522.24,24522.24]
["Composição Auxiliar","92759","Sinapi","Armação de pilar ou viga de estrutura convencional de concreto armado utilizando aço ca-60 de 5,0 mm - montagem.","Fues - fundações e estruturas","kg","29,10",13.51,393.14]
["Composição Auxiliar","92761","Sinapi","Armação de pilar ou viga de estrutura convencional de concreto armado utilizando aço ca-50 de 8,0 mm - montagem.","Fues - fundações e estruturas","kg","48,00",11.93,572.64]
["Composição Auxiliar","93358","Sinapi","Escavação manual de vala com profundidade menor ou igual a 1,30 m.","Movt - movimento de terra","m³","5,20",83.31,433.21]
["Composição Auxiliar","92763","Sinapi","Armação de pilar ou viga de estrutura convencional de concreto armado utilizando aço ca-50 de 12,5 mm - montagem.","Fues - fundações e estruturas","kg","118,40",8.96,1060.86]
["Composição Auxiliar","94970","Sinapi","Concreto fck = 20mpa, traço 1:2,7:3 (em massa seca de cimento/ areia média/ brita 1) - preparo mecânico com betoneira 600 l.","Fues - fundações e estruturas","m³","4,89",461.9,2258.69]
["Composição Auxiliar","103670","Sinapi","Lançamento com uso de baldes, adensamento e acabamento de concreto em estruturas.","Fues - fundações e estruturas","m³","6,85",286.81,1964.65]
["Composição Auxiliar","84651","Sinapi","Pintura com tinta impermeavel mineral em po, duas demaos.","Pint - pinturas","m²","28,66",12.91,370.0]
["Composição Auxiliar","90776","Sinapi","Encarregado geral com encargos complementares.","Sedi - serviços diversos","h","1,00",36.15,36.15]
["Composição Auxiliar","102482","Sinapi","Concreto fck = 25mpa, traço 1:2,2:2,5 (em massa seca de cimento/ areia média/ seixo rolado) - preparo mecânico com betoneira 600 l.","Fues - fundações e estruturas","m³","1,96",633.81,1242.27]
["Composição Auxiliar","92263","Sinapi","Fabricação de fôrma para pilares e estruturas similares, em chapa de madeira compensada resinada, e = 17 mm.","Fues - fundações e estruturas","m²","18,10",174.78,3163.52]
["Composição Auxiliar","89272","Sinapi","Guindaste hidráulico autopropelido, com lança telescópica 28,80 m, capacidade máxima 30 t, potência 97 kw, tração 4 x 4 - chp diurno.","Chor - custos horários de máquinas e equipamentos","chp","13,00",234.86,3053.18]
["Composição Auxiliar","5824","Sinapi","Caminhão toco, pbt 16.000 kg, carga útil máx. 10.685 kg, dist. entre eixos 4,8 m, potência 189 cv, inclusive carroceria fixa aberta de madeira p/ transporte geral de carga seca, dimen. aprox. 2,5 x 7,00 x 0,50 m - chp diurno.","Chor - custos horários de máquinas e equipamentos","chp","24,00",217.41,5217.84]
["Composição Auxiliar","88267","Sinapi","Encanador ou bombeiro hidráulico com encargos complementares.","Sedi - serviços diversos","h","4,00",25.73,102.92]
["Composição Auxiliar","88248","Sinapi","Auxiliar de encanador ou bombeiro hidráulico com encargos complementares.","Sedi - serviços diversos","h","4,00",21.41,85.64]
["Insumo","00011677","Sinapi","Registro de esfera, pvc, com volante, vs, soldavel, dn 50 mm, com corpo dividido.","Material","un.","1,00",55.91,55.91]
["Insumo","00003146","Sinapi","Fita veda rosca em rolos de 18 mm x 10 m (l x c).","Material","un.","0,18",3.0,0.54]
["Insumo","00037106","Sinapi","Caixa d'agua / reservatorio em poliester reforcado com fibra de vidro, 10000 litros, com tampa.","Material","un.","1,00",4219.78,4219.78]
["Insumo","00009875","Sinapi","Tubo pvc, soldavel, de 50 mm, agua fria (nbr-5648).","Material","m","15,20",13.01,197.75]
["Insumo","00000113","Sinapi","Adaptador pvc soldavel curto com bolsa e rosca, 60 mm x 2\", para agua fria.","Material","un.","1,00",9.41,9.41]
["Insumo","00003871","Sinapi","Luva soldavel com rosca, pvc, 50 mm x 1 1/2\", para agua fria predial.","Material","un.","1,00",15.4,15.4]
["Insumo","00003540","Sinapi","Joelho pvc, soldavel, 90 graus, 50 mm, cor marrom, para agua fria predial.","Material","un.","5,00",4.21,21.05]
["Insumo","00000099","Sinapi","Adaptador pvc soldavel, com flange e anel de vedacao, 50 mm x 1 1/2\", para caixa d'agua.","Material","un.","2,00",22.1,44.2]
["Insumo","00000119","Sinapi","Adesivo plastico para pvc, bisnaga com 75 gr.","Material","un.","0,45",7.75,3.49]
[]
["5.2","Código","Banco","Descrição.","Tipo","und","Quant.","Valor Unit","Total"]
["Composição","COMPOSIÇÃO - 11","Próprio","Fornecimento e execução de reservatório apoiado de 5 m³.","Sedi - serviços diversos","un.","1,00",5466.89,5466.89]
["Composição Auxiliar","5928","Sinapi","Guindauto hidráulico, capacidade máxima de carga 6200 kg, momento máximo de carga 11,7 tm, alcance máximo horizontal 9,70 m, inclusive caminhão toco pbt 16.000 kg, potência de 189 cv - chp diurno.","Chor - custos horários de máquinas e equipamentos","chp","4,00",279.74,1118.96]
["Composição Auxiliar","88309","Sinapi","Pedreiro com encargos complementares.","Sedi - serviços diversos","h","3,00",26.5,79.5]
["Composição Auxiliar","88316","Sinapi","Servente com encargos complementares.","Sedi - serviços diversos","h","3,00",21.06,63.18]
["Composição Auxiliar","88262","Sinapi","Carpinteiro de formas com encargos complementares.","Sedi - serviços diversos","h","3,00",26.13,78.39]
["Composição Auxiliar","102617","Sinapi","Caixa d´água em poliéster reforçado com fibra de vidro, 5000 litros - fornecimento e instalação.","Inhi - instalações hidros sanitárias","un.","1,00",3042.59,3042.59]
["Composição Auxiliar","92783","Sinapi","Armação de laje de uma estrutura convencional de concreto armado em uma edificação térrea ou sobrado utilizando aço ca-60 de 4,2 mm - montagem.","Fues - fundações e estruturas","kg","3,20",17.32,55.42]
["Composição Auxiliar","92759","Sinapi","Armação de pilar ou viga de estrutura convencional de concreto armado utilizando aço ca-60 de 5,0 mm - montagem.","Fues - fundações e estruturas","kg","5,60",13.51,75.66]
["Composição Auxiliar","94964","Sinapi","Concreto fck = 20mpa, traço 1:2,7:3 (em massa seca de cimento/ areia média/ brita 1) - preparo mecânico com betoneira 400 l.","Fues - fundações e estruturas","m³","1,56",476.46,743.28]
["Composição Auxiliar","84651","Sinapi","Pintura com tinta impermeavel mineral em po, duas demaos.","Pint - pinturas","m²","2,70",12.91,34.86]
["Composição Auxiliar","92783","Sinapi","Armação de laje de uma estrutura convencional de concreto armado em uma edificação térrea ou sobrado utilizando aço ca-60 de 4,2 mm - montagem.","Fues - fundações e estruturas","kg","3,20",17.32,55.42]
["Insumo","00007155","Sinapi","Tela de aco soldada nervurada, ca-60, q-138, (2,20 kg/m2), diametro do fio = 4,2 mm, largura = 2,45 m, espacamento da malha = 10 x 10 cm.","Material","m²","6,16",19.42,119.63]
[]
["6",null,null,"Bebedouro."]
["6.1","Código","Banco","Descrição.","Tipo","und","Quant.","Valor Unit","Total"]
["Composição","COMPOSIÇÃO - 12","Próprio","Serviço de execução do bebedouro em concreto armado, incluso materiais.","Sedi - serviços diversos","un.","1,00",1544.65,1544.65]
["Composição Auxiliar","5928","Sinapi","Guindauto hidráulico, capacidade máxima de carga 6200 kg, momento máximo de carga 11,7 tm, alcance máximo horizontal 9,70 m, inclusive caminhão toco pbt 16.000 kg, potência de 189 cv - chp diurno.","Chor - custos horários de máquinas e equipamentos","chp","2,00",279.74,559.48]
["Composição Auxiliar","87445","Sinapi","Betoneira capacidade nominal 400 l, capacidade de mistura 310 l, motor a diesel potência 5,0 hp, sem carregador - chp diurno.","Chor - custos horários de máquinas e equipamentos","chp","0,50",5.53,2.77]
["Composição Auxiliar","88377","Sinapi","Operador de betoneira estacionária/misturador com encargos complementares.","Sedi - serviços diversos","h","0,50",28.02,14.01]
["Composição Auxiliar","88310","Sinapi","Pintor com encargos complementares.","Sedi - serviços diversos","h","0,30",27.99,8.4]
["Composição Auxiliar","100301","Sinapi","Ajudante de pintor com encargos complementares.","Sedi - serviços diversos","h","0,10",23.67,2.37]
["Composição Auxiliar","88245","Sinapi","Armador com encargos complementares.","Sedi - serviços diversos","h","3,00",26.27,78.81]
["Composição Auxiliar","88262","Sinapi","Carpinteiro de formas com encargos complementares.","Sedi - serviços diversos","h","2,00",26.13,52.26]
["Composição Auxiliar","88316","Sinapi","Servente com encargos complementares.","Sedi - serviços diversos","h","5,00",21.06,105.3]
["Composição Auxiliar","88309","Sinapi","Pedreiro com encargos complementares.","Sedi - serviços diversos","h","4,00",26.5,106.0]
["Insumo","00043055","Sinapi","Aco ca-50, 12,5 mm ou 16,0 mm, vergalhao.","Material","kg","12,00",6.68,80.16]
["Insumo","00043059","Sinapi","Aco ca-60, 4,2 mm, ou 5,0 mm, ou 6,0 mm, ou 7,0 mm, vergalhao.","Material","kg","13,00",7.3,94.9]
["Insumo","00000032","Sinapi","Aco ca-50, 6,3 mm, vergalhao.","Material","kg","6,00",8.13,48.78]
["Insumo","00000370","Sinapi","Areia media - posto jazida/fornecedor (retirado na jazida, sem transporte).","Material","m³","0,32",129.0,41.28]
["Insumo","00001379","Sinapi","Cimento portland composto cp ii-32.","Material","kg","127,00",0.68,86.36]
["Insumo","00004718","Sinapi","Pedra britada n. 2 (19 a 38 mm) posto pedreira/fornecedor, sem frete.","Material","m³","0,08",101.14,8.09]
["Insumo","00004721","Sinapi","Pedra britada n. 1 (9,5 a 19 mm) posto pedreira/fornecedor, sem frete.","Material","m³","0,23",100.61,23.14]
["Insumo","00003767","Sinapi","Lixa em folha para parede ou madeira, numero 120, cor vermelha.","Material","un.","0,12",0.9,0.11]
["Insumo","00007356","Sinapi","Tinta latex acrilica premium, cor branco fosco.","Material","l","0,18",34.43,6.2]
["Insumo","00043681","Sinapi","Chapa/painel de madeira compensada resinada (madeirite resinado rosa) para forma de concreto, de 2200 x 1100 mm, e = 8 a 12 mm.","Material","m²","7,30",30.99,226.23]
[]
["7",null,null,"Chafariz."]
["7.1","Código","Banco","Descrição.","Tipo","und","Quant.","Valor Unit","Total"]
["Composição","COMPOSIÇÃO - 13","Próprio","Fornecimento de material e instalação do chafariz.","Astu - assentamento de tubos e pecas","un.","1,00",1024.6,1024.6]
["Composição Auxiliar","88267","Sinapi","Encanador ou bombeiro hidráulico com encargos complementares.","Sedi - serviços diversos","h","2,00",25.73,51.46]
["Composição Auxiliar","88248","Sinapi","Auxiliar de encanador ou bombeiro hidráulico com encargos complementares.","Sedi - serviços diversos","h","2,00",21.41,42.82]
["Composição Auxiliar","93358","Sinapi","Escavação manual de vala com profundidade menor ou igual a 1,30 m.","Movt - movimento de terra","m³","0,09",83.31,7.91]
["Composição Auxiliar","92270","Sinapi","Fabricação de fôrma para vigas, com madeira serrada, e = 25 mm.","Fues - fundações e estruturas","m²","0,63",175.86,110.44]
["Composição Auxiliar","94975","Sinapi","Concreto fck = 15mpa, traço 1:3,4:3,5 (em massa seca de cimento/ areia média/ brita 1) - preparo manual.","Fues - fundações e estruturas","m³","0,16",484.55,76.07]
["Composição Auxiliar","2171","Orse","Piso cimentado liso traço 1:5, e = 3 cm, c/ junta plástica 3 x 27 mm.","Pisos : cimentados, em concreto simples, tipo tech-stone e de alta resistência","m²","0,79",52.58,41.28]
["Composição Auxiliar","87904","Sinapi","Chapisco aplicado em alvenaria (com presença de vãos) e estruturas de concreto de fachada, com colher de pedreiro. argamassa traço 1:3 com preparo manual.","Reve - revestimento e tratamento de superfícies","m²","0,31",8.16,2.56]
["Composição Auxiliar","87529","Sinapi","Massa única, em argamassa traço 1:2:8, preparo mecânico, aplicada manualmente em paredes internas de ambientes com área entre 5m² e 10m², e = 17,5mm, com taliscas.","Reve - revestimento e tratamento de superfícies","m²","0,31",37.97,11.92]
["Composição Auxiliar","84651","Sinapi","Pintura com tinta impermeavel mineral em po, duas demaos.","Pint - pinturas","m²","0,31",12.91,4.05]
["Insumo","00000765","Sinapi","Bucha de reducao de ferro galvanizado, com rosca bsp, de 1\" x 3/4\".","Material","un.","2,00",11.17,22.34]
["Insumo","00009887","Sinapi","Uniao de ferro galvanizado, com rosca bsp, com assento plano, de 2\".","Material","un.","2,00",113.7,227.4]
["Insumo","00021013","Sinapi","Tubo aco galvanizado com costura, classe leve, dn 50 mm ( 2\"), e = 3,00 mm, *4,40* kg/m (nbr 5580).","Material","m","1,80",57.97,104.35]
["Insumo","00006298","Sinapi","Te de ferro galvanizado, de 2\".","Material","un.","1,00",74.06,74.06]
["Insumo","00003471","Sinapi","Cotovelo 90 graus de ferro galvanizado, com rosca bsp, de 2\".","Material","un.","1,00",55.7,55.7]
["Insumo","00000113","Sinapi","Adaptador pvc soldavel curto com bolsa e rosca, 60 mm x 2\", para agua fria.","Material","un.","1,00",9.41,9.41]
["Insumo","00000818","Sinapi","Bucha de reducao de pvc, soldavel, curta, com 60 x 50 mm, para agua fria predial.","Material","un.","1,00",5.74,5.74]
["Insumo","00007604","Sinapi","Torneira metalica cromada para tanque / jardim, sem bico , cano longo, de parede, padrao popular / uso geral, 1/2 \" ou 3/4 \" (ref 1126).","Material","un.","2,00",52.16,104.32]
["Insumo","00000119","Sinapi","Adesivo plastico para pvc, bisnaga com 75 gr.","Material","un.","1,00",7.75,7.75]
["Insumo","00003146","Sinapi","Fita veda rosca em rolos de 18 mm x 10 m (l x c).","Material","un.","1,00",3.0,3.0]
["Insumo","00000771","Sinapi","Bucha de reducao de ferro galvanizado, com rosca bsp, de 2\" x 1\".","Material","un.","2,00",31.01,62.02]
[]
["8",null,null,"Cavalete."]
["8.1","Código","Banco","Descrição.","Tipo","und","Quant.","Valor Unit","Total"]
["Composição","COMPOSIÇÃO - 14","Próprio","Fornecimento de conexões e instalação do cavalete com hidrômetro e clorador de pastilhas.","Inhi - instalações hidros sanitárias","un.","1,00",1525.05,1525.05]
["Composição Auxiliar","88248","Sinapi","Auxiliar de encanador ou bombeiro hidráulico com encargos complementares.","Sedi - serviços diversos","h","3,00",21.41,64.23]
["Insumo","00000791","Sinapi","Bucha de reducao de ferro galvanizado, com rosca bsp, de 1 1/2\" x 1\".","Material","un.","1,00",23.11,23.11]
["Insumo","00009862","Sinapi","Tubo pvc, roscavel, 1 1/2\", agua fria predial.","Material","m","1,50",26.41,39.62]
["Insumo","00011831","Sinapi","Torneira plastica para tanque 1/2 \" ou 3/4 \" com bico para mangueira.","Material","un.","1,00",17.03,17.03]
["Insumo","002121","Sbc","Te de reducao ferro galvanizado 1.1/2\" x 1\".","Material","un.","1,00",57.49,57.49]
["Insumo","9569","Orse","Adaptador pvc bsxrm d= 35mm x 1 1/2\", linha irriga-lf, tigre ou similar un.","Material","un.","1,00",3.04,3.04]
["Insumo","00003939","Sinapi","Luva de ferro galvanizado, com rosca bsp, de 1 1/2\".","Material","un.","1,00",25.6,25.6]
["Insumo","00001798","Sinapi","Curva 90 graus de ferro galvanizado, com rosca bsp macho, de 2\".","Material","un.","1,00",142.72,142.72]
["Insumo","00009887","Sinapi","Uniao de ferro galvanizado, com rosca bsp, com assento plano, de 2\".","Material","un.","2,00",113.7,227.4]
["Insumo","00004181/sinapi","Orse","Niple de ferro galvanizado, com rosca bsp, de 2\".","Material","un.","2,00",39.24,78.48]
["Insumo","00006028","Sinapi","Registro gaveta bruto em latao forjado, bitola 2 \" (ref 1509).","Material","un.","1,00",131.72,131.72]
["Insumo","00012775","Sinapi","Hidrometro multijato / medidor de agua, dn 1\", vazao maxima de 7 m3/h, para agua potavel fria, relojoaria plana, classe b, horizontal (sem conexoes).","Material","un.","1,00",350.65,350.65]
["Insumo","00000771","Sinapi","Bucha de reducao de ferro galvanizado, com rosca bsp, de 2\" x 1\".","Material","un.","1,00",31.01,31.01]
["Insumo","00006305","Sinapi","Te de reducao de ferro galvanizado, com rosca bsp, de 2\" x 1\".","Material","un.","1,00",81.98,81.98]
["Insumo","12464","Orse","Clorador dosador de cloro de pastilhas automático.","Material","un.","1,00",250.97,250.97]
[]
["9",null,null,"Instalações hidráulicas."]
["9.1","Código","Banco","Descrição.","Tipo","und","Quant.","Valor Unit","Total"]
["Composição","COMPOSIÇÃO - 15","Próprio","Fornecimento e instalação da rede adutora poço-reservatório-bebedouro em pn80 e dn50mm.","Sedi - serviços diversos","m","1,00",25.98,25.98]
["Composição Auxiliar","88316","Sinapi","Servente com encargos complementares.","Sedi - serviços diversos","h","0,05",21.06,1.05]
["Composição Auxiliar","93358","Sinapi","Escavação manual de vala com profundidade menor ou igual a 1,30 m.","Movt - movimento de terra","m³","0,05",83.31,4.17]
["Insumo","00009875","Sinapi","Tubo pvc, soldavel, de 50 mm, agua fria (nbr-5648).","Material","m","1,00",13.01,13.01]
["Insumo","00000119","Sinapi","Adesivo plastico para pvc, bisnaga com 75 gr.","Material","un.","1,00",7.75,7.75]
[]
["9.2","Código","Banco","Descrição.","Tipo","und","Quant.","Valor Unit","Total"]
["Composição","COMPOSIÇÃO - 16","Próprio","Montagem hidráulica do equipamento de bombeamento.","Inhi - instalações hidros sanitárias","un.","1,00",141.42,141.42]
["Composição Auxiliar","88267","Sinapi","Encanador ou bombeiro hidráulico com encargos complementares.","Sedi - serviços diversos","h","3,00",25.73,77.19]
["Composição Auxiliar","88248","Sinapi","Auxiliar de encanador ou bombeiro hidráulico com encargos complementares.","Sedi - serviços diversos","h","3,00",21.41,64.23]
[]
["9.3","Código","Banco","Descrição.","Tipo","und","Quant.","Valor Unit","Total"]
["Insumo","00038200","Sinapi","Corda de poliamida 12 mm tipo bombeiro, para trabalho em altura.","Material","100m","1,00",691.46,691.46]
[]
["9.4","Código","Banco","Descrição.","Tipo","und","Quant.","Valor Unit","Total"]
["Insumo","00009860","Sinapi","Tubo pvc, roscavel, 2\", para agua fria predial.","Material","m","1,00",37.79,37.79]
[]
["9.5","Código","Banco","Descrição.","Tipo","und","Quant.","Valor Unit","Total"]
["Insumo","00003912","Sinapi","Luva de ferro galvanizado, com rosca bsp, de 2\".","Material","un.","1,00",39.21,39.21]
[]
["9.6","Código","Banco","Descrição.","Tipo","und","Quant.","Valor Unit","Total"]
["Insumo","5128","Orse","Tampa de poço galvanizada em 6\" un.","Serviços","un.","1,00",107.28,107.28]
[]
["10",null,null,"Estrutura de fixação para módulos fotovoltáicos."]
["10.1","Código","Banco","Descrição.","Tipo","und","Quant.","Valor Unit","Total"]
["Composição","COMPOSIÇÃO - 17","Próprio","Serviço de fixação de estruturas para os módulos fotovoltaicos e suportes de concreto, incluso materiais.","Sedi - serviços diversos","m²","1,00",260.25,260.25]
["Composição Auxiliar","94975","Sinapi","Concreto fck = 15mpa, traço 1:3,4:3,5 (em massa seca de cimento/ areia média/ brita 1) - preparo manual.","Fues - fundações e estruturas","m³","0,09",484.55,45.79]
["Composição Auxiliar","93358","Sinapi","Escavação manual de vala com profundidade menor ou igual a 1,30 m.","Movt - movimento de terra","m³","0,06",83.31,5.21]
["Composição Auxiliar","96534","Sinapi","Fabricação, montagem e desmontagem de fôrma para bloco de coroamento, em madeira serrada, e=25 mm, 4 utilizações.","Fues - fundações e estruturas","m²","0,03",81.47,2.61]
["Composição Auxiliar","88316","Sinapi","Servente com encargos complementares.","Sedi - serviços diversos","h","2,64",21.06,55.54]
["Composição Auxiliar","88278","Sinapi","Montador de estrutura metálica com encargos complementares.","Sedi - serviços diversos","h","2,64",27.76,73.2]
["Insumo","015690","Sbc","Estrutura metalica tesoura c/coluna 20/35m(24,72kg/m2).","Material","m²","1,00",77.9,77.9]
[]
["11",null,null,"Instalações elétricas e bóia elétrica."]
["11.1","Código","Banco","Descrição.","Tipo","und","Quant.","Valor Unit","Total"]
["Composição","COMPOSIÇÃO - 18","Próprio","Montagem e instalação elétrica do kit de bombeamento e sistema fotovoltaico inclusive sistema de aterramento.","Inel - instalação elétrica/eletrificação e iluminação externa","un.","1,00",1078.76,1078.76]
["Composição Auxiliar","88247","Sinapi","Auxiliar de eletricista com encargos complementares.","Sedi - serviços diversos","h","8,00",22.46,179.68]
["Insumo","00020111","Sinapi","Fita isolante adesiva antichama, uso ate 750 v, em rolo de 19 mm x 20 m.","Material","un.","1,00",17.45,17.45]
["Insumo","00002674","Sinapi","Fornecimento de eletroduto de pvc rigido roscavel de 3/4 \", sem luva.","Material","m","15,00",5.48,82.2]
["Insumo","00012034","Sinapi","Fornecimento de curva 180 graus, de pvc rigido roscavel, de 3/4\", para eletroduto.","Material","un.","1,00",6.78,6.78]
["Insumo","00039272","Sinapi","Fornecimento de curva 90 graus, curta, de pvc rigido roscavel, de 3/4\", para eletroduto.","Material","un.","2,00",3.7,7.4]
["Insumo","00003379","Sinapi","Haste de aterramento em aco com 3,00 m de comprimento e dn = 5/8\", revestida com baixa camada de cobre, sem conector.","Material","un.","0,66",113.2,74.71]
["Insumo","00001891","Sinapi","Fornecimento de luva em pvc rigido roscavel, de 3/4\", para eletroduto.","Material","un.","9,00",1.71,15.39]
["Insumo","00000425","Sinapi","Grampo metalico tipo olhal para haste de aterramento de 5/8'', condutor de *10* a 50 mm2.","Material","un.","2,00",10.74,21.48]
["Insumo","00034643","Sinapi","Fornecimento de caixa de inspecao para aterramento e para raios, em polipropileno, diametro = 300 mm x altura = 400 mm.","Material","un.","2,00",37.91,75.82]
["Insumo","00000867","Sinapi","Cabo de cobre nu 50 mm2 meio-duro.","Material","m","7,50",50.02,375.15]
["Insumo","54581","Siurb infra","Dps - dispositivo de proteção contra surtos – 45ka – 500 volts - corrente contínua - classe ii - p/ sistema fotovoltáico.","Material","un.","1,00",222.7,222.7]
[]
["11.2","Código","Banco","Descrição.","Tipo","und","Quant.","Valor Unit","Total"]
["Insumo","00034622","Sinapi","Fornecimento de cabo flexivel pvc 750 v, 3 condutores de 6,0 mm2.","Material","m","1,00",19.66,19.66]
[]
["11.3","Código","Banco","Descrição.","Tipo","und","Quant.","Valor Unit","Total"]
["Composição","COMPOSIÇÃO - 19","Próprio","Fornecimento e instalação de automático de bóia superior e inferior.","Astu - assentamento de tubos e pecas","un.","1,00",70.43,70.43]
["Composição Auxiliar","88264","Sinapi","Eletricista com encargos complementares.","Sedi - serviços diversos","h","0,20",26.88,5.38]
["Composição Auxiliar","88247","Sinapi","Auxiliar de eletricista com encargos complementares.","Sedi - serviços diversos","h","0,20",22.46,4.49]
["Insumo","00007588","Sinapi","Automatico de boia superior / inferior, *15* a / 250 v.","Material","un.","1,00",59.45,59.45]
["Insumo","00021127","Sinapi","Fita isolante adesiva antichama, uso ate 750 v, em rolo de 19 mm x 5 m.","Material","un.","0,10",6.59,0.66]
["Insumo","00003146","Sinapi","Fita veda rosca em rolos de 18 mm x 10 m (l x c).","Material","un.","0,15",3.0,0.45]
[]
["11.4","Código","Banco","Descrição.","Tipo","und","Quant.","Valor Unit","Total"]
["Insumo","00039257","Sinapi","Cabo multipolar de cobre, flexivel, classe 4 ou 5, isolacao em hepr, cobertura em pvc-st2, antichama bwf-b, 0,6/1 kv, 3 condutores de 1,5 mm2.","Material","m","1,00",5.34,5.34]
[]
["11.5","Código","Banco","Descrição.","Tipo","und","Quant.","Valor Unit","Total"]
["Insumo","Cotação-001","Próprio","Fornecimento de kit de bombeamento fotovoltaico, incluindo uma bomba cc de 1500w com controladora de carga externa, caixa de proteção metálica, módulos fotovoltaicos compatíveis com a geração de 2200wp além de componentes elétricos necessários para interligação dos painéis, como cabos, conectores mc4 e presilhas de fixação.","Serviços","un.","1,00",9744.39,9744.39]
[]
["12",null,null,"Urbanização."]
["12.1","Código","Banco","Descrição.","Tipo","und","Quant.","Valor Unit","Total"]
["Composição","COMPOSIÇÃO - 20","Próprio","Cerca com mourões de concreto de 15x15cm, espaçados de 3m e cravados a 0,5m, escoras de 10x10cm nos cantos, e 9 fios de arame de aço ovalado 15x17.","Sedi - serviços diversos","m","1,00",80.59,80.59]
["Composição Auxiliar","88309","Sinapi","Pedreiro com encargos complementares.","Sedi - serviços diversos","h","0,34",26.5,8.88]
["Composição Auxiliar","88316","Sinapi","Servente com encargos complementares.","Sedi - serviços diversos","h","0,67",21.06,14.13]
["Composição Auxiliar","94975","Sinapi","Concreto fck = 15mpa, traço 1:3,4:3,5 (em massa seca de cimento/ areia média/ brita 1) - preparo manual.","Fues - fundações e estruturas","m³","0,03",484.55,13.96]
["Insumo","00043130","Sinapi","Arame galvanizado 12 bwg, d = 2,76 mm (0,048 kg/m) ou 14 bwg, d = 2,11 mm (0,026 kg/m).","Material","kg","0,10",22.56,2.21]
["Insumo","00000346","Sinapi","Arame de aco ovalado 15 x 17 ( 45,7 kg, 700 kgf), rolo 1000 m.","Material","kg","0,41",26.72,10.82]
["Insumo","00004111","Sinapi","Escora pre-moldada em concreto, *10 x 10* cm, h = 2,30m.","Material","un.","0,16",67.22,10.76]
["Insumo","I1533","Seinfra","Mourão concreto base 15x15cm h=2.3 c/ 12 furos.","Material","un.","0,42",47.22,19.83]
[]
["12.2","Código","Banco","Descrição.","Tipo","und","Quant.","Valor Unit","Total"]
["Composição","COMPOSIÇÃO - 21","Próprio","Serviço de instalação de portão de ferro com suporte e batedor conforme projeto, incluso material.","Sedi - serviços diversos","m²","1,00",589.21,589.21]
["Composição Auxiliar","88309","Sinapi","Pedreiro com encargos complementares.","Sedi - serviços diversos","h","1,50",26.5,39.75]
["Composição Auxiliar","88316","Sinapi","Servente com encargos complementares.","Sedi - serviços diversos","h","1,50",21.06,31.59]
["Insumo","00000367","Sinapi","Areia grossa - posto jazida/fornecedor (retirado na jazida, sem transporte).","Material","m³","0,06",130.68,7.97]
["Insumo","00001379","Sinapi","Cimento portland composto cp ii-32.","Material","kg","4,83",0.68,3.28]
["Insumo","00004948","Sinapi","Portao de abrir / giro, em gradil de metalon redondo de 3/4\" vertical, com requadro, acabamento natural - completo.","Material","m²","1,00",506.62,506.62]
[]
["13",null,null,"Outros serviços e insumos excepcionais."]
["13.1","Código","Banco","Descrição.","Tipo","und","Quant.","Valor Unit","Total"]
["Composição","COMPOSIÇÃO - 22","Próprio","Fornecimento e instalação do pré filtro para revestimento interno.","Astu - assentamento de tubos e pecas","m³","1,00",1657.33,1657.33]
["Composição Auxiliar","90776","Sinapi","Encarregado geral com encargos complementares.","Sedi - serviços diversos","h","0,40",36.15,14.46]
["Composição Auxiliar","88297","Sinapi","Operador de máquinas e equipamentos com encargos complementares.","Sedi - serviços diversos","h","0,40",32.4,12.96]
["Composição Auxiliar","88316","Sinapi","Servente com encargos complementares.","Sedi - serviços diversos","h","0,50",21.06,10.53]
["Insumo","5073","Orse","Pré-filtro comum.","Serviços","m³","1,00",1619.38,1619.38]
[]
["13.2","Código","Banco","Descrição.","Tipo","und","Quant.","Valor Unit","Total"]
["Composição","COMPOSIÇÃO - 23","Próprio","Execução de tamponamento conforme especificação.","Sedi - serviços diversos","m³","1,00",622.12,622.12]
["Composição Auxiliar","87316","Sinapi","Argamassa traço 1:4 (em volume de cimento e areia grossa úmida) para chapisco convencional, preparo mecânico com betoneira 400 l.","Sedi - serviços diversos","m³","1,00",500.45,500.45]
["Composição Auxiliar","88316","Sinapi","Servente com encargos complementares.","Sedi - serviços diversos","h","1,00",21.06,21.06]
["Insumo","00004721","Sinapi","Pedra britada n. 1 (9,5 a 19 mm) posto pedreira/fornecedor, sem frete.","Material","m³","1,00",100.61,100.61]
[]
["13.3","Código","Banco","Descrição.","Tipo","und","Quant.","Valor Unit","Total"]
["Composição","COMPOSIÇÃO - 24","Próprio","Fornecimento e instalação do filtro para revestimento interno ø 4 1/2\".","Astu - assentamento de tubos e pecas","m","1,00",108.33,108.33]
["Composição Auxiliar","88316","Sinapi","Servente com encargos complementares.","Sedi - serviços diversos","h","0,65",21.06,13.69]
["Composição Auxiliar","90776","Sinapi","Encarregado geral com encargos complementares.","Sedi - serviços diversos","h","0,65",36.15,23.5]
["Insumo","Cotação-004","Próprio","Fornecimento tubo filtro geomecânico classe reforçado diâmetro ø 4 1/2\" com junta roscável.","Material","m","1,00",71.14,71.14]
[]
["13.4","Código","Banco","Descrição.","Tipo","und","Quant.","Valor Unit","Total"]
["Composição","COMPOSIÇÃO - 25","Próprio","Fornecimento e instalação do revestimento interno ø 4 1/2\".","Astu - assentamento de tubos e pecas","m","1,00",99.56,99.56]
["Composição Auxiliar","88316","Sinapi","Servente com encargos complementares.","Sedi - serviços diversos","h","0,65",21.06,13.69]
["Composição Auxiliar","90776","Sinapi","Encarregado geral com encargos complementares.","Sedi - serviços diversos","h","0,65",36.15,23.5]
["Insumo","Cotação-006","Próprio","Fornecimento tubo revestimento geomecânico classe reforçado ø 4 1/2\" com junta roscável.","Material","m","1,00",62.37,62.37]
[]
["13.5","Código","Banco","Descrição.","Tipo","und","Quant.","Valor Unit","Total"]
["Insumo","M3929","Sicro3","Tubo em aço-carbono - e = 3,00 mm e d = 150 mm (6\").","Material","m","1,00",171.23,171.23]
[]
["13.6","Código","Banco","Descrição.","Tipo","und","Quant.","Valor Unit","Total"]
["Insumo","00041699","Sinapi","Tubo de revestimento, em aco, corpo schedule 40, ponteira schedule 80, rosqueavel e segmentado para perfuracao, diametro 8.","Material","m","1,00",2753.97,2753.97]
[]
["13.7","Código","Banco","Descrição.","Tipo","und","Quant.","Valor Unit","Total"]
["Insumo","M039706073","Embasa","Filtro nold em aço galvanizado dn 6\".","Material","m","1,00",763.9,763.9]
[]
["13.8","Código","Banco","Descrição.","Tipo","und","Quant.","Valor Unit","Total"]
["Composição","COMPOSIÇÃO - 26","Próprio","Limpeza manual , remoção de cerca, capina e instalação dos equipamentos (área do poço, painéis solares, bebedouro e reservatório).","Sedi - serviços diversos","m²","1,00",1.68,1.68]
["Composição Auxiliar","88316","Sinapi","Servente com encargos complementares.","Sedi - serviços diversos","h","0,08",21.06,1.68]
[]
[]
[]
[]
[]
["14"]

{"sheet":"Crono. - PE - P","index":29,"n_rows":27,"n_cols":15,"rows_kept":27,"cut":false,"hidden":false,"merged":[[0,0,6,14],[7,0,8,14],[23,0,23,1],[23,2,26,2],[24,0,24,1],[25,0,25,1],[26,0,26,1]]}
["OBJETO: EXECUÇÃO DE SERVIÇOS DE PERFURAÇÃO E INSTALAÇÃO DE POÇOS TUBULARES EM MUNICÍPIOS LOCALIZADOS NO ESTADO DO PERNAMBUCO ÁREA DE ATUAÇÃO 15ª SUPERINTENDÊNCIA REGIONAL"]
[]
[]
[]
[]
[]
[]
["CRONOGRAMA FÍSICO-FINANCEIRO POÇO PARCIALMENTE REVESTIDO"]
[]
["ITEM","ESPECIFICAÇÃO DOS SERVIÇOS","VALOR TOTAL (R$)","Mês 01","Mês 02","Mês 03","Mês 04","Mês 05","Mês 06","Mês 07","Mês 08","Mês 09","Mês 10","Mês 11","Mês 12"]
["1","Serviços preliminares.",126494.04,10541.17,10541.17,10541.17,10541.17,10541.17,10541.17,10541.17,10541.17,10541.17,10541.17,10541.17,10541.17]
["2","Mobilizaçâo e desmobilizaçâo equipes perfuraçâo e instalação.",223314.0,18609.5,18609.5,18609.5,18609.5,18609.5,18609.5,18609.5,18609.5,18609.5,18609.5,18609.5,18609.5]
["3","Perfuração e completação de poço tubular.",2725838.88,227153.24,227153.24,227153.24,227153.24,227153.24,227153.24,227153.24,227153.24,227153.24,227153.24,227153.24,227153.24]
["4","Pós perfuração.",1071506.8,89292.23333333334,89292.23333333334,89292.23333333334,89292.23333333334,89292.23333333334,89292.23333333334,89292.23333333334,89292.23333333334,89292.23333333334,89292.23333333334,89292.23333333334,89292.23333333334]
["5","Reservação.",2381150.95,198429.24583333335,198429.24583333335,198429.24583333335,198429.24583333335,198429.24583333335,198429.24583333335,198429.24583333335,198429.24583333335,198429.24583333335,198429.24583333335,198429.24583333335,198429.24583333335]
["6","Bebedouro.",177587.41,14798.950833333334,14798.950833333334,14798.950833333334,14798.950833333334,14798.950833333334,14798.950833333334,14798.950833333334,14798.950833333334,14798.950833333334,14798.950833333334,14798.950833333334,14798.950833333334]
["7","Chafariz.",117797.68,9816.473333333333,9816.473333333333,9816.473333333333,9816.473333333333,9816.473333333333,9816.473333333333,9816.473333333333,9816.473333333333,9816.473333333333,9816.473333333333,9816.473333333333,9816.473333333333]
["8","Cavalete.",175334.25,14611.1875,14611.1875,14611.1875,14611.1875,14611.1875,14611.1875,14611.1875,14611.1875,14611.1875,14611.1875,14611.1875,14611.1875]
["9","Instalações hidráulicas.",1712188.81,142682.40083333335,142682.40083333335,142682.40083333335,142682.40083333335,142682.40083333335,142682.40083333335,142682.40083333335,142682.40083333335,142682.40083333335,142682.40083333335,142682.40083333335,142682.40083333335]
["10","Estrutura de fixação para módulos fotovoltáicos.",302798.5,25233.208333333332,25233.208333333332,25233.208333333332,25233.208333333332,25233.208333333332,25233.208333333332,25233.208333333332,25233.208333333332,25233.208333333332,25233.208333333332,25233.208333333332,25233.208333333332]
["11","Instalações elétricas e bóia elétrica.",1581056.75,131754.72916666666,131754.72916666666,131754.72916666666,131754.72916666666,131754.72916666666,131754.72916666666,131754.72916666666,131754.72916666666,131754.72916666666,131754.72916666666,131754.72916666666,131754.72916666666]
["12","Urbanização.",361049.33,30087.444166666668,30087.444166666668,30087.444166666668,30087.444166666668,30087.444166666668,30087.444166666668,30087.444166666668,30087.444166666668,30087.444166666668,30087.444166666668,30087.444166666668,30087.444166666668]
["13","Outros serviços e insumos excepcionais.",2565693.75,213807.8125,213807.8125,213807.8125,213807.8125,213807.8125,213807.8125,213807.8125,213807.8125,213807.8125,213807.8125,213807.8125,213807.8125]
["TOTAL",null,1.352181115E7,1126817.5958333334,1126817.5958333334,1126817.5958333334,1126817.5958333334,1126817.5958333334,1126817.5958333334,1126817.5958333334,1126817.5958333334,1126817.5958333334,1126817.5958333334,1126817.5958333334,1126817.5958333334]
["PERCENTUAL",null,null,0.08333333333333334,0.08333333333333334,0.08333333333333334,0.08333333333333334,0.08333333333333334,0.08333333333333334,0.08333333333333334,0.08333333333333334,0.08333333333333334,0.08333333333333334,0.08333333333333334,0.08333333333333334]
["CUSTO ACUMULADO",null,null,1126817.5958333334,2253635.191666667,3380452.7875000006,4507270.383333334,5634087.979166667,6760905.575,7887723.170833333,9014540.766666668,1.01413583625E7,1.1268175958333334E7,1.2394993554166667E7,1.352181115E7]
["PERCENTUAL ACUMULADO",null,null,0.08333333333333334,0.16666666666666669,0.25,0.33333333333333337,0.41666666666666674,0.5000000000000001,0.5833333333333335,0.6666666666666669,0.7500000000000002,0.8333333333333336,0.916666666666667,1.0000000000000002]

{"sheet":"Orçamento Sintético - PE - T","index":30,"n_rows":58,"n_cols":12,"rows_kept":58,"cut":false,"hidden":false,"merged":[[0,0,0,5],[1,0,1,5]]}
["OBJETO: EXECUÇÃO DE SERVIÇOS DE PERFURAÇÃO E INSTALAÇÃO DE POÇOS TUBULARES EM MUNICÍPIOS LOCALIZADOS NO ESTADO DO PERNAMBUCO ÁREA DE ATUAÇÃO 15ª SUPERINTENDÊNCIA REGIONAL",{"$nulls":6},"Quantidade de Poços","BDI SERVIÇO","BDI INSUMO","Total","Preço Unitário Por Poço"]
["PLANILHA SINTÉTICA - POÇO TOTALMENTE REVESTIDO - PERNAMBUCO 15ª - SR",{"$nulls":6},8.0,0.2634,0.1528,1682023.0,210252.88]
["Item","Código","Banco","Tipo","Descrição.","un.","Mem. calc.","Quant.","Valor Unit","Valor Unit com BDI","Total","Peso (%)"]
["1",null,null,null,"Serviços preliminares.",{"$nulls":5},34293.96,0.02038852025210119]
["1.1","COMPOSIÇÃO - 1","Próprio","Serviço","Administração local da obra - poço totalmente revestido.","un.",1.0,8.0,1587.36,2005.47,16043.76,0.009538371354018346]
["1.2","COMPOSIÇÃO - 2","Próprio","Serviço","Serviço de locação geológica de campo com relatório hidro geológico e perfil construtivo e geológico esperado. relatório de viabilidade de implantação das estruturas e vistorias preliminares.","un.",1.0,8.0,589.3,744.52,5956.16,0.0035410692957230667]
["1.3",103689.0,"Sinapi","Insumo","Fornecimento e instalação de placa de obra com chapa galvanizada e estrutura de madeira.","m²",0.72,5.76,462.59,533.27,3071.64,0.0018261581440919654]
["1.4","COMPOSIÇÃO - 3","Próprio","Insumo","Taxas e emolumentos fiscais , administrativos para obtenção outorga e outros.","un.",1.0,8.0,1000.0,1152.8,9222.4,0.005482921458267812]
["2",null,null,null,"Mobilizaçâo e desmobilizaçâo equipe campo.",{"$nulls":5},19632.0,0.01167165966220438]
["2.1","COMPOSIÇÃO - 4","Próprio","Serviço","Transporte de comboio perfuração.","km",150.0,1200.0,4.59,5.8,6960.0,0.0041378744523707465]
["2.2","COMPOSIÇÃO - 5","Próprio","Serviço","Transporte de comboio instalação.","km",150.0,1200.0,5.82,7.35,8820.0,0.005243685728435342]
["2.3","COMPOSIÇÃO - 6","Próprio","Serviço","Transporte de equipe teste de vazão.","km",150.0,1200.0,2.54,3.21,3852.0,0.0022900994813982926]
["3",null,null,null,"Perfuração e completação de poço tubular.",{"$nulls":5},845194.1,0.5024866485178859]
["3.1","COMPOSIÇÃO - 7","Próprio","Serviço","Perfuração diâmetro de ø 12 1/4\" em rocha - incluso mão de obra para instalação do revestimento e completação anelar.","m",150.0,1200.0,326.51,412.51,495012.0,0.29429561902542356]
["3.2",5073.0,"Orse","Insumo","Fornecimento de pré-filtro comum m3.","m³",6.96,55.68,1619.38,1866.82,103944.54,0.061797335708251314]
["3.3",5091.0,"Orse","Insumo","Revestimento filtro pvc geomecânico reforçado dn 150mm.","m",16.0,128.0,221.38,255.21,32666.88,0.01942118508486507]
["3.4",5024.0,"Orse","Insumo","Centralizador em 6\".","un.",10.0,80.0,267.02,307.82,24625.6,0.014640465677342104]
["3.5",9850.0,"Sinapi","Insumo","Tubo pvc de revestimento geomecanico nervurado reforcado, dn = 150 mm, comprimento = 2 m.","m",134.0,1072.0,147.75,170.33,182593.76,0.1085560423371143]
["3.6","COMPOSIÇÃO - 8","Próprio","Serviço","Serviço de lançamento cimentação anelar, incluso materiais.","m³",1.16,9.28,541.72,684.41,6351.32,0.003776000684889564]
["4",null,null,null,"Pós perfuração.",{"$nulls":5},97054.4,0.057700994576174044]
["4.1",6305.0,"Orse","Serviço","Desenvolvimento com compressor 250psi / 750cfm.","h",2.0,16.0,411.16,519.46,8311.36,0.004941287960985076]
["4.2","COMPOSIÇÃO - 9","Próprio","Serviço","Inspeção ótica em poço tubular câmera com rotação de 360º, visada lateral, com fonte própria de luz, entregue vídeo em cores e marcação de profundidades.","m",150.0,1200.0,9.42,11.9,14280.0,0.00848977689365722]
["4.3","COMPOSIÇÃO - 10","Próprio","Serviço","Serviço de coleta e análise físico-química e bacteriológica.","un.",1.0,8.0,621.19,784.81,6278.48,0.003732695688465615]
["4.4","COMPOSIÇÃO - 11","Próprio","Serviço","Serviço de instalação de laje sanitária com dimensões (1,5x1,5x0,3) , incluso material.","un.",1.0,8.0,614.87,776.83,6214.64,0.0036947413917645597]
["4.5","24.80.22","Embasa","Serviço","Ensaio de bombeamento poço tubular incluso materiais e grupo gerador.","h",24.0,192.0,255.47,322.76,61969.92,0.03684249264130157]
["5",null,null,null,"Reservação.",{"$nulls":5},209331.95,0.12445248965085495]
["5.1","COMPOSIÇÃO - 12","Próprio","Serviço","Fornecimento e instalação de reservatório e base elevada 10 m³.","un.",0.8,6.4,24522.24,30981.4,198280.96,0.11788243085855543]
["5.2","COMPOSIÇÃO - 13","Próprio","Serviço","Fornecimento e execução de reservatório apoiado de 5 m³.","un.",0.2,1.6,5466.89,6906.87,11050.99,0.006570058792299511]
["6",null,null,null,"Bebedouro.",{"$nulls":5},15612.08,0.00928172801442073]
["6.1","COMPOSIÇÃO - 14","Próprio","Serviço","Serviço de execução do bebedouro em concreto armado, incluso materiais.","un.",1.0,8.0,1544.65,1951.51,15612.08,0.00928172801442073]
["7",null,null,null,"Chafariz.",{"$nulls":5},10355.84,0.006156776690925154]
["7.1","COMPOSIÇÃO - 15","Próprio","Serviço","Fornecimento de material e instalação do chafariz.","un.",1.0,8.0,1024.6,1294.48,10355.84,0.006156776690925154]
["8",null,null,null,"Cavalete.",{"$nulls":5},15414.0,0.009163965058741765]
["8.1","COMPOSIÇÃO - 16","Próprio","Serviço","Fornecimento de conexões e instalação do cavalete com hidrômetro e clorador de pastilhas.","un.",1.0,8.0,1525.05,1926.75,15414.0,0.009163965058741765]
["9",null,null,null,"Instalações hidráulicas poço e adutora.",{"$nulls":5},150522.09,0.08948872280581181]
["9.1","COMPOSIÇÃO - 17","Próprio","Serviço","Fornecimento e instalação da rede adutora poço-reservatório-bebedouro em pn80 e dn50mm.","m",400.0,3200.0,25.98,32.82,105024.0,0.062439098633015125]
["9.2","COMPOSIÇÃO - 18","Próprio","Serviço","Montagem hidráulica do equipamento de bombeamento.","un.",1.0,8.0,141.42,178.67,1429.36,8.497862395460703E-4]
["9.3",38200.0,"Sinapi","Insumo","Corda de poliamida 12 mm tipo bombeiro, para trabalho em altura.","100m",0.93,7.44,691.46,797.12,5930.57,0.003525855472844307]
["9.4",9860.0,"Sinapi","Insumo","Tubo pvc, roscavel, 2\", para agua fria predial.","m",90.0,720.0,37.79,43.56,31363.2,0.018646118394338246]
["9.5",3912.0,"Sinapi","Insumo","Luva de ferro galvanizado, com rosca bsp, de 2\".","un.",16.0,128.0,39.21,45.2,5785.6,0.0034396675907523264]
["9.6",5128.0,"Orse","Insumo","Tampa de poço galvanizada em 6\" un.","un.",1.0,8.0,107.28,123.67,989.36,5.881964753157359E-4]
["10",null,null,null,"Estrutura de fixação para módulos fotovoltáicos.",{"$nulls":5},39929.47,0.0237389560071414]
["10.1","COMPOSIÇÃO - 19","Próprio","Serviço","Serviço de fixação de estruturas para os módulos fotovoltaicos e suportes de concreto, incluso materiais.","m²",15.18,121.44,260.25,328.8,39929.47,0.0237389560071414]
["11",null,null,null,"Instalações elétricas.",{"$nulls":5},157969.36,0.0939162900864019]
["11.1","COMPOSIÇÃO - 20","Próprio","Serviço","Montagem e instalação elétrica do kit de bombeamento e sistema fotovoltaico inclusive sistema de aterramento.","un.",1.0,8.0,1078.76,1362.91,10903.28,0.006482241919403005]
["11.2",34622.0,"Sinapi","Insumo","Fornecimento de cabo flexivel pvc 750 v, 3 condutores de 6,0 mm2.","m",105.0,840.0,19.66,22.66,19034.4,0.011316373200604274]
["11.3","COMPOSIÇÃO - 21","Próprio","Serviço","Fornecimento e instalação de automático de bóia superior e inferior.","un.",1.0,8.0,70.43,88.98,711.84,4.232046767493667E-4]
["11.4",39257.0,"Sinapi","Insumo","Cabo multipolar de cobre, flexivel, classe 4 ou 5, isolacao em hepr, cobertura em pvc-st2, antichama bwf-b, 0,6/1 kv, 3 condutores de 1,5 mm2.","m",200.0,1600.0,5.34,6.16,9856.0,0.005859610718759494]
["11.5","Cotação-002","Próprio","Serviço","Fornecimento de kit de bombeamento fotovoltaico, incluindo uma bomba cc de 2200w com controladora de carga externa, caixa de proteção metálica, módulos fotovoltaicos compatíveis com a geração de 3300wp além de componentes elétricos necessários para interligação dos painéis, como cabos, conectores mc4 e presilhas de fixação.","un.",1.0,8.0,11621.8,14682.98,117463.84,0.06983485957088577]
["12",null,null,null,"Urbanização.",{"$nulls":5},31740.6,0.0188704910693849]
["12.1","COMPOSIÇÃO - 22","Próprio","Serviço","Cerca com mourões de concreto de 15x15cm, espaçados de 3m e cravados a 0,5m, escoras de 10x10cm nos cantos, e 9 fios de arame de aço ovalado 15x17.","m",28.0,224.0,80.59,101.82,22807.68,0.013559671895092992]
["12.2","COMPOSIÇÃO - 23","Próprio","Serviço","Serviço de instalação de portão de ferro com suporte e batedor conforme projeto, incluso material.","m²",1.5,12.0,589.21,744.41,8932.92,0.0053108191742919095]
["13",null,null,null,"Outros serviços e insumos excepcionais.",{"$nulls":5},54973.15,0.032682757607951855]
["13.1","COMPOSIÇÃO - 24","Próprio","Serviço","Execução de tamponamento conforme especificação.","m³",0.08,0.64,622.12,785.99,503.03,2.9906249795632993E-4]
["13.2",13747.0,"Orse","Insumo","Revestimento tubo liso aço sch-40 em 12\".","m",6.0,48.0,921.04,1061.77,50964.96,0.030299799705473706]
["13.3","M3929","Sicro3","Insumo","Tubo em aço-carbono - e = 3,00 mm e d = 150 mm (6\").","m",1.44,11.52,171.23,197.39,2273.93,0.0013519018467642832]
["13.4","M039706073","Embasa","Insumo","Filtro nold em aço galvanizado dn 6\".","m",0.006,0.05,763.9,880.62,44.03,2.617681208877643E-5]
["13.5","COMPOSIÇÃO - 25","Próprio","Serviço","Limpeza manual , remoção de cerca, capina e instalação dos equipamentos (área do poço, painéis solares, bebedouro e reservatório).","m²",70.0,560.0,1.68,2.12,1187.2,7.058167456687573E-4]

{"sheet":"Orçamento Analítico - PE - T","index":31,"n_rows":311,"n_cols":9,"rows_kept":311,"cut":false,"hidden":false,"merged":[[0,0,2,8],[3,3,3,4]]}
["OBJETO: EXECUÇÃO DE SERVIÇOS DE PERFURAÇÃO E INSTALAÇÃO DE POÇOS TUBULARES EM MUNICÍPIOS LOCALIZADOS NO ESTADO DO PERNAMBUCO ÁREA DE ATUAÇÃO 15ª SUPERINTENDÊNCIA REGIONAL"]
[]
[]
[null,null,null,"PLANILHA ANALÍTICA - POÇO TOTALMENTE REVESTIDO - PERNAMBUCO 15ª SR"]
["1",null,null,"Serviços preliminares."]
["1.1","Código","Banco","Descrição.","Tipo","und","Quant.","Valor Unit","Total"]
["Composição","COMPOSIÇÃO - 1","Próprio","Administração local da obra - poço totalmente revestido.","Cant - canteiro de obras","un.","1,00",1587.36,1587.36]
["Composição Auxiliar","012710","Sbc","Despesas gerais de manutencao canteiro de obras.","Instalacoes provisorias","mes","0,23",1805.82,415.34]
["Composição Auxiliar","100321","Sinapi","Técnico em segurança do trabalho com encargos complementares.","Sedi - serviços diversos","mes","0,23",5095.75,1172.02]
[]
["1.2","Código","Banco","Descrição.","Tipo","und","Quant.","Valor Unit","Total"]
["Composição","COMPOSIÇÃO - 2","Próprio","Serviço de locação geológica de campo com relatório hidro geológico e perfil construtivo e geológico esperado. relatório de viabilidade de implantação das estruturas e vistorias preliminares.","Sert - serviços técnicos","un.","1,00",589.3,589.3]
["Composição Auxiliar","30.01.45","Embasa","Geologo senior.","3001","hora","5,00",97.41,487.05]
["Insumo","5896","Orse","Veículo tipo sedan ou pick-up capacidade 0,6 ton h.","Equipamento","h","5,00",8.33,41.65]
["Insumo","00004222","Sinapi","Gasolina comum.","Material","l","10,00",6.06,60.6]
[]
["1.3","Código","Banco","Descrição.","Tipo","und","Quant.","Valor Unit","Total"]
["Composição","103689","Sinapi","Fornecimento e instalação de placa de obra com chapa galvanizada e estrutura de madeira.","Pavi - pavimentação","m²","1,00",462.59,462.59]
["Composição Auxiliar","102234","Sinapi","Pintura imunizante para madeira, 2 demãos.","Pint - pinturas","m²","0,50",22.76,11.38]
["Composição Auxiliar","88262","Sinapi","Carpinteiro de formas com encargos complementares.","Sedi - serviços diversos","h","0,37",26.13,9.74]
["Composição Auxiliar","88316","Sinapi","Servente com encargos complementares.","Sedi - serviços diversos","h","1,12",21.06,23.56]
["Insumo","00004509","Sinapi","Sarrafo *2,5 x 10* cm em pinus, mista ou equivalente da regiao - bruta.","Material","m","3,21",5.41,17.36]
["Insumo","00004813","Sinapi","Placa de obra (para construcao civil) em chapa galvanizada *n. 22*, adesivada, de *2,4 x 1,2* m (sem postes para fixacao).","Material","m²","1,00",400.0,400.0]
["Insumo","00005065","Sinapi","Prego de aco polido com cabeca 10 x 10 (7/8 x 17).","Material","kg","0,01",29.99,0.34]
["Insumo","00005069","Sinapi","Prego de aco polido com cabeca 17 x 27 (2 1/2 x 11).","Material","kg","0,01",16.07,0.21]
[]
["1.4","Código","Banco","Descrição.","Tipo","und","Quant.","Valor Unit","Total"]
["Composição","COMPOSIÇÃO - 3","Próprio","Taxas e emolumentos fiscais , administrativos para obtenção outorga e outros.","Insumo","un.","1,00",1000.0,1000.0]
["Insumo","COTAÇÃO","Próprio","Lei 11.427/97 e o Decreto 20.423/98, Lei 12.984/05, CRH 04/03 ,CRH 01/2011  ","Insumo","un.","1,00",1000.0,1000.0]
[]
["2",null,null,"Mobilizaçâo e desmobilizaçâo equipe campo."]
["2.1","Código","Banco","Descrição.","Tipo","und","Quant.","Valor Unit","Total"]
["Composição","COMPOSIÇÃO - 4","Próprio","Transporte de comboio perfuração.","Tran - transportes, cargas e descargas","km","1,00",4.59,4.59]
["Composição Auxiliar","5824","Sinapi","Caminhão toco, pbt 16.000 kg, carga útil máx. 10.685 kg, dist. entre eixos 4,8 m, potência 189 cv, inclusive carroceria fixa aberta de madeira p/ transporte geral de carga seca, dimen. aprox. 2,5 x 7,00 x 0,50 m - chp diurno.","Chor - custos horários de máquinas e equipamentos","chp","0,02",217.41,3.62]
["Composição Auxiliar","5826","Sinapi","Caminhão toco, pbt 16.000 kg, carga útil máx. 10.685 kg, dist. entre eixos 4,8 m, potência 189 cv, inclusive carroceria fixa aberta de madeira p/ transporte geral de carga seca, dimen. aprox. 2,5 x 7,00 x 0,50 m - chi diurno.","Chor - custos horários de máquinas e equipamentos","chi","0,02",58.02,0.97]
[]
["2.2","Código","Banco","Descrição.","Tipo","und","Quant.","Valor Unit","Total"]
["Composição","COMPOSIÇÃO - 5","Próprio","Transporte de comboio instalação.","Tran - transportes, cargas e descargas","km","1,00",5.82,5.82]
["Composição Auxiliar","5928","Sinapi","Guindauto hidráulico, capacidade máxima de carga 6200 kg, momento máximo de carga 11,7 tm, alcance máximo horizontal 9,70 m, inclusive caminhão toco pbt 16.000 kg, potência de 189 cv - chp diurno.","Chor - custos horários de máquinas e equipamentos","chp","0,02",279.74,4.66]
["Composição Auxiliar","5930","Sinapi","Guindauto hidráulico, capacidade máxima de carga 6200 kg, momento máximo de carga 11,7 tm, alcance máximo horizontal 9,70 m, inclusive caminhão toco pbt 16.000 kg, potência de 189 cv - chi diurno.","Chor - custos horários de máquinas e equipamentos","chi","0,02",69.4,1.16]
[]
["2.3","Código","Banco","Descrição.","Tipo","und","Quant.","Valor Unit","Total"]
["Composição","COMPOSIÇÃO - 6","Próprio","Transporte de equipe teste de vazão.","Tran - transportes, cargas e descargas","km","1,00",2.54,2.54]
["Composição Auxiliar","73467","Sinapi","Caminhão toco, pbt 14.300 kg, carga útil máx. 9.710 kg, dist. entre eixos 3,56 m, potência 185 cv, inclusive carroceria fixa aberta de madeira p/ transporte geral de carga seca, dimen. aprox. 2,50 x 6,50 x 0,50 m - chp diurno.","Chor - custos horários de máquinas e equipamentos","chp","0,01",250.79,2.08]
["Composição Auxiliar","91395","Sinapi","Caminhão toco, pbt 14.300 kg, carga útil máx. 9.710 kg, dist. entre eixos 3,56 m, potência 185 cv, inclusive carroceria fixa aberta de madeira p/ transporte geral de carga seca, dimen. aprox. 2,50 x 6,50 x 0,50 m - chi diurno.","Chor - custos horários de máquinas e equipamentos","chi","0,01",55.12,0.46]
[]
["3",null,null,"Perfuração e completação de poço tubular."]
["3.1","Código","Banco","Descrição.","Tipo","und","Quant.","Valor Unit","Total"]
["Composição","COMPOSIÇÃO - 7","Próprio","Perfuração diâmetro de ø 12 1/4\" em rocha - incluso mão de obra para instalação do revestimento e completação anelar.","Sert - serviços técnicos","m","1,00",326.51,326.51]
["Composição Auxiliar","6224","Orse","Perfuração em sedimento / camadas inconsolidadas dn 12.1/2\" - poço de 150 a 250m.","Conversão infoworca","m","1,00",318.61,318.61]
["Insumo","00043366","Sinapi","Bentonita, argila constituida por montmorilonita.","Material","kg","5,00",1.58,7.9]
[]
["3.2","Código","Banco","Descrição.","Tipo","und","Quant.","Valor Unit","Total"]
["Insumo","5073","Orse","Fornecimento de pré-filtro comum m3.","Serviços","m³","1,00",1619.38,1619.38]
[]
["3.3","Código","Banco","Descrição.","Tipo","und","Quant.","Valor Unit","Total"]
["Insumo","5091","Orse","Revestimento filtro pvc geomecânico reforçado dn 150mm.","Serviços","m","1,00",221.38,221.38]
[]
["3.4","Código","Banco","Descrição.","Tipo","und","Quant.","Valor Unit","Total"]
["Insumo","5024","Orse","Centralizador em 6\".","Serviços","un.","1,00",267.02,267.02]
[]
["3.5","Código","Banco","Descrição.","Tipo","und","Quant.","Valor Unit","Total"]
["Insumo","00009850","Sinapi","Tubo pvc de revestimento geomecanico nervurado reforcado, dn = 150 mm, comprimento = 2 m.","Material","m","1,00",147.75,147.75]
[]
["3.6","Código","Banco","Descrição.","Tipo","und","Quant.","Valor Unit","Total"]
["Composição","COMPOSIÇÃO - 8","Próprio","Serviço de lançamento cimentação anelar, incluso materiais.","Sedi - serviços diversos","m³","1,00",541.72,541.72]
["Composição Auxiliar","1903","Orse","Argamassa cimento e areia traço t-1 (1:3) - 1 saco cimento 50kg / 3 padiolas areia dim. 0.35 x 0.45 x 0.23 m - confecção mecânica e transporte.","Argamassas","m³","1,00",541.72,541.72]
[]
["4",null,null,"Pós perfuração."]
["4.1","Código","Banco","Descrição.","Tipo","und","Quant.","Valor Unit","Total"]
["Composição","6305","Orse","Desenvolvimento com compressor 250psi / 750cfm.","Conversão infoworca","h","1,00",411.16,411.16]
["Insumo","5030","Orse","Desenvolvimento com compressor 250psi - 750cfm h.","Serviços","h","1,00",411.16,411.16]
[]
["4.2","Código","Banco","Descrição.","Tipo","und","Quant.","Valor Unit","Total"]
["Composição","COMPOSIÇÃO - 9","Próprio","Inspeção ótica em poço tubular câmera com rotação de 360º, visada lateral, com fonte própria de luz, entregue vídeo em cores e marcação de profundidades.","Sees - serviços especiais","m","1,00",9.42,9.42]
["Insumo","H020050004","Embasa","Aparelho de perfilagem optica.","Material","m","1,00",4.4,4.4]
["Insumo","B590000022","Embasa","Tecnico medio.","Mão de obra","h","0,08",60.15,5.02]
[]
["4.3","Código","Banco","Descrição.","Tipo","und","Quant.","Valor Unit","Total"]
["Composição","COMPOSIÇÃO - 10","Próprio","Serviço de coleta e análise físico-química e bacteriológica.","Sedi - serviços diversos","un.","1,00",621.19,621.19]
["Composição Auxiliar","6312","Orse","Análise físico-química da água.","Conversão infoworca","un.","1,00",565.21,565.21]
["Composição Auxiliar","6313","Orse","Análise bacteriológica da água.","Conversão infoworca","un.","1,00",55.98,55.98]
[]
["4.4","Código","Banco","Descrição.","Tipo","und","Quant.","Valor Unit","Total"]
["Composição","COMPOSIÇÃO - 11","Próprio","Serviço de instalação de laje sanitária com dimensões (1,5x1,5x0,3) , incluso material.","Sedi - serviços diversos","un.","1,00",614.87,614.87]
["Composição Auxiliar","92522","Sinapi","Montagem e desmontagem de fôrma de laje maciça, pé-direito simples, em chapa de madeira compensada resinada, 8 utilizações.","Fues - fundações e estruturas","m²","1,80",41.92,75.46]
["Composição Auxiliar","93358","Sinapi","Escavação manual de vala com profundidade menor ou igual a 1,30 m.","Movt - movimento de terra","m³","0,23",83.31,18.74]
["Composição Auxiliar","94975","Sinapi","Concreto fck = 15mpa, traço 1:3,4:3,5 (em massa seca de cimento/ areia média/ brita 1) - preparo manual.","Fues - fundações e estruturas","m³","0,68",484.55,327.07]
["Composição Auxiliar","103670","Sinapi","Lançamento com uso de baldes, adensamento e acabamento de concreto em estruturas.","Fues - fundações e estruturas","m³","0,68",286.81,193.6]
[]
["4.5","Código","Banco","Descrição.","Tipo","und","Quant.","Valor Unit","Total"]
["Composição","24.80.22","Embasa","Ensaio de bombeamento poço tubular incluso materiais e grupo gerador.","2480","h","1,00",255.47,255.47]
["Composição Auxiliar","24.00.15","Embasa","Equipe (3 profissionais campo) - bombeio.","2400","h","1,00",190.55,190.55]
["Insumo","H020050001","Embasa","Unidade de ensaio e bombeamento - ueb1 ate 150m3 no sedimento.","Material","h","1,00",64.92,64.92]
[]
["5",null,null,"Reservação."]
["5.1","Código","Banco","Descrição.","Tipo","und","Quant.","Valor Unit","Total"]
["Composição","COMPOSIÇÃO - 12","Próprio","Fornecimento e instalação de reservatório e base elevada 10 m³.","Astu - assentamento de tubos e pecas","un.","1,00",24522.24,24522.24]
["Composição Auxiliar","92759","Sinapi","Armação de pilar ou viga de estrutura convencional de concreto armado utilizando aço ca-60 de 5,0 mm - montagem.","Fues - fundações e estruturas","kg","29,10",13.51,393.14]
["Composição Auxiliar","92761","Sinapi","Armação de pilar ou viga de estrutura convencional de concreto armado utilizando aço ca-50 de 8,0 mm - montagem.","Fues - fundações e estruturas","kg","48,00",11.93,572.64]
["Composição Auxiliar","93358","Sinapi","Escavação manual de vala com profundidade menor ou igual a 1,30 m.","Movt - movimento de terra","m³","5,20",83.31,433.21]
["Composição Auxiliar","92763","Sinapi","Armação de pilar ou viga de estrutura convencional de concreto armado utilizando aço ca-50 de 12,5 mm - montagem.","Fues - fundações e estruturas","kg","118,40",8.96,1060.86]
["Composição Auxiliar","94970","Sinapi","Concreto fck = 20mpa, traço 1:2,7:3 (em massa seca de cimento/ areia média/ brita 1) - preparo mecânico com betoneira 600 l.","Fues - fundações e estruturas","m³","4,89",461.9,2258.69]
["Composição Auxiliar","103670","Sinapi","Lançamento com uso de baldes, adensamento e acabamento de concreto em estruturas.","Fues - fundações e estruturas","m³","6,85",286.81,1964.65]
["Composição Auxiliar","84651","Sinapi","Pintura com tinta impermeavel mineral em po, duas demaos.","Pint - pinturas","m²","28,66",12.91,370.0]
["Composição Auxiliar","90776","Sinapi","Encarregado geral com encargos complementares.","Sedi - serviços diversos","h","1,00",36.15,36.15]
["Composição Auxiliar","102482","Sinapi","Concreto fck = 25mpa, traço 1:2,2:2,5 (em massa seca de cimento/ areia média/ seixo rolado) - preparo mecânico com betoneira 600 l.","Fues - fundações e estruturas","m³","1,96",633.81,1242.27]
["Composição Auxiliar","92263","Sinapi","Fabricação de fôrma para pilares e estruturas similares, em chapa de madeira compensada resinada, e = 17 mm.","Fues - fundações e estruturas","m²","18,10",174.78,3163.52]
["Composição Auxiliar","89272","Sinapi","Guindaste hidráulico autopropelido, com lança telescópica 28,80 m, capacidade máxima 30 t, potência 97 kw, tração 4 x 4 - chp diurno.","Chor - custos horários de máquinas e equipamentos","chp","13,00",234.86,3053.18]
["Composição Auxiliar","5824","Sinapi","Caminhão toco, pbt 16.000 kg, carga útil máx. 10.685 kg, dist. entre eixos 4,8 m, potência 189 cv, inclusive carroceria fixa aberta de madeira p/ transporte geral de carga seca, dimen. aprox. 2,5 x 7,00 x 0,50 m - chp diurno.","Chor - custos horários de máquinas e equipamentos","chp","24,00",217.41,5217.84]
["Composição Auxiliar","88267","Sinapi","Encanador ou bombeiro hidráulico com encargos complementares.","Sedi - serviços diversos","h","4,00",25.73,102.92]
["Composição Auxiliar","88248","Sinapi","Auxiliar de encanador ou bombeiro hidráulico com encargos complementares.","Sedi - serviços diversos","h","4,00",21.41,85.64]
["Insumo","00011677","Sinapi","Registro de esfera, pvc, com volante, vs, soldavel, dn 50 mm, com corpo dividido.","Material","un.","1,00",55.91,55.91]
["Insumo","00003146","Sinapi","Fita veda rosca em rolos de 18 mm x 10 m (l x c).","Material","un.","0,18",3.0,0.54]
["Insumo","00037106","Sinapi","Caixa d'agua / reservatorio em poliester reforcado com fibra de vidro, 10000 litros, com tampa.","Material","un.","1,00",4219.78,4219.78]
["Insumo","00009875","Sinapi","Tubo pvc, soldavel, de 50 mm, agua fria (nbr-5648).","Material","m","15,20",13.01,197.75]
["Insumo","00000113","Sinapi","Adaptador pvc soldavel curto com bolsa e rosca, 60 mm x 2\", para agua fria.","Material","un.","1,00",9.41,9.41]
["Insumo","00003871","Sinapi","Luva soldavel com rosca, pvc, 50 mm x 1 1/2\", para agua fria predial.","Material","un.","1,00",15.4,15.4]
["Insumo","00003540","Sinapi","Joelho pvc, soldavel, 90 graus, 50 mm, cor marrom, para agua fria predial.","Material","un.","5,00",4.21,21.05]
["Insumo","00000099","Sinapi","Adaptador pvc soldavel, com flange e anel de vedacao, 50 mm x 1 1/2\", para caixa d'agua.","Material","un.","2,00",22.1,44.2]
["Insumo","00000119","Sinapi","Adesivo plastico para pvc, bisnaga com 75 gr.","Material","un.","0,45",7.75,3.49]
[]
["5.2","Código","Banco","Descrição.","Tipo","und","Quant.","Valor Unit","Total"]
["Composição","COMPOSIÇÃO - 13","Próprio","Fornecimento e execução de reservatório apoiado de 5 m³.","Sedi - serviços diversos","un.","1,00",5466.89,5466.89]
["Composição Auxiliar","5928","Sinapi","Guindauto hidráulico, capacidade máxima de carga 6200 kg, momento máximo de carga 11,7 tm, alcance máximo horizontal 9,70 m, inclusive caminhão toco pbt 16.000 kg, potência de 189 cv - chp diurno.","Chor - custos horários de máquinas e equipamentos","chp","4,00",279.74,1118.96]
["Composição Auxiliar","88309","Sinapi","Pedreiro com encargos complementares.","Sedi - serviços diversos","h","3,00",26.5,79.5]
["Composição Auxiliar","88316","Sinapi","Servente com encargos complementares.","Sedi - serviços diversos","h","3,00",21.06,63.18]
["Composição Auxiliar","88262","Sinapi","Carpinteiro de formas com encargos complementares.","Sedi - serviços diversos","h","3,00",26.13,78.39]
["Composição Auxiliar","102617","Sinapi","Caixa d´água em poliéster reforçado com fibra de vidro, 5000 litros - fornecimento e instalação.","Inhi - instalações hidros sanitárias","un.","1,00",3042.59,3042.59]
["Composição Auxiliar","92783","Sinapi","Armação de laje de uma estrutura convencional de concreto armado em uma edificação térrea ou sobrado utilizando aço ca-60 de 4,2 mm - montagem.","Fues - fundações e estruturas","kg","3,20",17.32,55.42]
["Composição Auxiliar","92759","Sinapi","Armação de pilar ou viga de estrutura convencional de concreto armado utilizando aço ca-60 de 5,0 mm - montagem.","Fues - fundações e estruturas","kg","5,60",13.51,75.66]
["Composição Auxiliar","94964","Sinapi","Concreto fck = 20mpa, traço 1:2,7:3 (em massa seca de cimento/ areia média/ brita 1) - preparo mecânico com betoneira 400 l.","Fues - fundações e estruturas","m³","1,56",476.46,743.28]
["Composição Auxiliar","84651","Sinapi","Pintura com tinta impermeavel mineral em po, duas demaos.","Pint - pinturas","m²","2,70",12.91,34.86]
["Composição Auxiliar","92783","Sinapi","Armação de laje de uma estrutura convencional de concreto armado em uma edificação térrea ou sobrado utilizando aço ca-60 de 4,2 mm - montagem.","Fues - fundações e estruturas","kg","3,20",17.32,55.42]
["Insumo","00007155","Sinapi","Tela de aco soldada nervurada, ca-60, q-138, (2,20 kg/m2), diametro do fio = 4,2 mm, largura = 2,45 m, espacamento da malha = 10 x 10 cm.","Material","m²","6,16",19.42,119.63]
[]
["6",null,null,"Bebedouro."]
["6.1","Código","Banco","Descrição.","Tipo","und","Quant.","Valor Unit","Total"]
["Composição","COMPOSIÇÃO - 14","Próprio","Serviço de execução do bebedouro em concreto armado, incluso materiais.","Sedi - serviços diversos","un.","1,00",1544.65,1544.65]
["Composição Auxiliar","5928","Sinapi","Guindauto hidráulico, capacidade máxima de carga 6200 kg, momento máximo de carga 11,7 tm, alcance máximo horizontal 9,70 m, inclusive caminhão toco pbt 16.000 kg, potência de 189 cv - chp diurno.","Chor - custos horários de máquinas e equipamentos","chp","2,00",279.74,559.48]
["Composição Auxiliar","87445","Sinapi","Betoneira capacidade nominal 400 l, capacidade de mistura 310 l, motor a diesel potência 5,0 hp, sem carregador - chp diurno.","Chor - custos horários de máquinas e equipamentos","chp","0,50",5.53,2.77]
["Composição Auxiliar","88377","Sinapi","Operador de betoneira estacionária/misturador com encargos complementares.","Sedi - serviços diversos","h","0,50",28.02,14.01]
["Composição Auxiliar","88310","Sinapi","Pintor com encargos complementares.","Sedi - serviços diversos","h","0,30",27.99,8.4]
["Composição Auxiliar","100301","Sinapi","Ajudante de pintor com encargos complementares.","Sedi - serviços diversos","h","0,10",23.67,2.37]
["Composição Auxiliar","88245","Sinapi","Armador com encargos complementares.","Sedi - serviços diversos","h","3,00",26.27,78.81]
["Composição Auxiliar","88262","Sinapi","Carpinteiro de formas com encargos complementares.","Sedi - serviços diversos","h","2,00",26.13,52.26]
["Composição Auxiliar","88316","Sinapi","Servente com encargos complementares.","Sedi - serviços diversos","h","5,00",21.06,105.3]
["Composição Auxiliar","88309","Sinapi","Pedreiro com encargos complementares.","Sedi - serviços diversos","h","4,00",26.5,106.0]
["Insumo","00043055","Sinapi","Aco ca-50, 12,5 mm ou 16,0 mm, vergalhao.","Material","kg","12,00",6.68,80.16]
["Insumo","00043059","Sinapi","Aco ca-60, 4,2 mm, ou 5,0 mm, ou 6,0 mm, ou 7,0 mm, vergalhao.","Material","kg","13,00",7.3,94.9]
["Insumo","00000032","Sinapi","Aco ca-50, 6,3 mm, vergalhao.","Material","kg","6,00",8.13,48.78]
["Insumo","00000370","Sinapi","Areia media - posto jazida/fornecedor (retirado na jazida, sem transporte).","Material","m³","0,32",129.0,41.28]
["Insumo","00001379","Sinapi","Cimento portland composto cp ii-32.","Material","kg","127,00",0.68,86.36]
["Insumo","00004718","Sinapi","Pedra britada n. 2 (19 a 38 mm) posto pedreira/fornecedor, sem frete.","Material","m³","0,08",101.14,8.09]
["Insumo","00004721","Sinapi","Pedra britada n. 1 (9,5 a 19 mm) posto pedreira/fornecedor, sem frete.","Material","m³","0,23",100.61,23.14]
["Insumo","00003767","Sinapi","Lixa em folha para parede ou madeira, numero 120, cor vermelha.","Material","un.","0,12",0.9,0.11]
["Insumo","00007356","Sinapi","Tinta latex acrilica premium, cor branco fosco.","Material","l","0,18",34.43,6.2]
["Insumo","00043681","Sinapi","Chapa/painel de madeira compensada resinada (madeirite resinado rosa) para forma de concreto, de 2200 x 1100 mm, e = 8 a 12 mm.","Material","m²","7,30",30.99,226.23]
[]
["7",null,null,"Chafariz."]
["7.1","Código","Banco","Descrição.","Tipo","und","Quant.","Valor Unit","Total"]
["Composição","COMPOSIÇÃO - 15","Próprio","Fornecimento de material e instalação do chafariz.","Astu - assentamento de tubos e pecas","un.","1,00",1024.6,1024.6]
["Composição Auxiliar","88267","Sinapi","Encanador ou bombeiro hidráulico com encargos complementares.","Sedi - serviços diversos","h","2,00",25.73,51.46]
["Composição Auxiliar","88248","Sinapi","Auxiliar de encanador ou bombeiro hidráulico com encargos complementares.","Sedi - serviços diversos","h","2,00",21.41,42.82]
["Composição Auxiliar","93358","Sinapi","Escavação manual de vala com profundidade menor ou igual a 1,30 m.","Movt - movimento de terra","m³","0,09",83.31,7.91]
["Composição Auxiliar","92270","Sinapi","Fabricação de fôrma para vigas, com madeira serrada, e = 25 mm.","Fues - fundações e estruturas","m²","0,63",175.86,110.44]
["Composição Auxiliar","94975","Sinapi","Concreto fck = 15mpa, traço 1:3,4:3,5 (em massa seca de cimento/ areia média/ brita 1) - preparo manual.","Fues - fundações e estruturas","m³","0,16",484.55,76.07]
["Composição Auxiliar","2171","Orse","Piso cimentado liso traço 1:5, e = 3 cm, c/ junta plástica 3 x 27 mm.","Pisos : cimentados, em concreto simples, tipo tech-stone e de alta resistência","m²","0,79",52.58,41.28]
["Composição Auxiliar","87904","Sinapi","Chapisco aplicado em alvenaria (com presença de vãos) e estruturas de concreto de fachada, com colher de pedreiro. argamassa traço 1:3 com preparo manual.","Reve - revestimento e tratamento de superfícies","m²","0,31",8.16,2.56]
["Composição Auxiliar","87529","Sinapi","Massa única, em argamassa traço 1:2:8, preparo mecânico, aplicada manualmente em paredes internas de ambientes com área entre 5m² e 10m², e = 17,5mm, com taliscas.","Reve - revestimento e tratamento de superfícies","m²","0,31",37.97,11.92]
["Composição Auxiliar","84651","Sinapi","Pintura com tinta impermeavel mineral em po, duas demaos.","Pint - pinturas","m²","0,31",12.91,4.05]
["Insumo","00000765","Sinapi","Bucha de reducao de ferro galvanizado, com rosca bsp, de 1\" x 3/4\".","Material","un.","2,00",11.17,22.34]
["Insumo","00009887","Sinapi","Uniao de ferro galvanizado, com rosca bsp, com assento plano, de 2\".","Material","un.","2,00",113.7,227.4]
["Insumo","00021013","Sinapi","Tubo aco galvanizado com costura, classe leve, dn 50 mm ( 2\"), e = 3,00 mm, *4,40* kg/m (nbr 5580).","Material","m","1,80",57.97,104.35]
["Insumo","00006298","Sinapi","Te de ferro galvanizado, de 2\".","Material","un.","1,00",74.06,74.06]
["Insumo","00003471","Sinapi","Cotovelo 90 graus de ferro galvanizado, com rosca bsp, de 2\".","Material","un.","1,00",55.7,55.7]
["Insumo","00000113","Sinapi","Adaptador pvc soldavel curto com bolsa e rosca, 60 mm x 2\", para agua fria.","Material","un.","1,00",9.41,9.41]
["Insumo","00000818","Sinapi","Bucha de reducao de pvc, soldavel, curta, com 60 x 50 mm, para agua fria predial.","Material","un.","1,00",5.74,5.74]
["Insumo","00007604","Sinapi","Torneira metalica cromada para tanque / jardim, sem bico , cano longo, de parede, padrao popular / uso geral, 1/2 \" ou 3/4 \" (ref 1126).","Material","un.","2,00",52.16,104.32]
["Insumo","00000119","Sinapi","Adesivo plastico para pvc, bisnaga com 75 gr.","Material","un.","1,00",7.75,7.75]
["Insumo","00003146","Sinapi","Fita veda rosca em rolos de 18 mm x 10 m (l x c).","Material","un.","1,00",3.0,3.0]
["Insumo","00000771","Sinapi","Bucha de reducao de ferro galvanizado, com rosca bsp, de 2\" x 1\".","Material","un.","2,00",31.01,62.02]
[]
["8",null,null,"Cavalete."]
["8.1","Código","Banco","Descrição.","Tipo","und","Quant.","Valor Unit","Total"]
["Composição","COMPOSIÇÃO - 16","Próprio","Fornecimento de conexões e instalação do cavalete com hidrômetro e clorador de pastilhas.","Inhi - instalações hidros sanitárias","un.","1,00",1525.05,1525.05]
["Composição Auxiliar","88248","Sinapi","Auxiliar de encanador ou bombeiro hidráulico com encargos complementares.","Sedi - serviços diversos","h","3,00",21.41,64.23]
["Insumo","00000791","Sinapi","Bucha de reducao de ferro galvanizado, com rosca bsp, de 1 1/2\" x 1\".","Material","un.","1,00",23.11,23.11]
["Insumo","00009862","Sinapi","Tubo pvc, roscavel, 1 1/2\", agua fria predial.","Material","m","1,50",26.41,39.62]
["Insumo","00011831","Sinapi","Torneira plastica para tanque 1/2 \" ou 3/4 \" com bico para mangueira.","Material","un.","1,00",17.03,17.03]
["Insumo","002121","Sbc","Te de reducao ferro galvanizado 1.1/2\" x 1\".","Material","un.","1,00",57.49,57.49]
["Insumo","9569","Orse","Adaptador pvc bsxrm d= 35mm x 1 1/2\", linha irriga-lf, tigre ou similar un.","Material","un.","1,00",3.04,3.04]
["Insumo","00003939","Sinapi","Luva de ferro galvanizado, com rosca bsp, de 1 1/2\".","Material","un.","1,00",25.6,25.6]
["Insumo","00001798","Sinapi","Curva 90 graus de ferro galvanizado, com rosca bsp macho, de 2\".","Material","un.","1,00",142.72,142.72]
["Insumo","00009887","Sinapi","Uniao de ferro galvanizado, com rosca bsp, com assento plano, de 2\".","Material","un.","2,00",113.7,227.4]
["Insumo","00004181/sinapi","Orse","Niple de ferro galvanizado, com rosca bsp, de 2\".","Material","un.","2,00",39.24,78.48]
["Insumo","00006028","Sinapi","Registro gaveta bruto em latao forjado, bitola 2 \" (ref 1509).","Material","un.","1,00",131.72,131.72]
["Insumo","00012775","Sinapi","Hidrometro multijato / medidor de agua, dn 1\", vazao maxima de 7 m3/h, para agua potavel fria, relojoaria plana, classe b, horizontal (sem conexoes).","Material","un.","1,00",350.65,350.65]
["Insumo","00000771","Sinapi","Bucha de reducao de ferro galvanizado, com rosca bsp, de 2\" x 1\".","Material","un.","1,00",31.01,31.01]
["Insumo","00006305","Sinapi","Te de reducao de ferro galvanizado, com rosca bsp, de 2\" x 1\".","Material","un.","1,00",81.98,81.98]
["Insumo","12464","Orse","Clorador dosador de cloro de pastilhas automático.","Material","un.","1,00",250.97,250.97]
[]
["9",null,null,"Instalações hidráulicas poço e adutora."]
["9.1","Código","Banco","Descrição.","Tipo","und","Quant.","Valor Unit","Total"]
["Composição","COMPOSIÇÃO - 17","Próprio","Fornecimento e instalação da rede adutora poço-reservatório-bebedouro em pn80 e dn50mm.","Sedi - serviços diversos","m","1,00",25.98,25.98]
["Composição Auxiliar","88316","Sinapi","Servente com encargos complementares.","Sedi - serviços diversos","h","0,05",21.06,1.05]
["Composição Auxiliar","93358","Sinapi","Escavação manual de vala com profundidade menor ou igual a 1,30 m.","Movt - movimento de terra","m³","0,05",83.31,4.17]
["Insumo","00009875","Sinapi","Tubo pvc, soldavel, de 50 mm, agua fria (nbr-5648).","Material","m","1,00",13.01,13.01]
["Insumo","00000119","Sinapi","Adesivo plastico para pvc, bisnaga com 75 gr.","Material","un.","1,00",7.75,7.75]
[]
["9.2","Código","Banco","Descrição.","Tipo","und","Quant.","Valor Unit","Total"]
["Composição","COMPOSIÇÃO - 18","Próprio","Montagem hidráulica do equipamento de bombeamento.","Inhi - instalações hidros sanitárias","un.","1,00",141.42,141.42]
["Composição Auxiliar","88267","Sinapi","Encanador ou bombeiro hidráulico com encargos complementares.","Sedi - serviços diversos","h","3,00",25.73,77.19]
["Composição Auxiliar","88248","Sinapi","Auxiliar de encanador ou bombeiro hidráulico com encargos complementares.","Sedi - serviços diversos","h","3,00",21.41,64.23]
[]
["9.3","Código","Banco","Descrição.","Tipo","und","Quant.","Valor Unit","Total"]
["Insumo","00038200","Sinapi","Corda de poliamida 12 mm tipo bombeiro, para trabalho em altura.","Material","100m","1,00",691.46,691.46]
[]
["9.4","Código","Banco","Descrição.","Tipo","und","Quant.","Valor Unit","Total"]
["Insumo","00009860","Sinapi","Tubo pvc, roscavel, 2\", para agua fria predial.","Material","m","1,00",37.79,37.79]
[]
["9.5","Código","Banco","Descrição.","Tipo","und","Quant.","Valor Unit","Total"]
["Insumo","00003912","Sinapi","Luva de ferro galvanizado, com rosca bsp, de 2\".","Material","un.","1,00",39.21,39.21]
[]
["9.6","Código","Banco","Descrição.","Tipo","und","Quant.","Valor Unit","Total"]
["Insumo","5128","Orse","Tampa de poço galvanizada em 6\" un.","Serviços","un.","1,00",107.28,107.28]
[]
["10",null,null,"Estrutura de fixação para módulos fotovoltáicos."]
["10.1","Código","Banco","Descrição.","Tipo","und","Quant.","Valor Unit","Total"]
["Composição","COMPOSIÇÃO - 19","Próprio","Serviço de fixação de estruturas para os módulos fotovoltaicos e suportes de concreto, incluso materiais.","Sedi - serviços diversos","m²","1,00",260.25,260.25]
["Composição Auxiliar","94975","Sinapi","Concreto fck = 15mpa, traço 1:3,4:3,5 (em massa seca de cimento/ areia média/ brita 1) - preparo manual.","Fues - fundações e estruturas","m³","0,09",484.55,45.79]
["Composição Auxiliar","93358","Sinapi","Escavação manual de vala com profundidade menor ou igual a 1,30 m.","Movt - movimento de terra","m³","0,06",83.31,5.21]
["Composição Auxiliar","96534","Sinapi","Fabricação, montagem e desmontagem de fôrma para bloco de coroamento, em madeira serrada, e=25 mm, 4 utilizações.","Fues - fundações e estruturas","m²","0,03",81.47,2.61]
["Composição Auxiliar","88316","Sinapi","Servente com encargos complementares.","Sedi - serviços diversos","h","2,64",21.06,55.54]
["Composição Auxiliar","88278","Sinapi","Montador de estrutura metálica com encargos complementares.","Sedi - serviços diversos","h","2,64",27.76,73.2]
["Insumo","015690","Sbc","Estrutura metalica tesoura c/coluna 20/35m(24,72kg/m2).","Material","m²","1,00",77.9,77.9]
[]
["11",null,null,"Instalações elétricas."]
["11.1","Código","Banco","Descrição.","Tipo","und","Quant.","Valor Unit","Total"]
["Composição","COMPOSIÇÃO - 20","Próprio","Montagem e instalação elétrica do kit de bombeamento e sistema fotovoltaico inclusive sistema de aterramento.","Inel - instalação elétrica/eletrificação e iluminação externa","un.","1,00",1078.76,1078.76]
["Composição Auxiliar","88247","Sinapi","Auxiliar de eletricista com encargos complementares.","Sedi - serviços diversos","h","8,00",22.46,179.68]
["Insumo","00020111","Sinapi","Fita isolante adesiva antichama, uso ate 750 v, em rolo de 19 mm x 20 m.","Material","un.","1,00",17.45,17.45]
["Insumo","00002674","Sinapi","Fornecimento de eletroduto de pvc rigido roscavel de 3/4 \", sem luva.","Material","m","15,00",5.48,82.2]
["Insumo","00012034","Sinapi","Fornecimento de curva 180 graus, de pvc rigido roscavel, de 3/4\", para eletroduto.","Material","un.","1,00",6.78,6.78]
["Insumo","00039272","Sinapi","Fornecimento de curva 90 graus, curta, de pvc rigido roscavel, de 3/4\", para eletroduto.","Material","un.","2,00",3.7,7.4]
["Insumo","00003379","Sinapi","Haste de aterramento em aco com 3,00 m de comprimento e dn = 5/8\", revestida com baixa camada de cobre, sem conector.","Material","un.","0,66",113.2,74.71]
["Insumo","00001891","Sinapi","Fornecimento de luva em pvc rigido roscavel, de 3/4\", para eletroduto.","Material","un.","9,00",1.71,15.39]
["Insumo","00000425","Sinapi","Grampo metalico tipo olhal para haste de aterramento de 5/8'', condutor de *10* a 50 mm2.","Material","un.","2,00",10.74,21.48]
["Insumo","00034643","Sinapi","Fornecimento de caixa de inspecao para aterramento e para raios, em polipropileno, diametro = 300 mm x altura = 400 mm.","Material","un.","2,00",37.91,75.82]
["Insumo","00000867","Sinapi","Cabo de cobre nu 50 mm2 meio-duro.","Material","m","7,50",50.02,375.15]
["Insumo","54581","Siurb infra","Dps - dispositivo de proteção contra surtos – 45ka – 500 volts - corrente contínua - classe ii - p/ sistema fotovoltáico.","Material","un.","1,00",222.7,222.7]
[]
["11.2","Código","Banco","Descrição.","Tipo","und","Quant.","Valor Unit","Total"]
["Insumo","00034622","Sinapi","Fornecimento de cabo flexivel pvc 750 v, 3 condutores de 6,0 mm2.","Material","m","1,00",19.66,19.66]
[]
["11.3","Código","Banco","Descrição.","Tipo","und","Quant.","Valor Unit","Total"]
["Composição","COMPOSIÇÃO - 21","Próprio","Fornecimento e instalação de automático de bóia superior e inferior.","Astu - assentamento de tubos e pecas","un.","1,00",70.43,70.43]
["Composição Auxiliar","88264","Sinapi","Eletricista com encargos complementares.","Sedi - serviços diversos","h","0,20",26.88,5.38]
["Composição Auxiliar","88247","Sinapi","Auxiliar de eletricista com encargos complementares.","Sedi - serviços diversos","h","0,20",22.46,4.49]
["Insumo","00007588","Sinapi","Automatico de boia superior / inferior, *15* a / 250 v.","Material","un.","1,00",59.45,59.45]
["Insumo","00021127","Sinapi","Fita isolante adesiva antichama, uso ate 750 v, em rolo de 19 mm x 5 m.","Material","un.","0,10",6.59,0.66]
["Insumo","00003146","Sinapi","Fita veda rosca em rolos de 18 mm x 10 m (l x c).","Material","un.","0,15",3.0,0.45]
[]
["11.4","Código","Banco","Descrição.","Tipo","und","Quant.","Valor Unit","Total"]
["Insumo","00039257","Sinapi","Cabo multipolar de cobre, flexivel, classe 4 ou 5, isolacao em hepr, cobertura em pvc-st2, antichama bwf-b, 0,6/1 kv, 3 condutores de 1,5 mm2.","Material","m","1,00",5.34,5.34]
[]
["11.5","Código","Banco","Descrição.","Tipo","und","Quant.","Valor Unit","Total"]
["Insumo","Cotação-002","Próprio","Fornecimento de kit de bombeamento fotovoltaico, incluindo uma bomba cc de 2200w com controladora de carga externa, caixa de proteção metálica, módulos fotovoltaicos compatíveis com a geração de 3300wp além de componentes elétricos necessários para interligação dos painéis, como cabos, conectores mc4 e presilhas de fixação.","Serviços","un.","1,00",11621.8,11621.8]
[]
["12",null,null,"Urbanização."]
["12.1","Código","Banco","Descrição.","Tipo","und","Quant.","Valor Unit","Total"]
["Composição","COMPOSIÇÃO - 22","Próprio","Cerca com mourões de concreto de 15x15cm, espaçados de 3m e cravados a 0,5m, escoras de 10x10cm nos cantos, e 9 fios de arame de aço ovalado 15x17.","Sedi - serviços diversos","m","1,00",80.59,80.59]
["Composição Auxiliar","88309","Sinapi","Pedreiro com encargos complementares.","Sedi - serviços diversos","h","0,34",26.5,8.88]
["Composição Auxiliar","88316","Sinapi","Servente com encargos complementares.","Sedi - serviços diversos","h","0,67",21.06,14.13]
["Composição Auxiliar","94975","Sinapi","Concreto fck = 15mpa, traço 1:3,4:3,5 (em massa seca de cimento/ areia média/ brita 1) - preparo manual.","Fues - fundações e estruturas","m³","0,03",484.55,13.96]
["Insumo","00043130","Sinapi","Arame galvanizado 12 bwg, d = 2,76 mm (0,048 kg/m) ou 14 bwg, d = 2,11 mm (0,026 kg/m).","Material","kg","0,10",22.56,2.21]
["Insumo","00000346","Sinapi","Arame de aco ovalado 15 x 17 ( 45,7 kg, 700 kgf), rolo 1000 m.","Material","kg","0,41",26.72,10.82]
["Insumo","00004111","Sinapi","Escora pre-moldada em concreto, *10 x 10* cm, h = 2,30m.","Material","un.","0,16",67.22,10.76]
["Insumo","I1533","Seinfra","Mourão concreto base 15x15cm h=2.3 c/ 12 furos.","Material","un.","0,42",47.22,19.83]
[]
["12.2","Código","Banco","Descrição.","Tipo","und","Quant.","Valor Unit","Total"]
["Composição","COMPOSIÇÃO - 23","Próprio","Serviço de instalação de portão de ferro com suporte e batedor conforme projeto, incluso material.","Sedi - serviços diversos","m²","1,00",589.21,589.21]
["Composição Auxiliar","88309","Sinapi","Pedreiro com encargos complementares.","Sedi - serviços diversos","h","1,50",26.5,39.75]
["Composição Auxiliar","88316","Sinapi","Servente com encargos complementares.","Sedi - serviços diversos","h","1,50",21.06,31.59]
["Insumo","00000367","Sinapi","Areia grossa - posto jazida/fornecedor (retirado na jazida, sem transporte).","Material","m³","0,06",130.68,7.97]
["Insumo","00001379","Sinapi","Cimento portland composto cp ii-32.","Material","kg","4,83",0.68,3.28]
["Insumo","00004948","Sinapi","Portao de abrir / giro, em gradil de metalon redondo de 3/4\" vertical, com requadro, acabamento natural - completo.","Material","m²","1,00",506.62,506.62]
[]
["13",null,null,"Outros serviços e insumos excepcionais."]
["13.1","Código","Banco","Descrição.","Tipo","und","Quant.","Valor Unit","Total"]
["Composição","COMPOSIÇÃO - 24","Próprio","Execução de tamponamento conforme especificação.","Sedi - serviços diversos","m³","1,00",622.12,622.12]
["Composição Auxiliar","87316","Sinapi","Argamassa traço 1:4 (em volume de cimento e areia grossa úmida) para chapisco convencional, preparo mecânico com betoneira 400 l.","Sedi - serviços diversos","m³","1,00",500.45,500.45]
["Composição Auxiliar","88316","Sinapi","Servente com encargos complementares.","Sedi - serviços diversos","h","1,00",21.06,21.06]
["Insumo","00004721","Sinapi","Pedra britada n. 1 (9,5 a 19 mm) posto pedreira/fornecedor, sem frete.","Material","m³","1,00",100.61,100.61]
[]
["13.2","Código","Banco","Descrição.","Tipo","und","Quant.","Valor Unit","Total"]
["Insumo","13747","Orse","Revestimento tubo liso aço sch-40 em 12\".","Serviços","m","1,00",921.04,921.04]
[]
["13.3","Código","Banco","Descrição.","Tipo","und","Quant.","Valor Unit","Total"]
["Insumo","M3929","Sicro3","Tubo em aço-carbono - e = 3,00 mm e d = 150 mm (6\").","Material","m","1,00",171.23,171.23]
[]
["13.4","Código","Banco","Descrição.","Tipo","und","Quant.","Valor Unit","Total"]
["Insumo","M039706073","Embasa","Filtro nold em aço galvanizado dn 6\".","Material","m","1,00",763.9,763.9]
[]
["13.5","Código","Banco","Descrição.","Tipo","und","Quant.","Valor Unit","Total"]
["Composição","COMPOSIÇÃO - 25","Próprio","Limpeza manual , remoção de cerca, capina e instalação dos equipamentos (área do poço, painéis solares, bebedouro e reservatório).","Sedi - serviços diversos","m²","1,00",1.68,1.68]
["Composição Auxiliar","88316","Sinapi","Servente com encargos complementares.","Sedi - serviços diversos","h","0,08",21.06,1.68]
[]
[]
[]
["14"]

{"sheet":"Crono. - PE - T","index":32,"n_rows":27,"n_cols":15,"rows_kept":27,"cut":false,"hidden":false,"merged":[[0,0,6,14],[7,0,8,14],[23,0,23,1],[23,2,26,2],[24,0,24,1],[25,0,25,1],[26,0,26,1]]}
["OBJETO: EXECUÇÃO DE SERVIÇOS DE PERFURAÇÃO E INSTALAÇÃO DE POÇOS TUBULARES EM MUNICÍPIOS LOCALIZADOS NO ESTADO DO PERNAMBUCO ÁREA DE ATUAÇÃO 15ª SUPERINTENDÊNCIA REGIONAL"]
[]
[]
[]
[]
[]
[]
["CRONOGRAMA FÍSICO-FINANCEIRO POÇO TOTALMENTE REVESTIDO"]
[]
["ITEM","ESPECIFICAÇÃO DOS SERVIÇOS","VALOR TOTAL (R$)","Mês 01","Mês 02","Mês 03","Mês 04","Mês 05","Mês 06","Mês 07","Mês 08","Mês 09","Mês 10","Mês 11","Mês 12"]
["1","Serviços preliminares.",34293.96,2857.83,2857.83,2857.83,2857.83,2857.83,2857.83,2857.83,2857.83,2857.83,2857.83,2857.83,2857.83]
["2","Mobilizaçâo e desmobilizaçâo equipe campo.",19632.0,1636.0,1636.0,1636.0,1636.0,1636.0,1636.0,1636.0,1636.0,1636.0,1636.0,1636.0,1636.0]
["3","Perfuração e completação de poço tubular.",845194.1,70432.84166666666,70432.84166666666,70432.84166666666,70432.84166666666,70432.84166666666,70432.84166666666,70432.84166666666,70432.84166666666,70432.84166666666,70432.84166666666,70432.84166666666,70432.84166666666]
["4","Pós perfuração.",97054.4,8087.866666666666,8087.866666666666,8087.866666666666,8087.866666666666,8087.866666666666,8087.866666666666,8087.866666666666,8087.866666666666,8087.866666666666,8087.866666666666,8087.866666666666,8087.866666666666]
["5","Reservação.",209331.95,17444.329166666666,17444.329166666666,17444.329166666666,17444.329166666666,17444.329166666666,17444.329166666666,17444.329166666666,17444.329166666666,17444.329166666666,17444.329166666666,17444.329166666666,17444.329166666666]
["6","Bebedouro.",15612.08,1301.0066666666667,1301.0066666666667,1301.0066666666667,1301.0066666666667,1301.0066666666667,1301.0066666666667,1301.0066666666667,1301.0066666666667,1301.0066666666667,1301.0066666666667,1301.0066666666667,1301.0066666666667]
["7","Chafariz.",10355.84,862.9866666666667,862.9866666666667,862.9866666666667,862.9866666666667,862.9866666666667,862.9866666666667,862.9866666666667,862.9866666666667,862.9866666666667,862.9866666666667,862.9866666666667,862.9866666666667]
["8","Cavalete.",15414.0,1284.5,1284.5,1284.5,1284.5,1284.5,1284.5,1284.5,1284.5,1284.5,1284.5,1284.5,1284.5]
["9","Instalações hidráulicas poço e adutora.",150522.09,12543.5075,12543.5075,12543.5075,12543.5075,12543.5075,12543.5075,12543.5075,12543.5075,12543.5075,12543.5075,12543.5075,12543.5075]
["10","Estrutura de fixação para módulos fotovoltáicos.",39929.47,3327.4558333333334,3327.4558333333334,3327.4558333333334,3327.4558333333334,3327.4558333333334,3327.4558333333334,3327.4558333333334,3327.4558333333334,3327.4558333333334,3327.4558333333334,3327.4558333333334,3327.4558333333334]
["11","Instalações elétricas.",157969.36,13164.113333333333,13164.113333333333,13164.113333333333,13164.113333333333,13164.113333333333,13164.113333333333,13164.113333333333,13164.113333333333,13164.113333333333,13164.113333333333,13164.113333333333,13164.113333333333]
["12","Urbanização.",31740.6,2645.0499999999997,2645.0499999999997,2645.0499999999997,2645.0499999999997,2645.0499999999997,2645.0499999999997,2645.0499999999997,2645.0499999999997,2645.0499999999997,2645.0499999999997,2645.0499999999997,2645.0499999999997]
["13","Outros serviços e insumos excepcionais.",54973.15,4581.095833333334,4581.095833333334,4581.095833333334,4581.095833333334,4581.095833333334,4581.095833333334,4581.095833333334,4581.095833333334,4581.095833333334,4581.095833333334,4581.095833333334,4581.095833333334]
["TOTAL",null,1682023.0,140168.5833333333,140168.5833333333,140168.5833333333,140168.5833333333,140168.5833333333,140168.5833333333,140168.5833333333,140168.5833333333,140168.5833333333,140168.5833333333,140168.5833333333,140168.5833333333]
["PERCENTUAL",null,null,0.08333333333333333,0.08333333333333333,0.08333333333333333,0.08333333333333333,0.08333333333333333,0.08333333333333333,0.08333333333333333,0.08333333333333333,0.08333333333333333,0.08333333333333333,0.08333333333333333,0.08333333333333333]
["CUSTO ACUMULADO",null,null,140168.5833333333,280337.1666666666,420505.74999999994,560674.3333333333,700842.9166666665,841011.4999999998,981180.083333333,1121348.6666666663,1261517.2499999995,1401685.8333333328,1541854.416666666,1682022.9999999993]
["PERCENTUAL ACUMULADO",null,null,0.08333333333333333,0.16666666666666666,0.25,0.3333333333333333,0.41666666666666663,0.49999999999999994,0.5833333333333333,0.6666666666666666,0.75,0.8333333333333334,0.9166666666666667,1.0]